{"text_format":"3","workbook":"xlsx","n_sheets":1,"sheets":["Sheet1"],"read":"whole","date_system":"1900"}

{"sheet":"Sheet1","index":0,"n_rows":290,"n_cols":35,"rows_kept":290,"merged":[[3,0,3,14],[5,0,6,0],[5,2,6,2],[5,3,6,3],[5,4,6,4],[10,0,11,0],[10,1,11,1],[10,2,11,2],[10,3,10,7],[10,8,11,8],[10,9,11,9],[10,10,11,10],[10,11,11,11],[10,12,11,12],[10,13,11,13],[10,14,11,14],[10,15,11,15],[10,16,11,16],[10,17,11,17],[10,18,11,18],[10,19,11,19],[10,20,11,20],[10,21,11,21],[10,22,11,22],[10,23,11,23],[10,24,11,24],[10,25,11,25],[10,26,11,26],[10,27,11,27],[10,28,11,28],[10,29,11,29],[10,30,11,30],[10,31,11,31],[10,32,11,32],[10,33,11,33],[10,34,11,34]]}
["Дата и время выгрузки годового плана: 2018-11-29 11:57:43"]
["Статус выгружаемого годового плана: Утвержден"]
[]
["План государственных закупок №148 от 2018-11-23"]
["Общие сведения"]
["БИН заказчика","Для государственных учреждений","Наименование заказчика (на казахском языке)","Наименование заказчика (на русском языке)","Финансовый год"]
[null,"Код ГУ"]
[1,2,3,4,5]
["990840000101","","Государственное коммунальное предприятие на праве хозяйственного ведения \"Городская поликлиника №25\" Управления здравоохранения города Алматы","Алматы қаласы Денсаулық сақтау басқармасының шаруашылық жүргізу құқығындағы \"№25 қалалық емхана\" мемлекеттік коммуналдық кәсіпорны","2018"]
[null,"План государственных закупок"]
["№ пункта плана","ИД пункта плана","Тип пункта плана","Для государственных учреждений",{"$nulls":4},"Вид предмета закупок","Код товара, работы, услуги (в соответствии с СТРУ)","Наименование закупаемых товаров, работ, услуг на казахском языке (в соответствии с СТРУ) ","Наименование закупаемых товаров, работ, услуг на русском языке (в соответствии с СТРУ)","Краткая характеристика (описание) товаров, работ и услуг на казахском языке (в соответствии с СТРУ)","Краткая характеристика (описание) товаров, работ и услуг на русском языке (в соответствии с СТРУ)","Дополнительная характеристика (на казахском языке)","Дополнительная характеристика (на русском языке)","Планируемый способ закупок","Обоснование применения государственных закупок","Фактический способ закупок","Единица измерения (в соответствии с СТРУ)","Количество, объём ","Цена за единицу, тенге","Общая сумма, утвержденная для закупки, тенге","Утвержденная сумма на первый год трехлетнего периода","Прогнозная сумма на второй год трехлетнего периода, тенге","Прогнозная сумма на третий год трехлетнего периода, тенге","Планируемый срок осуществления государственных закупок(месяц)","Срок поставки товара, выполнения работ, оказания услуг (на казахском языке)","Срок поставки товара, выполнения работ, оказания услуг (на русском языке)","Место поставки товара, выполнения работ, оказания услуг (код населенного пункта в соответствии с КАТО)","Место поставки товара, выполнения работ, оказания услуг на казахском языке( улица, дом №, квартира№)","Место поставки товара, выполнения работ, оказания услуг на русском языке( улица, дом №, квартира№)","Размер авансового платежа, %","Признак поставщика","Статус пункта годового плана"]
[{"$nulls":3},"Администратор бюджетной программы","Программа","Подпрограмма","Специфика","Источник финансирования"]
[1,2,3,4,5,6,7,8,9,10,11,12,13,14,15,16,17,"17-1",18,19,20,21,22,23,24,25,26,27,28,29,30,31,32,33,34]
[16097432,16097432,"Закупки, не превышающие финансовый год",{"$nulls":5},"Услуга","49.42.19.000.000.00.0777.000000000000","Услуги по перевозкам легковым автотранспортом","Услуги по перевозкам легковым автотранспортом","Жеңіл автокөлікпен тасымалдау бойынша қызметтер.","Услуги по перевозкам легковым автотранспортом","Автокөлікті жалға алу қызметі жүргізушімен бірге","Услуги по аренде легковых автомобилей с водителем","Открытый конкурс",null,"Из одного источника по несостоявшимся закупкам","Одна услуга",1,1060942.22,1060942.22,1060942.22,null,null,"Январь","28 ақпан 2018 жылға дейын","до 28  февраль 2018 год\\","751210000;","Алматы қ., Алатау ауданы Город Алматы, мкр Дархан,ул. Халиф Алтая 24/1,Алатауский район  ;","г.Алматы, Алатауский район Город Алматы,мкр Дархан ,Ул.Халифа Алтая 24/1 ,Алатауский район;",null,null,"Исполнен"]
[16097920,16097920,"Закупки, не превышающие финансовый год",{"$nulls":5},"Услуга","74.90.15.000.000.00.0777.000000000000","Услуги консультационные по обеспечению безопасности","Услуги консультационные по обеспечению безопасности","Қауіпсіздікті қамтамасыз ету жөніндегі консультациялық қызметтер","Услуги консультационные по обеспечению безопасности","күзеттің қызмет атқарулары ша ғимараттың қауіпсіздігінің қамсыздандыруына","услуги охраны по обеспечению безопасности здания","Открытый конкурс",null,"Из одного источника по несостоявшимся закупкам","Одна услуга",1,360000,360000,360000,null,null,"Январь","28 ақпан 2018 жылға дейын","до 28 февраль 201 год8","751210000;","Алматы қ., Алатау ауданы Город Алматы, мкр Дархан,ул. Халиф Алтая 24/1,Алатауский район  ;","г.Алматы, Алатауский район Город Алматы,мкр Дархан ,Ул.Халифа Алтая 24/1 ,Алатауский район;",null,null,"Договор действует"]
[16589749,16589749,"Закупки, не превышающие финансовый год",{"$nulls":5},"Услуга","80.10.12.000.000.00.0777.000000000000","Услуги охраны","Услуги охраны","Күзету қызметтері (объектіні қорғау, мүлікті, адамды, ғимаратты және басқа осыған ұқсас торуылдау күзеттері)","Услуги охраны (патрулирование/охрана объектов/помещений/имущества/людей и аналогичное)","Қузет кызымет","Услуга охраны","Открытый конкурс",null,"Из одного источника по несостоявшимся закупкам","Одна услуга",1,1607140,1607140,1607140,null,null,"Январь","2018 жыл 31 желтоқсан","до 31 декабря 2018 года","751210000;","Алматы қ., Алатау ауданы Дархан ауданы Халифа Алтай қошесы 24/1ұй;","г.Алматы, Алатауский район мкр Дархан ул.Халифа Алтая  д.24/1;",null,null,"Договор действует"]
[16589750,16589750,"Закупки, не превышающие финансовый год",{"$nulls":5},"Услуга","49.32.12.000.000.00.0777.000000000000","Услуги по аренде легковых автомобилей с водителем","Услуги по аренде легковых автомобилей с водителем","Жеңіл автомобильді жүргізушісімен бірге жалға беру бойынша қызмет","Услуги по аренде легковых автомобилей с водителем","Автокөлік қызметтері","автотранспортные услуги","Открытый конкурс",null,"Из одного источника по несостоявшимся закупкам","Одна услуга",1,5304772,5304772,5304772,null,null,"Январь","31 желтоқсан 2018 жыл","до 31 декабря 2018 года","751210000;","Алматы қ., Алатау ауданы Дархан ауданы Халифа Алтай қошесы 24/1ұй;","г.Алматы, Алатауский район мкр Дархан ул.Халифа Алтая  д.24/1;",null,null,"Договор действует"]
[16589751,16589751,"Закупки, не превышающие финансовый год",{"$nulls":5},"Услуга","33.12.15.200.000.00.0777.000000000000","Услуги по техническому обслуживанию лифтов/лифтовых шахт и аналогичного оборудования","Услуги по техническому обслуживанию лифтов/лифтовых шахт и аналогичного оборудования","Лифттерге/лифт шахталарына және ұқсас жабдықтарға техникалық қызмет көрсету бойынша қызметтер","Услуги по техническому обслуживанию лифтов/лифтовых шахт и аналогичного оборудования","лифт бойынша кызмет","Обслуживание грузопассажирского лифта","Запрос ценовых предложений",null,"Запрос ценовых предложений","Одна услуга",1,200000,200000,200000,null,null,"Январь","31 желтоқсан 2018 жыл","до 31 декабря 2018 года","751210000;","Алматы қ., Алатау ауданы Дархан ауданы Халифа Алтай қошесы 24/1ұй;","г.Алматы, Алатауский район мкр Дархан ул.Халифа Алтая  д.24/1;",null,null,"Договор действует"]
[16589752,16589752,"Закупки, не превышающие финансовый год",{"$nulls":5},"Услуга","38.11.29.000.000.00.0777.000000000000","Услуги по вывозу (сбору) неопасных отходов/имущества/материалов","Услуги по вывозу (сбору) неопасных отходов/имущества/материалов","зиянсыз қалдықтарды/мүліктерді/материалдарды шығару (жинау) қызметтері","Услуги по вывозу (сбору) неопасных отходов/имущества/материалов","қоқыс Шығару қоқыс Шығару саны 3 куб. м. Қоқыс шығару апта сайын.144. куб. м. қызмет көрсету қаңтар-желтоқсан 2018г ай","Вывоз мусораВывоз ТБО в количестве  3  куб.м  в неделю. Вывоз  мусора еженедельно.144 куб.м за год.  обслуживание  с  январь   по  декабрь 2018г","Запрос ценовых предложений",null,"Запрос ценовых предложений","Одна услуга",1,200000,200000,200000,null,null,"Январь","2018 жыл 31 желтоқсан","до 31 декабря 2018 года","751210000;","Алматы қ., Алатау ауданы Дархан ауданы Халифа Алтай қошесы 24/1ұй;","г.Алматы, Алатауский район мкр Дархан ул.Халифа Алтая  д.24/1;",null,null,"Договор действует"]
[16589754,16589754,"Закупки, не превышающие финансовый год",{"$nulls":5},"Услуга","61.10.11.200.000.00.0777.000000000000","Услуги телефонной связи","Услуги телефонной связи","Бекітілген жергілікті, қалааралық, халықаралық телефон байланыс қызметтері - қол жетікізу және пайдалану","Услуги фиксированной местной, междугородней, международной телефонной связи  - доступ и пользование","Қызметті ұсыну тіркелген қорғалған телефон байланысын ұсына отырып, қалалық семизначных нөмірлерінің және қамтамасыз етумен тікелей шығу қалалық, қалааралық және халықаралық телефон байланысын ұсыну сервистерін қоңырау шалу арқылы телефония.","Предоставление услуги фиксированной защищенной телефонной связи, с предоставлением городских семизначных номеров и обеспечением прямого выхода на городскую, междугородную и международную телефонную сеть  предоставления сервисов дозвона посредством телефонии.","Из одного источника путем прямого заключения договора","пп.42 п.3 ст.39 приобретения однородных товаров, работ, услуг, если годовой объем таких однородных товаров, работ, услуг в стоимостном выражении не превышает стократного размера месячного расчетного показателя, установленного на соответствующий финансовый год законом о республиканском бюджете;","Из одного источника путем прямого заключения договора","Одна услуга",1,214732.14,214732.14,214732.14,null,null,"Январь","2018 жыл 31 желтоқсан","до 31 декабря 2018 года","751210000;","Алматы қ., Алатау ауданы Дархан ауданы Халифа Алтай қошесы 24/1ұй;","г.Алматы, Алатауский район мкр Дархан ул.Халифа Алтая  д.24/1;",null,null,"Договор действует"]
[16589756,16589756,"Закупки, не превышающие финансовый год",{"$nulls":5},"Товар","06.20.10.200.000.00.0114.000000000001","Газ","Газ","ГОСТ 5542-2014","природный, газообразный, теплота сгорания 31,82 МДж/м3, ГОСТ 5542-2014","тауарлық газға (бұдан әрі – Газ) – көп компонентті қоспасы көмірсутектер басым құрамында метан, газ тәріздес күйде жай-күйі болып табылатын шикі газды өңдеу өнімі бойынша жауап беретін сапалы және сандық компоненттердің талаптарына сәйкес келетін техникалық регламенттер мен ұлттық стандарттар;","товарный газ (далее – Газ) – многокомпонентная смесь углеводородов с преобладающим содержанием метана, находящаяся в газообразном состоянии являющаяся продуктом переработки сырого газа и отвечающая по качественному и количественному содержанию компонентов требованиям технических регламентов и национальных стандартов;","Из одного источника путем прямого заключения договора","пп.1 п.3 ст.39 приобретения услуг, относящихся к сферам естественных монополий, а также услуг энергоснабжения или купли-продажи электрической энергии с гарантирующим поставщиком электрической энергии;","Из одного источника путем прямого заключения договора","Тысяча метров кубических",1,983928.57,983928.57,983928.57,null,null,"Январь","2018 жыл 31 желтоқсан","до 31 декабря 2018 года","751210000;","Алматы қ., Алатау ауданы Дархан ауданы Халифа Алтай қошесы 24/1ұй;","г.Алматы, Алатауский район мкр Дархан ул.Халифа Алтая  д.24/1;",null,null,"Договор действует"]
[16589757,16589757,"Закупки, не превышающие финансовый год",{"$nulls":5},"Услуга","35.13.10.100.000.00.0777.000000000000","Услуги по передаче/распределению электроэнергии","Услуги по передаче/распределению электроэнергии","Электр қуатын тасымалдау және тарату қызметтері","Услуги по передаче/распределению электроэнергии","табыстау бойынша қызмет/ электро энергиянiң бөлусы","Услуги по передаче/распределению электроэнергии","Из одного источника путем прямого заключения договора","пп.1 п.3 ст.39 приобретения услуг, относящихся к сферам естественных монополий, а также услуг энергоснабжения или купли-продажи электрической энергии с гарантирующим поставщиком электрической энергии;","Из одного источника путем прямого заключения договора","Одна услуга",1,2016900,2016900,2016900,null,null,"Январь","2018 жыл 31 желтоқсан","до 31 декабря 2018 года","751210000;","Алматы қ., Алатау ауданы Дархан ауданы Халифа Алтай қошесы 24/1ұй;","г.Алматы, Алатауский район мкр Дархан ул.Халифа Алтая  д.24/1;",null,null,"Договор действует"]
[16589758,16589758,"Закупки, не превышающие финансовый год",{"$nulls":5},"Услуга","35.30.12.200.001.00.0777.000000000000","Услуги по распределению горячей воды (тепловой энергии) на коммунально-бытовые нужды","Услуги по распределению горячей воды (тепловой энергии) на коммунально-бытовые нужды","Коммуналдық-тұрмыстық қажеттелктерге жылы суды (жылу қуатын) тарату, бөлу бойынша қызметтер.","Услуги по передаче, распределению горячей воды (тепловой энергии) на  коммунально-бытовые нужды","Кәріз бойынша қызмет","услуги по канализации","Из одного источника путем прямого заключения договора","пп.1 п.3 ст.39 приобретения услуг, относящихся к сферам естественных монополий, а также услуг энергоснабжения или купли-продажи электрической энергии с гарантирующим поставщиком электрической энергии;","Из одного источника путем прямого заключения договора","Одна услуга",1,212050,212050,212050,null,null,"Январь","2018 жыл 31 желтоқсан","до 31 декабря 2018 года","751210000;","Алматы қ., Алатау ауданы Дархан ауданы Халифа Алтай қошесы 24/1ұй;","г.Алматы, Алатауский район мкр Дархан ул.Халифа Алтая  д.24/1;",null,null,"Договор действует"]
[16589760,16589760,"Закупки, не превышающие финансовый год",{"$nulls":5},"Услуга","49.50.19.000.001.00.0777.000000000000","Услуги транспортирования по трубопроводам воды","Услуги транспортирования по трубопроводам воды","Су құбыр жолдары бойынша тасымалдау қызметтері","Услуги транспортирования по трубопроводам воды","Қызмет ұсыну бойынша суық су орталық құбыр","Услуга по предоставлению холодной  воды по центральному  трубопроводу","Из одного источника путем прямого заключения договора","пп.1 п.3 ст.39 приобретения услуг, относящихся к сферам естественных монополий, а также услуг энергоснабжения или купли-продажи электрической энергии с гарантирующим поставщиком электрической энергии;","Из одного источника путем прямого заключения договора","Одна услуга",1,721964,721964,721964,null,null,"Январь","2018 жыл 31 желтоқсан","до 31 декабря 2018 года","751210000;","Алматы қ., Алатау ауданы Дархан ауданы Халифа Алтай қошесы 24/1ұй;","г.Алматы, Алатауский район мкр Дархан ул.Халифа Алтая  д.24/1;",null,null,"Договор действует"]
[16589761,16589761,"Закупки, не превышающие финансовый год",{"$nulls":5},"Товар","17.23.14.500.000.00.5111.000000000002","Бумага","Бумага","для офисного оборудования, формат А0, плотность 80 г/м2, ГОСТ 6656-76","для офисного оборудования, формат А0, плотность 80 г/м2, ГОСТ 6656-76","Тапсырыс беруші: ШЖҚ МКК \"№ 25 Қалалық емхана\" УЗ г. Алматымекен-жайы: г. Алматы, мкр. Дархан К-Сі Халифа Алтай 24/1Кеңсе қағазы - А4 500 листов в пачкеТүрі: кеңсе қағазы Қағаз типі :офсет Формат: А4 мөлшері (210х297)Сынып: Тығыздығы :80 г/м2Түсі: ақ Белизна ;94% (ГОСТ) :146%(CIE)Қаптама :қағаз түріндеСалмағы: бір қорап 2,5 кг Қорап саны бар топтап 700 дана.","1.Заказчик: ГКП на ПХВ  «Городская поликлиника № 25» УЗ г.Алматы     адрес: г.Алматы, мкр. Дархан Ул Халифа Алтая 24/1Бумага офисная - А4  500 листов  в пачкеТип: бумага офисная Тип бумаги :офсетная Формат: А4  размер (210х297)Класс: СПлотность :80 г/м2Цвет: белая Белизна ;94% (ГОСТ) :146%(CIE)Упаковка :бумажнаяВес: одной пачки 2,5 кг Количество пачек 700 штук.","Запрос ценовых предложений",null,"Запрос ценовых предложений","Одна пачка",1000,1000,1000000,1000000,null,null,"Январь","2018 жыл 31 желтоқсан","до 31 декабря 2018 года","751210000;","Алматы қ., Алатау ауданы Дархан ауданы Халифа Алтай қошесы 24/1ұй;","г.Алматы, Алатауский район мкр Дархан ул.Халифа Алтая  д.24/1;",null,null,"Исполнен"]
[16589762,16589762,"Закупки, не превышающие финансовый год",{"$nulls":5},"Товар","17.23.13.700.000.00.0796.000000000001","Бланк","Бланк","конкретного вида документа","конкретного вида документа","енбеке жарамсыз туралы парақ","Бланк медицинский лист о временной недрудоспособности","Из одного источника путем прямого заключения договора","пп.16 п.3 ст.39  приобретения услуг по изготовлению государственных и ведомственных наград и документов к ним, нагрудного знака депутата Парламента Республики Казахстан и документа к нему, государственных поверительных клейм, паспортов (в том числе служебных и дипломатических), удостоверений личности граждан Республики Казахстан, вида на жительство иностранца в Республике Казахстан, удостоверения лица без гражданства, свидетельств о регистрации актов гражданского состояния, а также приобретения у поставщиков, определенных Правительством Республики Казахстан, печатной продукции, требующей специальной степени защиты, по перечню, утвержденному Правительством Республики Казахстан;","Из одного источника путем прямого заключения договора","Штука",3500,42.75,149625,149625,null,null,"Январь","2018 жыл 31 желтоқсан","до 31 декабря 2018 года","751210000;","Алматы қ., Алатау ауданы Дархан ауданы Халифа Алтай қошесы 24/1ұй;","г.Алматы, Алатауский район мкр Дархан ул.Халифа Алтая  д.24/1;",null,null,"Исполнен"]
[16589763,16589763,"Закупки, не превышающие финансовый год",{"$nulls":5},"Услуга","96.01.19.000.001.00.0777.000000000000","Услуги прачечные","Услуги прачечные","Кіржуар қызметтері","Услуги прачечные","кір жүү қызметі  төсек орын , ақ халат және орамал 600 кг .","Услуги прачечной по стирке постельных принадлежностей, белых халатов и полотенце 600 кг за год .","Запрос ценовых предложений",null,"Запрос ценовых предложений","Одна услуга",1,200000,200000,200000,null,null,"Январь","2018 жыл 31 желтоқсан","до 31 декабря 2018 года","751210000;","Алматы қ., Алатау ауданы Дархан ауданы Халифа Алтай қошесы 24/1ұй;","г.Алматы, Алатауский район мкр Дархан ул.Халифа Алтая  д.24/1;",null,null,"Договор действует"]
[16589764,16589764,"Закупки, не превышающие финансовый год",{"$nulls":5},"Товар","25.72.13.900.002.00.0796.000000000000","Өзек","Сердцевина","ойма құлыбына арналған","для врезного замка","Өзекшелер (өзек) үшін құлыптар1.Өзекшелер (өзек) үшін құлыптарМеханизмінің типі Цилиндрлік. евроцилиндр. Кілттердің саны 5 дана Жасақталады вертушкой. Саны тегжейлі 5 Құпиялық 5004 Avers ZC-80 -C -CR (10/100)Сапалы металдан жасалған.Таза салмағы өзекшені кем болмауы тиіс 135грӨлшемі: ұзындығы 6,8 см, диаметрі 1,5 см, ені 3см, Саны : 60шт.Тауар алдында жеткізумен уточнить у заказчика. Тауарды жеткізу 15 күнтізбелік күн ішінде шартқа қол қойылған күннен бастап .","Сердечники  (сердцевина) для замков 1.Сердечники  (сердцевина) для замков Тип механизма Цилиндровый. евроцилиндр. Количество ключей 5 шт. Комплектуется вертушкой. Количество пинов 5 Секретность 5004 Avers ZC-80 -C -CR (10/100)Из качественного металла.Чистая масса сердечника должна составлять не менее 135грРазмер: длина 6,8см, диаметр 1,5см, ширина 3см, Количество : 60шт.Товар перед поставкой уточнить у заказчика. Поставка товара в течении 15 календарных дней со дня подписания договора .2.Сердечники  (сердцевина) для замков  пластиковых дверей.   Металла.Чистая  масса сердечника должна составлять не менее 160гр. количество 20шт.Товар перед поставкой уточнить у заказчика. Поставка товара в течении 15 календарных дней со дня подписания договора .","Запрос ценовых предложений",null,"Запрос ценовых предложений","Штука",80,1600,128000,128000,null,null,"Январь","2018 жыл 31 желтоқсан","до 31 декабря 2018 года","751210000;","Алматы қ., Алатау ауданы Дархан ауданы Халифа Алтай қошесы 24/1ұй;","г.Алматы, Алатауский район мкр Дархан ул.Халифа Алтая  д.24/1;",null,null,"Исполнен"]
[16589765,16589765,"Закупки, не превышающие финансовый год",{"$nulls":5},"Товар","25.72.12.990.000.00.0796.000000000002","Замок","Замок","ойып орнатылатын","врезной","Есіктерге арналған құлыптар 1.ұзындығы 9,2 см, толщина1,1 см, язычок 1,9 см. саны 13шт2. ұзындығы 6,8 см, қалыңдығы 1,1 см, язычок 1,9 см, саны-13шт.Болуы өзекшені сапалы металл, салмағы өзекшені кем болмауы тиіс 135гр.(кілттер).3. Құлпы жиынтығы пластиктен жасалған есіктері үшін. Жиынтыққа кіреді өзек және кілттер саны 4 штку. Тауар алдында жеткізумен уточнить у заказчика. Тауарды жеткізу 15 күнтізбелік күн ішінде шартқа қол қойылған күннен бастап .","Замки для дверей 1.длина 9,2см, толщина1,1см, язычок 1,9см. количество 13шт2. длина 6,8см., толщина 1,1см., язычок 1,9см., количество 13шт. Наличие сердечника из качественного металла,  масса сердечника должна составлять не менее 135гр.(без ключей).3. Комплект замков для пластиковых  дверей. В комплект входит сердцевина и ключи в количестве 4 штку. Товар перед поставкой уточнить у заказчика. Поставка товара в течении 15 календарных дней со дня подписания договора .","Запрос ценовых предложений",null,"Запрос ценовых предложений","Штука",30,3500,105000,105000,null,null,"Январь","2018 жыл 31 желтоқсан","до 31 декабря 2018 года","751210000;","Алматы қ., Алатау ауданы Дархан ауданы Халифа Алтай қошесы 24/1ұй;","г.Алматы, Алатауский район мкр Дархан ул.Халифа Алтая  д.24/1;",null,null,"Исполнен"]
[16589766,16589766,"Закупки, не превышающие финансовый год",{"$nulls":5},"Товар","28.14.12.330.000.00.0796.000000000011","Смеситель","Смеситель","для моек, однорукояточный, набортный, размер 190*130 мм, ГОСТ 25809-96 ","для моек, однорукояточный, набортный, размер 190*130 мм, ГОСТ 25809-96 ","Раковинаға арналған қоспалауышСапалы металл, салмағы араластырғыш (шлангілер) кем болмауы тиіс 890гр.• Одноручный монолитті, хромдалған• Пластикалық аэратор.• Керамикалық картридж 35 мм.• Подводка - 2шт.• Жиынтығы монтаждау үшін үшкір өкшесі бар.• Металл сабы.• Өнімнің түсі: хром.Биіктігі излива, 5,3 смҰзындығы излива, 9,4 см.Саны 50 дана.Тауар алдында жеткізумен уточнить у заказчика. Тауарды жеткізу 15 күнтізбелік күн ішінде шартқа қол қойылған күннен бастап","Смеситель для раковинИз качественного металла, масса  смесителя (без шлангов) должна составлять не менее 890гр.• Одноручный монолитный, хромированный•Пластиковый аэратор.•Керамический картридж 35 мм.•Гибкая подводка - 2шт.•Комплект для монтажа на шпильке.•Металлическая рукоятка.•Цвет изделия: хром.Высота излива, см. 5,3Длина излива, см. 9,4Количество 50шт.Товар перед поставкой уточнить у заказчика. Поставка товара в течении 15 календарных дней со дня подписания договора","Запрос ценовых предложений",null,"Запрос ценовых предложений","Штука",50,4000,200000,200000,null,null,"Январь","2018 жыл 31 желтоқсан","до 31 декабря 2018 года","751210000;","Алматы қ., Алатау ауданы Дархан ауданы Халифа Алтай қошесы 24/1ұй;","г.Алматы, Алатауский район мкр Дархан ул.Халифа Алтая  д.24/1;",null,null,"Исполнен"]
[16589767,16589767,"Закупки, не превышающие финансовый год",{"$nulls":5},"Товар","20.41.31.530.000.01.0166.000000000001","Порошок","Порошок","стиральный, специального назначения","стиральный, специального назначения","кір жуатын ұнтақ автомат ұнтақтың Құрамы: 5-15% анионды ПАВ <5% неионогенные ПАВ, фосфонаттар, поликарбоксилаттар, цеолиттер, энзимдер, аротиматизирующие қоспалар","стиральный порошок автомат Состав порошка: 5-15% анионные ПАВ, <5% неионогенные ПАВ, фосфонаты, поликарбоксилаты, цеолиты, энзимы, аротиматизирующие добавки","Запрос ценовых предложений",null,"Запрос ценовых предложений","Килограмм",30,600,18000,18000,null,null,"Январь","2018 жыл 31 желтоқсан","до 31 декабря 2018 года","751210000;","Алматы қ., Алатау ауданы Дархан ауданы Халифа Алтай қошесы 24/1ұй;","г.Алматы, Алатауский район мкр Дархан ул.Халифа Алтая  д.24/1;",null,null,"Исполнен"]
[16589769,16589769,"Закупки, не превышающие финансовый год",{"$nulls":5},"Товар","13.92.29.990.008.00.0018.000000000000","Ветошь","Ветошь","хлопчатобумажная, тканая","хлопчатобумажная, тканая","Техникалық мата (сүрткіш). Ені, 130 см . Құрамы 100 % мақта. Үшін пайдаланылады, еденді жуу, сүрту машиналар және механизмдер және басқа да шаруашылық-тұрмыстық мақсатта.Жақсы су сыныруы қабілеті,түсі-сарғыш .","Ткань техническая (обтирочная). Ширина 130 см . Состав 100 % хлопок.  Используется для мытья пола, протирки машин и механизмов и прочих  хозяйственно-бытовых целей.Обладает хорошей впитываемой способностью,цвет бежевый .","Запрос ценовых предложений",null,"Запрос ценовых предложений","Метр погонный",300,130,39000,39000,null,null,"Январь","2018 жыл 31 желтоқсан","до 31 декабря 2018 года","751210000;","Алматы қ., Алатау ауданы Дархан ауданы Халифа Алтай қошесы 24/1ұй;","г.Алматы, Алатауский район мкр Дархан ул.Халифа Алтая  д.24/1;",null,null,"Исполнен"]
[16589770,16589770,"Закупки, не превышающие финансовый год",{"$nulls":5},"Услуга","62.02.20.000.000.00.0777.000000000000","Услуги консультационные в области информационных технологий","Услуги консультационные в области информационных технологий","Ақпараттық технология саласындағы консултациялық қызметтер","Услуги консультационные в области информационных технологий","Ескертпе: жататын ақпараттық жүйелердің Тізбесі консультациялық қызметтерді көрсету саласында мемлекеттік ақпараттық технологиялардың денсаулық сақтау саласында: • Тұрғындарды тіркеу регистрі• Амбулаториялық-емханалық көмек• Ресурстарды басқару жүйесі• Қосымша коэффициент жан басына шаққандағы нормативтің• Ақпараттық жүйесі дәрі-дәрмекпен оқыту• Тіркелімі жүкті және фертильді жастағы әйелдер• Диспансерлік науқастардың электрондық тіркелімі• Есеп науқастардың созылмалы бүйрек жеткіліксіздігі• Сист","Примечание: Перечень информационных систем, подлежащих оказанию консультационных услуг в области государственных информационных технологий в сфере здравоохранения: •Регистр прикрепленного населения•Амбулаторно-поликлиническая помощь•Система управления ресурсами•Дополнительный коэффициент подушевого норматива•Информационная система лекарственного обучения•Регистр беременных и женщин фертильного возраста•Электронный регистр диспансерных больных•Учет больных с хронической почечной недостаточностью•Система управления медицинской техникой• Болезни системы кровообращения •Регистр психических больных•Регистр наркологических больных•Национальный регистр сахарного диабета•Бюро госпитализации•Автоматизированная информационная система «Поликлиника»•Электронный регистр стационарных больных•Национальный регистр больных туберкулезом•Электронный регистр онкологических больных","Запрос ценовых предложений",null,"Запрос ценовых предложений","Одна услуга",1,453385.72,453385.72,453385.72,null,null,"Январь","2018 жыл 31 желтоқсан","до 31 декабря 2018 года","751210000;","Алматы қ., Алатау ауданы Дархан ауданы Халифа Алтай қошесы 24/1ұй;","г.Алматы, Алатауский район мкр Дархан ул.Халифа Алтая  д.24/1;",null,null,"Договор не исполнен. Нет платежей"]
[16589771,16589771,"Закупки, не превышающие финансовый год",{"$nulls":5},"Услуга","74.90.20.000.059.00.0777.000000000000","Услуги по заправке картриджей","Услуги по заправке картриджей","Картридждерді толтыру бойынша қызметттер","Услуги по заправке картриджей","Қызмет көрсету бойынша картридждерді толтыру және диагностика.Саны 300 дана.1.285А картридж на Принтер НР-Laser Let P1102-572.картридж РМС-EХV 40 (көпфункционалды құрылғы 3 бір Canon)3.картридж 80А CF280 A ( 3E09H3F a 20130509) принтер Laser Let Pro400 idҚызметтерді көрсету орны : Алматы қ., мкр Дархан, Х. Алтай көшесі, 24/1, Заправка картреджей ішінде жүргізіледі 3-күнтізбелік күн беру актісі бойынша жеткізу. Диагностикасы емес жарамдылығын орнында қызмет көрсету.Предостовление актінің қорытындысымен туралы жарамдылығын картриджеи (ақау актісі) .Тарды�","Услуга по  заправке   картриджей и диагностика.  Количество  300 штук за год. 1.картридж 285А на Принтер  НР-Laser Let P1102-572.картридж   PMC-EХV 40 (на многофункциональное устройство 3 в одном  Canon)3.картридж  80А  CF280 A  ( 3E09H3F a  20130509) на принтер Laser Let Pro400 id Место оказания услуг : г.Алматы, мкр Дархан, ул. Х.Алтая 24/1,  Заправка  картреджей производиться в течении 3-календарных дней с момента передачи  по акту, доставка. Диагностика не пригодности на месте оказание услуг.Предостовление акта с заключением  о не пригодности картриджеи (дефектный акт) .Обеспечение польнои и качественной запрвки  картреджеи.Оплата по факту .","Запрос ценовых предложений",null,"Запрос ценовых предложений","Одна услуга",1,300000,300000,300000,null,null,"Январь","2018 жыл 31 желтоқсан","до 31 декабря 2018 года","751210000;","Алматы қ., Алатау ауданы Дархан ауданы Халифа Алтай қошесы 24/1ұй;","г.Алматы, Алатауский район мкр Дархан ул.Халифа Алтая  д.24/1;",null,null,"Исполнен"]
[16589772,16589772,"Закупки, не превышающие финансовый год",{"$nulls":5},"Работа","25.12.99.100.000.00.0999.000000000000","Работы по изготовлению дверей/ворот и аналогичных изделий по заказу","Работы по изготовлению дверей/ворот и аналогичных изделий по заказу","Тапсырыс бойынша есіктерді/қақпаларды дайындау жәнеосы тектес бұйымдарды дайындау жұмыстары","Работы по изготовлению дверей/ворот и аналогичных изделий по заказу","Техникалық ерекшелік дайындау бойынша жұмыстар қалқа мен есік ойықтары Орнату, ауыстыру, пластик есікке арналған қораптар двустворчатыми есіктермен, бас кіруге материалдар тапсырысшының. (түрі, мөлшері және материалдар сәйкес келуі тиіс ерте белгіленген)Мөлшері - 150см х 270 см.ширина не менее 6 см. мөлшері шыны пакеттерін: 141х53,39х107,69х107 (қос шыны паект)Профиль қалыңдығы, рамалар -60 ммКамера саны профилінде рамалары-5 данаҚалыңдығы шыны пакетін (макс. без доп. опциялар)-25 ммСтандарттық саны контурларын нығыздау-2Кедергісі профиль теплопередаче-0,86Болуы толық жиынтығы фурнитура, құлыптардың, доводчика.Алдын-ала келісу үйлесімділік материалдарды алдын-Ала өлшеу. Жылға кепілдік орнату және материалдар .2.Работы по изготовлению и монтажу, пластикалық қалқа-бабына сандвич панельдері операциялық блокта бөлімшесінде мамандандырылған көмек1.Мөлшері жалпы ені-370 см, биіктігі 300 см2.Мөлшері сандвич панельдер 66 см х120 см, саны – 4штуки.90 смх95 см, саны -1 дана 3.Мөлшері есіктер 205 смх90см саны -1 дана4. Ені пластик бейін кемінде 6 см.5. Болуы толық жиынтығы фурнитура ,құлып ,жеткізу кезінде алдын ала жүргізуге және өлшеу.6 Дайындау және монтаждау 7. Материалдар өнім .Шартты орындау 15 күнтізбелік күн ішінде шартқа қол қойылған күннен бастап .66 см х90 см","Техническая спецификация на работы по изготовлению перегородок и дверных проемов Установка, замена пластиковой дверной коробки с двустворчатыми дверями,   главного входа с материалы заказчика. (тип и размеры материалов должны совпадать с раннее установленными)   Размер - 150см х 270 см. ширина не  менее 6 см. размер стекло пакетов: 141х53,39х107,69х107 (двойной стекло паект)Толщина профиля рамы -60 ммКоличество камер в профиле рамы-5 штукТолщина стекло пакета (макс. без доп. опций)-25 ммСтандартное количество контуров уплотнения-2Сопротивление профиля теплопередаче-0,86 Наличие  полного комплекта фурнитуры, замков, доводчика.Предварительно согласовать совместимость материалов  Заранее произвести  замеры.  Год гарантия на установку и материалы .2.Работы по изготовлению и монтажу, пластиковой перегородки со сандвич панелями в операционном блоке в отделении специализированной помощи1.Размер общий :ширина 370 см, высота 300 см2.Размер сандвич панелей   66 см х120 см, количество – 4штуки.                                               66 см х90 см, количество – 4штуки                                               90 смх95 см количество -1 штука 3.Размер двери 205 смх90см  количество -1 штука4. Ширина пластикового профиля не менее 6 см.5. Наличие полного комплекта фурнитуры ,замка ,при поставке предварительно произвести замеры.6 Изготовление и монтаж 7. Материалы с поставщика .Исполнение договора в течении 15 календарных дней со дня подписания договора .","Запрос ценовых предложений",null,"Запрос ценовых предложений","Работа",1,350000,350000,350000,null,null,"Январь","2018 жыл 31 желтоқсан","до 31 декабря 2018 года","751210000;","Алматы қ., Алатау ауданы Дархан ауданы Халифа Алтай қошесы 24/1ұй;","г.Алматы, Алатауский район мкр Дархан ул.Халифа Алтая  д.24/1;",null,null,"Исполнен"]
[17849794,17849794,"Закупки, не превышающие финансовый год",{"$nulls":5},"Услуга","62.09.20.000.000.00.0777.000000000000","Услуги по администрированию и техническому обслуживанию программного обеспечения","Услуги по администрированию и техническому обслуживанию программного обеспечения","Бағдарламалықі жасақты әкімшіліктендіру және оған техникалық қызмет көрсету бойынша қызметтер","Услуги по администрированию и техническому обслуживанию программного обеспечения","Қызмет атқарулар ша жібер- видеоконференцсвязи","Услуги по предоставлению видеоконференцсвязи","Из одного источника путем прямого заключения договора","пп.3 п.3 ст.39 приобретение товаров, услуг, являющихся объектами интеллектуальной собственности, у лица, обладающего исключительными правами в отношении приобретаемых товаров, услуг","Из одного источника путем прямого заключения договора","Одна услуга",1,204000,204000,204000,null,null,"Февраль","31 желтоқсан 2018 жылғадейын","до 31 декабря 2018 года","751210000;","Алматы қ., Алатау ауданы Алматы қ, Дархан ыкшам ауданы, Халифа А24/1;","г.Алматы, Алатауский район г.Алматы  мкр Дархан ул Халифа Алтая 24/1;",null,null,"Договор действует"]
[17849796,17849796,"Закупки, не превышающие финансовый год",{"$nulls":5},"Услуга","62.02.30.000.000.00.0777.000000000000","Услуги по тестированию информационных технологий","Услуги по тестированию информационных технологий","Жүйедегі олқылықтарды анықтау, оқшаулау және жою мақсатында ақпараттық технологияларды сынау бойынша қызметтер","Услуги по испытанию информационных технологий с целью выявления, локализации и устранения сбоев в системе","Қызмет көрсету жүйесін автоматтандыру электрондық кезек","Услуги по сопровождению и технической поддержке информационной системы","Из одного источника путем прямого заключения договора","пп.3 п.3 ст.39 приобретение товаров, услуг, являющихся объектами интеллектуальной собственности, у лица, обладающего исключительными правами в отношении приобретаемых товаров, услуг","Из одного источника путем прямого заключения договора","Одна услуга",1,372000,372000,372000,null,null,"Февраль","31 желтоқсан 2018 жылғадейын","до 31 декабря 2018 года","751210000;","Алматы қ., Алатау ауданы Алматы қ, Дархан ыкшам ауданы, Халифа А24/1;","г.Алматы, Алатауский район г.Алматы  мкр Дархан ул Халифа Алтая 24/1;",null,null,"Договор действует"]
[17849797,17849797,"Закупки, не превышающие финансовый год",{"$nulls":5},"Услуга","65.11.10.335.000.00.0777.000000000000","Услуги по страхованию жизни","Услуги по страхованию жизни","Өмірді сақтандыру бойынша қызметтер","Услуги по страхованию жизни","Жұмыскердің тындырымды сақтандыруыOn-line перевод имеет ограничение по размеру текста.","Обязательное страхование работников","Из одного источника путем прямого заключения договора","пп.2 п.3 ст.39 приобретение товаров, работ, услуг по ценам, тарифам, установленным законодательством Республики Казахстан","Из одного источника путем прямого заключения договора","Одна услуга",1,1152504,1152504,1152504,null,null,"Февраль","31 желтоқсан 2018 жылғадейын","до 31 декабря 2018 года","751210000;","Алматы қ., Алатау ауданы Алматы қ, Дархан ыкшам ауданы, Халифа А24/1;","г.Алматы, Алатауский район г.Алматы  мкр Дархан ул Халифа Алтая 24/1;",null,null,"Исполнен"]
[17849798,17849798,"Закупки, не превышающие финансовый год",{"$nulls":5},"Услуга","62.02.30.000.003.00.0777.000000000000","Услуги по технической поддержке сайтов","Услуги по технической поддержке сайтов","Сайттарды техникалық қолдау бойынша қызметтер","Услуги по технической поддержке сайтов","техникалық қолдау және сайттың күт","техническая поддержка и обслуживание сайта","Из одного источника путем прямого заключения договора","пп.42 п.3 ст.39 приобретения однородных товаров, работ, услуг, если годовой объем таких однородных товаров, работ, услуг в стоимостном выражении не превышает стократного размера месячного расчетного показателя, установленного на соответствующий финансовый год законом о республиканском бюджете;","Из одного источника путем прямого заключения договора","Одна услуга",1,208000,208000,208000,null,null,"Февраль","31 желтоқсан 2018 жылғадейын","до 31 декабря 2018 года","751210000;","Алматы қ., Алатау ауданы Алматы қ, Дархан ыкшам ауданы, Халифа А24/1;","г.Алматы, Алатауский район г.Алматы  мкр Дархан ул Халифа Алтая 24/1;",null,null,"Договор действует"]
[17849799,17849799,"Закупки, не превышающие финансовый год",{"$nulls":5},"Услуга","80.20.10.000.003.00.0777.000000000000","Услуги по обеспечению пожарной безопасности","Услуги по обеспечению пожарной безопасности","Өрт қауіпсіздігін қамтамасыз ету қызметтері","Услуги по обеспечению пожарной безопасности","Қызмет ша пожрано-охранной сигнализации күт","Услуга по обслуживанию пожрано-охранной сигнализации","Запрос ценовых предложений",null,"Запрос ценовых предложений","Одна услуга",1,55000,55000,55000,null,null,"Февраль","31 желтоқсан 2018 жылғадейын","до 31 декабря 2018 года","751210000;","Алматы қ., Алатау ауданы Алматы қ, Дархан ыкшам ауданы, Халифа А24/1;","г.Алматы, Алатауский район г.Алматы  мкр Дархан ул Халифа Алтая 24/1;",null,null,"Договор действует"]
[17849800,17849800,"Закупки, не превышающие финансовый год",{"$nulls":5},"Услуга","33.14.19.900.001.00.0777.000000000000","Услуги по техническому (сервисному) обслуживанию и ремонту охранного/досмотрового оборудования","Услуги по техническому (сервисному) обслуживанию и ремонту охранного/досмотрового оборудования","Техникалық (сервистік) қызмет көрсету және күзет/тексеруге дейін және ұқсас жабдықтарды жөндеу бойынша қызметтер","Услуги по техническому (сервисному) обслуживанию и ремонту охранного/досмотрового и аналогичного оборудования","Қызмет атқарулар ша громкоговорителей жүйесінің күт","Услуги по обслуживанию системы громкоговорителей","Запрос ценовых предложений",null,"Запрос ценовых предложений","Одна услуга",1,70000,70000,70000,null,null,"Февраль","31 желтоқсан 2018 жылғадейын","до 31 декабря 2018 года","751210000;","Алматы қ., Алатау ауданы Алматы қ, Дархан ыкшам ауданы, Халифа А24/1;","г.Алматы, Алатауский район г.Алматы  мкр Дархан ул Халифа Алтая 24/1;",null,null,"Договор действует"]
[17849801,17849801,"Закупки, не превышающие финансовый год",{"$nulls":5},"Услуга","33.12.29.900.021.00.0777.000000000000","Услуги по техническому обслуживанию газовых установок/оборудования/систем/аппаратов/газопроводов","Услуги по техническому обслуживанию газовых установок/оборудования/систем/аппаратов/газопроводов","Газ қондырғыларға/жабдықтарға/жүйелерге/аппараттарға/газ құбырларына техникалық қызмет көрсету бойынша қызметтер","Услуги по техническому обслуживанию газовых установок/оборудования/систем/аппаратов/газопроводов","қызмет атқарулар ша газдың есебінің түйіншегінің ШРП техникалық күт","услуги по техническому обслуживанию ШРП узла учета газа","Из одного источника путем прямого заключения договора","пп.42 п.3 ст.39 приобретения однородных товаров, работ, услуг, если годовой объем таких однородных товаров, работ, услуг в стоимостном выражении не превышает стократного размера месячного расчетного показателя, установленного на соответствующий финансовый год законом о республиканском бюджете;","Из одного источника путем прямого заключения договора","Одна услуга",1,240000,240000,240000,null,null,"Февраль","31 желтоқсан 2018 жылғадейын","до 31 декабря 2018 года","751210000;","Алматы қ., Алатау ауданы Алматы қ, Дархан ыкшам ауданы, Халифа А24/1;","г.Алматы, Алатауский район г.Алматы  мкр Дархан ул Халифа Алтая 24/1;",null,null,"Договор действует"]
[17849802,17849802,"Закупки, не превышающие финансовый год",{"$nulls":5},"Услуга","33.12.18.200.000.00.0777.000000000000","Услуги по техническому обслуживанию климатического (кондиционерного) оборудования и систем/вентиляционных систем и оборудования","Услуги по техническому обслуживанию климатического (кондиционерного) оборудования и систем/вентиляционных систем и оборудования","Климаттық (ауа баптау) жабдықтарына және жүйелеріне/жетлдету жүйелеріне және жабдықтарға техникалық қызмет көрсету бойынша қызметтер","Услуги по техническому обслуживанию климатического (кондиционерного) оборудования и систем/вентиляционных систем и оборудования","Техникалық күт- тарту жүйелердің ғимарат, ауаны жаңартуының, ауаны жаңартудың және ғимараттың кондиционирования жүйелерін","Техническое обсуживание приточно вытяжных систем здания, противодымной вентиляции,систем вентеляции и кондиционирования здания","Из одного источника путем прямого заключения договора","пп.42 п.3 ст.39 приобретения однородных товаров, работ, услуг, если годовой объем таких однородных товаров, работ, услуг в стоимостном выражении не превышает стократного размера месячного расчетного показателя, установленного на соответствующий финансовый год законом о республиканском бюджете;","Из одного источника путем прямого заключения договора","Одна услуга",1,240000,240000,240000,null,null,"Февраль","31 желтоқсан 2018 жылғадейын","до 31 декабря 2018 года","751210000;","Алматы қ., Алатау ауданы Алматы қ, Дархан ыкшам ауданы, Халифа А24/1;","г.Алматы, Алатауский район г.Алматы  мкр Дархан ул Халифа Алтая 24/1;",null,null,"Договор действует"]
[17849803,17849803,"Закупки, не превышающие финансовый год",{"$nulls":5},"Услуга","33.11.19.100.003.00.0777.000000000000","Услуги по техническому обслуживанию энергетических котлов/котельного оборудования и аналогичного энергетического оборудования и систем","Услуги по техническому обслуживанию энергетических котлов/котельного оборудования и аналогичного энергетического оборудования и систем","Энергетикалық қазандарға/қазан жабдықтарына және ұқсас энергетикалық жабдықтарға және жүйелерге техникалық қызмет көрсету бойынша қызметтер","Услуги по техническому обслуживанию энергетических котлов/котельного оборудования и аналогичного энергетического оборудования и систем","Қызмет атқарулар ша отопительного жабдықтың техникалық күт- және ішкі отопления(Котел) жүйелерінің","Услуги по техническому обслуживанию отопительного оборудования и внутренних системы отопления (Котел)","Из одного источника путем прямого заключения договора","пп.42 п.3 ст.39 приобретения однородных товаров, работ, услуг, если годовой объем таких однородных товаров, работ, услуг в стоимостном выражении не превышает стократного размера месячного расчетного показателя, установленного на соответствующий финансовый год законом о республиканском бюджете;","Из одного источника путем прямого заключения договора","Одна услуга",1,240000,240000,240000,null,null,"Февраль","31 желтоқсан 2018 жылғадейын","до 31 декабря 2018 года","751210000;","Алматы қ., Алатау ауданы Алматы қ, Дархан ыкшам ауданы, Халифа А24/1;","г.Алматы, Алатауский район г.Алматы  мкр Дархан ул Халифа Алтая 24/1;",null,null,"Договор действует"]
[17849805,17849805,"Закупки, не превышающие финансовый год",{"$nulls":5},"Услуга","62.02.30.000.001.00.0777.000000000000","Услуги по сопровождению и технической поддержке информационной системы","Услуги по сопровождению и технической поддержке информационной системы","Ақпараттық жүйеде ілесу және техникалық қолдау бойынша қызметтер","Услуги по сопровождению и технической поддержке информационной системы","Қызмет көрсету бойынша қызметтер \" 1С:Кәсіпорын 8.2. Жаңарту мен кеңес беру бухгалтерлік есеп бойынша.","Обслуживание 1С: Предприятие 8.2","Из одного источника путем прямого заключения договора","пп.42 п.3 ст.39 приобретения однородных товаров, работ, услуг, если годовой объем таких однородных товаров, работ, услуг в стоимостном выражении не превышает стократного размера месячного расчетного показателя, установленного на соответствующий финансовый год законом о республиканском бюджете;","Из одного источника путем прямого заключения договора","Одна услуга",1,214732.15,214732.15,214732.15,null,null,"Февраль","31 желтоқсан 2018 жылғадейын","до 31 декабря 2018 года","751210000;","Алматы қ., Алатау ауданы Алматы қ, Дархан ыкшам ауданы, Халифа А24/1;","г.Алматы, Алатауский район г.Алматы  мкр Дархан ул Халифа Алтая 24/1;",null,null,"Договор действует"]
[17849807,17849807,"Закупки, не превышающие финансовый год",{"$nulls":5},"Услуга","64.99.19.000.000.00.0777.000000000000","Услуги банков второго уровня консультационные","Услуги банков второго уровня консультационные","Консультациялық екінші деңгейдегі банк қызметтері","Услуги банков второго уровня консультационные","Банктің күт- екі деңгейдің","Обслуживание банка второго уровня","Из одного источника путем прямого заключения договора","пп.11 п.3 ст.39 приобретения услуг рейтинговых агентств, финансовых услуг;","Из одного источника путем прямого заключения договора","Одна услуга",1,1000000,1000000,1000000,null,null,"Февраль","31 желтоқсан 2018 жылғадейын","до 31 декабря 2018 года","751210000;","Алматы қ., Алатау ауданы Алматы қ, Дархан ыкшам ауданы, Халифа А24/1;","г.Алматы, Алатауский район г.Алматы  мкр Дархан ул Халифа Алтая 24/1;",null,null,"Договор действует"]
[17849809,17849809,"Закупки, не превышающие финансовый год",{"$nulls":5},"Услуга","82.30.11.000.000.00.0777.000000000000","Услуги по организации/проведению конференций/семинаров/форумов/конкурсов/корпоративных/спортивных/культурных/праздничных и аналогичных мероприятий","Услуги по организации/проведению конференций/семинаров/форумов/конкурсов/корпоративных/спортивных/культурных/праздничных и аналогичных мероприятий","Конференциялар, форумдар, семинарлар, конурстар, корпоративтік, спорттық, мәдени, мерекелік және балама іс-шараларды ұйымдастыру/өткізу бойынша қызметтер","Услуги по организации/проведению конференций/семинаров/форумов/конкурсов/корпоративных/спортивных/культурных/праздничных и аналогичных мероприятий","Тақырыбы: біліктілікті Арттыру - \"Мейірбике ісі Негіздері \"емдік дене шынықтыру\"Ұзақтылығы – 108 сағат 2 аптаӨткізу орны: Алматы қаласы.К. Қалдаяқов 54Медбике Назарова Г.","Тема: Повышение квалификации «Сестринское дело»- «Основы лечебной физкультуры»Продолжительность – 108 часов, 2 неделиМесто проведения: г.Алматы.Ул. Калдаякова 54Медсестра Назарова Г","Из одного источника путем прямого заключения договора","пп.45 п.3 ст.39 приобретения материалов выставок, семинаров, конференций, совещаний, форумов, симпозиумов, тренингов, а также оплаты за участие в указанных мероприятиях;","Из одного источника путем прямого заключения договора","Одна услуга",1,22995,22995,22995,null,null,"Февраль","31 желтоқсан 2018 жылғадейын","до 31 декабря 2018 года","751210000;","Алматы қ., Алатау ауданы Алматы қ, Дархан ыкшам ауданы, Халифа А24/1;","г.Алматы, Алатауский район г.Алматы  мкр Дархан ул Халифа Алтая 24/1;",null,null,"Исполнен"]
[17849810,17849810,"Закупки, не превышающие финансовый год",{"$nulls":5},"Услуга","82.30.11.000.000.00.0777.000000000000","Услуги по организации/проведению конференций/семинаров/форумов/конкурсов/корпоративных/спортивных/культурных/праздничных и аналогичных мероприятий","Услуги по организации/проведению конференций/семинаров/форумов/конкурсов/корпоративных/спортивных/культурных/праздничных и аналогичных мероприятий","Конференциялар, форумдар, семинарлар, конурстар, корпоративтік, спорттық, мәдени, мерекелік және балама іс-шараларды ұйымдастыру/өткізу бойынша қызметтер","Услуги по организации/проведению конференций/семинаров/форумов/конкурсов/корпоративных/спортивных/культурных/праздничных и аналогичных мероприятий","Цикл кадрлардың біліктілігін арттырудың Өзекті мәселелері \"амбулаториялық-емханалық хирургиялық стоматологиядан\" Дәрігер-стоматолог Утешова Л.","Цикл повышения квалификации кадров  \"Актуальные вопросы амбулаторно-поликлинической хирургической стоматологии\" Врач стоматолог Утешова Л.","Из одного источника путем прямого заключения договора","пп.45 п.3 ст.39 приобретения материалов выставок, семинаров, конференций, совещаний, форумов, симпозиумов, тренингов, а также оплаты за участие в указанных мероприятиях;","Из одного источника путем прямого заключения договора","Одна услуга",1,39600,39600,39600,null,null,"Февраль","31 желтоқсан 2018 жылғадейын","до 31 декабря 2018 года","751210000;","Алматы қ., Алатау ауданы Алматы қ, Дархан ыкшам ауданы, Халифа А24/1;","г.Алматы, Алатауский район г.Алматы  мкр Дархан ул Халифа Алтая 24/1;",null,null,"Исполнен"]
[16589753,17850415,"Закупки, не превышающие финансовый год",{"$nulls":5},"Услуга","38.12.30.000.000.00.0777.000000000000","Услуги по вывозу (сбору) опасных отходов/имущества/материалов","Услуги по вывозу (сбору) опасных отходов/имущества/материалов","Зиянды қалдықтарды/мүліктерді/материалдарды шығару (жинау) қызметтері","Услуги по вывозу (сбору) опасных отходов/имущества/материалов","Кәдеге жарату мата (дәке, бинттер, тампондар), пластмасса (қоқыс қаптар, пластикалық контейнерлер элементтері, жүйелердің ішкі енгізілу препараттарды, шприцтер), биологиялық операциядан кейінгі қалдықтар, биологиялық водосодержащие қалдықтар Биологиялық қалдықтар (қан) Кәдеге жарату қалдықтар апта сайын.1200 кг .","Утилизация текстиля (марля, бинты, тампоны), пластмассы (мусорные мешки, пластиковые контейнеры, элементы систем для внутреннего введения препаратов, шприцы), биологические послеоперационные отходы, не биологические водосодержащие отходы Биологические отходы (кровь) Утилизация отхода  еженедельно.1200 кг за год","Из одного источника путем прямого заключения договора","пп.42 п.3 ст.39 приобретения однородных товаров, работ, услуг, если годовой объем таких однородных товаров, работ, услуг в стоимостном выражении не превышает стократного размера месячного расчетного показателя, установленного на соответствующий финансовый год законом о республиканском бюджете;","Из одного источника путем прямого заключения договора","Одна услуга",1,144000,144000,144000,null,null,"Февраль","2018 жыл 31 желтоқсан","до 31 декабря 2018 года","751210000;","Алматы қ., Алатау ауданы Дархан ауданы Халифа Алтай қошесы 24/1ұй;","г.Алматы, Алатауский район мкр Дархан ул.Халифа Алтая  д.24/1;",null,null,"Договор действует"]
[18012567,18012567,"Закупки, не превышающие финансовый год",{"$nulls":5},"Услуга","86.22.19.335.000.00.0777.000000000000","Услуги по стерилизации","Услуги по стерилизации","Стерилизациялау бойынша қызметтер","Услуги по стерилизации","Стерилизация биксов 2018 жылға .Үлкен бикс -40 дана .Орта бикстер -220 дана.Жалпы саны 260 биксов Стерильдеу дольжна жүргізілуі қолданыстағы санитарлық-гигиеналық және противоэпидемическими бекітілген. Жеткізуші сақталуын қамтамасыз етуге тиіс барлық рәсімдер сапасын бақылау стерилдеу алдында тазалау мен стерилдеу процесінің.","Стерилизация биксов  на 2018 год .Большой биксы -40 штук .Средней биксы -220 штук.Общее количество 260 биксов  Стерилизация дольжна производиться в соответствии с действующими санитарно-гигиеническими и  противоэпидемическими правилами. Поставщик должен обеспечить соблюдение всех  процедур контроля качества предстерилизационной очистки и  процесса стерилизации.","Из одного источника путем прямого заключения договора","пп.42 п.3 ст.39 приобретения однородных товаров, работ, услуг, если годовой объем таких однородных товаров, работ, услуг в стоимостном выражении не превышает стократного размера месячного расчетного показателя, установленного на соответствующий финансовый год законом о республиканском бюджете;","Из одного источника путем прямого заключения договора","Одна услуга",1,240500,240500,240500,null,null,"Февраль","31 желтоқсан 2018 жыл","до 31 декабря 2018 года","751210000;","Алматы қ., Алатау ауданы Алматы қ. Дархан ы-а. Халифа Алтая 24/1 ;","г.Алматы, Алатауский район г Алматы,. мкр Дархан ,ул Халифа Алтая 24/1 ;",null,null,"Договор действует"]
[18266467,18266467,"Закупки, не превышающие финансовый год",{"$nulls":5},"Услуга","82.30.11.000.000.00.0777.000000000000","Услуги по организации/проведению конференций/семинаров/форумов/конкурсов/корпоративных/спортивных/культурных/праздничных и аналогичных мероприятий","Услуги по организации/проведению конференций/семинаров/форумов/конкурсов/корпоративных/спортивных/культурных/праздничных и аналогичных мероприятий","Конференциялар, форумдар, семинарлар, конурстар, корпоративтік, спорттық, мәдени, мерекелік және балама іс-шараларды ұйымдастыру/өткізу бойынша қызметтер","Услуги по организации/проведению конференций/семинаров/форумов/конкурсов/корпоративных/спортивных/культурных/праздничных и аналогичных мероприятий","Біліктілікті жоғарылату: \"қысқаша статистикалық анықтамалық элементтерімен ЕТАТ (түзетулермен және толықтырулармен) тыңдаушылар\"Жолмагамбетова Б. Ж. Артиков а. А.","Повышение квалификации: «Карманный справочник с элементами ЕТАТ (с исправлениями и дополнениями)»слушатели Жолмагамбетова Б.Ж. Артиков А.А.","Из одного источника путем прямого заключения договора","пп.45 п.3 ст.39 приобретения материалов выставок, семинаров, конференций, совещаний, форумов, симпозиумов, тренингов, а также оплаты за участие в указанных мероприятиях;","Из одного источника путем прямого заключения договора","Одна услуга",1,60620,60620,60620,null,null,"Февраль","2018 жылдын 31 желтоқсан","до 31 декабря 2018 года","751210000;","Алматы қ., Алатау ауданы Алматы қ.Дархан ы-ауданы, Халифа Алтай қ 24/1 ;","г.Алматы, Алатауский район г. Алматы ,мкр Дархан,ул Халифа Алтая 24/1;",null,null,"Исполнен"]
[18266468,18266468,"Закупки, не превышающие финансовый год",{"$nulls":5},"Услуга","82.30.11.000.000.00.0777.000000000000","Услуги по организации/проведению конференций/семинаров/форумов/конкурсов/корпоративных/спортивных/культурных/праздничных и аналогичных мероприятий","Услуги по организации/проведению конференций/семинаров/форумов/конкурсов/корпоративных/спортивных/культурных/праздничных и аналогичных мероприятий","Конференциялар, форумдар, семинарлар, конурстар, корпоративтік, спорттық, мәдени, мерекелік және балама іс-шараларды ұйымдастыру/өткізу бойынша қызметтер","Услуги по организации/проведению конференций/семинаров/форумов/конкурсов/корпоративных/спортивных/культурных/праздничных и аналогичных мероприятий","семинар тақырыбы: \"Негіздері Үнемді өндіріс\" тыңдаушы Мазбаевтың, А. М.","семинаре на тему: «Основы Бережливого производства» слушатель Мазбаева А.М.","Из одного источника путем прямого заключения договора","пп.45 п.3 ст.39 приобретения материалов выставок, семинаров, конференций, совещаний, форумов, симпозиумов, тренингов, а также оплаты за участие в указанных мероприятиях;","Из одного источника путем прямого заключения договора","Одна услуга",1,32135,32135,32135,null,null,"Февраль","2018 жылдын 31 желтоқсан","до 31 декабря 2018 года","751210000;","Алматы қ., Алатау ауданы Алматы қ.Дархан ы-ауданы, Халифа Алтай қ 24/1 ;","г.Алматы, Алатауский район г. Алматы ,мкр Дархан,ул Халифа Алтая 24/1;",null,null,"Исполнен"]
[18266469,18266469,"Закупки, не превышающие финансовый год",{"$nulls":5},"Услуга","71.20.19.000.010.00.0777.000000000000","Услуги по диагностированию/экспертизе/анализу/испытаниям/тестированию/осмотру","Услуги по диагностированию/экспертизе/анализу/испытаниям/тестированию/осмотру","Диагностикалау/сараптау/талдау/сынау/тестілеу/тексеру қызметтері","Услуги по диагностированию/экспертизе/анализу/испытаниям/тестированию/осмотру","Зертханалық зерттелген арналған шайындыларды ІТТБ және стафилококк","Лабораторное исследованные смывов на БГКП и стафилококк","Из одного источника путем прямого заключения договора","пп.42 п.3 ст.39 приобретения однородных товаров, работ, услуг, если годовой объем таких однородных товаров, работ, услуг в стоимостном выражении не превышает стократного размера месячного расчетного показателя, установленного на соответствующий финансовый год законом о республиканском бюджете;","Из одного источника путем прямого заключения договора","Одна услуга",1,212800,212800,212800,null,null,"Февраль","2018 жылдын 31 желтоқсан","до 31 декабря 2018 года","751210000;","Алматы қ., Алатау ауданы Алматы қ.Дархан ы-ауданы, Халифа Алтай қ 24/1 ;","г.Алматы, Алатауский район г. Алматы ,мкр Дархан,ул Халифа Алтая 24/1;",null,null,"Договор действует"]
[18266470,18266470,"Закупки, не превышающие финансовый год",{"$nulls":5},"Услуга","71.20.19.000.010.00.0777.000000000000","Услуги по диагностированию/экспертизе/анализу/испытаниям/тестированию/осмотру","Услуги по диагностированию/экспертизе/анализу/испытаниям/тестированию/осмотру","Диагностикалау/сараптау/талдау/сынау/тестілеу/тексеру қызметтері","Услуги по диагностированию/экспертизе/анализу/испытаниям/тестированию/осмотру","Зертханалық зерттелген шайындыларды патогенді микрофлораға зерттеу ауаны үй-жайларды, материалдарды, адамдарды стафилококк, қолданыстағы заттар (ДВ)төрттік аммониевых тұздар (САҒАТ) жиынтығы","Лабораторное исследованные смывов на патогенную микрофлору ,исследование воздуха помещений, материалы от людей на стафилококк, действующих веществ (ДВ)четвертичных аммониевых солей (ЧАС) суммарно","Из одного источника путем прямого заключения договора","пп.42 п.3 ст.39 приобретения однородных товаров, работ, услуг, если годовой объем таких однородных товаров, работ, услуг в стоимостном выражении не превышает стократного размера месячного расчетного показателя, установленного на соответствующий финансовый год законом о республиканском бюджете;","Из одного источника путем прямого заключения договора","Одна услуга",1,138440,138440,138440,null,null,"Февраль","2018 жылдын 31 желтоқсан","до 31 декабря 2018 года","751210000;","Алматы қ., Алатау ауданы Алматы қ.Дархан ы-ауданы, Халифа Алтай қ 24/1 ;","г.Алматы, Алатауский район г. Алматы ,мкр Дархан,ул Халифа Алтая 24/1;",null,null,"Договор действует"]
[18266471,18266471,"Закупки, не превышающие финансовый год",{"$nulls":5},"Услуга","71.20.19.000.010.00.0777.000000000000","Услуги по диагностированию/экспертизе/анализу/испытаниям/тестированию/осмотру","Услуги по диагностированию/экспертизе/анализу/испытаниям/тестированию/осмотру","Диагностикалау/сараптау/талдау/сынау/тестілеу/тексеру қызметтері","Услуги по диагностированию/экспертизе/анализу/испытаниям/тестированию/осмотру","Зертханалық зерттелген зарарсыздыққа тасымалдау, материал ,құрал-саймандардың","Лабораторное исследованные  на стерильность перевозочного материала ,инструментария","Из одного источника путем прямого заключения договора","пп.42 п.3 ст.39 приобретения однородных товаров, работ, услуг, если годовой объем таких однородных товаров, работ, услуг в стоимостном выражении не превышает стократного размера месячного расчетного показателя, установленного на соответствующий финансовый год законом о республиканском бюджете;","Из одного источника путем прямого заключения договора","Одна услуга",1,226800,226800,226800,null,null,"Февраль","2018 жылдын 31 желтоқсан","до 31 декабря 2018 года","751210000;","Алматы қ., Алатау ауданы Алматы қ.Дархан ы-ауданы, Халифа Алтай қ 24/1 ;","г.Алматы, Алатауский район г. Алматы ,мкр Дархан,ул Халифа Алтая 24/1;",null,null,"Договор действует"]
[18266472,18266472,"Закупки, не превышающие финансовый год",{"$nulls":5},"Услуга","33.13.12.200.001.00.0777.000000000000","Услуги по техническому обслуживанию медицинского оборудования","Услуги по техническому обслуживанию медицинского оборудования","Медициналық жабдықтарға техникалық қызмет көрсету бойынша қызметтер","Услуги по техническому обслуживанию медицинского оборудования","Жөндеу және техникалық қызмет көрсету медициналық құрал-жабдықтарды:1.Сервистік қызметі жүзеге асырған жөндеу және техникалық қызмет көрсету кепілдік ұсынады жөнделген түйіндер, медициналық техника 1 жыл мерзімге. 2.1.1. Жүйелі техникалық тексеріп-қарау медициналық құрал-жабдықтарды өткізуге жүйелі техникалық тексеріп-қарау медициналық жабдықтар (айына 1 рет ағымының), және сенімді пайдаланылуын қамтамасыз ететін бұйымдар мен медициналық техниканы, қабылданған кешенді техникалық қызмет көрсету жолымен, уақтылы және сапалы көзделген жұмыстарды орындау туралы Ережеге \"кешенді техникалық қызмет көрсету, жөндеу, монтаждау және баптау медициналық техниканы және пайдалану құжаттамасына. Жұмыстарды жүргізу бойынша кешенді техникалық қызмет көрсету қажетті аспаптармен, бақылау-өлшеу аспаптарын пайдалану ережесі, қосалқы бөлшектермен қызмет көрсету, медициналық жабдықтар.1.2.Техническое обслуживание медицинского оборудования: көзбен шолып қарау және медициналық жабдықтар, электр тізбектерін тексеру және қорғаныш жерге қосу, ұсақ ақаулықтарды жою және реттеу.1.3.Ағымдағы медициналық құрал-жабдықтарға жөндеу: ақауларын жояды және ағымдағы жөндеу жүргізу, медициналық техника бұйымдарын жағдайда кенеттен істен шығуына қарамастан, жоспарлы техникалық байқау 3 тәулік ішінде, өтінім алғаннан кейін \"Тапсырыс берушінің\".1.4. Техникалық жағдайын тексеру, медициналық жабдықтардың техникалық жай-күйін Тексеру медициналық құрал-жабдықтарды жүргізіледі сәйкестігіне негізгі техникалық сипаттамаларының пайдалану құжаттамасының. Жылына бір рет, ал ағымдағы жөндеу жұмыстарын жүргізу, егер жөндеу жұмыстары негізгі функционалдық түйіндерінде медициналық жабдықтар мен алар әкеп соғуы өзгерту техникалық сипаттамалары. 3.Аппараттың атауы:1.Дентальный рентген аппараты, жылжымалы2.Малодозовый сканирующий сандық флюорограф Проскан-2004.Қызмет көрсету мерзімі 31 желтоқсанға дейін 2018 жылғы","1.Сервисной службой осуществившей ремонт и техническое обслуживание предоставляются гарантии на отремонтированные узлы, части медицинской техники сроком на 1 год.   2.1.1. Систематические технические осмотры медицинского оборудования: проводить систематические технические осмотры медицинского оборудования (1 раз в месяц в течения месяца), обеспечить надежную эксплуатацию изделий медицинской техники, принятых на комплексное техническое обслуживание путем своевременного и качественного выполнения работ, предусмотренных «Положением о комплексном техническом обслуживании, ремонте, монтаже и наладке медицинской техники» и эксплуатационной документацией.  Проведение работ по комплексному техническому обслуживанию необходимыми  инструментами, контрольно-измерительными приборами, запасными частями к обслуживанию медицинского оборудования.1.2.Техническое обслуживание медицинского оборудования: визуальный осмотр медицинского оборудования, проверка электрических цепей и защитного заземления, устранение мелких неисправностей и регулировка медицинского оборудования.1.3.Текущий ремонт медицинского оборудования: Устранить неисправности и проведения  текущего ремонта изделий медицинской техники, в случае внезапного выхода его из строя, независимо от даты планового технического осмотра в течение 3 суток, после получения заявки от «Заказчика».1.4. Проверка технического состояния медицинского оборудования: Проверки технического состояния медицинского оборудования производятся на соответствие основных технических характеристик эксплуатационной документации. Один раз в год, а так же после проведения текущего ремонта, если ремонт проводился на основных функциональных узлах медицинского оборудования и мог повлечь за собой изменение технических характеристик. 3.Наименование аппарата:  1.Дентальный рентген аппарат передвижной2.Малодозовый сканирующий цифровой флюорограф Проскан-2004.Срок обслуживания до 31 декабря 2018 года.","Из одного источника путем прямого заключения договора","пп.42 п.3 ст.39 приобретения однородных товаров, работ, услуг, если годовой объем таких однородных товаров, работ, услуг в стоимостном выражении не превышает стократного размера месячного расчетного показателя, установленного на соответствующий финансовый год законом о республиканском бюджете;","Из одного источника путем прямого заключения договора","Одна услуга",1,214732,214732,214732,null,null,"Февраль","2018 жылдын 31 желтоқсан","до 31 декабря 2018 года","751210000;","Алматы қ., Алатау ауданы Алматы қ.Дархан ы-ауданы, Халифа Алтай қ 24/1 ;","г.Алматы, Алатауский район г. Алматы ,мкр Дархан,ул Халифа Алтая 24/1;",null,null,"Договор действует"]
[18266473,18266473,"Закупки, не превышающие финансовый год",{"$nulls":5},"Услуга","33.13.12.200.001.00.0777.000000000000","Услуги по техническому обслуживанию медицинского оборудования","Услуги по техническому обслуживанию медицинского оборудования","Медициналық жабдықтарға техникалық қызмет көрсету бойынша қызметтер","Услуги по техническому обслуживанию медицинского оборудования","Жөндеу және техникалық қызмет көрсету медициналық құрал-жабдықтарды:1.Сервистік қызметі жүзеге асырған жөндеу және техникалық қызмет көрсету кепілдік ұсынады жөнделген түйіндер, медициналық техника 1 жыл мерзімге. 2.1.1. Жүйелі техникалық тексеріп-қарау медициналық құрал-жабдықтарды өткізуге жүйелі техникалық тексеріп-қарау медициналық жабдықтар (айына 1 рет ағымының), және сенімді пайдаланылуын қамтамасыз ететін бұйымдар мен медициналық техниканы, қабылданған кешенді техникалық қызмет көрсету жолымен, уақтылы және сапалы көзделген жұмыстарды орындау туралы Ережеге \"кешенді техникалық қызмет көрсету, жөндеу, монтаждау және баптау медициналық техниканы және пайдалану құжаттамасына. Жұмыстарды жүргізу бойынша кешенді техникалық қызмет көрсету қажетті аспаптармен, бақылау-өлшеу аспаптарын пайдалану ережесі, қосалқы бөлшектермен қызмет көрсету, медициналық жабдықтар.1.2.Техническое обслуживание медицинского оборудования: көзбен шолып қарау және медициналық жабдықтар, электр тізбектерін тексеру және қорғаныш жерге қосу, ұсақ ақаулықтарды жою және реттеу.1.3.Ағымдағы медициналық құрал-жабдықтарға жөндеу: ақауларын жояды және ағымдағы жөндеу жүргізу, медициналық техника бұйымдарын жағдайда кенеттен істен шығуына қарамастан, жоспарлы техникалық байқау 3 тәулік ішінде, өтінім алғаннан кейін \"Тапсырыс берушінің\".1.4. Техникалық жағдайын тексеру, медициналық жабдықтардың техникалық жай-күйін Тексеру медициналық құрал-жабдықтарды жүргізіледі сәйкестігіне негізгі техникалық сипаттамаларының пайдалану құжаттамасының. Жылына бір рет, ал ағымдағы жөндеу жұмыстарын жүргізу, егер жөндеу жұмыстары негізгі функционалдық түйіндерінде медициналық жабдықтар мен алар әкеп соғуы өзгерту техникалық сипаттамалары.3. Аппараттың атауы: Рентгенографическая сандық жүйесі 3 жұмыс орындарға арналған Siemens","Ремонт и  техническому обслуживанию медицинского оборудования:1.Сервисной службой осуществившей ремонт и техническое обслуживание предоставляются гарантии на отремонтированные узлы, части медицинской техники сроком на 1 год.   2.1.1. Систематические технические осмотры медицинского оборудования: проводить систематические технические осмотры медицинского оборудования (1 раз в месяц в течения месяца), обеспечить надежную эксплуатацию изделий медицинской техники, принятых на комплексное техническое обслуживание путем своевременного и качественного выполнения работ, предусмотренных «Положением о комплексном техническом обслуживании, ремонте, монтаже и наладке медицинской техники» и эксплуатационной документацией.  Проведение работ по комплексному техническому обслуживанию необходимыми  инструментами, контрольно-измерительными приборами, запасными частями к обслуживанию медицинского оборудования.1.2.Техническое обслуживание медицинского оборудования: визуальный осмотр медицинского оборудования, проверка электрических цепей и защитного заземления, устранение мелких неисправностей и регулировка медицинского оборудования.1.3.Текущий ремонт медицинского оборудования: Устранить неисправности и проведения  текущего ремонта изделий медицинской техники, в случае внезапного выхода его из строя, независимо от даты планового технического осмотра в течение 3 суток, после получения заявки от «Заказчика».1.4. Проверка технического состояния медицинского оборудования: Проверки технического состояния медицинского оборудования производятся на соответствие основных технических характеристик эксплуатационной документации. Один раз в год, а так же после проведения текущего ремонта, если ремонт проводился на основных функциональных узлах медицинского оборудования и мог повлечь за собой изменение технических характеристик.3. Наименование аппарата:  Рентгенографическая цифровая система на 3 рабочих  места Siemens","Из одного источника путем прямого заключения договора","пп.42 п.3 ст.39 приобретения однородных товаров, работ, услуг, если годовой объем таких однородных товаров, работ, услуг в стоимостном выражении не превышает стократного размера месячного расчетного показателя, установленного на соответствующий финансовый год законом о республиканском бюджете;","Из одного источника путем прямого заключения договора","Одна услуга",1,214732,214732,214732,null,null,"Февраль","2018 жылдын 31 желтоқсан","до 31 декабря 2018 года","751210000;","Алматы қ., Алатау ауданы Алматы қ.Дархан ы-ауданы, Халифа Алтай қ 24/1 ;","г.Алматы, Алатауский район г. Алматы ,мкр Дархан,ул Халифа Алтая 24/1;",null,null,"Договор действует"]
[18266474,18266474,"Закупки, не превышающие финансовый год",{"$nulls":5},"Услуга","33.13.12.200.001.00.0777.000000000000","Услуги по техническому обслуживанию медицинского оборудования","Услуги по техническому обслуживанию медицинского оборудования","Медициналық жабдықтарға техникалық қызмет көрсету бойынша қызметтер","Услуги по техническому обслуживанию медицинского оборудования","Жөндеу және техникалық қызмет көрсету медициналық құрал-жабдықтарды:.Аппараттың атауы: 1.Авторефрактометр 1 2.Аквадистиллятор 1 3.Аквадистиллятор 1 4.Счетчик для подсчета лейкоцитарной формула-1 5.Аппараты амплипульсотерапии 1 6.Гальванизациялауға арналған Аппарат және электрофорез 1 7.Аппараты үшін диадинамометрии 1 8.Аппараты үшін индуктотермии қысқа толқынды 1 9.Арналған Аппарат магнитотерапии 1 10.Аппарат УВЧ -80-04-стрела+двухрежимный 1 11.УДЗ аппараты 2 датчиктермен 1 12.УДЗ аппараты 3 датчиктермен 1 13.Аппараты ультрозвуковой физиотерапия 1 14.Видеокольпоскоп 1 15.Видеоректоскоп диагностикалық 1 16.Су жылытқыш арналған 80 парақты 1 17.Гемоглобинометр жиынтықта тестілермен 1000 талдау 1 18.Генератор аэрозольный 1 19.Глюкометр ( комплект) 1 20.Глюкометр Pr (комплект) 1 21.Глюкометр жиынтықта тестілермен 1000 талдау 1 22.Глюкометр жиынтықта тестілермен 1000 талдау 1 23.Глюкометр жиынтықта тестілермен 1000 талдау 1 24.Глюкометр жиынтықта тестілермен 1000 талдау 125.Глюкометр жиынтықта тестілермен 1000 талдау 1 26.Глюкометр жиынтықта тестілермен 1000 талдау 1 27.Датчик ультрадыбыстық С8-4V(4-8Мгц) 14.Қызмет көрсету мерзімі 31 желтоқсанға дейін 2018 жылғы.","Ремонт и  техническому обслуживанию медицинского оборудования:.Наименование аппарата:  1.Авторефрактометр 1 2.Аквадистиллятор 1 3.Аквадистиллятор 1 4.Счетчик для подсчета лейкоцитарной формулы 1 5.Аппарат амплипульсотерапии 1 6.Аппарат для гальванизации и электрофореза 1 7.Аппарат для диадинамометрии 1 8.Аппарат для индуктотермии коротковолновой 1 9.Аппарат для магнитотерапии 1 10.Аппарат УВЧ -80-04-стрела+двухрежимный 1 11.Аппарат УЗИ с 2 датчиками 1 12.Аппарат УЗИ с 3 датчиками 1 13.Аппарат ультрозвуковой физиотерапии 1 14.Видеокольпоскоп 1 15.Видеоректоскоп диагностический 1 16.Водонагреватель на 80л 1 17.Гемоглобинометр в комплекте с тестами на 1000 анализов 1 18.Генератор аэрозольный 1 19.Глюкометр ( комплект) 1 20.Глюкометр Pr (комплект) 1 21.Глюкометр в комплекте с тестами на 1000 анализов 1 22.Глюкометр в комплекте с тестами на 1000 анализов 1 23.Глюкометр в комплекте с тестами на 1000 анализов 1 24.Глюкометр в комплекте с тестами на 1000 анализов 1 25.Глюкометр в комплекте с тестами на 1000 анализов 1 26.Глюкометр в комплекте с тестами на 1000 анализов 1 27.Датчик ультразвуковой С8-4V(4-8Мгц) 14.Срок обслуживания до 31 декабря 2018 года.","Из одного источника путем прямого заключения договора","пп.42 п.3 ст.39 приобретения однородных товаров, работ, услуг, если годовой объем таких однородных товаров, работ, услуг в стоимостном выражении не превышает стократного размера месячного расчетного показателя, установленного на соответствующий финансовый год законом о республиканском бюджете;","Из одного источника путем прямого заключения договора","Одна услуга",1,214732,214732,214732,null,null,"Февраль","2018 жылдын 31 желтоқсан","до 31 декабря 2018 года","751210000;","Алматы қ., Алатау ауданы Алматы қ.Дархан ы-ауданы, Халифа Алтай қ 24/1 ;","г.Алматы, Алатауский район г. Алматы ,мкр Дархан,ул Халифа Алтая 24/1;",null,null,"Договор действует"]
[18266475,18266475,"Закупки, не превышающие финансовый год",{"$nulls":5},"Услуга","33.13.12.200.001.00.0777.000000000000","Услуги по техническому обслуживанию медицинского оборудования","Услуги по техническому обслуживанию медицинского оборудования","Медициналық жабдықтарға техникалық қызмет көрсету бойынша қызметтер","Услуги по техническому обслуживанию медицинского оборудования","Жөндеу және техникалық қызмет көрсету медициналық құрал-жабдықтарды: Аппараттың атауы: 1.Дефибриллятор2.Өлшеуіш көзішілік қысымды3.Өлшеуіш көзішілік қысымды4.\"Кардиовизор-12С\" лазерный принтер Samsung ML 2160/XEV15.ЛОР-комбайн (ЛОР-комбайн М-1010)6.Қап Амбо (Оттегі)7.Миниотоскоп8.МФУ Canon 40189.Небулайзер10.Небулайзер11.Небулайзер12.Отсасыватель хирургиялық вакуумды13.Офтальмоскоп галогенный14.Периметрі офтальмологический15.Саңылау шамы16.Электрокардиограф 12-арналы портативті17.Электрокардиограф 3-6-арналы портативті18.Электрокардиограф 3-6-арналы портативті19.Электрокардиограф (МКҚК ЖМЖС)20.Электрохирургический жоғары жиілікті коагулятор4.Қызмет көрсету мерзімі 31 желтоқсанға дейін 2018 жылғы.","Ремонт и  техническому обслуживанию медицинского оборудования: Наименование аппарата:  1.Дефибриллятор2.Измеритель внутриглазного давления3.Измеритель внутриглазного давления4.\"Кардиовизор-12С\" с лазерный принтером Samsung ML 2160/XEV15.ЛОР-комбайн (ЛОР-комбайн М-1010)6.Мешок Амбо (Кислород)7.Миниотоскоп8.МФУ Canon 40189.Небулайзер10.Небулайзер11.Небулайзер12.Отсасыватель хирургический вакуумный13.Офтальмоскоп галогенный14.Периметр офтальмологический15.Щелевая лампа16.Электрокардиограф 12-ти канальный портативный17.Электрокардиограф 3-6-ти канальный портативный18.Электрокардиограф 3-6-ти канальный портативный19.Электрокардиограф от (ГККП ССМП)20.Электрохирургический коагулятор высокочастотный4.Срок обслуживания до 31 декабря 2018 года","Из одного источника путем прямого заключения договора","пп.42 п.3 ст.39 приобретения однородных товаров, работ, услуг, если годовой объем таких однородных товаров, работ, услуг в стоимостном выражении не превышает стократного размера месячного расчетного показателя, установленного на соответствующий финансовый год законом о республиканском бюджете;","Из одного источника путем прямого заключения договора","Одна услуга",1,214732,214732,214732,null,null,"Февраль","2018 жылдын 31 желтоқсан","до 31 декабря 2018 года","751210000;","Алматы қ., Алатау ауданы Алматы қ.Дархан ы-ауданы, Халифа Алтай қ 24/1 ;","г.Алматы, Алатауский район г. Алматы ,мкр Дархан,ул Халифа Алтая 24/1;",null,null,"Договор действует"]
[18266476,18266476,"Закупки, не превышающие финансовый год",{"$nulls":5},"Товар","10.86.10.731.000.00.0778.000000000000","Қоспа","Смесь","сүттен, балаларға арналған, құрғақ","молочная, для детей, сухая","Қорабта  400 грамм Бейімделген емшек сүтін алмастырушы балаларға 0-6 ай Құрамы: майсыздандырылған сүт; мальтодекстрин; лактоза; өсімдік майлары: пальмовый олеин, рапс, жүгері, кокос жаңғағы; концентрат қан сарысуы белоктар; минералды заттар: кальций лактат, калий цитраты, магний хлориді, натрий цитраты, натрий, темір сульфаты, мырыш сульфаты, мыс сульфаты, марганец хлориді, калий йодиді; витаминдер: С (L-аскорбин қышқылы), РР (никотинамид), D – пантотенат кальций, А (ретинол пальмитат), В1 (тиамина гидрохлорид), В6 (пиридоксин гидрохлориді), В2 (рибофлавин), Вс (фолий қышқылы), К витамині (фитоменадион) және Д3 (холекальциферол), В12 (цианкобаламин); D-биотин; инозит; L – карнитин; премикс нуклеотидный: цитидин-5'-монофосфат, уридин-5'-монофосфат, гуанозин-5'-монофосфат, аденозин-5'-монофосфат, инозин-5'-монофосфат.","Адаптированный заменитель грудного молока для детей от 0-6 месяцев Состав: молоко обезжиренное; мальтодекстрин; лактоза; растительные масла: пальмовый олеин, рапсовое, кукурузное, кокосовое;  концентрат сывороточных белков; минеральные вещества: кальция лактат, калия цитрат, магния хлорид, натрия цитрат, железа сульфат, цинка сульфат, меди сульфат, марганца хлорид, йодид калия; витамины: С (L-аскорбиновая кислота), РР (никотинамид), D – пантотенат кальция, А (ретинола пальмитат), В1 (тиамина гидрохлорид), В6 (пиридоксин гидрохлорид), В2 (рибофлавин), Вс (фолиевая кислота), витамин К (фитоменадион), Д3 (холекальциферол), В12 (цианкобаламин); D-биотин; инозит; L – карнитин; премикс нуклеотидный: цитидин-5'-монофосфат, уридин-5'-монофосфат, гуанозин-5'-монофосфат, аденозин-5'-монофосфат, инозин-5'-монофосфат. В пачке 400 грамм.","Запрос ценовых предложений",null,"Запрос ценовых предложений","Упаковка",820,1345,1102900,1102900,null,null,"Февраль","2018 жылдын 31 желтоқсан","до 31 декабря 2018 года","751210000;","Алматы қ., Алатау ауданы Алматы қ.Дархан ы-ауданы, Халифа Алтай қ 24/1 ;","г.Алматы, Алатауский район г. Алматы ,мкр Дархан,ул Халифа Алтая 24/1;",null,null,"Исполнен"]
[18266477,18266477,"Закупки, не превышающие финансовый год",{"$nulls":5},"Товар","10.86.10.731.000.00.0778.000000000000","Қоспа","Смесь","сүттен, балаларға арналған, құрғақ","молочная, для детей, сухая","Бейімделген емшек сүтін алмастырушы балаларға 6-12 ай Құрамы: майсыздандырылған сүт; мальтодекстрин; лактоза; өсімдік майлары: пальмовый олеин, рапс, жүгері, кокос жаңғағы; концентрат қан сарысуы белоктар; минералды заттар: кальций лактат, калий цитраты, магний хлориді, натрий цитраты, натрий, темір сульфаты, мырыш сульфаты, мыс сульфаты, марганец хлориді, калий йодиді; витаминдер: С (L-аскорбин қышқылы), РР (никотинамид), D – пантотенат кальций, А (ретинол пальмитат), В1 (тиамина гидрохлорид), В6 (пиридоксин гидрохлориді), В2 (рибофлавин) Вс (фолий қышқылы), К витамині (фитоменадион) және Д3 (холекальциферол), В12 (цианкобаламин); D-биотин; инозит; L – карнитин; премикс нуклеотидный: цитидин-5'-монофосфат, уридин-5'-монофосфат, гуанозин-5'-монофосфат, аденозин-5'-монофосфат, инозин-5'-монофосфат. \"Пачка 400 грамм.","Адаптированный заменитель грудного молока для детей от 6-12 месяцев Состав: молоко обезжиренное; мальтодекстрин; лактоза; растительные масла: пальмовый олеин, рапсовое, кукурузное, кокосовое;  концентрат сывороточных белков; минеральные вещества: кальция лактат, калия цитрат, магния хлорид, натрия цитрат, железа сульфат, цинка сульфат, меди сульфат, марганца хлорид, йодид калия; витамины: С (L-аскорбиновая кислота), РР (никотинамид), D – пантотенат кальция, А (ретинола пальмитат), В1 (тиамина гидрохлорид), В6 (пиридоксин гидрохлорид), В2 (рибофлавин), Вс (фолиевая кислота), витамин К (фитоменадион), Д3 (холекальциферол), В12 (цианкобаламин); D-биотин; инозит; L – карнитин; премикс нуклеотидный: цитидин-5'-монофосфат, уридин-5'-монофосфат, гуанозин-5'-монофосфат, аденозин-5'-монофосфат, инозин-5'-монофосфат. В пачке 400 грамм.","Запрос ценовых предложений",null,"Запрос ценовых предложений","Упаковка",1080,1345,1452600,1452600,null,null,"Февраль","2018 жылдын 31 желтоқсан","до 31 декабря 2018 года","751210000;","Алматы қ., Алатау ауданы Алматы қ.Дархан ы-ауданы, Халифа Алтай қ 24/1 ;","г.Алматы, Алатауский район г. Алматы ,мкр Дархан,ул Халифа Алтая 24/1;",null,null,"Исполнен"]
[18266480,18266480,"Закупки, не превышающие финансовый год",{"$nulls":5},"Товар","22.29.23.200.007.00.0796.000000000001","Стакан","Стакан","пластиковый, одноразовый, объем 200 мл","пластиковый, одноразовый, объем 200 мл","Пластикалық стакандар бір ретті ақ тығыз","Стаканы пластиковые одноразовые белые плотные","Запрос ценовых предложений",null,"Запрос ценовых предложений","Штука",3000,5,15000,15000,null,null,"Февраль","2018 жылдын 31 желтоқсан","до 31 декабря 2018 года","751210000;","Алматы қ., Алатау ауданы Алматы қ.Дархан ы-ауданы, Халифа Алтай қ 24/1 ;","г.Алматы, Алатауский район г. Алматы ,мкр Дархан,ул Халифа Алтая 24/1;",null,null,"Исполнен"]
[18266481,18266481,"Закупки, не превышающие финансовый год",{"$nulls":5},"Услуга","74.90.13.000.003.00.0777.000000000000","Услуги по проведению радиологического мониторинга/обследования/контроля","Услуги по проведению радиологического мониторинга/обследования/контроля","Радиолық мониторниг/зерттеу/бақылау бойынша қызметтер","Услуги по проведению радиологического мониторинга/обследования/контроля","Жеке дозиметриялық  бақылау қызметі","Услуг по индивидуальному                                      дозиметрическому контролю","Из одного источника путем прямого заключения договора","пп.42 п.3 ст.39 приобретения однородных товаров, работ, услуг, если годовой объем таких однородных товаров, работ, услуг в стоимостном выражении не превышает стократного размера месячного расчетного показателя, установленного на соответствующий финансовый год законом о республиканском бюджете;","Из одного источника путем прямого заключения договора","Одна услуга",1,13488,13488,13488,null,null,"Февраль","2018 жылдын 31 желтоқсан","до 31 декабря 2018 года","751210000;","Алматы қ., Алатау ауданы Алматы қ.Дархан ы-ауданы, Халифа Алтай қ 24/1 ;","г.Алматы, Алатауский район г. Алматы ,мкр Дархан,ул Халифа Алтая 24/1;",null,null,"Исполнен"]
[18266482,18266482,"Закупки, не превышающие финансовый год",{"$nulls":5},"Товар","13.92.29.900.000.00.0796.000000000003","Тряпка","Тряпка","общего назначения для чистки, текстильная, пропитанная/покрытая резиной","общего назначения для чистки, текстильная, пропитанная/покрытая резиной","Резеңкелі шүберек прорезинена автомобиль мөлшері 650х430 мм","Тряпка резиновая прорезинена автомобильная  размеры 650х430 мм","Запрос ценовых предложений",null,"Запрос ценовых предложений","Штука",15,500,7500,7500,null,null,"Февраль","2018 жылдын 31 желтоқсан","до 31 декабря 2018 года","751210000;","Алматы қ., Алатау ауданы Алматы қ.Дархан ы-ауданы, Халифа Алтай қ 24/1 ;","г.Алматы, Алатауский район г. Алматы ,мкр Дархан,ул Халифа Алтая 24/1;",null,null,"Исполнен"]
[18266483,18266483,"Закупки, не превышающие финансовый год",{"$nulls":5},"Товар","22.19.60.500.000.00.0715.000000000004","Перчатки","Перчатки","для защиты рук технические, резиновые","для защиты рук технические, резиновые","резеңке қолғап арналған санитарлық және шаруашылық жұмыстарын пайдаланылуы мүмкін химиялық өнеркәсіп. Материалдардан, табиғи каучук бастап мақта напылением.","перчатки резиновые предназначены для санитарных и хозяйственных работ, могут использоваться в химической промышленности. Изготовлены из натурального каучука с хлопковым напылением.","Запрос ценовых предложений",null,"Запрос ценовых предложений","Пара",500,150,75000,75000,null,null,"Февраль","2018 жылдын 31 желтоқсан","до 31 декабря 2018 года","751210000;","Алматы қ., Алатау ауданы Алматы қ.Дархан ы-ауданы, Халифа Алтай қ 24/1 ;","г.Алматы, Алатауский район г. Алматы ,мкр Дархан,ул Халифа Алтая 24/1;",null,null,"Исполнен"]
[18266484,18266484,"Закупки, не превышающие финансовый год",{"$nulls":5},"Услуга","62.09.20.000.000.00.0777.000000000000","Услуги по администрированию и техническому обслуживанию программного обеспечения","Услуги по администрированию и техническому обслуживанию программного обеспечения","Бағдарламалықі жасақты әкімшіліктендіру және оған техникалық қызмет көрсету бойынша қызметтер","Услуги по администрированию и техническому обслуживанию программного обеспечения","Орнату және алмасу электрондық шот фактуралар параграммы 1 с предприятие","Настройка и  обмена электронных счетов фактур в параграммы 1 с предприятие","Из одного источника путем прямого заключения договора","пп.42 п.3 ст.39 приобретения однородных товаров, работ, услуг, если годовой объем таких однородных товаров, работ, услуг в стоимостном выражении не превышает стократного размера месячного расчетного показателя, установленного на соответствующий финансовый год законом о республиканском бюджете;","Из одного источника путем прямого заключения договора","Одна услуга",1,48000,48000,48000,null,null,"Февраль","2018 жылдын 31 желтоқсан","до 31 декабря 2018 года","751210000;","Алматы қ., Алатау ауданы Алматы қ.Дархан ы-ауданы, Халифа Алтай қ 24/1 ;","г.Алматы, Алатауский район г. Алматы ,мкр Дархан,ул Халифа Алтая 24/1;",null,null,"Договор действует"]
[18266485,18266485,"Закупки, не превышающие финансовый год",{"$nulls":5},"Услуга","81.29.13.000.001.00.0777.000000000000","Услуги санитарные (дезинфекция, дезинсекция, дератизация и аналогичные)","Услуги санитарные (дезинфекция, дезинсекция, дератизация и аналогичные)","Санитарлық қызметтер (дезинфекция, дезинсекция, дератизация және ұқсастар)","Услуги санитарные (дезинфекция, дезинсекция, дератизация и аналогичные)","Санитарлық қызметтер дезинфекция,дезинсекция, дератизация және өңдеу тоқсан сайын","Услуги санитарные дезинфекция,дезинсекция, дератизация ,обработка ежеквартально","Из одного источника путем прямого заключения договора","пп.42 п.3 ст.39 приобретения однородных товаров, работ, услуг, если годовой объем таких однородных товаров, работ, услуг в стоимостном выражении не превышает стократного размера месячного расчетного показателя, установленного на соответствующий финансовый год законом о республиканском бюджете;","Из одного источника путем прямого заключения договора","Одна услуга",1,200000,200000,200000,null,null,"Февраль","2018 жылдын 31 желтоқсан","до 31 декабря 2018 года","751210000;","Алматы қ., Алатау ауданы Алматы қ.Дархан ы-ауданы, Халифа Алтай қ 24/1 ;","г.Алматы, Алатауский район г. Алматы ,мкр Дархан,ул Халифа Алтая 24/1;",null,null,"Договор действует"]
[18478780,18478780,"Закупки, не превышающие финансовый год",{"$nulls":5},"Товар","32.99.12.100.001.01.0796.000000000000","Ручка","Ручка","шарикті, металлды корпуста","шариковая, в металлическом корпусе","Қалам шарикті автоматты SS-503,0,7 мм ,түсі сини","Ручка шариковая автоматическая SS-503,0,7 мм ,цвет сини","Запрос ценовых предложений",null,"Запрос ценовых предложений","Штука",150,100,15000,15000,null,null,"Март","31 желтоқсан 2018 жалдың","до 31 декабря 2018 года.","751210000;","Алматы қ., Алатау ауданы Алматы қ. Дархан ы-ауд. Халифа Алтая 24/1;","г.Алматы, Алатауский район г.Алматы,мкр Дархан , ул Халифа Алтая 24/1;",null,null,"Исполнен"]
[18478781,18478781,"Закупки, не превышающие финансовый год",{"$nulls":5},"Товар","32.99.15.100.000.00.0796.000000000001","Карандаш","Карандаш","простой, с твердым грифелем","простой, с твердым грифелем","қалам тоқтап өшіргіші бар","карандаш простои с ластиком","Запрос ценовых предложений",null,"Запрос ценовых предложений","Штука",240,25,6000,6000,null,null,"Март","31 желтоқсан 2018 жалдың","до 31 декабря 2018 года.","751210000;","Алматы қ., Алатау ауданы Алматы қ. Дархан ы-ауд. Халифа Алтая 24/1;","г.Алматы, Алатауский район г.Алматы,мкр Дархан , ул Халифа Алтая 24/1;",null,null,"Исполнен"]
[18478782,18478782,"Закупки, не превышающие финансовый год",{"$nulls":5},"Товар","17.23.14.500.000.00.5111.000000000002","Бумага","Бумага","для офисного оборудования, формат А0, плотность 80 г/м2, ГОСТ 6656-76","для офисного оборудования, формат А0, плотность 80 г/м2, ГОСТ 6656-76","Түрлі-түсті қағаз, принтерге арналған тығыздығы 80 мг әртүрлі суарылды кемінде 7 түрлі бумада 100 парақ","Бумага цветная для принтера плотность 80 мг  разной политы не менее 7 видов в пачке 100 листов","Запрос ценовых предложений",null,"Из одного источника по несостоявшимся закупкам","Одна пачка",20,1000,20000,20000,null,null,"Март","31 желтоқсан 2018 жалдың","до 31 декабря 2018 года.","751210000;","Алматы қ., Алатау ауданы Алматы қ. Дархан ы-ауд. Халифа Алтая 24/1;","г.Алматы, Алатауский район г.Алматы,мкр Дархан , ул Халифа Алтая 24/1;",null,null,"Исполнен"]
[18478783,18478783,"Закупки, не превышающие финансовый год",{"$nulls":5},"Товар","25.99.23.300.000.00.0778.000000000007","Қысқыш","Зажим","өлшемі 12 мм","размер 12 мм","кеңсе қапсырма шегелер степлерге арналған, өлшемі №10","канцелярский скобы для степлера  размером №10","Запрос ценовых предложений",null,"Запрос ценовых предложений","Упаковка",50,100,5000,5000,null,null,"Март","31 желтоқсан 2018 жалдың","до 31 декабря 2018 года.","751210000;","Алматы қ., Алатау ауданы Алматы қ. Дархан ы-ауд. Халифа Алтая 24/1;","г.Алматы, Алатауский район г.Алматы,мкр Дархан , ул Халифа Алтая 24/1;",null,null,"Исполнен"]
[18478784,18478784,"Закупки, не превышающие финансовый год",{"$nulls":5},"Товар","22.29.25.900.006.00.0796.000000000008","Ножницы","Ножницы","с пластиковой ручкой, длина 18 см","с пластиковой ручкой, длина 18 см","Кеңсе қайшысы мөлшері 18 см","Ножницы канцелярские размер 18 см","Запрос ценовых предложений",null,"Запрос ценовых предложений","Штука",5,500,2500,2500,null,null,"Март","31 желтоқсан 2018 жалдың","до 31 декабря 2018 года.","751210000;","Алматы қ., Алатау ауданы Алматы қ. Дархан ы-ауд. Халифа Алтая 24/1;","г.Алматы, Алатауский район г.Алматы,мкр Дархан , ул Халифа Алтая 24/1;",null,null,"Исполнен"]
[18478785,18478785,"Закупки, не превышающие финансовый год",{"$nulls":5},"Товар","22.29.25.500.000.00.0704.000000000004","Маркер","Маркер","пластиковый, скошенный, наконечник 1-5 мм, перманентный (нестираемый)","пластиковый, скошенный, наконечник 1-5 мм, перманентный (нестираемый)","Жинағы мәтіндік маркерлер - 6 түсті. Маркер мәтін белгілегіш со скошенным ұшы 1-5 мм .","Набор текстовых маркеров  - 6 цвета﻿. Маркер-текстовыделитель со скошенным наконечником 1-5 мм .﻿","Запрос ценовых предложений",null,"Запрос ценовых предложений","Набор",15,500,7500,7500,null,null,"Март","31 желтоқсан 2018 жалдың","до 31 декабря 2018 года.","751210000;","Алматы қ., Алатау ауданы Алматы қ. Дархан ы-ауд. Халифа Алтая 24/1;","г.Алматы, Алатауский район г.Алматы,мкр Дархан , ул Халифа Алтая 24/1;",null,null,"Исполнен"]
[18478786,18478786,"Закупки, не превышающие финансовый год",{"$nulls":5},"Товар","32.99.59.900.084.00.0778.000000000001","Скотч","Скотч","полиэтиленовый, ширина свыше 3 см, односторонний","полиэтиленовый, ширина свыше 3 см, односторонний","Скотч 48 мм х180 м мөлдір","Скотч  48 мм х180 м прозрачный  количество в штуках","Запрос ценовых предложений",null,"Запрос ценовых предложений","Упаковка",50,350,17500,17500,null,null,"Март","31 желтоқсан 2018 жалдың","до 31 декабря 2018 года.","751210000;","Алматы қ., Алатау ауданы Алматы қ. Дархан ы-ауд. Халифа Алтая 24/1;","г.Алматы, Алатауский район г.Алматы,мкр Дархан , ул Халифа Алтая 24/1;",null,null,"Исполнен"]
[18478787,18478787,"Закупки, не превышающие финансовый год",{"$nulls":5},"Товар","32.99.59.900.084.00.0796.000000000004","Скотч","Скотч","бумажный, ширина свыше 3 см, широкий","бумажный, ширина свыше 3 см, широкий","Қағазды Скотч 48 мм х 8 м","Скотч бумажный  48 мм х 8 м","Запрос ценовых предложений",null,"Запрос ценовых предложений","Штука",50,350,17500,17500,null,null,"Март","31 желтоқсан 2018 жалдың","до 31 декабря 2018 года.","751210000;","Алматы қ., Алатау ауданы Алматы қ. Дархан ы-ауд. Халифа Алтая 24/1;","г.Алматы, Алатауский район г.Алматы,мкр Дархан , ул Халифа Алтая 24/1;",null,null,"Исполнен"]
[18478788,18478788,"Закупки, не превышающие финансовый год",{"$nulls":5},"Товар","22.29.25.500.006.00.0796.000000000000","Клей","Клей","карандаш, 36 грамм","карандаш, 36 грамм","Желім қарындаш, 36 грамм","Клей карандаш 36 грамм","Запрос ценовых предложений",null,"Запрос ценовых предложений","Штука",50,220,11000,11000,null,null,"Март","31 желтоқсан 2018 жалдың","до 31 декабря 2018 года.","751210000;","Алматы қ., Алатау ауданы Алматы қ. Дархан ы-ауд. Халифа Алтая 24/1;","г.Алматы, Алатауский район г.Алматы,мкр Дархан , ул Халифа Алтая 24/1;",null,null,"Исполнен"]
[18478789,18478789,"Закупки, не превышающие финансовый год",{"$nulls":5},"Товар","32.99.59.900.081.00.0796.000000000000","Штрих-қарандаш","Штрих-карандаш","кеңселік","канцелярский","Сылақтау түзеткіш қалам","Замазка корректирующая ручка","Запрос ценовых предложений",null,"Запрос ценовых предложений","Штука",50,150,7500,7500,null,null,"Март","31 желтоқсан 2018 жалдың","до 31 декабря 2018 года.","751210000;","Алматы қ., Алатау ауданы Алматы қ. Дархан ы-ауд. Халифа Алтая 24/1;","г.Алматы, Алатауский район г.Алматы,мкр Дархан , ул Халифа Алтая 24/1;",null,null,"Исполнен"]
[18478790,18478790,"Закупки, не превышающие финансовый год",{"$nulls":5},"Товар","17.23.12.700.012.00.5111.000000000004","Бумага","Бумага","для заметок, формат блока 12*45 мм","для заметок, формат блока 12*45 мм","Постик-жалауша 12*44мм, пластикалық, 5 цв. 20-бет, стрелка (отырғызу үшін құжаттар )","Постики-флажки 12*44мм, пластиковые, 5 цв. по 20 листов, стрелка (закладки для документов )","Запрос ценовых предложений",null,"Запрос ценовых предложений","Одна пачка",20,200,4000,4000,null,null,"Март","31 желтоқсан 2018 жалдың","до 31 декабря 2018 года.","751210000;","Алматы қ., Алатау ауданы Алматы қ. Дархан ы-ауд. Халифа Алтая 24/1;","г.Алматы, Алатауский район г.Алматы,мкр Дархан , ул Халифа Алтая 24/1;",null,null,"Исполнен"]
[18478791,18478791,"Закупки, не превышающие финансовый год",{"$nulls":5},"Товар","22.29.25.700.000.00.0796.000000000006","Папка","Папка","с зажимом и крышкой, пластиковая, формат А4, 50 мм","с зажимом и крышкой, пластиковая, формат А4, 50 мм","Папка пластиктен жасалған құжат тігілетін папка темір жазумен","Папка скоросшиватель пластиковый с железной фиксацией","Запрос ценовых предложений",null,"Запрос ценовых предложений","Штука",50,150,7500,7500,null,null,"Март","31 желтоқсан 2018 жалдың","до 31 декабря 2018 года.","751210000;","Алматы қ., Алатау ауданы Алматы қ. Дархан ы-ауд. Халифа Алтая 24/1;","г.Алматы, Алатауский район г.Алматы,мкр Дархан , ул Халифа Алтая 24/1;",null,null,"Исполнен"]
[18478792,18478792,"Закупки, не превышающие финансовый год",{"$nulls":5},"Товар","17.23.13.500.003.00.0796.000000000001","Скоросшиватель","Скоросшиватель","картонный, размер 320x230x40 мм, формат А4","картонный, размер 320x230x40 мм, формат А4","Папка тез тіккіш картон темір жазумен","Папка скоросшиватель картонный  с железной фиксацией","Запрос ценовых предложений",null,"Запрос ценовых предложений","Штука",300,150,45000,45000,null,null,"Март","31 желтоқсан 2018 жалдың","до 31 декабря 2018 года.","751210000;","Алматы қ., Алатау ауданы Алматы қ. Дархан ы-ауд. Халифа Алтая 24/1;","г.Алматы, Алатауский район г.Алматы,мкр Дархан , ул Халифа Алтая 24/1;",null,null,"Исполнен"]
[18478793,18478793,"Закупки, не превышающие финансовый год",{"$nulls":5},"Товар","22.29.25.700.000.00.0796.000000000002","Папка","Папка","регистратор, пластиковая, формат А4, 80 мм","регистратор, пластиковая, формат А4, 80 мм","папка регистр (8) көк түсті","папка регистр (8) синего цвета","Запрос ценовых предложений",null,"Запрос ценовых предложений","Штука",100,500,50000,50000,null,null,"Март","31 желтоқсан 2018 жалдың","до 31 декабря 2018 года.","751210000;","Алматы қ., Алатау ауданы Алматы қ. Дархан ы-ауд. Халифа Алтая 24/1;","г.Алматы, Алатауский район г.Алматы,мкр Дархан , ул Халифа Алтая 24/1;",null,null,"Исполнен"]
[18478794,18478794,"Закупки, не превышающие финансовый год",{"$nulls":5},"Товар","22.29.25.700.000.00.0796.000000000000","Папка","Папка","регистратор, пластиковая, формат А4, 50 мм","регистратор, пластиковая, формат А4, 50 мм","папка регистр (5) көк түсті","папка регистр (5) синего цвета","Запрос ценовых предложений",null,"Запрос ценовых предложений","Штука",50,500,25000,25000,null,null,"Март","31 желтоқсан 2018 жалдың","до 31 декабря 2018 года.","751210000;","Алматы қ., Алатау ауданы Алматы қ. Дархан ы-ауд. Халифа Алтая 24/1;","г.Алматы, Алатауский район г.Алматы,мкр Дархан , ул Халифа Алтая 24/1;",null,null,"Исполнен"]
[18478795,18478795,"Закупки, не превышающие финансовый год",{"$nulls":5},"Товар","25.71.11.390.000.00.0796.000000000006","Пышақ","Нож","кеңселік","канцелярский","Кеңсе пышағы үлкен өлшемі 18 мм","Нож канцелярский большой размер 18 мм","Запрос ценовых предложений",null,"Запрос ценовых предложений","Штука",3,1000,3000,3000,null,null,"Март","31 желтоқсан 2018 жалдың","до 31 декабря 2018 года.","751210000;","Алматы қ., Алатау ауданы Алматы қ. Дархан ы-ауд. Халифа Алтая 24/1;","г.Алматы, Алатауский район г.Алматы,мкр Дархан , ул Халифа Алтая 24/1;",null,null,"Исполнен"]
[18478796,18478796,"Закупки, не превышающие финансовый год",{"$nulls":5},"Товар","22.29.25.900.003.00.0796.000000000000","Файл-уголок","Файл-уголок","формат А4","формат А4","Файл мөлдір, формат А-4 ,тығыздығы 40 микронов","Файл прозрачный формат А 4 ,плотность 40 микронов","Запрос ценовых предложений",null,"Запрос ценовых предложений","Штука",1000,10,10000,10000,null,null,"Март","31 желтоқсан 2018 жалдың","до 31 декабря 2018 года.","751210000;","Алматы қ., Алатау ауданы Алматы қ. Дархан ы-ауд. Халифа Алтая 24/1;","г.Алматы, Алатауский район г.Алматы,мкр Дархан , ул Халифа Алтая 24/1;",null,null,"Исполнен"]
[18478797,18478797,"Закупки, не превышающие финансовый год",{"$nulls":5},"Товар","17.29.19.900.002.01.0736.000000000000","Лента","Лента","чековая, бумажная, термолента","чековая, бумажная, термолента","Чек жаңалықтар Түрі қағаз термобумагаҚағаздың тығыздығы-50-55 г/кв. мҚағаздың ені 44 ммҰзындығы орау 19 мДиаметр втулки 12 мм","Чековая лента  Тип бумаги термобумагаПлотность бумаги 50-55 г/кв. мШирина бумаги 44 ммДлина намотки 19 мДиаметр втулки 12 мм","Запрос ценовых предложений",null,"Запрос ценовых предложений","Рулон",50,150,7500,7500,null,null,"Март","31 желтоқсан 2018 жалдың","до 31 декабря 2018 года.","751210000;","Алматы қ., Алатау ауданы Алматы қ. Дархан ы-ауд. Халифа Алтая 24/1;","г.Алматы, Алатауский район г.Алматы,мкр Дархан , ул Халифа Алтая 24/1;",null,null,"Исполнен"]
[18478798,18478798,"Закупки, не превышающие финансовый год",{"$nulls":5},"Товар","26.20.40.000.136.00.0796.000000000000","Картридж тонерный","Картридж тонерный","черный","черный","Картридж ағынды қара принтерге арналған RICOH SP 150 W","Картридж струйный черный для принтера RICOH SP 150 W","Запрос ценовых предложений",null,"Запрос ценовых предложений","Штука",20,6500,130000,130000,null,null,"Март","31 желтоқсан 2018 жалдың","до 31 декабря 2018 года.","751210000;","Алматы қ., Алатау ауданы Алматы қ. Дархан ы-ауд. Халифа Алтая 24/1;","г.Алматы, Алатауский район г.Алматы,мкр Дархан , ул Халифа Алтая 24/1;",null,null,"Исполнен"]
[18478799,18478799,"Закупки, не превышающие финансовый год",{"$nulls":5},"Товар","26.20.16.970.004.00.0796.000000000000","Интерфейстің қайталағышы","Повторитель интерфейса","RS-485 немесе RS-232 интерфейсі бойынша деректер дестесін радиоарна арқылы оларды кейіннен берумен бірге қабылдауға және беруге арналған","для приема и передачи пакетов данных по интерфейсу RS-485 или RS-232 с последующей передачей их по радиоканалу","Үшін серверлік компьютер тіркеу PCI-E контроллер rs 232","Для серверного компьютера регистратуры PCI-E контроллер rs 232","Запрос ценовых предложений",null,"Из одного источника по несостоявшимся закупкам","Штука",1,13000,13000,13000,null,null,"Март","31 желтоқсан 2018 жалдың","до 31 декабря 2018 года.","751210000;","Алматы қ., Алатау ауданы Алматы қ. Дархан ы-ауд. Халифа Алтая 24/1;","г.Алматы, Алатауский район г.Алматы,мкр Дархан , ул Халифа Алтая 24/1;",null,null,"Исполнен"]
[18478800,18478800,"Закупки, не превышающие финансовый год",{"$nulls":5},"Товар","27.90.20.500.012.00.0796.000000000000","Тұрмыстық қоңырау","Звонок бытовой","электрлі, тұрғын үй-жайларда орнату үшін, хабарлау үшін","электрический, для установки в жилых помещениях, для оповещения","Жиынтығы дыбыстық сигнал (есікке қоңырау)Жиынтығы саны 9шт.Сипаттамалары:• Материал: пластик• Жұмыс диапазоны: 150 м• Әуен: 32• Тамақтану: Батырмасы үшін қоңырау: батарейка 23A 12V Қоңырау үшін: 2 батарейкалар АА• Салмағы: 150 г• Сымсыз• Со светодиодным маячком• Болуы Үшін қосалқы батареялар қоңырау түймелері: 4 дана Үшін қоңырау: 4шт","Комплект звукового сигнала (дверной звонок)Количество комплектов  9шт.Характеристики:•Материал: пластик•Рабочий диапазон: 150 м•Мелодии: 32•Питание: Для кнопки звонка: батарейка 12V 23A Для звонка: 2 батарейки АА•Вес: 150 г•Беспроводный•Со светодиодным маячком•Наличие   запасных  батареек  Для кнопки звонка: по 4 шт. Для звонка: по 4шт","Запрос ценовых предложений",null,"Запрос ценовых предложений","Штука",9,2000,18000,18000,null,null,"Март","31 желтоқсан 2018 жалдың","до 31 декабря 2018 года.","751210000;","Алматы қ., Алатау ауданы Алматы қ. Дархан ы-ауд. Халифа Алтая 24/1;","г.Алматы, Алатауский район г.Алматы,мкр Дархан , ул Халифа Алтая 24/1;",null,null,"Исполнен"]
[18478801,18478801,"Закупки, не превышающие финансовый год",{"$nulls":5},"Товар","17.22.11.350.000.00.0796.000000000000","Сүлгі","Полотенце","жалпы тағайындалымдағы, қағаз","общего назначения, бумажное","Қағаз сүлгілер z - қалау (салфеткалар ) ылғал берік ,аппақ 2 қабатты, 200 парақтардың ораушысында 215х225 мм мөлшеріСүлгі пайдалану үшін арналған диспенсерах, қол кептіруге арналған. бар түсі ақ, жұмсақ, ұстағанда жақсы қармайтын.","Бумажные полотенца z - укладка (салфетки ) влажные прочная ,белоснежная 2 -х  слойная  200 листов в упаковке 215х225 мм размерПолотенца предназначены для использования в диспенсерах, для сушки рук. имеют белый цвет, мягкие на ощупь, хорошо впитывают.","Запрос ценовых предложений",null,"Запрос ценовых предложений","Штука",500,450,225000,225000,null,null,"Март","31 желтоқсан 2018 жалдың","до 31 декабря 2018 года.","751210000;","Алматы қ., Алатау ауданы Алматы қ. Дархан ы-ауд. Халифа Алтая 24/1;","г.Алматы, Алатауский район г.Алматы,мкр Дархан , ул Халифа Алтая 24/1;",null,null,"Исполнен"]
[18478802,18478802,"Закупки, не превышающие финансовый год",{"$nulls":5},"Товар","17.12.20.900.001.01.5111.000000000000","Салфетка","Салфетка","гигиеническая, бумажная","гигиеническая, бумажная","Салфеткалар Өлшемі: 24 см х 24 смСипаттамалары: Однослойная, ақ, влагопрочная, құрамы: 100% целлюлоза;Буып-түю: полипропиленовом пакетте 100 бет","Салфетки бумажные Размеры: 24 см х 24 смХарактеристики: Однослойная, белая, влагопрочная, состав: 100% целлюлоза;Упаковка: В полипропиленовом пакете 100 листов","Запрос ценовых предложений",null,"Запрос ценовых предложений","Одна пачка",200,100,20000,20000,null,null,"Март","31 желтоқсан 2018 жалдың","до 31 декабря 2018 года.","751210000;","Алматы қ., Алатау ауданы Алматы қ. Дархан ы-ауд. Халифа Алтая 24/1;","г.Алматы, Алатауский район г.Алматы,мкр Дархан , ул Халифа Алтая 24/1;",null,null,"Исполнен"]
[18478803,18478803,"Закупки, не превышающие финансовый год",{"$nulls":5},"Товар","22.29.23.700.001.00.0796.000000000011","Ведро","Ведро","пластиковое, прямоугольное, объем 5 л, с контрольной пломбой","пластиковое, прямоугольное, объем 5 л, с контрольной пломбой","Шелек берік және тығыз пластик 3 литрлік","Ведро из прочного и плотного пластика 3 литровое","Запрос ценовых предложений",null,"Запрос ценовых предложений","Штука",20,350,7000,7000,null,null,"Март","31 желтоқсан 2018 жалдың","до 31 декабря 2018 года.","751210000;","Алматы қ., Алатау ауданы Алматы қ. Дархан ы-ауд. Халифа Алтая 24/1;","г.Алматы, Алатауский район г.Алматы,мкр Дархан , ул Халифа Алтая 24/1;",null,null,"Исполнен"]
[18478804,18478804,"Закупки, не превышающие финансовый год",{"$nulls":5},"Товар","22.29.23.700.001.00.0796.000000000025","Ведро","Ведро","пластиковое, круглое, объем 10 л","пластиковое, круглое, объем 10 л","Шелек берік және тығыз пластик 8 литрлік","Ведро из прочного и плотного пластика 8 литровое","Запрос ценовых предложений",null,"Запрос ценовых предложений","Штука",20,500,10000,10000,null,null,"Март","31 желтоқсан 2018 жалдың","до 31 декабря 2018 года.","751210000;","Алматы қ., Алатау ауданы Алматы қ. Дархан ы-ауд. Халифа Алтая 24/1;","г.Алматы, Алатауский район г.Алматы,мкр Дархан , ул Халифа Алтая 24/1;",null,null,"Исполнен"]
[18478805,18478805,"Закупки, не превышающие финансовый год",{"$nulls":5},"Товар","32.91.11.900.004.00.0839.000000000000","Комплект для уборки полов","Комплект для уборки полов","состоит из: щетка, совок","состоит из: щетка, совок","Сыпырғыш пластик совком жиынтықта. Щетка және қалақ пластик сабы бар резеңке ендірме артында. Тұтқаның ұзындығы 64 см.","Метла пластик с совком в комплекте. Щетка и совок с пластиковой ручкой с резиновой вставкой. Длина ручки 64 см.","Запрос ценовых предложений",null,"Запрос ценовых предложений","Комплект",10,1000,10000,10000,null,null,"Март","31 желтоқсан 2018 жалдың","до 31 декабря 2018 года.","751210000;","Алматы қ., Алатау ауданы Алматы қ. Дархан ы-ауд. Халифа Алтая 24/1;","г.Алматы, Алатауский район г.Алматы,мкр Дархан , ул Халифа Алтая 24/1;",null,null,"Исполнен"]
[18478806,18478806,"Закупки, не превышающие финансовый год",{"$nulls":5},"Товар","32.91.11.900.002.00.0796.000000000001","Щетка","Щетка","материал изготовления - химическая нить","материал изготовления - химическая нить","Әктейтін Щетка үлкен","Щетка для побелки большая","Запрос ценовых предложений",null,"Запрос ценовых предложений","Штука",10,400,4000,4000,null,null,"Март","31 желтоқсан 2018 жалдың","до 31 декабря 2018 года.","751210000;","Алматы қ., Алатау ауданы Алматы қ. Дархан ы-ауд. Халифа Алтая 24/1;","г.Алматы, Алатауский район г.Алматы,мкр Дархан , ул Халифа Алтая 24/1;",null,null,"Исполнен"]
[18478807,18478807,"Закупки, не превышающие финансовый год",{"$nulls":5},"Товар","01.30.10.210.000.00.0796.000000000000","Рассада","Рассада","цветов, однолетняя","цветов, однолетняя","рассада  петуньи түрлі түстерді -1000 дана ,Әсем, түрлі түсті 1000-данаШелек берік және тығыз пластик 3 литрлік","Рассада цветов петуньи разных расцветок  -1000 штук  ,Бархатцы  разных расцветок 1000-штук","Запрос ценовых предложений",null,"Запрос ценовых предложений","Штука",2000,100,200000,200000,null,null,"Март","31 желтоқсан 2018 жалдың","до 31 декабря 2018 года.","751210000;","Алматы қ., Алатау ауданы Алматы қ. Дархан ы-ауд. Халифа Алтая 24/1;","г.Алматы, Алатауский район г.Алматы,мкр Дархан , ул Халифа Алтая 24/1;",null,null,"Исполнен"]
[18478808,18478808,"Закупки, не превышающие финансовый год",{"$nulls":5},"Товар","23.52.10.330.000.00.0166.000000000003","Известь","Известь","негашеная, 1 сорт, комовая, магнезиальная и доломитовая, быстрогасящаяся, ГОСТ 9179-77","негашеная, 1 сорт, комовая, магнезиальная и доломитовая, быстрогасящаяся, ГОСТ 9179-77","Ізбес тас емес сөндірілген әктеуге арналған","Известь не гашеная для побелки","Запрос ценовых предложений",null,"Запрос ценовых предложений","Килограмм",25,200,5000,5000,null,null,"Март","31 желтоқсан 2018 жалдың","до 31 декабря 2018 года.","751210000;","Алматы қ., Алатау ауданы Алматы қ. Дархан ы-ауд. Халифа Алтая 24/1;","г.Алматы, Алатауский район г.Алматы,мкр Дархан , ул Халифа Алтая 24/1;",null,null,"Исполнен"]
[18478809,18478809,"Закупки, не превышающие финансовый год",{"$nulls":5},"Товар","25.73.10.100.000.00.0796.000000000003","Лопата","Лопата","совковая","совковая","үрек, саны 3 дана , күрек, саны 3 дана, материя тот баспайтын болаттан жасалған , сабы бірі ясена","Лопата штыковая в количестве 3 штук , лопата совковая в количестве 3-штук, материя из нержавеющей стали , черенок из ясена","Запрос ценовых предложений",null,"Запрос ценовых предложений","Штука",6,2500,15000,15000,null,null,"Март","31 желтоқсан 2018 жалдың","до 31 декабря 2018 года.","751210000;","Алматы қ., Алатау ауданы Алматы қ. Дархан ы-ауд. Халифа Алтая 24/1;","г.Алматы, Алатауский район г.Алматы,мкр Дархан , ул Халифа Алтая 24/1;",null,null,"Исполнен"]
[18478810,18478810,"Закупки, не превышающие финансовый год",{"$nulls":5},"Товар","25.73.10.300.002.00.0796.000000000005","Грабли","Грабли","садово-огородные, металлические, 14-зубовые с круглым сечением зуба, деревянный черенок","садово-огородные, металлические, 14-зубовые с круглым сечением зуба, деревянный черенок","Грабли веерные үшін жапырақтары жинау материал тот баспайтын болаттан жасалған сабы бірі ясени","Грабли веерные для уборки листьев материал из нержавеющей стали черенок из ясени","Запрос ценовых предложений",null,"Запрос ценовых предложений","Штука",5,2500,12500,12500,null,null,"Март","31 желтоқсан 2018 жалдың","до 31 декабря 2018 года.","751210000;","Алматы қ., Алатау ауданы Алматы қ. Дархан ы-ауд. Халифа Алтая 24/1;","г.Алматы, Алатауский район г.Алматы,мкр Дархан , ул Халифа Алтая 24/1;",null,null,"Исполнен"]
[18478811,18478811,"Закупки, не превышающие финансовый год",{"$nulls":5},"Товар","32.91.11.530.000.00.0796.000000000001","Метла","Метла","из материалов растительного происхождения","из материалов растительного происхождения","Метла \"Чий\" сабының үшін аумақты тазалау","Метла из \"Чий\" без черенка для уборки территории","Запрос ценовых предложений",null,"Запрос ценовых предложений","Штука",5,1000,5000,5000,null,null,"Март","31 желтоқсан 2018 жалдың","до 31 декабря 2018 года.","751210000;","Алматы қ., Алатау ауданы Алматы қ. Дархан ы-ауд. Халифа Алтая 24/1;","г.Алматы, Алатауский район г.Алматы,мкр Дархан , ул Халифа Алтая 24/1;",null,null,"Исполнен"]
[18478812,18478812,"Закупки, не превышающие финансовый год",{"$nulls":5},"Товар","30.99.10.000.020.00.0796.000000000000","Қол арба","Тачка","жүктерді орналастыруға арналған, жүк көтерімділігі 100 -200 кг","для помещения грузов, грузоподъемность 100 -200 кг","Арба одноколесная үшін аумақты тазалау","Тачка одноколесная для уборки территории","Запрос ценовых предложений",null,"Запрос ценовых предложений","Штука",1,15000,15000,15000,null,null,"Март","31 желтоқсан 2018 жалдың","до 31 декабря 2018 года.","751210000;","Алматы қ., Алатау ауданы Алматы қ. Дархан ы-ауд. Халифа Алтая 24/1;","г.Алматы, Алатауский район г.Алматы,мкр Дархан , ул Халифа Алтая 24/1;",null,null,"Исполнен"]
[18478813,18478813,"Закупки, не превышающие финансовый год",{"$nulls":5},"Товар","13.99.19.900.007.00.0736.000000000000","Изолента","Изолента","хлопчатобумажная, односторонняя, ГОСТ 2162-97","хлопчатобумажная, односторонняя, ГОСТ 2162-97","Изолента ПВХ 19 мм х20 м қара 88794 (002) жабысқақ қабатпен","Изолента ПВХ 19 мм х20 м черная 88794 (002) с липким слоем","Запрос ценовых предложений",null,"Запрос ценовых предложений","Рулон",10,200,2000,2000,null,null,"Март","31 желтоқсан 2018 жалдың","до 31 декабря 2018 года.","751210000;","Алматы қ., Алатау ауданы Алматы қ. Дархан ы-ауд. Халифа Алтая 24/1;","г.Алматы, Алатауский район г.Алматы,мкр Дархан , ул Халифа Алтая 24/1;",null,null,"Исполнен"]
[18478814,18478814,"Закупки, не превышающие финансовый год",{"$nulls":5},"Товар","27.32.13.700.000.00.0006.000000001108","Кабель","Кабель","марка NYCY, 5*4 мм²","марка NYCY, 5*4 мм²","1 .Электр кабелі мыс 100 метр монолит 3х1,5 мм, 2. Электр кабелі мыс 100 метр ВВГ 5х2,5 мм, Тауар техникалық сипаттамасына сәйкес келуі тиіс","1 .Кабель электрический медный  100 метров  монолит 3х1,5 мм, 2. Кабель электрический медный  100 метров  ВВГ 5х2,5 мм, Товар должен соответствовать техническому описанию","Запрос ценовых предложений",null,"Из одного источника по несостоявшимся закупкам","Метр",200,250,50000,50000,null,null,"Март","31 желтоқсан 2018 жалдың","до 31 декабря 2018 года.","751210000;","Алматы қ., Алатау ауданы Алматы қ. Дархан ы-ауд. Халифа Алтая 24/1;","г.Алматы, Алатауский район г.Алматы,мкр Дархан , ул Халифа Алтая 24/1;",null,null,"Исполнен"]
[18478816,18478816,"Закупки, не превышающие финансовый год",{"$nulls":5},"Услуга","85.59.13.335.001.00.0777.000000000000","Услуги по обучению (кроме в области начального, среднего, высшего образования)","Услуги по обучению (кроме в области начального, среднего, высшего образования)","Оқыту бойынша қызметтер (оқыту, даярлау, қайта даярлау, біліктілікті көтеру)","Услуги по обучению (обучению/подготовке/переподготовке/повышению квалификации)","Семинар электрондық мемлекеттік сатып алу саласындағы","Семинар  в сфере электронных государственных закупок","Из одного источника путем прямого заключения договора","пп.45 п.3 ст.39 приобретения материалов выставок, семинаров, конференций, совещаний, форумов, симпозиумов, тренингов, а также оплаты за участие в указанных мероприятиях;","Из одного источника путем прямого заключения договора","Одна услуга",1,55000,55000,55000,null,null,"Март","31 желтоқсан 2018 жалдың","до 31 декабря 2018 года.","751210000;","Алматы қ., Алатау ауданы Алматы қ. Дархан ы-ауд. Халифа Алтая 24/1;","г.Алматы, Алатауский район г.Алматы,мкр Дархан , ул Халифа Алтая 24/1;",null,null,"Исполнен"]
[18478817,18478817,"Закупки, не превышающие финансовый год",{"$nulls":5},"Услуга","85.59.13.335.001.00.0777.000000000000","Услуги по обучению (кроме в области начального, среднего, высшего образования)","Услуги по обучению (кроме в области начального, среднего, высшего образования)","Оқыту бойынша қызметтер (оқыту, даярлау, қайта даярлау, біліктілікті көтеру)","Услуги по обучению (обучению/подготовке/переподготовке/повышению квалификации)","оқыту, қайта даярлау циклы тақырыбы: Фтизиатрия (ересектер, балалар)","обучение цикл переподготовки на тему: Фтизиатрия (взрослая детская)","Из одного источника путем прямого заключения договора","пп.45 п.3 ст.39 приобретения материалов выставок, семинаров, конференций, совещаний, форумов, симпозиумов, тренингов, а также оплаты за участие в указанных мероприятиях;","Из одного источника путем прямого заключения договора","Одна услуга",1,289617,289617,289617,null,null,"Март","31 желтоқсан 2018 жалдың","до 31 декабря 2018 года.","751210000;","Алматы қ., Алатау ауданы Алматы қ. Дархан ы-ауд. Халифа Алтая 24/1;","г.Алматы, Алатауский район г.Алматы,мкр Дархан , ул Халифа Алтая 24/1;",null,null,"Исполнен"]
[18478818,18478818,"Закупки, не превышающие финансовый год",{"$nulls":5},"Товар","27.33.13.530.000.00.0796.000000000000","Тройник","Тройник","электрический, бытовой, на три гнезда","электрический, бытовой, на три гнезда","тройник тасымалдау үшін жоқ шанышқы жерлендірілген тасымалдау үшін ТТR3 х1,5 мм. Тауар сәйкес келуі тиіс техникалық сипаттамасы","тройник для переноски без вилок с заземлением для переноски  ТТR3 х1,5 мм. Товар должен соответствовать  технической характеристике","Запрос ценовых предложений",null,"Запрос ценовых предложений","Штука",10,400,4000,4000,null,null,"Март","31 желтоқсан 2018 жалдың","до 31 декабря 2018 года.","751210000;","Алматы қ., Алатау ауданы Алматы қ. Дархан ы-ауд. Халифа Алтая 24/1;","г.Алматы, Алатауский район г.Алматы,мкр Дархан , ул Халифа Алтая 24/1;",null,null,"Исполнен"]
[18478819,18478819,"Закупки, не превышающие финансовый год",{"$nulls":5},"Товар","22.23.14.700.006.00.0796.000000000000","Бітеуіш","Заглушка","пластик ернеулікке арналған, шоғырсым -арнамен","для пластикового плинтуса, с кабель-каналом","кабельный канал ақ түсті пластикалық өлшемдері 30/2 х 10 Тауар сәйкес келуі тиіс техникалық сипаттамасы . назар аударыңыз даное ТЖҚЖ данамен ал, метрмен","кабельный канал белого цвета пластиковый размеры 30/2 х 10 Товар должен соответствовать технической характеристике  .  обратите внимание даное КТРУ в штуках а надо в метрах","Запрос ценовых предложений",null,"Из одного источника по несостоявшимся закупкам","Штука",20,200,4000,4000,null,null,"Март","31 желтоқсан 2018 жалдың","до 31 декабря 2018 года.","751210000;","Алматы қ., Алатау ауданы Алматы қ. Дархан ы-ауд. Халифа Алтая 24/1;","г.Алматы, Алатауский район г.Алматы,мкр Дархан , ул Халифа Алтая 24/1;",null,null,"Исполнен"]
[18478820,18478820,"Закупки, не превышающие финансовый год",{"$nulls":5},"Товар","26.11.22.370.001.00.0796.000000000000","Фотореле","Фотореле","электроосветительный прибор","электроосветительный прибор","Фото реле үшін көше қолдану пластмассовом атындағы дәрежесімен қорғау IP54 және шығаратың фото датчигімен қорғау дәрежесімен IP68 және ұзындығы сыммен 1 метр","Фото реле для уличного применения в пластмассовом корпусе со степенью защиты IP54 и выносным фото датчиком со степенью защиты IP68 и длиной проводом 1 метр","Запрос ценовых предложений",null,"Запрос ценовых предложений","Штука",3,6000,18000,18000,null,null,"Март","31 желтоқсан 2018 жалдың","до 31 декабря 2018 года.","751210000;","Алматы қ., Алатау ауданы Алматы қ. Дархан ы-ауд. Халифа Алтая 24/1;","г.Алматы, Алатауский район г.Алматы,мкр Дархан , ул Халифа Алтая 24/1;",null,null,"Исполнен"]
[18478821,18478821,"Закупки, не превышающие финансовый год",{"$nulls":5},"Товар","27.33.13.520.000.00.0796.000000000000","Вилка-розетка","Вилка-розетка","трехполюсная","трехполюсная","Вилка для переноски с заземлением TTR 3 х1,5 мм .Перед поставкой согласовать с заказчиком","Айыр тасуға арналған жерлендірілген TTR 3 х1,5 мм .Алдында жеткізуге тапсырыс берушімен келісу","Запрос ценовых предложений",null,"Запрос ценовых предложений","Штука",10,400,4000,4000,null,null,"Март","31 желтоқсан 2018 жалдың","до 31 декабря 2018 года.","751210000;","Алматы қ., Алатау ауданы Алматы қ. Дархан ы-ауд. Халифа Алтая 24/1;","г.Алматы, Алатауский район г.Алматы,мкр Дархан , ул Халифа Алтая 24/1;",null,null,"Исполнен"]
[18478822,18478822,"Закупки, не превышающие финансовый год",{"$nulls":5},"Товар","27.40.15.300.000.00.0796.000000000001","Лампа светодиодная","Лампа светодиодная","тип цоколя E27, мощность 15 Вт","тип цоколя E27, мощность 15 Вт","Шам жарық 15 ватт цоколь Е 27 өлшемдері 60,00 мм х60,00 мм х116,00 мм","Лампа светодиодная 15 ватт  цоколь Е 27  размеры 60,00 мм х60,00 мм х116,00 мм","Запрос ценовых предложений",null,"Запрос ценовых предложений","Штука",30,800,24000,24000,null,null,"Март","31 желтоқсан 2018 жалдың","до 31 декабря 2018 года.","751210000;","Алматы қ., Алатау ауданы Алматы қ. Дархан ы-ауд. Халифа Алтая 24/1;","г.Алматы, Алатауский район г.Алматы,мкр Дархан , ул Халифа Алтая 24/1;",null,null,"Исполнен"]
[18478823,18478823,"Закупки, не превышающие финансовый год",{"$nulls":5},"Товар","22.19.30.500.002.12.0796.000000000003","Шланг","Шланг","душқа арналған, ұзындығы 1,75м","для душа, длина 1,75м","шланг душқа арналған құйғышымен","шланг для душа с лейкой","Запрос ценовых предложений",null,"Запрос ценовых предложений","Штука",2,2000,4000,4000,null,null,"Март","31 желтоқсан 2018 жалдың","до 31 декабря 2018 года.","751210000;","Алматы қ., Алатау ауданы Алматы қ. Дархан ы-ауд. Халифа Алтая 24/1;","г.Алматы, Алатауский район г.Алматы,мкр Дархан , ул Халифа Алтая 24/1;",null,null,"Исполнен"]
[18478824,18478824,"Закупки, не превышающие финансовый год",{"$nulls":5},"Товар","22.21.29.300.001.00.0839.000000000001","Шланг","Шланг","икемді, қоспалауыш үшін","гибкий, для смесителя","шланг для смесителей армированный сантехнический длина свыше 60 см","шланг үшін араластырғыштар армированный сантехникалық ұзындығы 60 см","Запрос ценовых предложений",null,"Запрос ценовых предложений","Комплект",20,400,8000,8000,null,null,"Март","31 желтоқсан 2018 жалдың","до 31 декабря 2018 года.","751210000;","Алматы қ., Алатау ауданы Алматы қ. Дархан ы-ауд. Халифа Алтая 24/1;","г.Алматы, Алатауский район г.Алматы,мкр Дархан , ул Халифа Алтая 24/1;",null,null,"Исполнен"]
[18478825,18478825,"Закупки, не превышающие финансовый год",{"$nulls":5},"Товар","20.52.10.900.011.00.0796.000000000002","Герметик силиконовый","Герметик силиконовый","марка У-30М, ГОСТ 13489-79","марка У-30М, ГОСТ 13489-79","герметик силикон қолдану құрылыс жұмыстары без пайдалану астарлар ,эластичный , жіктердің демофрацией +20%, төзімділік, жоғары және төмен температура (-40 градус және + 100 градус Цельсии ), тамаша тұрақтылығын ауа-райы жағдайларына (ультрафиолетовым сәулелерге)","герметик силиконовый применение в строительных работах без использование грунтовки ,эластичный , для швов с демофрацией +20%, устойчивость к воздействию высоких и низких температур (от -40 градусов и + 100 градусов  Цельсии ), отличная устойчивость к погодным условиям (ультрафиолетовым лучам)","Запрос ценовых предложений",null,"Запрос ценовых предложений","Штука",5,2000,10000,10000,null,null,"Март","31 желтоқсан 2018 жалдың","до 31 декабря 2018 года.","751210000;","Алматы қ., Алатау ауданы Алматы қ. Дархан ы-ауд. Халифа Алтая 24/1;","г.Алматы, Алатауский район г.Алматы,мкр Дархан , ул Халифа Алтая 24/1;",null,null,"Исполнен"]
[18478826,18478826,"Закупки, не превышающие финансовый год",{"$nulls":5},"Товар","24.20.40.500.006.00.0796.000000000000","Хомут","Хомут","стальной, облегченный, ГОСТ 17679-80","стальной, облегченный, ГОСТ 17679-80","Хомут металлический арналған шлангілерді суару диаметрі 15 мм, 20 мм . Материалы тот баспайтын болаттан жасалған резьбовой жазумен","Хомут металлический для шлангов полива диаметр 15 мм, 20 мм . Материал из нержавеющей стали с резьбовой фиксацией","Запрос ценовых предложений",null,"Запрос ценовых предложений","Штука",10,300,3000,3000,null,null,"Март","31 желтоқсан 2018 жалдың","до 31 декабря 2018 года.","751210000;","Алматы қ., Алатау ауданы Алматы қ. Дархан ы-ауд. Халифа Алтая 24/1;","г.Алматы, Алатауский район г.Алматы,мкр Дархан , ул Халифа Алтая 24/1;",null,null,"Исполнен"]
[18478827,18478827,"Закупки, не превышающие финансовый год",{"$nulls":5},"Товар","25.73.30.300.002.00.0704.000000000012","Набор ключей","Набор ключей","разводные, в наборе 3 предмета, размер 200-400 мм","разводные, в наборе 3 предмета, размер 200-400 мм","1) Жинағы роазводных хромированных ключеи бірі нерзавеющей болат жинағы кіреді 1. кілт ажыратылмалы 12 дюймдік номиналды мөлшері -300 ашу шеке 15/13 35 мм, салмағы 0,6 кг .2. кілт ажыратылмалы 15 дюймдік номиналды мөлшері -375 ашу шеке 11-16 шешімі 40 мм, салмағы 1,3 кг . ,","1) Набор роазводных хромированных ключей из нержавеющей стали в набор входят   1. ключи разводные 12 дюймовые номинальный размер -300 раскрытие щек 15/13 35 мм вес 0,6 кг .2. ключи разводные 15 дюймовые номинальный размер -375 раскрытие щек 11/16   40 мм вес 1,3 кг . ,","Запрос ценовых предложений",null,"Запрос ценовых предложений","Набор",2,4000,8000,8000,null,null,"Март","31 желтоқсан 2018 жалдың","до 31 декабря 2018 года.","751210000;","Алматы қ., Алатау ауданы Алматы қ. Дархан ы-ауд. Халифа Алтая 24/1;","г.Алматы, Алатауский район г.Алматы,мкр Дархан , ул Халифа Алтая 24/1;",null,null,"Исполнен"]
[18478828,18478828,"Закупки, не превышающие финансовый год",{"$nulls":5},"Товар","25.73.30.300.002.00.0704.000000000000","Набор ключей","Набор ключей","ішкі алты қырлы кілтімен бұрындаларға арналған, ГОСТ 11737-93","для винтов с внутренним шестигранником, ГОСТ 11737-93","Жинағы хром кілттер құрама тот баспайтын болаттан жасалған 8-17 мм-6 дана жиынтықта CrV күңгірт хром","Набор  хромированных ключи комбинированных из нержавеющей стали 8-17 мм ,6 штук в наборе CrV матовый хром","Запрос ценовых предложений",null,"Запрос ценовых предложений","Набор",1,3000,3000,3000,null,null,"Март","31 желтоқсан 2018 жалдың","до 31 декабря 2018 года.","751210000;","Алматы қ., Алатау ауданы Алматы қ. Дархан ы-ауд. Халифа Алтая 24/1;","г.Алматы, Алатауский район г.Алматы,мкр Дархан , ул Халифа Алтая 24/1;",null,null,"Исполнен"]
[18478829,18478829,"Закупки, не превышающие финансовый год",{"$nulls":5},"Товар","28.29.70.300.007.00.0796.000000000002","Дәнекерлегіш","Паяльник","тұрмыстық, полипропилен құбырлар мен фитингтерді дәнекерлеуге арналған, қолмен жасалатын","бытовой, для сварки полипропиленовых труб и фитингов, ручной","ҮТІК ДӘНЕКЕРЛЕУ ҮШІН ПЛАСТИКАЛЫҚ ҚҰБЫРЛАР. ПОТРЕБИТЕЛЬНАЯ ҚУАТЫ 2000 Вт, кернеуі 220В, жеткізіледі жиынтықта чемоданам онда өзінен басқа сварачника тағы кіреді кесуге арналған қайшы еңбегі ,рулетка ,тұғыр орнату үшін аппарат деңгейі ,нұсқаулық орыс тілінде, кепілдік талон. тауар түсіндірмеге сәйкес болуы керек себебі ТЖҚЖ-ға тиісті.","УТЮГ ДЛЯ ПАЙКИ ПЛАСТИКОВЫХ ТРУБ. ПОТРЕБИТЕЛЬНАЯ МОЩНОСТЬ 2000 Вт, для напряжение  220В, поставляется в комплекте с чемоданам  в котором помимо самого сварачника еще входят ножницы для резки труд ,рулетка ,подставка для установки аппарата ,уровень ,инструкция на русском языке и гарантийный талон.  товар должен соответствовать описанию так как КТРУ не соответствующий.","Запрос ценовых предложений",null,"Из одного источника по несостоявшимся закупкам","Штука",1,5000,5000,5000,null,null,"Март","31 желтоқсан 2018 жалдың","до 31 декабря 2018 года.","751210000;","Алматы қ., Алатау ауданы Алматы қ. Дархан ы-ауд. Халифа Алтая 24/1;","г.Алматы, Алатауский район г.Алматы,мкр Дархан , ул Халифа Алтая 24/1;",null,null,"Исполнен"]
[18478830,18478830,"Закупки, не превышающие финансовый год",{"$nulls":5},"Товар","25.71.11.920.001.00.0796.000000000004","Қайшы","Ножницы","пластик құбырларды кесуге арналған","для резки пластиковых труб","Кесуге арналған қайшы пластикалық құбырлар (құбыр кескіш)Кескіш элементтері болаттан жасалған, 65Mn, корпус - дюралюминиевого жасалған. Құралы үшін арналған кесу, пластикалық және металл пластикалық түтікте","Ножницы для резки пластиковых труб (труборез)Режущие элементы изготовлены из стали 65Mn,  корпус - из дюралюминиевого сплава. Инструмент предназначен для резки пластиковых и металлопластиковых трубок","Запрос ценовых предложений",null,"Запрос ценовых предложений","Штука",1,3000,3000,3000,null,null,"Март","31 желтоқсан 2018 жалдың","до 31 декабря 2018 года.","751210000;","Алматы қ., Алатау ауданы Алматы қ. Дархан ы-ауд. Халифа Алтая 24/1;","г.Алматы, Алатауский район г.Алматы,мкр Дархан , ул Халифа Алтая 24/1;",null,null,"Исполнен"]
[18478831,18478831,"Закупки, не превышающие финансовый год",{"$nulls":5},"Товар","25.73.30.900.001.00.0796.000000000001","Пистолет","Пистолет","для герметика, механический","для герметика, механический","тапанша выжиматель арналған герметиктерді полуоткрытый скелетный ,күшейтілген хромдалған шток ,310 мм, Корпусы қара түсті","пистолет выжиматель  для герметиков  полуоткрытый скелетный ,усиленный хромированный шток ,310 мм Корпус черного цвета","Запрос ценовых предложений",null,"Запрос ценовых предложений","Штука",2,1200,2400,2400,null,null,"Март","31 желтоқсан 2018 жалдың","до 31 декабря 2018 года.","751210000;","Алматы қ., Алатау ауданы Алматы қ. Дархан ы-ауд. Халифа Алтая 24/1;","г.Алматы, Алатауский район г.Алматы,мкр Дархан , ул Халифа Алтая 24/1;",null,null,"Исполнен"]
[18478832,18478832,"Закупки, не превышающие финансовый год",{"$nulls":5},"Товар","25.72.14.690.006.00.0796.000000000002","Доводчик дверной","Доводчик дверной","до 120 кг","до 120 кг","Доводчик орнату үшін жеңіл пластикалық есіктер мен ауыр пластикалық есіктер күшейте отырып, EN 120 кг дейін . Реттеледі екі жылдамдығы 180 градустан 20 градусқа дейін мақта 20 градустан 0 градусқа дейін. Ішкі үй-жайлар.","Доводчик для установки на легкие пластиковые двери и на тяжелые пластиковые двери с усилением  EN до 120 кг . Регулируется две скорости от 180 градусов  до 20 градусов  и до хлопка от 20 градусов до 0 градусов. Для внутренних помещений.","Запрос ценовых предложений",null,"Запрос ценовых предложений","Штука",3,7500,22500,22500,null,null,"Март","31 желтоқсан 2018 жалдың","до 31 декабря 2018 года.","751210000;","Алматы қ., Алатау ауданы Алматы қ. Дархан ы-ауд. Халифа Алтая 24/1;","г.Алматы, Алатауский район г.Алматы,мкр Дархан , ул Халифа Алтая 24/1;",null,null,"Исполнен"]
[18478833,18478833,"Закупки, не превышающие финансовый год",{"$nulls":5},"Товар","25.94.11.900.000.01.0778.000000000003","Саморез","Саморез","мырышталған, алты қырлы бастиекпен","оцинкованный, с шестигранной головкой","1. Бұранда ша ағашқа мөлшері 1,5 см-ден 3 см-10 дана. қорап .2. шуруп нагиль -5 қорап 3. шуруп саморез -5 қорап Назар аударыңыз, бұл ТЖҚЖ сәйкес келмейді қажетті тауар .","1. Шурупы по дереву размер 1,5 см 3 см в количестве 10 пачек .2. шуруп нагиль -5 пачек 3. шуруп саморез -5 пачек  Обратите внимание данное КТРУ не соответствует нужному товару .","Запрос ценовых предложений",null,"Запрос ценовых предложений","Упаковка",20,800,16000,16000,null,null,"Март","31 желтоқсан 2018 жалдың","до 31 декабря 2018 года.","751210000;","Алматы қ., Алатау ауданы Алматы қ. Дархан ы-ауд. Халифа Алтая 24/1;","г.Алматы, Алатауский район г.Алматы,мкр Дархан , ул Халифа Алтая 24/1;",null,null,"Исполнен"]
[18478834,18478834,"Закупки, не превышающие финансовый год",{"$nulls":5},"Товар","20.52.10.900.005.01.0796.000000000000","Клей","Клей","полимерлік, әмбебап","полимерный, универсальный","Әмбебап желім үшін әр түрлі материалдарды түтікше 200 мл.","Клей универсальный  для самых разных материалов в тюбике 200 мл.","Запрос ценовых предложений",null,"Запрос ценовых предложений","Штука",5,1200,6000,6000,null,null,"Март","31 желтоқсан 2018 жалдың","до 31 декабря 2018 года.","751210000;","Алматы қ., Алатау ауданы Алматы қ. Дархан ы-ауд. Халифа Алтая 24/1;","г.Алматы, Алатауский район г.Алматы,мкр Дархан , ул Халифа Алтая 24/1;",null,null,"Исполнен"]
[18478835,18478835,"Закупки, не превышающие финансовый год",{"$nulls":5},"Товар","25.73.30.100.007.00.0796.000000000000","Тістеуік","Плоскогубцы","құрамдастырылған","комбинированные","пассатижи үшін электрика","пассатижи для работы электрика","Запрос ценовых предложений",null,"Запрос ценовых предложений","Штука",2,2000,4000,4000,null,null,"Март","31 желтоқсан 2018 жалдың","до 31 декабря 2018 года.","751210000;","Алматы қ., Алатау ауданы Алматы қ. Дархан ы-ауд. Халифа Алтая 24/1;","г.Алматы, Алатауский район г.Алматы,мкр Дархан , ул Халифа Алтая 24/1;",null,null,"Исполнен"]
[18478836,18478836,"Закупки, не превышающие финансовый год",{"$nulls":5},"Товар","25.73.30.630.000.01.0796.000000000001","Отвертка","Отвертка","плоская, длина стержня 75 мм, ширина лезвия 5 мм","плоская, длина стержня 75 мм, ширина лезвия 5 мм","бұрауыш фигуралы және жалпақ","отвертка фигурная и плоская","Запрос ценовых предложений",null,"Запрос ценовых предложений","Штука",2,1000,2000,2000,null,null,"Март","31 желтоқсан 2018 жалдың","до 31 декабря 2018 года.","751210000;","Алматы қ., Алатау ауданы Алматы қ. Дархан ы-ауд. Халифа Алтая 24/1;","г.Алматы, Алатауский район г.Алматы,мкр Дархан , ул Халифа Алтая 24/1;",null,null,"Исполнен"]
[18478837,18478837,"Закупки, не превышающие финансовый год",{"$nulls":5},"Товар","25.73.40.190.002.00.0796.000000000000","Рулетка","Рулетка","ұзындығы 5м","длина 5 м","рулетка өлшеу үшін ол 3 метрлік ол 5 метрлік","рулетка для измерения она 3 метровая она 5 метровая","Запрос ценовых предложений",null,"Запрос ценовых предложений","Штука",2,1500,3000,3000,null,null,"Март","31 желтоқсан 2018 жалдың","до 31 декабря 2018 года.","751210000;","Алматы қ., Алатау ауданы Алматы қ. Дархан ы-ауд. Халифа Алтая 24/1;","г.Алматы, Алатауский район г.Алматы,мкр Дархан , ул Халифа Алтая 24/1;",null,null,"Исполнен"]
[18478838,18478838,"Закупки, не превышающие финансовый год",{"$nulls":5},"Товар","25.73.40.390.000.06.0796.000000000000","Сверло","Сверло","регулируемое, размер высверливания отверстий 30-120 мм","регулируемое, размер высверливания отверстий 30-120 мм","1)Жинағы сверла по металлу мөлшері 10/12/16/18/20/25х152 мм (6 дана) -саны екі жиынтығы 2)бұрғылар Жинағы қауырсын ағаш өлшемдеры 10/12/16/18/20/25х152 мм (6 дана) -саны екі жиынтығы дайындау материалы сапалы металл,күміс түстесНазар аударыңыз, бұл ТЖҚЖ сәйкес келмесе, тауардың сипаттамасына","1)Набор сверла по металлу размеры 10/12/16/18/20/25х152 мм (6 штук)  -в количестве двух комплектов  2)Набор сверла перовых по дереву размеры 10/12/16/18/20/25х152 мм (6 штук)  -в количестве двух комплектов  материал изготовления из качественного металла,серебристого цветаОбратите внимание данное КТРУ не соответствует описанию товара","Запрос ценовых предложений",null,"Запрос ценовых предложений","Штука",4,2000,8000,8000,null,null,"Март","31 желтоқсан 2018 жалдың","до 31 декабря 2018 года.","751210000;","Алматы қ., Алатау ауданы Алматы қ. Дархан ы-ауд. Халифа Алтая 24/1;","г.Алматы, Алатауский район г.Алматы,мкр Дархан , ул Халифа Алтая 24/1;",null,null,"Исполнен"]
[18478839,18478839,"Закупки, не превышающие финансовый год",{"$nulls":5},"Товар","25.73.30.550.000.00.0796.000000000000","Молоток","Молоток","слесарный","слесарный","слесарлық балға фибергласовый с обрезанной саппен 600 гр.","слесарлық балға фибергласовый с обрезанной саппен 600 гр.","Запрос ценовых предложений",null,"Запрос ценовых предложений","Штука",1,1500,1500,1500,null,null,"Март","31 желтоқсан 2018 жалдың","до 31 декабря 2018 года.","751210000;","Алматы қ., Алатау ауданы Алматы қ. Дархан ы-ауд. Халифа Алтая 24/1;","г.Алматы, Алатауский район г.Алматы,мкр Дархан , ул Халифа Алтая 24/1;",null,null,"Исполнен"]
[18478840,18478840,"Закупки, не превышающие финансовый год",{"$nulls":5},"Товар","25.73.30.930.017.00.0796.000000000000","Стеклорез","Стеклорез","алмаз","алмазный","шыны кесуші, 3-кесетін элементтері бар ағаш сабымен","стеклорез с 3 режущими элементами с деревянной ручкой","Запрос ценовых предложений",null,"Запрос ценовых предложений","Штука",1,100,100,100,null,null,"Март","31 желтоқсан 2018 жалдың","до 31 декабря 2018 года.","751210000;","Алматы қ., Алатау ауданы Алматы қ. Дархан ы-ауд. Халифа Алтая 24/1;","г.Алматы, Алатауский район г.Алматы,мкр Дархан , ул Халифа Алтая 24/1;",null,null,"Закупка не состоялась"]
[18478841,18478841,"Закупки, не превышающие финансовый год",{"$nulls":5},"Товар","25.73.30.370.008.00.0796.000000000000","Насадка","Насадка","для шуруповерта, сменная","для шуруповерта, сменная","Қондырма үшін шуруповерта фигуралы","Насадка для шуруповерта фигурная","Запрос ценовых предложений",null,"Запрос ценовых предложений","Штука",10,200,2000,2000,null,null,"Март","31 желтоқсан 2018 жалдың","до 31 декабря 2018 года.","751210000;","Алматы қ., Алатау ауданы Алматы қ. Дархан ы-ауд. Халифа Алтая 24/1;","г.Алматы, Алатауский район г.Алматы,мкр Дархан , ул Халифа Алтая 24/1;",null,null,"Исполнен"]
[18478842,18478842,"Закупки, не превышающие финансовый год",{"$nulls":5},"Товар","25.73.40.300.000.00.0796.000000000007","Бур","Бур","перфораторға арналған, диаметрі 25","для перфоратора, диаметр 25","жиынтық бетон бұрғысы мөлшері D 8.10,12,14,13,18,20,22,25 сапалы каленного металл күміс түстес назар Аударыңыз осы КРТУ сәйкес келмесе, тауардың сипаттамасына","комплект бур по бетону размеры D 8.10,12,14,13,18,20,22,25 из качественного каленного метала серебристого цвета  Обратите внимание данное КРТУ не соответствует описанию товара","Запрос ценовых предложений",null,"Запрос ценовых предложений","Штука",1,2000,2000,2000,null,null,"Март","31 желтоқсан 2018 жалдың","до 31 декабря 2018 года.","751210000;","Алматы қ., Алатау ауданы Алматы қ. Дархан ы-ауд. Халифа Алтая 24/1;","г.Алматы, Алатауский район г.Алматы,мкр Дархан , ул Халифа Алтая 24/1;",null,null,"Исполнен"]
[18478843,18478843,"Закупки, не превышающие финансовый год",{"$nulls":5},"Товар","28.24.11.900.014.00.0796.000000000006","Диск","Диск","циркулярный, для циркулярной пилы, внешний диаметр 130 мм, посадочное отверствие 16 мм, 24 зуба","циркулярный, для циркулярной пилы, внешний диаметр 130 мм, посадочное отверствие 16 мм, 24 зуба","Диск үшін электр аралар (пчеки) ағаш мөлшері 110 мм","Диск для электро пилы (пчеки) по дереву размер 110 мм","Запрос ценовых предложений",null,"Запрос ценовых предложений","Штука",3,2000,6000,6000,null,null,"Март","31 желтоқсан 2018 жалдың","до 31 декабря 2018 года.","751210000;","Алматы қ., Алатау ауданы Алматы қ. Дархан ы-ауд. Халифа Алтая 24/1;","г.Алматы, Алатауский район г.Алматы,мкр Дархан , ул Халифа Алтая 24/1;",null,null,"Исполнен"]
[18478844,18478844,"Закупки, не превышающие финансовый год",{"$nulls":5},"Товар","24.34.11.300.000.00.0018.000000000006","Плетенка","Плетенка","из стальной оцинкованной проволоки, размер 10*16 мм","из стальной оцинкованной проволоки, размер 10*16 мм","тоқыма сым мөлшері 0,16 - 16 мм саны килограммен назар Аударыңыз осы ТЖҚЖ сәйкес келмесе, тауардың сипаттамасына","проволока вязальная размеры 0,16- 16 мм количество в килограммах    Обратите внимание данное КТРУ не соответствует описанию товара","Запрос ценовых предложений",null,"Из одного источника по несостоявшимся закупкам","Метр погонный",5,500,2500,2500,null,null,"Март","31 желтоқсан 2018 жалдың","до 31 декабря 2018 года.","751210000;","Алматы қ., Алатау ауданы Алматы қ. Дархан ы-ауд. Халифа Алтая 24/1;","г.Алматы, Алатауский район г.Алматы,мкр Дархан , ул Халифа Алтая 24/1;",null,null,"Исполнен"]
[18478845,18478845,"Закупки, не превышающие финансовый год",{"$nulls":5},"Товар","25.73.30.930.007.00.0796.000000000011","Шпатель","Шпатель","металлдан жасалған, ені 250 мм","металлический, ширина 250 мм","Шпателя әр түрлі төсеу үшін кафель және левкас металл орта мөлшерін","Шпателя разные для укладки кафеля и левкаса металлические средних размеров","Запрос ценовых предложений",null,"Запрос ценовых предложений","Штука",3,1000,3000,3000,null,null,"Март","31 желтоқсан 2018 жалдың","до 31 декабря 2018 года.","751210000;","Алматы қ., Алатау ауданы Алматы қ. Дархан ы-ауд. Халифа Алтая 24/1;","г.Алматы, Алатауский район г.Алматы,мкр Дархан , ул Халифа Алтая 24/1;",null,null,"Исполнен"]
[18478846,18478846,"Закупки, не превышающие финансовый год",{"$nulls":5},"Товар","14.12.11.210.001.01.0839.000000000002","Костюм (жиынтық)","Костюм (комплект)","қызмет көртсету саласына арналған арнайы жұмыс киімі (униформа), ерлер, мақталы қағаз матадан жасалған, күрткеден және жартылай комбенизоннан құралған, жазғы, ГОСТ 27575-87","спецодежда для сферы обслуживания (униформа), мужской, из хлопчатобумажной ткани, состоит из куртки и полукомбинезона, летний, ГОСТ 27575-87","Спец киім логотипі бар біздің емхана жоғарғы сыртқы бөлігі (ерлер үшін) киім кіреді комбинезон және костюм","Спец одежда с логотипом нашей поликлиники на верхней тыльной части (для мужчин) в комплект одежды входит комбинезон и костюм","Запрос ценовых предложений",null,"Из одного источника по несостоявшимся закупкам","Комплект",3,7000,21000,21000,null,null,"Март","31 желтоқсан 2018 жалдың","до 31 декабря 2018 года.","751210000;","Алматы қ., Алатау ауданы Алматы қ. Дархан ы-ауд. Халифа Алтая 24/1;","г.Алматы, Алатауский район г.Алматы,мкр Дархан , ул Халифа Алтая 24/1;",null,null,"Исполнен"]
[18478847,18478847,"Закупки, не превышающие финансовый год",{"$nulls":5},"Товар","27.40.25.900.003.00.0796.000000000000","Аппарат осветительный","Аппарат осветительный","для таблицы исследования остроты зрения","для таблицы исследования остроты зрения","1.Жабдықты светозвуковыми маяктармен арналған көмек маломобильным топтарына анықтау бейімделген ғимаратқа, (дәлізде 1-қабатта және лифтіде ) Осы ТЖҚЖ сәйкес келмесе, тауардың сипаттамасына","1.Оборудование со светозвуковыми маячками предназначен для помощи маломобильным группам населения в определении адаптированного входа в здание,  (в коридоре на 1 этаже и в лифте ) Данное КТРУ не соответствует описанию товара","Запрос ценовых предложений",null,"Запрос ценовых предложений","Штука",1,200000,200000,200000,null,null,"Март","31 желтоқсан 2018 жалдың","до 31 декабря 2018 года.","751210000;","Алматы қ., Алатау ауданы Алматы қ. Дархан ы-ауд. Халифа Алтая 24/1;","г.Алматы, Алатауский район г.Алматы,мкр Дархан , ул Халифа Алтая 24/1;",null,null,"Закупка не состоялась"]
[18478848,18478848,"Закупки, не превышающие финансовый год",{"$nulls":5},"Товар","27.32.13.700.000.00.0006.000000001087","Кабель","Кабель","марка U/SFTP, 25*2*0,52 мм2","марка U/SFTP, 25*2*0,52 мм2","UTP   интернетқа арналған сым 5","UTP  Кабель для интернета  5 поколение","Запрос ценовых предложений",null,"Запрос ценовых предложений","Метр",800,140,112000,112000,null,null,"Март","31 желтоқсан 2018 жалдың","до 31 декабря 2018 года.","751210000;","Алматы қ., Алатау ауданы Алматы қ. Дархан ы-ауд. Халифа Алтая 24/1;","г.Алматы, Алатауский район г.Алматы,мкр Дархан , ул Халифа Алтая 24/1;",null,null,"Исполнен"]
[18478849,18478849,"Закупки, не превышающие финансовый год",{"$nulls":5},"Товар","22.23.15.000.000.00.0055.000000000005","Линолеум","Линолеум","из поливинилхлорида, полукоммерческий, на тканой подоснове","из поливинилхлорида, полукоммерческий, на тканой подоснове","Линолеум коммерциялық притеняемый орындары үшін жоғары бару үшін ауруханалар мен емханалардың толсты тығыз","Линолеум коммерческий притеняемый для мест повышенной посещаемости для больниц и поликлиник толсты плотный","Запрос ценовых предложений",null,"Запрос ценовых предложений","Метр квадратный",100,2000,200000,200000,null,null,"Март","31 желтоқсан 2018 жалдың","до 31 декабря 2018 года.","751210000;","Алматы қ., Алатау ауданы Алматы қ. Дархан ы-ауд. Халифа Алтая 24/1;","г.Алматы, Алатауский район г.Алматы,мкр Дархан , ул Халифа Алтая 24/1;",null,null,"Исполнен"]
[18478850,18478850,"Закупки, не превышающие финансовый год",{"$nulls":5},"Товар","23.31.10.790.002.00.0055.000000000000","Плитка","Плитка","керамическая, основная, квадратная, размер 300*300 мм","керамическая, основная, квадратная, размер 300*300 мм","1.Керамикалық Плитка еденге арналған плитка кафельная. Керамикалық Плитка емес қозғалатын едендік. Кол-во 20 шаршы метр Мөлшері 60 см х 60 см, қалыңдығы 0,5 мм кем емес. Түсі ашық бежевый2,керамикалық Плитка Кафельная қабырғаға ілінетін ақ түсті, мөлшері 400 мм х 25 мм, қалыңдығы 8 мм, саны -10 кв метр (сәйкес келуі тиіс түспен белгіленген тақтайшалармен емханасының ғимараты) назар Аударыңыз ТЖҚЖ сәйкес келмесе, тауардың сипаттамасына","1.Плитка керамическая  кафельная напольная. Плитка керамическая не скользящая напольная. Кол-во 20 кв.м. Размер 60 см х 60см, толщина не менее 0,5 мм.Цвет светло бежевый2,Плитка керамическая  Кафельная настенная  белого цвета размеры 400 мм х 25 мм толщина 8 мм в количестве -10 кв метров  (должен совпадать с цветом ,установленными плитками в здании поликлиники)  Обратите внимание КТРУ не соответствует описанию товар","Запрос ценовых предложений",null,"Из одного источника по несостоявшимся закупкам","Метр квадратный",30,3000,90000,90000,null,null,"Март","31 желтоқсан 2018 жалдың","до 31 декабря 2018 года.","751210000;","Алматы қ., Алатау ауданы Алматы қ. Дархан ы-ауд. Халифа Алтая 24/1;","г.Алматы, Алатауский район г.Алматы,мкр Дархан , ул Халифа Алтая 24/1;",null,null,"Исполнен"]
[18478851,18478851,"Закупки, не превышающие финансовый год",{"$nulls":5},"Товар","20.52.10.900.005.00.0796.000000000023","Клей","Клей","кафельный","кафельный","Клей кафельный Үшін сыртқы және ішкі жұмыстарЖелім беріктігі жоғарыҮшін керамогранитных плиталарды өлшеп-орау қаптардағы кемінде 25 кг бір қапта","Клей кафельный  Для наружних и внутренних работ    Плиточный клей повышенной прочности    Для керамогранитных плит Фасовка в мешках  не менее 25 кг в одном мешке","Запрос ценовых предложений",null,"Запрос ценовых предложений","Штука",5,1000,5000,5000,null,null,"Март","31 желтоқсан 2018 жалдың","до 31 декабря 2018 года.","751210000;","Алматы қ., Алатау ауданы Алматы қ. Дархан ы-ауд. Халифа Алтая 24/1;","г.Алматы, Алатауский район г.Алматы,мкр Дархан , ул Халифа Алтая 24/1;",null,null,"Исполнен"]
[18478852,18478852,"Закупки, не превышающие финансовый год",{"$nulls":5},"Работа","25.12.99.100.000.00.0999.000000000000","Работы по изготовлению дверей/ворот и аналогичных изделий по заказу","Работы по изготовлению дверей/ворот и аналогичных изделий по заказу","Тапсырыс бойынша есіктерді/қақпаларды дайындау жәнеосы тектес бұйымдарды дайындау жұмыстары","Работы по изготовлению дверей/ворот и аналогичных изделий по заказу","1. орнату және монтаждау пластикалық қалқа пластикалық есіктің* размер аралық қабырғалар 200смх200см ,сендвича -панелем және әйнекпен*мөлшері есіктер 90смх200см., толық топтамасының болуы фурнитура* Профиль қалыңдығы, рамалар 60 мм,камера Саны профилінде рамалары, Қалыңдығы стеклопакета (макс. без доп. опциялар) 25 Стандарттық саны контурларын тығыздау 2, Кедергісі профиль теплопередаче 0,86, пластик түсі ақ *барлық қажетті және шығын материалдары жабдықтаушының есебінен жүргізіледі!2. орнату және монтаждау пластикалық қалқа пластикалық есіктің* размер аралық қабырғалар 270смх 300см, сендвича -панелем және әйнекпен*мөлшері есіктер 90смх200см., толық топтамасының болуы фурнитура* Профиль қалыңдығы, рамы60 мм,камера Саны профилінде рамалары, Қалыңдығы стеклопакета (макс. без доп. опциялар) 25 Стандарттық саны контурларын тығыздау 2, Кедергісі профиль теплопередаче 0,86, пластик түсі ақ *барлық қажетті және шығын материалдары жабдықтаушының есебінен жүргізіледі!3. Жұмыс бөлшектеу және монтаждау (орнату) пластикалық есіктер пластикалық перегородку (өлшемі 180см х 300см), кесу, дәнекерлеу, перепайка*бітеу есік ойығының гипсокартоном келтіру қабырғалары тиісті түрі (левкас, сырлау)* со сендвича -панелем және шыны пластик түсі ақ *барлық қажетті және шығын материалдары жабдықтаушының есебінен жүргізіледі!","1. установка и монтаж пластиковой перегородки с пластиковой дверью  * размер перегородки 200смх200см ,со  сендвича -панелем и стеклом   *размер двери  90смх200см., наличие полного пакета фурнитуры* Толщина профиля рамы 60 мм,Количество камер в профиле рамы, Толщина стеклопакета (макс. без доп. опций) 25 Стандартное количество контуров уплотнения 2, Сопротивление профиля теплопередаче 0,86, цвет пластика белый   *все  необходимые и расходные материалы за счет поставщика!2. установка и монтаж пластиковой перегородки с пластиковой дверью  * размер перегородки 270смх 300см, со  сендвича -панелем и стеклом   *размер двери  90смх200см., наличие полного пакета фурнитуры* Толщина профиля рамы60 мм,Количество камер в профиле рамы, Толщина стеклопакета (макс. без доп. опций) 25 Стандартное количество контуров уплотнения 2, Сопротивление профиля теплопередаче 0,86, цвет пластика белый   *все  необходимые и расходные материалы за счет поставщика!3. Работы по демонтажу и монтажу (установку) пластиковой двери на пластиковую перегородку (размером 180см х 300см),  обрезка, пайка, перепайка*заделка дверного проема  гипсокартоном, приведение  стены  в надлежащий вид (левкас, покраска)* со  сендвича -панелем и стеклом цвет пластика белый *все  необходимые и расходные материалы за счет поставщика!","Запрос ценовых предложений",null,"Запрос ценовых предложений","Работа",1,150000,150000,150000,null,null,"Март","31 желтоқсан 2018 жалдың","до 31 декабря 2018 года.","751210000;","Алматы қ., Алатау ауданы Алматы қ. Дархан ы-ауд. Халифа Алтая 24/1;","г.Алматы, Алатауский район г.Алматы,мкр Дархан , ул Халифа Алтая 24/1;",null,null,"Исполнен"]
[18478853,18478853,"Закупки, не превышающие финансовый год",{"$nulls":5},"Услуга","53.10.11.100.000.00.0777.000000000000","Услуги по подписке на печатные периодические издания","Услуги по подписке на печатные периодические издания","Басылып шығарылатын мерзімдік баспаларға жазылу қызметтері","Услуги по подписке на печатные периодические издания","газет-журналдарға жазылу","подписка на газеты","Из одного источника путем прямого заключения договора","пп.25 п.3 ст.39 приобретения периодических печатных изданий на бумажном и (или) электронном носителях;","Из одного источника путем прямого заключения договора","Одна услуга",1,46970,46970,46970,null,null,"Март","31 желтоқсан 2018 жалдың","до 31 декабря 2018 года.","751210000;","Алматы қ., Алатау ауданы Алматы қ. Дархан ы-ауд. Халифа Алтая 24/1;","г.Алматы, Алатауский район г.Алматы,мкр Дархан , ул Халифа Алтая 24/1;",null,null,"Исполнен"]
[18478854,18478854,"Закупки, не превышающие финансовый год",{"$nulls":5},"Услуга","62.09.20.000.007.00.0777.000000000000","Услуги по представлению доменного имени","Услуги по представлению доменного имени","Домендік атауды пайдалануға ұзартуға ұсынысы бойынша қызметтер","Услуги по представлению и продлению пользования доменным именем","Хостинг  қызметті","Услуга виртуального хостинга","Из одного источника путем прямого заключения договора","пп.42 п.3 ст.39 приобретения однородных товаров, работ, услуг, если годовой объем таких однородных товаров, работ, услуг в стоимостном выражении не превышает стократного размера месячного расчетного показателя, установленного на соответствующий финансовый год законом о республиканском бюджете;","Из одного источника путем прямого заключения договора","Одна услуга",1,13948,13948,13948,null,null,"Март","31 желтоқсан 2018 жалдың","до 31 декабря 2018 года.","751210000;","Алматы қ., Алатау ауданы Алматы қ. Дархан ы-ауд. Халифа Алтая 24/1;","г.Алматы, Алатауский район г.Алматы,мкр Дархан , ул Халифа Алтая 24/1;",null,null,"Исполнен"]
[18478855,18478855,"Закупки, не превышающие финансовый год",{"$nulls":5},"Товар","32.99.16.300.001.00.0796.000000000000","Штамп","Штамп","белгілі кәсіби қызметтің мәтіні бар баспа-таңбаларды жағуға арналған","для нанесения оттиска, содержащего текст определенной профессиональной деятельности","мөрі, саны 3 дана деген жазуы бар Гекасим ,Пентаксим ,Превенар .","23 Из одного источника путем прямого заключения договора","Из одного источника путем прямого заключения договора","пп.42 п.3 ст.39 приобретения однородных товаров, работ, услуг, если годовой объем таких однородных товаров, работ, услуг в стоимостном выражении не превышает стократного размера месячного расчетного показателя, установленного на соответствующий финансовый год законом о республиканском бюджете;","Из одного источника путем прямого заключения договора","Штука",3,5000,15000,15000,null,null,"Март","31 желтоқсан 2018 жалдың","до 31 декабря 2018 года.","751210000;","Алматы қ., Алатау ауданы Алматы қ. Дархан ы-ауд. Халифа Алтая 24/1;","г.Алматы, Алатауский район г.Алматы,мкр Дархан , ул Халифа Алтая 24/1;",null,null,"Исполнен"]
[17849806,18479059,"Закупки, не превышающие финансовый год",{"$nulls":5},"Услуга","62.02.30.000.002.00.0777.000000000000","Услуги по техническому обслуживанию серверного оборудования","Услуги по техническому обслуживанию серверного оборудования","Сервистік жабдықтарға техникалық қызмет көрсету бойынша қызметтер","Услуги по техническому обслуживанию серверного оборудования","1. Шкафтың техобслуживание мен мини Panasonic КХ атс - TDA 100, прошивка, перепрограммирование, қатенің жоюының, жөндеу.2.Телефонның сызығының күт- : қалалық нөмірлердің -15шт, ішкі 33 шт. айналып кету және апталық алдын алудың жұмысының жаса-. Сызықтың тел. жүйесінің тұрақты жұмысының сүйеніші3.Подключение, қосымша телефонның сызығының төсемесі егер зардың.4. Егер сызықтың(бұзылу, сызықтың бұзылуы және т.д.) жұмысының внештатного режимінің ту- маманның шұғыл кел- барысында 3-часов және байланыстың жүйесінің шұғыл жайға-.5.Байланыстың, оператором-поставщиком взаимосвязь шақыру .Ана. интернета сызығының күт- внутри ғимараттың1. Шкафтың техобслуживание коммутаторами және модемами(4шт).,мен түйіндес мини Panasonic КХ атс - TDA 100. Прошивка, перепрограммирование, қатенің жоюының, жөндеу.2. Күт- сызық 67 нүктенің интернета. Жөндеу, сызықтың бұзылуының жоюы. Айналып кету және апталық алдын алудың жұмысының жаса-.","1. Техобслуживание Шкафа с Мини АТС Panasonic КХ – TDA 100, прошивка, перепрограммирование, устранение ошибок, ремонт.2.Обслуживание телефонных линий: Городских номеров -15шт, внутренних 33 шт. Обход и проведение еженедельных профилактических работ. Поддерживание стабильной работы системы тел. линий3.Подключение, прокладка дополнительных телефонных линий в случае необходимости.4. В случае возникновения внештатного режима работы линии (поломка, повреждение линии и т.д.) оперативное прибытие специалистов в течении 3-часов и оперативная наладка системы связи.5.Взаимосвязь с оператором-поставщиком связи , вызов .Тех. обслуживание линий интернета внутри здания1. Техобслуживание Шкафа с коммутаторами и модемами (4шт).,сопряженные с Мини АТС Panasonic КХ – TDA 100. Прошивка, перепрограммирование, устранение ошибок, ремонт.2. Обслуживание линий интернета 67 точек. Ремонт, устранение повреждений линий. Обход и проведение еженедельных профилактических работ.","Из одного источника путем прямого заключения договора","пп.42 п.3 ст.39 приобретения однородных товаров, работ, услуг, если годовой объем таких однородных товаров, работ, услуг в стоимостном выражении не превышает стократного размера месячного расчетного показателя, установленного на соответствующий финансовый год законом о республиканском бюджете;","Из одного источника путем прямого заключения договора","Одна услуга",1,240000,240000,240000,null,null,"Март","31 желтоқсан 2018 жылғадейын","до 31 декабря 2018 года","751210000;","Алматы қ., Алатау ауданы Алматы қ, Дархан ыкшам ауданы, Халифа А24/1;","г.Алматы, Алатауский район г.Алматы  мкр Дархан ул Халифа Алтая 24/1;",null,null,"Договор действует"]
[18667874,18667874,"Закупки, не превышающие финансовый год",{"$nulls":5},"Товар","20.41.32.590.000.01.5111.000000000000","Средство моющее","Средство моющее","ванна мен шұңғылшаны тазалауға арналған, ұнтақ, СТ РК ГОСТ Р 51696-2003","для чистки ванн и раковин, порошок, СТ РК ГОСТ Р 51696-2003","Әмбебап ұнтақ жуғыш, тазалағыш, дезинфекциялау, пятновыводящее, әмбебап құрал.Көлемі 475 мл ыдыс , ванна үшін грилей, пештерге, ас, дәретхана үшін, әмбебап. Түрі заттар екі есе әсері бар ұнтақ, өзіне тән ақ түсті және жағымды хош иіс, лимон пайдалану кезінде химиялық заттар. Құрамы: <5% анионды ПАВ, хлорсодержащие негізінде ақтағыш (нативая тұз ДХЦК); отдушка, дезинфекторы с ароматизирующими қоспалармен цитраль .","Универсальный порошок моющее, чистящее, дезинфицирующее, пятновыводящее, универсальное средство.Объём475 мл в баночке , для ванной, для грилей, духовок, для кухни, для туалета, универсальное. Тип неорганическое двойной эффект, содержит порошок характерного белого цвета и приятный аромат лимона при использовании химического вещества. Состав: <5% анионные ПАВ, хлорсодержащие отбеливатель на основе (нативая соль ДХЦК); отдушка, дезинфекторы с ароматизирующими добавками цитраль .","Запрос ценовых предложений",null,"Запрос ценовых предложений","Одна пачка",500,400,200000,200000,null,null,"Март","31 желтоқсан 2018 жыл","до 31 декабря 2018 года","751210000;","Алматы қ., Алатау ауданы Алматы қ. Дархан ы-ауданы, Халифа Алтая 24/1 ;","г.Алматы, Алатауский район г Алматы , мкр Дархан ,ул Халифа Алтая 24/1;",null,null,"Исполнен"]
[18667875,18667875,"Закупки, не превышающие финансовый год",{"$nulls":5},"Товар","20.41.31.500.000.00.0868.000000000000","Мыло","Мыло","туалетное, жидкое, гелеобразное, ГОСТ 23361-78","туалетное, жидкое, гелеобразное, ГОСТ 23361-78","Сұйық косметикалық сабын . үшін нормалного тері түріне, әрекет тазартқыш беткі өлі жасушаларды емес пересушивающие және раздражающая қорғайды. гипоаллергеное ,рН 5.5 хош иістер: сүт және бал, алоэ вера, экзотикҚасиеттері:Жақсы тазартады және ылғалдандырадыГлицеринЖақсы сергітетін көбікке айналатын және оңай шайыладыҚұрамында коллаген elastin қайтаСыйымдылығы 5 литр","Жидкое  косметическое мыло . для нормалного типа кожи, действие очищающее , увлажняющие   не пересушивающие  и не раздражающая кожу.  гипоаллергеное ,уровень рН 5.5 ароматах: молоко и мед, алое вера, экзотикСвойства:Хорошо очищает и увлажняетСодержит глицеринХорошо пенится и легко смываетсяСодержит коллаген с эластиномЕмкость 5 литров","Запрос ценовых предложений",null,"Запрос ценовых предложений","Бутылка",30,800,24000,24000,null,null,"Март","31 желтоқсан 2018 жыл","до 31 декабря 2018 года","751210000;","Алматы қ., Алатау ауданы Алматы қ. Дархан ы-ауданы, Халифа Алтая 24/1 ;","г.Алматы, Алатауский район г Алматы , мкр Дархан ,ул Халифа Алтая 24/1;",null,null,"Исполнен"]
[18667876,18667876,"Закупки, не превышающие финансовый год",{"$nulls":5},"Товар","20.41.32.590.000.02.5111.000000000000","Средство моющее","Средство моющее","едендерді жууға арналған, ұнтақ, СТ РК ГОСТ Р 51696-2003","для мытья полов, порошок, СТ РК ГОСТ Р 51696-2003","Жууға арналған ұнтақ қатты беттерді : линолеум, ламинат, кафель плиткалар және т. б. қолдану Кезінде шағын бөлігі құралдары өспейді суда. Болуы белсенді заттардың мүмкіндік береді жақсы және тез күресу ластанған. Ұнтақтың құрамына кіреді ақтағыш. Орауы - картон қорапқа 400 грамм .Құрамы:<5% ионогенсіз беттік-белсенді заттар (ПАВ), хлоросодержащие ағартқыш заттар.15-30 % анионды ПАВ, фосфаттарСипаттамасы:әмбебап жуатын ұнтақ жинау үшін.","Порошок для мытья твердых поверхностей :  линолеума, ламината, кафельной плитки и т.д. При применении небольшая часть средства разводится в воде. Наличие активных веществ позволяет лучше и быстрее справляться с загрязнениями. В состав порошка входит отбеливатель. Упаковка - картонный короб по 400 грамм . Состав:<5% неионогенные поверхностно-активные вещества (ПАВ), хлоросодержащие отбеливающие вещества.15-30 % анионные ПАВ, фосфатыОписание:универсальный моющий порошок для уборки дома.","Запрос ценовых предложений",null,"Запрос ценовых предложений","Одна пачка",400,400,160000,160000,null,null,"Март","31 желтоқсан 2018 жыл","до 31 декабря 2018 года","751210000;","Алматы қ., Алатау ауданы Алматы қ. Дархан ы-ауданы, Халифа Алтая 24/1 ;","г.Алматы, Алатауский район г Алматы , мкр Дархан ,ул Халифа Алтая 24/1;",null,null,"Исполнен"]
[18667877,18667877,"Закупки, не превышающие финансовый год",{"$nulls":5},"Товар","20.41.32.570.000.01.0868.000000000000","Средство моющее","Средство моющее","ыдыс жууға арналған, гель, СТ РК ГОСТ Р 51696-2003","для мытья посуды, гель, СТ РК ГОСТ Р 51696-2003","Ыдыс-аяқты жууға арналған, көлемі 1 литр пластик ақ жабық шөлмекте жақсы сергітетін көбікке айналатын Құрамы:5-15% анионды ПАВ <5% неионогенные ПАВ. Қосымша: бенизитиазолинон ,фенокситанол ,консерванттар, отдушка, гераниол, лимонен.Сипаттамасы:Ыдыс жууға арналған құрал Береді, суға тигенде және тұрақты көбік. Коллагенін май тіпті суық суда. Үшін жұмсақ.","Средство для мытья посуды объем 1 литр, в пластиковой белой непрозрачной бутылке,  хорошо пенится , Состав:5-15% анионные ПАВ, <5% неионогенные ПАВ. Дополнительно:  бенизитиазолинон ,фенокситанол ,консерванты, отдушка, гераниол, лимонен.Описание:Средство для мытья посуды Даёт обильную и устойчивую пену. Растворяет жир даже в холодной воде. Мягкий для рук.","Запрос ценовых предложений",null,"Запрос ценовых предложений","Бутылка",10,900,9000,9000,null,null,"Март","31 желтоқсан 2018 жыл","до 31 декабря 2018 года","751210000;","Алматы қ., Алатау ауданы Алматы қ. Дархан ы-ауданы, Халифа Алтая 24/1 ;","г.Алматы, Алатауский район г Алматы , мкр Дархан ,ул Халифа Алтая 24/1;",null,null,"Исполнен"]
[18667878,18667878,"Закупки, не превышающие финансовый год",{"$nulls":5},"Товар","13.92.29.990.006.02.0018.000000000000","Ткань","Ткань","из вафельного полотна, обтирочная","из вафельного полотна, обтирочная","Вафельді мата мата - кең материалды алу үшін шаң, құрғақ, ылғалды жинау және көптеген басқа да жоғары тығыздығы облыстарда 240 мб/м2 мата ені 1 метр , ақ түсті, 100% мақта . өте жақсы сіңіреді кез келген ылғалды, вафельді мата ие ең жоғары гигроскопическим көрсеткіші бірегей переплетению жіптердің. Вафельді мата жұмсақ, царапает өңделетін бетінің дерлік қалдырады түкті болып табылады берік және износоустойчивой. Вафельді мата емес линяет қолданылады және көп мәрте жағдайда жұмыс неагрессивными еріткіштермен жақсы отстирывается.","Вафельное полотно ткань  - распространенный материал, предназначенный для снятия пыли, сухой, влажной уборки и много другого с повышенной плотности на менне 240 гп/м2 ширина ткани 1 метр , белого цвета, 100% хлопка . отлично впитывает любую влагу, вафельное полотно обладает самым высоким гигроскопическим показателем благодаря уникальному переплетению нитей. Вафельная ткань мягкая, не царапает обрабатываемые поверхности, практически не оставляет ворса, является прочной и износоустойчивой. Вафельное полотно не линяет и используется многократно при условии работы с неагрессивными растворителями, хорошо отстирывается.","Запрос ценовых предложений",null,"Запрос ценовых предложений","Метр погонный",500,400,200000,200000,null,null,"Март","31 желтоқсан 2018 жыл","до 31 декабря 2018 года","751210000;","Алматы қ., Алатау ауданы Алматы қ. Дархан ы-ауданы, Халифа Алтая 24/1 ;","г.Алматы, Алатауский район г Алматы , мкр Дархан ,ул Халифа Алтая 24/1;",null,null,"Исполнен"]
[18667879,18667879,"Закупки, не превышающие финансовый год",{"$nulls":5},"Товар","22.22.11.300.000.00.0736.000000000000","Пакет","Пакет","мусорный, полиэтиленовый, объем 20л, 30шт в рулоне","мусорный, полиэтиленовый, объем 20л, 30шт в рулоне","Қоқыс үшін пакет орамда кемінде 30 дана, қалыңдығы 40 мкм, ӘҚЖ, түсі ақ \"А\" сыныбының 20 литрлік","Пакеты для мусора в рулоне не  менее 30 штук  плотность 40 мкм, ПВД, цвет белый класса \"А\" 20 литровый","Запрос ценовых предложений",null,"Запрос ценовых предложений","Рулон",500,250,125000,125000,null,null,"Март","31 желтоқсан 2018 жыл","до 31 декабря 2018 года","751210000;","Алматы қ., Алатау ауданы Алматы қ. Дархан ы-ауданы, Халифа Алтая 24/1 ;","г.Алматы, Алатауский район г Алматы , мкр Дархан ,ул Халифа Алтая 24/1;",null,null,"Исполнен"]
[18667880,18667880,"Закупки, не превышающие финансовый год",{"$nulls":5},"Товар","22.22.11.300.000.00.0736.000000000003","Пакет","Пакет","мусорный, полиэтиленовый, объем 25л, 30шт в рулоне","мусорный, полиэтиленовый, объем 25л, 30шт в рулоне","Қоқыс үшін пакет орамда кемінде 30 дана, қалыңдығы 40 мкм, ӘҚЖ, түсі ақ, \"А\" сыныбындағы 30 литрлік .Назар аударыңыз, бұл ТЖҚЖ сәйкес келмейді сипаты","Пакеты для мусора в рулоне не  менее 30 штук  плотность 40 мкм, ПВД, цвет белый класса \"А\" 30 литровый .Обратите внимание данное КТРУ не соответствует описанию","Запрос ценовых предложений",null,"Запрос ценовых предложений","Рулон",500,270,135000,135000,null,null,"Март","31 желтоқсан 2018 жыл","до 31 декабря 2018 года","751210000;","Алматы қ., Алатау ауданы Алматы қ. Дархан ы-ауданы, Халифа Алтая 24/1 ;","г.Алматы, Алатауский район г Алматы , мкр Дархан ,ул Халифа Алтая 24/1;",null,null,"Исполнен"]
[18667881,18667881,"Закупки, не превышающие финансовый год",{"$nulls":5},"Товар","22.22.11.300.000.00.0736.000000000006","Пакет","Пакет","мусорный, полиэтиленовый, объем 90л, 30шт в рулоне","мусорный, полиэтиленовый, объем 90л, 30шт в рулоне","Қоқыс үшін пакет орамда кемінде 30 дана, қалыңдығы 40 мкм, ӘҚЖ, түсі қара \"А\" сыныпты 60 литрлік .Назар аударыңыз, бұл ТЖҚЖ сәйкес келмейді сипаты","Пакеты для мусора в рулоне не  менее 30 штук  плотность 40 мкм, ПВД, цвет черный класса \"А\" 60 литровый .Обратите внимание данное КТРУ не соответствует описанию","Запрос ценовых предложений",null,"Запрос ценовых предложений","Рулон",500,350,175000,175000,null,null,"Март","31 желтоқсан 2018 жыл","до 31 декабря 2018 года","751210000;","Алматы қ., Алатау ауданы Алматы қ. Дархан ы-ауданы, Халифа Алтая 24/1 ;","г.Алматы, Алатауский район г Алматы , мкр Дархан ,ул Халифа Алтая 24/1;",null,null,"Исполнен"]
[18667882,18667882,"Закупки, не превышающие финансовый год",{"$nulls":5},"Товар","20.41.31.950.000.00.0796.000000000000","Мыло","Мыло","хозяйственное, твердое, 1 группа 72%, ГОСТ 30266-95","хозяйственное, твердое, 1 группа 72%, ГОСТ 30266-95","Шаруашылық сабын 72%, 200 гр. Ерекшелігі құралдары органикалық типі,жуу қолмен жуу,типі кез-келген киім-кешекті жуу, балалар киімі үшін барлық типтегі маталар,нәзік хош иісі бар .","Мыло хозяйственное 72% 200 гр. Особенность средства органическое,тип стирки ручная стирка,тип белья любое,стирка детской одежды,для всех типов ткани,с приятным запахом .","Запрос ценовых предложений",null,"Запрос ценовых предложений","Штука",400,85,34000,34000,null,null,"Март","31 желтоқсан 2018 жыл","до 31 декабря 2018 года","751210000;","Алматы қ., Алатау ауданы Алматы қ. Дархан ы-ауданы, Халифа Алтая 24/1 ;","г.Алматы, Алатауский район г Алматы , мкр Дархан ,ул Халифа Алтая 24/1;",null,null,"Исполнен"]
[18667883,18667883,"Закупки, не превышающие финансовый год",{"$nulls":5},"Товар","20.41.31.900.000.00.0796.000000000000","Мыло","Мыло","туалетное, твердое, ГОСТ 28546-2002","туалетное, твердое, ГОСТ 28546-2002","Иіс сабын 100 грамм Құрамы :натрий тұздары май қышқылдарының тағамдық майлар ,құрма пальмасы кокос немесе пальмоядового май,су ,глицерин ж / е барлық тері типіне мінсіз, жақсы пенящее глицериновое сабын .","Мыло туалетное 100 грамм Состав :натриевые соли жирных кислот пищевых жиров  ,пальмового кокосового или пальмоядового масел,вода ,глицерин для всех типов кожи  кожи, хорошо пенящее глицериновое мыло   .","Запрос ценовых предложений",null,"Запрос ценовых предложений","Штука",100,100,10000,10000,null,null,"Март","31 желтоқсан 2018 жыл","до 31 декабря 2018 года","751210000;","Алматы қ., Алатау ауданы Алматы қ. Дархан ы-ауданы, Халифа Алтая 24/1 ;","г.Алматы, Алатауский район г Алматы , мкр Дархан ,ул Халифа Алтая 24/1;",null,null,"Исполнен"]
[18667884,18667884,"Закупки, не превышающие финансовый год",{"$nulls":5},"Услуга","80.10.19.000.213.00.0777.000000000000","Услуги по индивидуальному дозиметрическому контролю","Услуги по индивидуальному дозиметрическому контролю","Услуги по индивидуальному дозиметрическому контролю","Услуги по индивидуальному дозиметрическому контролю","дозиметрическое өлшеу рентгендік сәуле шығару және пайдалану параметрлерін бақылау","дозиметрическое измерение рентгеновского излучение и контроля эксплуатационных параметров","Из одного источника путем прямого заключения договора","пп.42 п.3 ст.39 приобретения однородных товаров, работ, услуг, если годовой объем таких однородных товаров, работ, услуг в стоимостном выражении не превышает стократного размера месячного расчетного показателя, установленного на соответствующий финансовый год законом о республиканском бюджете;","Из одного источника путем прямого заключения договора","Одна услуга",1,73900,73900,73900,null,null,"Март","31 желтоқсан 2018 жыл","до 31 декабря 2018 года","751210000;","Алматы қ., Алатау ауданы Алматы қ. Дархан ы-ауданы, Халифа Алтая 24/1 ;","г.Алматы, Алатауский район г Алматы , мкр Дархан ,ул Халифа Алтая 24/1;",null,null,"Исполнен"]
[18667885,18667885,"Закупки, не превышающие финансовый год",{"$nulls":5},"Работа","43.21.10.335.002.00.0999.000000000000","Работы по устройству (монтажу) пожарной/охранной сигнализации/ систем тушения/видеонаблюдения и аналогичного оборудования","Работы по устройству (монтажу) пожарной/охранной сигнализации/ систем тушения/видеонаблюдения и аналогичного оборудования","Өрт/күзет дабылы, өрт сөндіру жүйесі және ұқсас жабдықтарды орнату (монтаж жасау) жұмыстары","Работы по устройству (монтажу) пожарной/охранной сигнализации/ систем тушения/видеонаблюдения и аналогичного оборудования","Работы по установке пожарной сигнализации кабинетінде дәріхана","Работы по установке пожарной сигнализации в кабинете аптеки","Из одного источника путем прямого заключения договора","пп.42 п.3 ст.39 приобретения однородных товаров, работ, услуг, если годовой объем таких однородных товаров, работ, услуг в стоимостном выражении не превышает стократного размера месячного расчетного показателя, установленного на соответствующий финансовый год законом о республиканском бюджете;","Из одного источника путем прямого заключения договора","Работа",1,50000,50000,50000,null,null,"Март","31 желтоқсан 2018 жыл","до 31 декабря 2018 года","751210000;","Алматы қ., Алатау ауданы Алматы қ. Дархан ы-ауданы, Халифа Алтая 24/1 ;","г.Алматы, Алатауский район г Алматы , мкр Дархан ,ул Халифа Алтая 24/1;",null,null,"Исполнен"]
[18667886,18667886,"Закупки, не превышающие финансовый год",{"$nulls":5},"Услуга","71.20.19.000.000.00.0777.000000000000","Услуги по поверке средств измерений","Услуги по поверке средств измерений","Өлшеу құралдарын тексеру бойынша қызметтер.","Услуги по поверке средств измерений","тексеру газ есептегіш","поверка  газового счетчика","Из одного источника путем прямого заключения договора","пп.42 п.3 ст.39 приобретения однородных товаров, работ, услуг, если годовой объем таких однородных товаров, работ, услуг в стоимостном выражении не превышает стократного размера месячного расчетного показателя, установленного на соответствующий финансовый год законом о республиканском бюджете;","Из одного источника путем прямого заключения договора","Одна услуга",1,56000,56000,56000,null,null,"Март","31 желтоқсан 2018 жыл","до 31 декабря 2018 года","751210000;","Алматы қ., Алатау ауданы Алматы қ. Дархан ы-ауданы, Халифа Алтая 24/1 ;","г.Алматы, Алатауский район г Алматы , мкр Дархан ,ул Халифа Алтая 24/1;",null,null,"Исполнен"]
[18667887,18667887,"Закупки, не превышающие финансовый год",{"$nulls":5},"Услуга","74.90.20.000.011.00.0777.000000000000","Услуги по освидетельствованию грузоподъемных механизмов","Услуги по освидетельствованию грузоподъемных механизмов","Жүк көтергіш механизмдерін куәландыру бойынша қызметтер","Услуги по освидетельствованию грузоподъемных механизмов","лифтіні куәландыру","освидетельствование лифта","Из одного источника путем прямого заключения договора","пп.42 п.3 ст.39 приобретения однородных товаров, работ, услуг, если годовой объем таких однородных товаров, работ, услуг в стоимостном выражении не превышает стократного размера месячного расчетного показателя, установленного на соответствующий финансовый год законом о республиканском бюджете;","Из одного источника путем прямого заключения договора","Одна услуга",1,60000,60000,60000,null,null,"Март","31 желтоқсан 2018 жыл","до 31 декабря 2018 года","751210000;","Алматы қ., Алатау ауданы Алматы қ. Дархан ы-ауданы, Халифа Алтая 24/1 ;","г.Алматы, Алатауский район г Алматы , мкр Дархан ,ул Халифа Алтая 24/1;",null,null,"Исполнен"]
[18667888,18667888,"Закупки, не превышающие финансовый год",{"$nulls":5},"Услуга","69.20.10.000.001.00.0777.000000000000","Услуги по проведению аудита по налогам","Услуги по проведению аудита по налогам","Салық бойынша аудитті жүргізу қызметтері","Услуги по проведению аудита по налогам","салық бойынша аудитті жүргізу қызмет","услуги по проведению аудита по налогам","Из одного источника путем прямого заключения договора","пп.42 п.3 ст.39 приобретения однородных товаров, работ, услуг, если годовой объем таких однородных товаров, работ, услуг в стоимостном выражении не превышает стократного размера месячного расчетного показателя, установленного на соответствующий финансовый год законом о республиканском бюджете;","Из одного источника путем прямого заключения договора","Одна услуга",1,240500,240500,240500,null,null,"Март","31 желтоқсан 2018 жыл","до 31 декабря 2018 года","751210000;","Алматы қ., Алатау ауданы Алматы қ. Дархан ы-ауданы, Халифа Алтая 24/1 ;","г.Алматы, Алатауский район г Алматы , мкр Дархан ,ул Халифа Алтая 24/1;",null,null,"Исполнен"]
[18667889,18667889,"Закупки, не превышающие финансовый год",{"$nulls":5},"Услуга","69.20.10.000.002.00.0777.000000000000","Услуги по проведению аудита финансовой отчетности","Услуги по проведению аудита финансовой отчетности","Қаржылық есеп аудитін жүргізу бойынша қызмет","Услуги по проведению аудита финансовой отчетности","қаржылық есеп аудитін жүргізу бойынша қызмет","услуги по проведению финансового аудита","Из одного источника путем прямого заключения договора","пп.42 п.3 ст.39 приобретения однородных товаров, работ, услуг, если годовой объем таких однородных товаров, работ, услуг в стоимостном выражении не превышает стократного размера месячного расчетного показателя, установленного на соответствующий финансовый год законом о республиканском бюджете;","Из одного источника путем прямого заключения договора","Одна услуга",1,240500,240500,240500,null,null,"Март","31 желтоқсан 2018 жыл","до 31 декабря 2018 года","751210000;","Алматы қ., Алатау ауданы Алматы қ. Дархан ы-ауданы, Халифа Алтая 24/1 ;","г.Алматы, Алатауский район г Алматы , мкр Дархан ,ул Халифа Алтая 24/1;",null,null,"Исполнен"]
[18840399,18840399,"Закупки, не превышающие финансовый год",{"$nulls":5},"Услуга","64.19.30.335.007.00.0777.000000000000","Услуги банков по ведению счетов","Услуги банков по ведению счетов","Есеп жүргізу банкінің қызметтері","Услуги банков по ведению счетов","Банк қызметтері үшін шоттарды жүргізу","Услуги банка по ведению счетов","Из одного источника путем прямого заключения договора","пп.11 п.3 ст.39 приобретения услуг рейтинговых агентств, финансовых услуг;","Из одного источника путем прямого заключения договора","Одна услуга",1,500000,500000,500000,null,null,"Апрель","31 желтоқсан 2018 жыл","до 31 дкабря 2018 года","751210000;","Алматы қ., Алатау ауданы Алматы қ ,Дархан ы-ауданы, Халифа Алтая қошесы 24/1;","г.Алматы, Алатауский район г Алматы , мкр Дархан, ул Халифа Алтая 24/1;",null,null,"Договор действует"]
[18840400,18840400,"Закупки, не превышающие финансовый год",{"$nulls":5},"Работа","95.24.10.000.000.00.0999.000000000000","Работы по ремонту/восстановлению мебели","Работы по ремонту/восстановлению мебели","Жиһазды жөндеу/қалпына келтіру жұмыстары","Работы по ремонту/восстановлению мебели","1. Шығыс материалдар қызметтер берушініСаныа) кереуеттерді - 15 дана., б) банкеток-бабына спинками -35шт. в) Төсеніштер үшін пеленального үстел-2 дана. 2.Түсі тері алмастырушы – көк2. Жөндеу дөңгелегі арбалары үшін таза киім-8 дана.,және медоборудования -4 данаҚажетті материалдар өнім.","1.Расходные материалы  с поставщика услугКоличество   а) кушеток  - 15шт.,                                  б) банкеток  со спинками -35шт.           в) Маты для пеленального  столика  2 шт.  2.Цвет кожзаменителя – синий2.Ремонт колес тележек для чистого белья 8 шт., и газонокосилок -4 штНеобходимые материалы с поставщика.","Из одного источника путем прямого заключения договора","пп.42 п.3 ст.39 приобретения однородных товаров, работ, услуг, если годовой объем таких однородных товаров, работ, услуг в стоимостном выражении не превышает стократного размера месячного расчетного показателя, установленного на соответствующий финансовый год законом о республиканском бюджете;","Из одного источника путем прямого заключения договора","Работа",1,240000,240000,240000,null,null,"Апрель","31 желтоқсан 2018 жыл","до 31 дкабря 2018 года","751210000;","Алматы қ., Алатау ауданы Алматы қ ,Дархан ы-ауданы, Халифа Алтая қошесы 24/1;","г.Алматы, Алатауский район г Алматы , мкр Дархан, ул Халифа Алтая 24/1;",null,null,"Исполнен"]
[19213478,19213478,"Закупки, не превышающие финансовый год",{"$nulls":5},"Товар","20.30.12.700.000.00.0881.000000000058","Эмаль","Эмаль","ПФ-115, ГОСТ 6465-76","ПФ-115, ГОСТ 6465-76","1. Эмаль ПФ-115 әмбебап, алкидті, жылтыр эмаль, ішкі және сыртқы жұмыстар үшін дайындалған негізінде жоғары сапалы шикізат, ылғал жабу, қорғаныс және сәндік қасиеттері. Қолдайды температурасы -50 ден 60 град. С. Құрамы: жоғары сапалы алкидный лак, пигменттер нысаналы қоспалар, еріткіштер, жылдамдатқыш кептіру.Саны: 10 банка, 24кг","1.Эмаль  ПФ-115 универсальная алкидная глянцевая эмаль для наружных и внутренних работ, изготовленная на основе высококачественного сырья, что придает покрытию защитные и декоративные свойства. Поддерживает температуры от -50 до 60 град С. Состав: высококачественный  алкидный лак, пигменты целевые добавки, растворители, ускоритель сушки.Количество:  10 банок, по 24кг","Из одного источника путем прямого заключения договора","пп.42 п.3 ст.39 приобретения однородных товаров, работ, услуг, если годовой объем таких однородных товаров, работ, услуг в стоимостном выражении не превышает стократного размера месячного расчетного показателя, установленного на соответствующий финансовый год законом о республиканском бюджете;","Из одного источника путем прямого заключения договора","Банка условная",10,19200,192000,192000,null,null,"Апрель","31 желтоқсан 2018 жыл","31 декабя 2018 год","751210000;","Алматы қ., Алатау ауданы Алматы қ. Алатау ауданы.Дархан ы-ауданы. Халифа Алтая 24/1;","г.Алматы, Алатауский район г Алматы. Алатауский р. мкр Дархан.ул. Халифа Алтая 24/1;",null,null,"Исполнен"]
[19213479,19213479,"Закупки, не превышающие финансовый год",{"$nulls":5},"Товар","20.12.21.900.000.00.0796.000000000000","Краситель","Краситель","контрастный","контрастный","2. Коллер, эмальды бояудың тюбиктердегі 200мл. түсі верблюжка 15 дана.","Коллер, для эмалированной краски в тюбиках 200мл. цвет верблюжка   15 шт.","Из одного источника путем прямого заключения договора","пп.42 п.3 ст.39 приобретения однородных товаров, работ, услуг, если годовой объем таких однородных товаров, работ, услуг в стоимостном выражении не превышает стократного размера месячного расчетного показателя, установленного на соответствующий финансовый год законом о республиканском бюджете;","Из одного источника путем прямого заключения договора","Штука",15,500,7500,7500,null,null,"Апрель","31 желтоқсан 2018 жыл","31 декабя 2018 год","751210000;","Алматы қ., Алатау ауданы Алматы қ. Алатау ауданы.Дархан ы-ауданы. Халифа Алтая 24/1;","г.Алматы, Алатауский район г Алматы. Алатауский р. мкр Дархан.ул. Халифа Алтая 24/1;",null,null,"Исполнен"]
[19213480,19213480,"Закупки, не превышающие финансовый год",{"$nulls":5},"Товар","20.30.22.700.000.00.0112.000000000000","Растворитель","Растворитель","для лакокрасочных материалов, марка 645, ГОСТ 18188-72","для лакокрасочных материалов, марка 645, ГОСТ 18188-72","Еріткіш уайт спирт , саны 20л","Растворитель : уайт спирт , количество 20л","Из одного источника путем прямого заключения договора","пп.42 п.3 ст.39 приобретения однородных товаров, работ, услуг, если годовой объем таких однородных товаров, работ, услуг в стоимостном выражении не превышает стократного размера месячного расчетного показателя, установленного на соответствующий финансовый год законом о республиканском бюджете;","Из одного источника путем прямого заключения договора","Литр (куб. дм.)",20,500,10000,10000,null,null,"Апрель","31 желтоқсан 2018 жыл","31 декабя 2018 год","751210000;","Алматы қ., Алатау ауданы Алматы қ. Алатау ауданы.Дархан ы-ауданы. Халифа Алтая 24/1;","г.Алматы, Алатауский район г Алматы. Алатауский р. мкр Дархан.ул. Халифа Алтая 24/1;",null,null,"Исполнен"]
[19213481,19213481,"Закупки, не превышающие финансовый год",{"$nulls":5},"Товар","22.21.30.200.001.00.0018.000000000000","Үлпек","Пленка","полипропилендік, биаксиалдық-бағытталған","полипропиленовая, биаксиально-ориентированная","Пленка полиэтиленовая, саны 50 пог.м","Пленка полиэтиленовая, кол-во 50 пог.м","Из одного источника путем прямого заключения договора","пп.42 п.3 ст.39 приобретения однородных товаров, работ, услуг, если годовой объем таких однородных товаров, работ, услуг в стоимостном выражении не превышает стократного размера месячного расчетного показателя, установленного на соответствующий финансовый год законом о республиканском бюджете;","Из одного источника путем прямого заключения договора","Метр погонный",50,150,7500,7500,null,null,"Апрель","31 желтоқсан 2018 жыл","31 декабя 2018 год","751210000;","Алматы қ., Алатау ауданы Алматы қ. Алатау ауданы.Дархан ы-ауданы. Халифа Алтая 24/1;","г.Алматы, Алатауский район г Алматы. Алатауский р. мкр Дархан.ул. Халифа Алтая 24/1;",null,null,"Исполнен"]
[19213482,19213482,"Закупки, не превышающие финансовый год",{"$nulls":5},"Товар","22.29.29.900.116.00.0796.000000000005","Решетка вентиляционная","Решетка вентиляционная","пластиковая, проемная, тип РПВ2, ГОСТ 13448-82","пластиковая, проемная, тип РПВ2, ГОСТ 13448-82","Торлар, желдеткіш 25смх40см,ақ пластиктен жасалған","Решетки вентиляционные 25смх40см,белые из пластика","Из одного источника путем прямого заключения договора","пп.42 п.3 ст.39 приобретения однородных товаров, работ, услуг, если годовой объем таких однородных товаров, работ, услуг в стоимостном выражении не превышает стократного размера месячного расчетного показателя, установленного на соответствующий финансовый год законом о республиканском бюджете;","Из одного источника путем прямого заключения договора","Штука",2,2500,5000,5000,null,null,"Апрель","31 желтоқсан 2018 жыл","31 декабя 2018 год","751210000;","Алматы қ., Алатау ауданы Алматы қ. Алатау ауданы.Дархан ы-ауданы. Халифа Алтая 24/1;","г.Алматы, Алатауский район г Алматы. Алатауский р. мкр Дархан.ул. Халифа Алтая 24/1;",null,null,"Исполнен"]
[19213483,19213483,"Закупки, не превышающие финансовый год",{"$nulls":5},"Товар","22.21.21.500.001.04.0006.000000000000","Труба","Труба","ішкі кәріз құбыры үшін, поливинилхлоридтан, диаметрі 160, қалыңдығы 4 мм","для внутренней канализации, из поливинилхлорида, диаметр 160, толщина 4 мм","пластикалық құбыр үшін кәріз d100,3м","Труба пластиковая для канализация  d100,3м","Из одного источника путем прямого заключения договора","пп.42 п.3 ст.39 приобретения однородных товаров, работ, услуг, если годовой объем таких однородных товаров, работ, услуг в стоимостном выражении не превышает стократного размера месячного расчетного показателя, установленного на соответствующий финансовый год законом о республиканском бюджете;","Из одного источника путем прямого заключения договора","Метр",6,500,3000,3000,null,null,"Апрель","31 желтоқсан 2018 жыл","31 декабя 2018 год","751210000;","Алматы қ., Алатау ауданы Алматы қ. Алатау ауданы.Дархан ы-ауданы. Халифа Алтая 24/1;","г.Алматы, Алатауский район г Алматы. Алатауский р. мкр Дархан.ул. Халифа Алтая 24/1;",null,null,"Исполнен"]
[19213484,19213484,"Закупки, не превышающие финансовый год",{"$nulls":5},"Товар","22.23.14.700.009.00.0796.000000000005","Поворот","Поворот","размер 25*25 мм, на 90 градусов","размер 25*25 мм, на 90 градусов","Бұрылу пластик d100,3м","Поворот пластик d100,3м","Из одного источника путем прямого заключения договора","пп.42 п.3 ст.39 приобретения однородных товаров, работ, услуг, если годовой объем таких однородных товаров, работ, услуг в стоимостном выражении не превышает стократного размера месячного расчетного показателя, установленного на соответствующий финансовый год законом о республиканском бюджете;","Из одного источника путем прямого заключения договора","Штука",2,400,800,800,null,null,"Апрель","31 желтоқсан 2018 жыл","31 декабя 2018 год","751210000;","Алматы қ., Алатау ауданы Алматы қ. Алатау ауданы.Дархан ы-ауданы. Халифа Алтая 24/1;","г.Алматы, Алатауский район г Алматы. Алатауский р. мкр Дархан.ул. Халифа Алтая 24/1;",null,null,"Исполнен"]
[19213485,19213485,"Закупки, не превышающие финансовый год",{"$nulls":5},"Товар","24.42.22.500.001.01.0796.000000000000","Профиль","Профиль","алюминиевый, размер 1649 мм, анодированный","алюминиевый, размер 1649 мм, анодированный","Профиль алюминийвый100ммхм50мм қаптама қорапта","Профиль алюминийвый100ммхм50мм   упаковка в пачках","Из одного источника путем прямого заключения договора","пп.42 п.3 ст.39 приобретения однородных товаров, работ, услуг, если годовой объем таких однородных товаров, работ, услуг в стоимостном выражении не превышает стократного размера месячного расчетного показателя, установленного на соответствующий финансовый год законом о республиканском бюджете;","Из одного источника путем прямого заключения договора","Штука",2,5000,10000,10000,null,null,"Апрель","31 желтоқсан 2018 жыл","31 декабя 2018 год","751210000;","Алматы қ., Алатау ауданы Алматы қ. Алатау ауданы.Дархан ы-ауданы. Халифа Алтая 24/1;","г.Алматы, Алатауский район г Алматы. Алатауский р. мкр Дархан.ул. Халифа Алтая 24/1;",null,null,"Исполнен"]
[19213486,19213486,"Закупки, не превышающие финансовый год",{"$nulls":5},"Товар","25.93.14.600.000.00.0796.000000000000","Бекіткіш","Скрепа","бандаждық, қорғаныс бейіндерді, тіреуіштерді және басқа элементтерді ЭБЖ тіректеріне бекітуге арналған","бандажная, для крепления защитных профилей, кронштейнов и других элементов к опорам ЛЭП","Бекітуге арналған кронштейндер","Кронштейны для фиксации","Из одного источника путем прямого заключения договора","пп.42 п.3 ст.39 приобретения однородных товаров, работ, услуг, если годовой объем таких однородных товаров, работ, услуг в стоимостном выражении не превышает стократного размера месячного расчетного показателя, установленного на соответствующий финансовый год законом о республиканском бюджете;","Из одного источника путем прямого заключения договора","Штука",4,300,1200,1200,null,null,"Апрель","31 желтоқсан 2018 жыл","31 декабя 2018 год","751210000;","Алматы қ., Алатау ауданы Алматы қ. Алатау ауданы.Дархан ы-ауданы. Халифа Алтая 24/1;","г.Алматы, Алатауский район г Алматы. Алатауский р. мкр Дархан.ул. Халифа Алтая 24/1;",null,null,"Исполнен"]
[19213487,19213487,"Закупки, не превышающие финансовый год",{"$nulls":5},"Товар","20.30.22.550.000.00.0778.000000000002","Шпатлевка","Шпатлевка","для выравнивания стен и потолков в помещениях, на гипсовой основе","для выравнивания стен и потолков в помещениях, на гипсовой основе","левкас финиш қапта 25 кг","левкас финиш фасовка в мешке 25 кг","Из одного источника путем прямого заключения договора","пп.42 п.3 ст.39 приобретения однородных товаров, работ, услуг, если годовой объем таких однородных товаров, работ, услуг в стоимостном выражении не превышает стократного размера месячного расчетного показателя, установленного на соответствующий финансовый год законом о республиканском бюджете;","Из одного источника путем прямого заключения договора","Упаковка",1,1000,1000,1000,null,null,"Апрель","31 желтоқсан 2018 жыл","31 декабя 2018 год","751210000;","Алматы қ., Алатау ауданы Алматы қ. Алатау ауданы.Дархан ы-ауданы. Халифа Алтая 24/1;","г.Алматы, Алатауский район г Алматы. Алатауский р. мкр Дархан.ул. Халифа Алтая 24/1;",null,null,"Исполнен"]
[19213488,19213488,"Закупки, не превышающие финансовый год",{"$nulls":5},"Товар","20.30.22.100.001.00.0112.000000000000","Грунтовка","Грунтовка","однокомпонентный состав, антикоррозионная","однокомпонентный состав, антикоррозионная","эмульсия 5л","эмульсия 5л","Из одного источника путем прямого заключения договора","пп.42 п.3 ст.39 приобретения однородных товаров, работ, услуг, если годовой объем таких однородных товаров, работ, услуг в стоимостном выражении не превышает стократного размера месячного расчетного показателя, установленного на соответствующий финансовый год законом о республиканском бюджете;","Из одного источника путем прямого заключения договора","Литр (куб. дм.)",5,400,2000,2000,null,null,"Апрель","31 желтоқсан 2018 жыл","31 декабя 2018 год","751210000;","Алматы қ., Алатау ауданы Алматы қ. Алатау ауданы.Дархан ы-ауданы. Халифа Алтая 24/1;","г.Алматы, Алатауский район г Алматы. Алатауский р. мкр Дархан.ул. Халифа Алтая 24/1;",null,null,"Исполнен"]
[19213489,19213489,"Закупки, не превышающие финансовый год",{"$nulls":5},"Товар","25.71.11.920.001.00.0796.000000000006","Қайшы","Ножницы","металды кесуге арналған","для резки металла","темір кесуге арналған қайшы","ножницы для резки метала","Из одного источника путем прямого заключения договора","пп.42 п.3 ст.39 приобретения однородных товаров, работ, услуг, если годовой объем таких однородных товаров, работ, услуг в стоимостном выражении не превышает стократного размера месячного расчетного показателя, установленного на соответствующий финансовый год законом о республиканском бюджете;","Из одного источника путем прямого заключения договора","Штука",1,1500,1500,1500,null,null,"Апрель","31 желтоқсан 2018 жыл","31 декабя 2018 год","751210000;","Алматы қ., Алатау ауданы Алматы қ. Алатау ауданы.Дархан ы-ауданы. Халифа Алтая 24/1;","г.Алматы, Алатауский район г Алматы. Алатауский р. мкр Дархан.ул. Халифа Алтая 24/1;",null,null,"Исполнен"]
[19213490,19213490,"Закупки, не превышающие финансовый год",{"$nulls":5},"Товар","22.23.14.700.017.00.0006.000000000000","Плинтус","Плинтус","пластиковый, ламинированный, с кабель-каналом, с защелкой, с резиновым уплотнителем","пластиковый, ламинированный, с кабель-каналом, с защелкой, с резиновым уплотнителем","плинтус 3м уголками","плинтус 3м с уголками","Из одного источника путем прямого заключения договора","пп.42 п.3 ст.39 приобретения однородных товаров, работ, услуг, если годовой объем таких однородных товаров, работ, услуг в стоимостном выражении не превышает стократного размера месячного расчетного показателя, установленного на соответствующий финансовый год законом о республиканском бюджете;","Из одного источника путем прямого заключения договора","Метр",6,167,1002,1002,null,null,"Апрель","31 желтоқсан 2018 жыл","31 декабя 2018 год","751210000;","Алматы қ., Алатау ауданы Алматы қ. Алатау ауданы.Дархан ы-ауданы. Халифа Алтая 24/1;","г.Алматы, Алатауский район г Алматы. Алатауский р. мкр Дархан.ул. Халифа Алтая 24/1;",null,null,"Исполнен"]
[19213491,19213491,"Закупки, не превышающие финансовый год",{"$nulls":5},"Товар","24.33.11.100.000.00.0006.000000000005","Уголок","Уголок","стальной, равнополочный, номер 2,5, ширина полок 25*25 мм, ГОСТ 8509-93","стальной, равнополочный, номер 2,5, ширина полок 25*25 мм, ГОСТ 8509-93","бұрыштар алюминий профиль 3м дана саны","уголки алюминиевый  профиль 3м количество в штуках","Из одного источника путем прямого заключения договора","пп.42 п.3 ст.39 приобретения однородных товаров, работ, услуг, если годовой объем таких однородных товаров, работ, услуг в стоимостном выражении не превышает стократного размера месячного расчетного показателя, установленного на соответствующий финансовый год законом о республиканском бюджете;","Из одного источника путем прямого заключения договора","Метр",10,200,2000,2000,null,null,"Апрель","31 желтоқсан 2018 жыл","31 декабя 2018 год","751210000;","Алматы қ., Алатау ауданы Алматы қ. Алатау ауданы.Дархан ы-ауданы. Халифа Алтая 24/1;","г.Алматы, Алатауский район г Алматы. Алатауский р. мкр Дархан.ул. Халифа Алтая 24/1;",null,null,"Исполнен"]
[19213492,19213492,"Закупки, не превышающие финансовый год",{"$nulls":5},"Товар","27.20.11.900.003.00.0778.000000000005","Батарейка","Батарейка","тип АА","тип АА","LR6 min1500 ұзындығы 27 мм диаметрі 1 см многозарядная .Назар аударыңыз, бұл ТЖҚЖ сәйкес емес тауар. батарейка тиіс бөлуге арналған пульттер шлагбаум. .буып-түю \" буып-қаптамада 2 дана, батареялардың","LR6 min1500 длина 27 мм    диаметр 1 см   многозарядная .Внимание данное КТРУ не соответствует товару. батарейка должна подходить для пультов шлагбаума.  .фасовка в упаковке в упаковке 2 штуки батареек","Запрос ценовых предложений",null,"Запрос ценовых предложений","Упаковка",15,400,6000,6000,null,null,"Апрель","31 желтоқсан 2018 жыл","31 декабя 2018 год","751210000;","Алматы қ., Алатау ауданы Алматы қ. Алатау ауданы.Дархан ы-ауданы. Халифа Алтая 24/1;","г.Алматы, Алатауский район г Алматы. Алатауский р. мкр Дархан.ул. Халифа Алтая 24/1;",null,null,"Исполнен"]
[19213493,19213493,"Закупки, не превышающие финансовый год",{"$nulls":5},"Товар","27.11.61.000.009.00.0796.000000000000","Су сорғысы","Насос водяной","дизельдік электр станция үшін","для дизельной электростанции","Айналымдағы сорғы A 50 / 18O XM (ыстық сумен қамтамасыз ету үшін).1 дана.Ерекшелігі:1. Сорғының қозғалтқышы мыс орамда болуы керек.2. Жалпы өлшемі 200мм 170мм3. Диаметрі -40мм4. Су басының биіктігі (H) - 5,2 м6. Қуаты / сыйымдылығы Q - 8м3 / сағ7. А50 / 180ХМ қуат параметрлері          8. Ең жоғары жұмыс қысымы: 10 бар.           9. Су құйылған сұйықтық. Ингредиенттер: таза, қатты қоспа жоқ және суға тән қасиеттерге ұқсас емес, химиялық жағынан бейтарап емес, минералды майлар (максимум гликоль мөлшері - 30%). Температура: -10 - +110 ° C. Негізгі материалдар: Гидравликалық корпус - шойын, дөңгелек-технополимер, роторлы баспайтын болат, EPDM.        10. Ерекшеліктер. Қозғалтқыштың мойынтіректері сорып жатқан сұйықтықпен майды жағады. Бірфазалы модельдердің қозғалтқыштары жүктемеден қосымша қорғаныс талап етпейді, олардың үш қозғалтқыш жылдамдығы бар.     11. Кіріктірмейтін клапан. Монтаждау. Қозғалтқыш білігі қатаң көлденең күйде.      12. Стандартты қорек көзі: 1х230 В, 3x400 В.      13. Қорғау дәрежесі: IP 44. Оқшаулау класы: F.14. Сертификаттың болуы, 1 жылға кепілдік.Назар аударыңыз, бұл Ktru өнімге сәйкес келмейді","Насос циркуляционный    A 50/18О ХМ (для горячего водоснабжения).кол-во    1  шт.       Характеристика:   1.Двигатель насоса должен быть с медной обмоткой.2. Габаритный размер 200ммх 170мм3. Диаметр                     -40мм4.Высота водяного напора  (Н)       -           5,2м6.Мощность/производительность Q       - 8м3/ч    7.Параметры мощности  А50/180ХМ          8.Максимальное рабочее давление: 10 бар.           9.Перекачиваемая жидкость. Состав: чистая, без твердых включений   и минеральных масел, не вязкая, химически нейтральная, по характеристикам аналогичная воде (макс. содержание гликоля - 30%). Температура: от -10 до +110\"С. Основные материалы. Гидравлический корпус - чугун, рабочее колесо -технополимер, ротор - нержавеющая сталь, уплотнение - EPDM.        10.Особенности. Подшипники двигателя смазываются перекачиваемой жидкостью. Двигатели однофазных моделей не требует дополнительной защиты от перегрузки, имеют три скорости вращения двигателя.      11 .Встроенный обратный клапан. Монтаж. Вал двигателя строго в горизонтальном положении.      12.Стандартное электропитание: 1x230 В, 3x400 В.      13.Степень защиты: IP 44. Класс изоляции: F.14. Наличие сертификата, гарантия 1 год.прошу обратит внимание что данное Ктру не соответствует  товару","Запрос ценовых предложений",null,"Из одного источника по несостоявшимся закупкам","Штука",1,50000,50000,50000,null,null,"Апрель","31 желтоқсан 2018 жыл","31 декабя 2018 год","751210000;","Алматы қ., Алатау ауданы Алматы қ. Алатау ауданы.Дархан ы-ауданы. Халифа Алтая 24/1;","г.Алматы, Алатауский район г Алматы. Алатауский р. мкр Дархан.ул. Халифа Алтая 24/1;",null,null,"Договор не исполнен. Нет платежей"]
[19213494,19213494,"Закупки, не превышающие финансовый год",{"$nulls":5},"Работа","95.11.10.000.002.00.0999.000000000000","Работы по ремонту/модернизации компьютерной/периферийной оргтехники/оборудования и их частей","Работы по ремонту/модернизации компьютерной/периферийной оргтехники/оборудования и их частей","Компьютерлік/шеткері жабдықтарды және олардың бөлшектерін жөндеу/жаңғырту жұмыстары","Работы по ремонту/модернизации компьютерной/периферийной оргтехники/оборудования и их частей","VKP-80 принтерінің жөндеу жұмыстары, принтерге арналған тазартқыштар, CRU ремонт тізбегі, принтерге арналған принтерлер мен принтерлерді орнату .Қызмет құны 27 000,00 тенге","услуга по ремону принтера VKP-80 ,чистка принтера ,ремот цепи CРU,прошивка принтера и установка принтера .Стоимость работы 27 000,00 тенге","Из одного источника путем прямого заключения договора","пп.42 п.3 ст.39 приобретения однородных товаров, работ, услуг, если годовой объем таких однородных товаров, работ, услуг в стоимостном выражении не превышает стократного размера месячного расчетного показателя, установленного на соответствующий финансовый год законом о республиканском бюджете;","Из одного источника путем прямого заключения договора","Работа",1,27000,27000,27000,null,null,"Апрель","31 желтоқсан 2018 жыл","31 декабя 2018 год","751210000;","Алматы қ., Алатау ауданы Алматы қ. Алатау ауданы.Дархан ы-ауданы. Халифа Алтая 24/1;","г.Алматы, Алатауский район г Алматы. Алатауский р. мкр Дархан.ул. Халифа Алтая 24/1;",null,null,"Исполнен"]
[19213495,19213495,"Закупки, не превышающие финансовый год",{"$nulls":5},"Товар","17.23.13.700.000.00.0796.000000000001","Бланк","Бланк","конкретного вида документа","конкретного вида документа","Карта үшін жүкті және жаңа босанған әйелдің тұратын 12 парақ ,түсі қағаздар аппақ Министрлігінің бұйрығына сәйкес Денсаулық сақтау Республики Казахстан от 23 ноября 2010 года № 907 . 200 дана карт .Алдында жеткізуге тапсырыс берушімен келісу үлгісі.","Карта для беременной и родильницы состоящая из 12 листов ,цвет бумаги белоснежный ,согласно приказу Министерства Здравоохранение Республики Казахстан от 23 ноября 2010 года № 907 . в количестве 200 штук карт .Перед поставкой согласовать с заказчиком образец.","Запрос ценовых предложений",null,"Запрос ценовых предложений","Штука",200,150,30000,30000,null,null,"Апрель","31 желтоқсан 2018 жыл","31 декабя 2018 год","751210000;","Алматы қ., Алатау ауданы Алматы қ. Алатау ауданы.Дархан ы-ауданы. Халифа Алтая 24/1;","г.Алматы, Алатауский район г Алматы. Алатауский р. мкр Дархан.ул. Халифа Алтая 24/1;",null,"Закупка у организаций, созданных общественными объединениями инвалидов","Исполнен"]
[19213496,19213496,"Закупки, не превышающие финансовый год",{"$nulls":5},"Работа","33.11.11.000.002.00.0999.000000000000","Работы по ремонту/реконструкции дверей/ворот/турникетных систем/ограждений и аналогичных изделий","Работы по ремонту/реконструкции дверей/ворот/турникетных систем/ограждений и аналогичных изделий","Есіктерді/қақпаларды/турникеттік жүйелерді/қоршауларды және ұқсас өнімдерді жөндеу/қалпына келтіру","Работы по ремонту/реконструкции дверей/ворот/турникетных систем/ограждений и аналогичных изделий","Қойма және монтаждау (монтаждау) металлические дверных коробок, количестве 4 дана.   Қызметті жеткізушілерге сұраныс1. Металл дисктердің монтаждау және монтаждау (монтаждау), 4 шт.салыстағы количество.Дарылардың ескі ағаш шкафтарын жөндеу. Монтаждық жұмыстарды аяқтау бойынша отделочные работы (затирка левкаса, покраска). Цвет дверей - ақ. Барлық необходимые Материалдар үшін жұмыс істемейтін есепшоты үшін жеткізуші.  Металлические технические двери, қауіпсіздікті қамтамасыз ету үшін қауіпсіздікті қамтамасыз ету және қауіпсіздікті қамтамасыз ету, зиянкестер, ағындар, ветра, атмосфералық үй-жайлар, құнды заттарды сақтау, қорғаныс, химиялық заттар, дәрі-дәрмектер.  а) Металлическая техникалық дверь. мөлшері 200см дверного полотна. х 80см, толерщина дверного полотна не 3мм. Наличие замка (5 кілті) жоғары металды металдан жасалған сердечником, масса сердечника міндетті емес 135 градусқа (жоқ кілттер).  б) металлическая техникалық дверь. мөлшері 200см дверного полотна. х 80см, толерщина дверного полотна не 3мм. Наличие замка (5 кілті) жоғары металды металдан жасалған сердечником, масса сердечника міндетті емес 135 градусқа құруға тиіс (без ключей   в) Металлическая техникалық дверь. мөлшері 200см дверного полотна. х 90см, толерщина дверного полотна не 3мм. Наличие замка (5 кілті) жоғары металды металдан жасалған сердечником, масса сердечника міндетті емес 135 градусқа (жоқ кілттер)    г) Металлическая дверь үшін шығыс кіретін, мөлшері дверного полосы 200см. х 90см, металла толтырылмаған 3мм. металладан жасалған, толмаған қапталған материалдан минн.ваты бар пневмо-пропиленовым материалмен 100мм., Жоғары сапалы металдан (5 кілті) жоғары сапалы қаптамамен, масса сердечника міндетті түрде құрастырмайды мен 135 грамм (кілттер жоқ).Материалдар келісімшартқа кіреді.","Поставка и установка   (монтажа)  металлических  дверных  коробок, в количестве 4 шт..   Требования  к поставщику услуг1. Поставка и установка   (монтажа)  металлических  дверных  коробок, в количестве 4 шт..Демонтажные работы  старых деревянных  дверных коробок.  Отделочные работы по завершению монтажных работ ( затирка левкаса, покраска). Цвет дверей – белый.  Все необходимые Материалы не обходимые для работы за счет поставщика.  Металлические технические двери, предназначенные для защиты помещения, обеспечения безопасности и препятствования  проникновения злоумышленников, воздуха, ветра, атмосферных осадков, хранения  ценных  вещей, оружия, химических веществ, лекарств.   а) Металлическая техническая дверь. размер  дверного  полотна 200см. х 80см, толщина дверного полотна не менее 3мм. Наличие замка (5 ключей) с сердечником из высокоуглеродистого метала,  масса сердечника должна составлять не менее 135гр.(без ключей).  б) Металлическая техническая дверь. размер  дверного  полотна 200см. х 80см, толщина дверного полотна не менее 3мм. Наличие замка (5 ключей) с сердечником из высокоуглеродистого метала,  масса сердечника должна составлять не менее 135гр.(без ключей    в)  Металлическая техническая дверь. размер  дверного  полотна 200см. х 90см, толщина дверного полотна не менее 3мм. Наличие замка (5 ключей) с сердечником из высокоуглеродистого метала,  масса сердечника должна составлять не менее 135гр.(без ключей)    г) Утепленная металлическая дверь для наружного входа, размер  дверного  полотна 200см. х 90см, толщина металла полотна не менее 3мм., толщина дверного полотна с утеплительным материалом из мин.ваты с содержанием пенно-пропиленовым составом не менее 100мм., Наличие качественного замка (5 ключей) с сердечником из высокоуглеродистого метала,  масса сердечника должна составлять не менее 135гр.(без ключей).Материалы входят в сумму договора .","Запрос ценовых предложений",null,"Запрос ценовых предложений","Работа",1,200000,200000,200000,null,null,"Апрель","31 желтоқсан 2018 жыл","31 декабя 2018 год","751210000;","Алматы қ., Алатау ауданы Алматы қ. Алатау ауданы.Дархан ы-ауданы. Халифа Алтая 24/1;","г.Алматы, Алатауский район г Алматы. Алатауский р. мкр Дархан.ул. Халифа Алтая 24/1;",null,null,"Исполнен"]
[19213497,19213497,"Закупки, не превышающие финансовый год",{"$nulls":5},"Товар","19.20.21.530.000.00.0112.000000000001","Бензин","Бензин","для двигателей с искровым зажиганием, марка АИ-92, неэтилированный и этилированный","для двигателей с искровым зажиганием, марка АИ-92, неэтилированный и этилированный","бензин АИ-92 бензинге арналған талондарда, билеттердің номиналына 10 литр және 20 литр жұмыс істейді, 2018 жылдың соңына дейін 100 литрге дейін","бензин АИ-92 бензин в талонах , талоны номиналом 10 литров и 20 литров действие талонов до конца 2018 года в количестве 100 литров","Запрос ценовых предложений",null,"Из одного источника по несостоявшимся закупкам","Литр (куб. дм.)",100,165,16500,16500,null,null,"Апрель","31 желтоқсан 2018 жыл","31 декабя 2018 год","751210000;","Алматы қ., Алатау ауданы Алматы қ. Алатау ауданы.Дархан ы-ауданы. Халифа Алтая 24/1;","г.Алматы, Алатауский район г Алматы. Алатауский р. мкр Дархан.ул. Халифа Алтая 24/1;",null,null,"Исполнен"]
[19213498,19213498,"Закупки, не превышающие финансовый год",{"$nulls":5},"Товар","10.51.11.620.000.00.0112.000000000001","Молоко","Молоко","стерилизованное, жирность 3-6%, объем 1 л, СТ РК 1760-2008","стерилизованное, жирность 3-6%, объем 1 л, СТ РК 1760-2008","Сүт 2,5% ішуге арналған, көп сұйық, сақталу мерзімін до3 ай, буып-түю пакеттердегі ішуге арналған, майлылығы 2,5% ерітілген стерильденген.Жеткізу мерзімі 31 желтоқсанға дейін 2018 года0, ай сайын.Назар аударыңыз, бұл КРТУ сәйкес емес тауар .","Молоко 2,5% для питья, обильная жидкая, срок сохранности до3 месяцев, упаковка в пакетах  Питьевое 2,5% жирности топленое стерилизованное.Срок поставки до 31 декабря 2018 года0, ежемесячно.Обратите внимание  данное КРТУ не соответствует товару .","Запрос ценовых предложений",null,"Запрос ценовых предложений","Литр (куб. дм.)",646,230,148580,148580,null,null,"Апрель","31 желтоқсан 2018 жыл","31 декабя 2018 год","751210000;","Алматы қ., Алатау ауданы Алматы қ. Алатау ауданы.Дархан ы-ауданы. Халифа Алтая 24/1;","г.Алматы, Алатауский район г Алматы. Алатауский р. мкр Дархан.ул. Халифа Алтая 24/1;",null,null,"Договор частично исполнен"]
[19213499,19213499,"Закупки, не превышающие финансовый год",{"$nulls":5},"Товар","27.32.14.000.000.00.0006.000000000225","Кабель","Кабель","марка ААБл  3*70","марка ААБл  3*70","Кабель түрі: FTP cat.5E Мақсаты Коаксиальды кабель негізінде витых бу арналған құрастыру астында жүйелер ҚКЖ ішкі үй-жайлар. СипаттамасыТұтас тұрған жұмсақ мыс . Полиэтилен оқшаулау. Сыртқы ПВХ-қабық. Экран: алюминий фольга+ провод заземленияЖила: Материал Тұтас тұрған жұмсақ мыс Номиналды диаметрі (мм) 24 AWG (проволочный негізгі техникалық көрсеткіштер калибр) Оқшаулау: Материал Полиэтилен Номиналды сыртқы диаметрі оқшаулау (мм) 1.00 Витая: Хроматограмма 1. Ақ(Көк)-Көк2. Ақ (Қызғылт Сары)-Қызғылт Сары3. Ақ (Жасыл)-Жасыл","Тип кабеля: FTP cat.5E  Назначение Медный кабель на основе витых пар, предназначенный для построение под систем СКС внутри помещения. ОписаниеСплошная жила из мягкой меди . Полиэтиленовая изоляция. Наружная ПВХ-оболочка. Экран: алюминиевая фольга+ провод заземленияЖила: МатериалСплошная жила из мягкой меди Номинальный диаметр (мм)24  AWG (проволочный калибр) Изоляция: Материал   Полиэтилен Номинальный наружный диаметр изоляции (мм)1.00 Витая пара: Хроматограмма 1.Белый(Голубой)-Голубой2.Белый (Оранжевый)-Оранжевый3.Белый (Зеленый)-Зеленый4.Белый (Коричневый)-КоричневыйКонструкция скрутки    1*4, Экран   Алюминиевая фольга    Номинальная толщина (мм)        0.06 Провод заземления из луженой меди диам (мм) 0.5 оболочкаматериал  ПВХ Внешняя оболочка толщина (мм) 0,50 Цвет оболочки Серый.Сопротивление одножильного провода  @20°C ≤9,5Ω/100м Асимметрия сопротивления по пост. току пары жил ≤2.5% Сопротивление изоляции(20'C, пост.ток 500В/1 мин)    ≥5000MΩ∙kкм Диэлектрическая проницаемость пост.тока 1 мин 1кВ , Взаимная емкость   ≤5.6F/100м ЧастотаПолное сопротивлениеЗатуханиеЗатухание на ближнем концеЗатухание на дальнем концеМГцΩ(дБ/100м)(дБ/100м)(дБ/100м)1100±15≤ 2.0≥ 65≥ 644100±15≤ 4.1≥ 56≥ 5210100±15≤ 6.5≥ 50≥ 4416100±15≤ 8.2≥ 47≥ 4020100±15≤ 9.2≥ 46≥ 3831.25100±15≤ 11.7≥ 43≥ 3462.5100±15≤ 17.0≥ 38≥ 28100100±15≤ 22.0≥ 35≥ 24Механические свойства (20 °C  Коэффициент растяжения при разрыве жилы  ≥15 % Рабочее напряжение ≥ 60 В Напряжение изоляции≥16МПа Растяжение при разрыве изоляции≥300 % Нагрузка на разрыв ПВХ-оболочки перед износом ≥12.5МПа Растяжение ПВХ-оболочки перед износом   ≥150%Условие старения ПВХ100±2°C ,240ч Растяжение ПВХ-оболочки после износа≥125% Растрескивание ПВХ под воздействием окружающей средынет растрескивания  Маркировка  ITPARK FTP CAT5E 4P 24AWG PVC INDOOR XXXM CABLE CODE YEARОбратите внимание данное КТРУ не подходит Тавару","Запрос ценовых предложений",null,"Запрос ценовых предложений","Метр",600,110,66000,66000,null,null,"Апрель","31 желтоқсан 2018 жыл","31 декабя 2018 год","751210000;","Алматы қ., Алатау ауданы Алматы қ. Алатау ауданы.Дархан ы-ауданы. Халифа Алтая 24/1;","г.Алматы, Алатауский район г Алматы. Алатауский р. мкр Дархан.ул. Халифа Алтая 24/1;",null,null,"Исполнен"]
[16589755,19493382,"Закупки, не превышающие финансовый год",{"$nulls":5},"Услуга","61.10.43.100.000.00.0777.000000000000","Услуги по доступу к Интернету","Услуги по доступу к Интернету","Сым желілері бойынша кең жолақты Интернетке қол жеткізуді ұсынуға бағытталған қызметтер","Услуги, направленные на предоставление доступа к Интернету широкополосному по сетям проводным","Міндетті талап жеткізушілерге .1. Ұйымдастыру қосу, ұйымның құрал-жабдықтарды желіИнтернет жер бетін байланыс арнасы өткізу қабілеті жоқкем 32 Мбит/сек.Синхронды деректерді беру арнасы өткізу қабілеті бар порт, кем дегенде 20 Мбит/сҚызметтердің атауы қызмет көрсетудің СипаттамасыЖелісіне қол жеткізу қызметтері Интернет Кең жолақты желісіне 2 х нүктелерінің: өткізуқабілеті бар порт, кем дегенде 32 Мб/сек \" \"трафикті есепке алу (лимитсіз) синхронды арна деректер.","Наименование услуг Характеристика услугУслуги доступа к сетиИнтернетШирокополосный доступ к сети 2 х точек: С пропускнойспособностью порта не менее 32 Мб/сек, «Безучета трафика» (безлимитный) с синхронным каналом передачи данных.","Запрос ценовых предложений",null,"Запрос ценовых предложений","Одна услуга",1,225013.49,225013.49,225013.49,null,null,"Январь","2018 жыл 31 желтоқсан","до 31 декабря 2018 года","751210000;","Алматы қ., Алатау ауданы Дархан ауданы Халифа Алтай қошесы 24/1ұй;","г.Алматы, Алатауский район мкр Дархан ул.Халифа Алтая  д.24/1;",null,null,"Договор действует"]
[19558397,19558397,"Закупки, не превышающие финансовый год",{"$nulls":5},"Услуга","61.20.42.100.000.00.0777.000000000000","Услуги по доступу к Интернету","Услуги по доступу к Интернету","Сымсыз желілер бойынша кең жолақты Интернетке рұқсат беру бойынша қызметтер","Услуги по доступу к Интернету широкополосному по сетям беспроводным","Интернетке қол жеткізу бойынша қызметтер","Услуги по доступу к Интернету","Запрос ценовых предложений",null,"Запрос ценовых предложений","Одна услуга",1,292843,292843,292843,null,null,"Май","31 желтоқсан 2018 жыл","до 31 декабря 2018 года","751210000;","Алматы қ., Алатау ауданы Алматы қ, Дархан ауданы , Халифа Алтая қ.24/1;","г.Алматы, Алатауский район г Алматы мкр Дархан ,ул Халифа Алтая 24/1;",null,null,"Договор действует"]
[19666563,19666563,"Закупки, не превышающие финансовый год",{"$nulls":5},"Товар","22.29.25.700.006.00.0796.000000000000","Науа","Лоток","қағаздар үшін, пластмассадан жасалған, тік","для бумаг, из пластмассы, вертикальный",null,null,"Из одного источника путем прямого заключения договора","пп.42 п.3 ст.39 приобретения однородных товаров, работ, услуг, если годовой объем таких однородных товаров, работ, услуг в стоимостном выражении не превышает стократного размера месячного расчетного показателя, установленного на соответствующий финансовый год законом о республиканском бюджете;","Из одного источника путем прямого заключения договора","Штука",20,835,16700,16700,null,null,"Май","31 желтоқсан 2018 жыл","31 декабя 2018 год","751210000;","Алматы қ., Алатау ауданы Алматы қ. Алатау ауданы.Дархан ы-ауданы. Халифа Алтая 24/1;","г.Алматы, Алатауский район г Алматы. Алатауский р. мкр Дархан.ул. Халифа Алтая 24/1;",null,null,"Исполнен"]
[19666670,19666670,"Закупки, не превышающие финансовый год",{"$nulls":5},"Товар","28.23.12.100.000.00.0796.000000000000","Калькулятор","Калькулятор","бухгалтерлік","бухгалтерский","Калькулятор бухгалтерлік ,14 р., 206*155*35 мм","Калькулятор бухгалтерский ,14 р., 206*155*35 мм","Из одного источника путем прямого заключения договора","пп.42 п.3 ст.39 приобретения однородных товаров, работ, услуг, если годовой объем таких однородных товаров, работ, услуг в стоимостном выражении не превышает стократного размера месячного расчетного показателя, установленного на соответствующий финансовый год законом о республиканском бюджете;","Из одного источника путем прямого заключения договора","Штука",16,4800,76800,76800,null,null,"Май","31 желтоқсан 2018 жыл","31 декабя 2018 год","751210000;","Алматы қ., Алатау ауданы Алматы қ. Алатау ауданы.Дархан ы-ауданы. Халифа Алтая 24/1;","г.Алматы, Алатауский район г Алматы. Алатауский р. мкр Дархан.ул. Халифа Алтая 24/1;",null,null,"Исполнен"]
[19666747,19666747,"Закупки, не превышающие финансовый год",{"$nulls":5},"Товар","17.23.12.700.008.00.0796.000000000001","Блокнот для записей","Блокнот для записей","формат А7","формат А7","Жазбаларға арналған Блок , түрлі-түсті 8х8х5 см","Блок для записей , цветной  8х8х5 см","Из одного источника путем прямого заключения договора","пп.42 п.3 ст.39 приобретения однородных товаров, работ, услуг, если годовой объем таких однородных товаров, работ, услуг в стоимостном выражении не превышает стократного размера месячного расчетного показателя, установленного на соответствующий финансовый год законом о республиканском бюджете;","Из одного источника путем прямого заключения договора","Штука",50,250,12500,12500,null,null,"Май","31 желтоқсан 2018 жыл","31 декабя 2018 год","751210000;","Алматы қ., Алатау ауданы Алматы қ. Алатау ауданы.Дархан ы-ауданы. Халифа Алтая 24/1;","г.Алматы, Алатауский район г Алматы. Алатауский р. мкр Дархан.ул. Халифа Алтая 24/1;",null,null,"Исполнен"]
[19666823,19666823,"Закупки, не превышающие финансовый год",{"$nulls":5},"Товар","17.23.12.700.005.00.0796.000000000000","ежедневник","ежедневник","формат А5, датированный","формат А5, датированный","Күнделік , А5, былғары.орынбасары, резеңкесі бар, кармашек визитка үшін","Ежедневник , А5, кож.зам., на резинке, кармашек для визиток","Из одного источника путем прямого заключения договора","пп.42 п.3 ст.39 приобретения однородных товаров, работ, услуг, если годовой объем таких однородных товаров, работ, услуг в стоимостном выражении не превышает стократного размера месячного расчетного показателя, установленного на соответствующий финансовый год законом о республиканском бюджете;","Из одного источника путем прямого заключения договора","Штука",20,2500,50000,50000,null,null,"Май","31 желтоқсан 2018 жыл","31 декабя 2018 год","751210000;","Алматы қ., Алатау ауданы Алматы қ. Алатау ауданы.Дархан ы-ауданы. Халифа Алтая 24/1;","г.Алматы, Алатауский район г Алматы. Алатауский р. мкр Дархан.ул. Халифа Алтая 24/1;",null,null,"Исполнен"]
[19666903,19666903,"Закупки, не превышающие финансовый год",{"$nulls":5},"Товар","28.23.23.900.004.00.0796.000000000000","Дырокол","Дырокол","канцелярский, механический","канцелярский, механический","Болуы ішкі жиындар үшін белгілер форматтарын қамтамасыз етеді ұқыпты және дәл пробивание қағаздар.Толық металл корпус.Диаметрі тесік 6 мм.Арасындағы қашықтық проколами 80 мм.Материал - пластик, металл.","Наличие встроенной линейки для отметки форматов обеспечивает аккуратное и точное пробивание бумаги.Полностью металлический корпус.Диаметр прокола 6 мм.Расстояние между проколами 80 мм.Материал - пластик, металл.","Из одного источника путем прямого заключения договора","пп.42 п.3 ст.39 приобретения однородных товаров, работ, услуг, если годовой объем таких однородных товаров, работ, услуг в стоимостном выражении не превышает стократного размера месячного расчетного показателя, установленного на соответствующий финансовый год законом о республиканском бюджете;","Из одного источника путем прямого заключения договора","Штука",20,1000,20000,20000,null,null,"Май","31 желтоқсан 2018 жыл","31 декабя 2018 год","751210000;","Алматы қ., Алатау ауданы Алматы қ. Алатау ауданы.Дархан ы-ауданы. Халифа Алтая 24/1;","г.Алматы, Алатауский район г Алматы. Алатауский р. мкр Дархан.ул. Халифа Алтая 24/1;",null,null,"Исполнен"]
[19667005,19667005,"Закупки, не превышающие финансовый год",{"$nulls":5},"Товар","22.29.25.700.000.00.0796.000000000006","Папка","Папка","с зажимом и крышкой, пластиковая, формат А4, 50 мм","с зажимом и крышкой, пластиковая, формат А4, 50 мм","Папка A4 с резинкой мөлдір емес 2см көлемдік","Папка A4 с резинкой непрозрачная  2см  объемная","Из одного источника путем прямого заключения договора","пп.42 п.3 ст.39 приобретения однородных товаров, работ, услуг, если годовой объем таких однородных товаров, работ, услуг в стоимостном выражении не превышает стократного размера месячного расчетного показателя, установленного на соответствующий финансовый год законом о республиканском бюджете;","Из одного источника путем прямого заключения договора","Штука",50,350,17500,17500,null,null,"Май","31 желтоқсан 2018 жыл","31 декабя 2018 год","751210000;","Алматы қ., Алатау ауданы Алматы қ. Алатау ауданы.Дархан ы-ауданы. Халифа Алтая 24/1;","г.Алматы, Алатауский район г Алматы. Алатауский р. мкр Дархан.ул. Халифа Алтая 24/1;",null,null,"Исполнен"]
[19667093,19667093,"Закупки, не превышающие финансовый год",{"$nulls":5},"Товар","28.23.23.900.003.00.0796.000000000000","Антистеплер","Антистеплер","для скоб","для скоб","Антистеплер екіжақты басып алумен. Арналған кетіру үшін қапсырма № 10, 24/6, 26/6. Материалы – металл, пластик.","Антистеплер с двухсторонним захватом. Предназначен для удаления скоб № 10, 24/6, 26/6. Материалы – металл, пластик.","Из одного источника путем прямого заключения договора","пп.42 п.3 ст.39 приобретения однородных товаров, работ, услуг, если годовой объем таких однородных товаров, работ, услуг в стоимостном выражении не превышает стократного размера месячного расчетного показателя, установленного на соответствующий финансовый год законом о республиканском бюджете;","Из одного источника путем прямого заключения договора","Штука",20,250,5000,5000,null,null,"Май","31 желтоқсан 2018 жыл","31 декабя 2018 год","751210000;","Алматы қ., Алатау ауданы Алматы қ. Алатау ауданы.Дархан ы-ауданы. Халифа Алтая 24/1;","г.Алматы, Алатауский район г Алматы. Алатауский р. мкр Дархан.ул. Халифа Алтая 24/1;",null,null,"Исполнен"]
[19667276,19667276,"Закупки, не превышающие финансовый год",{"$nulls":5},"Товар","17.23.14.500.000.00.5111.000000000048","Бумага","Бумага","для офисного оборудования, формат А3, плотность 45 г/м2, ГОСТ 6656-76","для офисного оборудования, формат А3, плотность 45 г/м2, ГОСТ 6656-76","А3 қағазы, 80 гр, 500 парақ, Қағаз күнделікті қолдану үшін, ғажапсың үшін қара-ақ жылдамдатылған баспа үшін. Беріктігі жоғары, тегіс беті. Ақтығы жоғары дәрежесі","Бумага  А3, 80 гр 500 лист, Бумага для ежедневного применения, идеальна для черно-белой печати. Высокая прочность, гладкая поверхность. Высокая степень белизны","Из одного источника путем прямого заключения договора","пп.42 п.3 ст.39 приобретения однородных товаров, работ, услуг, если годовой объем таких однородных товаров, работ, услуг в стоимостном выражении не превышает стократного размера месячного расчетного показателя, установленного на соответствующий финансовый год законом о республиканском бюджете;","Из одного источника путем прямого заключения договора","Одна пачка",15,2800,42000,42000,null,null,"Май","31 желтоқсан 2018 жыл","31 декабя 2018 год","751210000;","Алматы қ., Алатау ауданы Алматы қ. Алатау ауданы.Дархан ы-ауданы. Халифа Алтая 24/1;","г.Алматы, Алатауский район г Алматы. Алатауский р. мкр Дархан.ул. Халифа Алтая 24/1;",null,null,"Исполнен"]
[19667374,19667374,"Закупки, не превышающие финансовый год",{"$nulls":5},"Услуга","71.20.19.000.011.00.0777.000000000000","Услуги по проведению лабораторных/лабораторно-инструментальных исследований/анализов","Услуги по проведению лабораторных/лабораторно-инструментальных исследований/анализов","Лабораториялық/лабараториялық жабдықтық зерттеулер/талдаулар жүргізу бойынша қызметтер","Услуги по проведению лабораторных/лабораторно-инструментальных исследований/анализов","Қызмет бойынша өлшеу на жарықтандыру ,микроклимат,ауа алмасу жиілігі ,бактериологиялық зерттеу су кабинетінде дәріхана","Услуга по замеру на освещенность ,микроклимат,кратность воздухообмена ,бактериологическое исследование воды в кабинете аптеки","Из одного источника путем прямого заключения договора","пп.42 п.3 ст.39 приобретения однородных товаров, работ, услуг, если годовой объем таких однородных товаров, работ, услуг в стоимостном выражении не превышает стократного размера месячного расчетного показателя, установленного на соответствующий финансовый год законом о республиканском бюджете;","Из одного источника путем прямого заключения договора","Одна услуга",1,47175,47175,47175,null,null,"Май","31 желтоқсан 2018 жыл","до 31 декабря 2018 года","751210000;","Алматы қ., Алатау ауданы Алматы қ. Дархан ы-ауданы, Халифа Алтая 24/1 ;","г.Алматы, Алатауский район г Алматы , мкр Дархан ,ул Халифа Алтая 24/1;",null,null,"Исполнен"]
[19667472,19667472,"Закупки, не превышающие финансовый год",{"$nulls":5},"Услуга","80.20.10.000.002.00.0777.000000000000","Услуги по техническому обслуживанию пожарной/охранной сигнализации/систем тушения/видеонаблюдения и аналогичного оборудования","Услуги по техническому обслуживанию пожарной/охранной сигнализации/систем тушения/видеонаблюдения и аналогичного оборудования","Өрт/күзет белгі беру/өрт сөндіру жүйелеріне/бейне бақылау және ұқсас жабдықтарға техникалық қызмет көрсету бойынша қызметтер","Услуги по техническому обслуживанию пожарной/охранной сигнализации/систем тушения/видеонаблюдения и аналогичного оборудования","қызмет көрсету бейнекамералар емханасының ғимараты мен іргелес аумағын","обслуживание видеокамеры в здании поликлиники и прилегающей территории","Запрос ценовых предложений",null,"Запрос ценовых предложений","Одна услуга",1,200000,200000,200000,null,null,"Май","31 желтоқсан 2018 жыл","до 31 декабря 2018 года","751210000;","Алматы қ., Алатау ауданы Алматы қ. Дархан ы-ауданы, Халифа Алтая 24/1 ;","г.Алматы, Алатауский район г Алматы , мкр Дархан ,ул Халифа Алтая 24/1;",null,null,"Договор действует"]
[19667584,19667584,"Закупки, не превышающие финансовый год",{"$nulls":5},"Услуга","62.01.11.900.008.00.0777.000000000000","Услуги по интегрированию программного обеспечения","Услуги по интегрированию программного обеспечения","Бағдарламалық жасақ пен балама жүйелерді біріктіру бойынша қызметтер","Услуги по интегрированию программного обеспечения и аналогичных систем","Перенос айналым қараша айынан бастап 2017 жылдың 31 мамыр 2018 ж. ескі базасын","Перенос оборотов с ноября 2017 г. по 31 марта 2018 г. из старой базы","Из одного источника путем прямого заключения договора","пп.42 п.3 ст.39 приобретения однородных товаров, работ, услуг, если годовой объем таких однородных товаров, работ, услуг в стоимостном выражении не превышает стократного размера месячного расчетного показателя, установленного на соответствующий финансовый год законом о республиканском бюджете;","Из одного источника путем прямого заключения договора","Одна услуга",1,144000,144000,144000,null,null,"Май","31 желтоқсан 2018 жыл","до 31 декабря 2018 года","751210000;","Алматы қ., Алатау ауданы Алматы қ. Дархан ы-ауданы, Халифа Алтая 24/1 ;","г.Алматы, Алатауский район г Алматы , мкр Дархан ,ул Халифа Алтая 24/1;",null,null,"Исполнен"]
[19667639,19667639,"Закупки, не превышающие финансовый год",{"$nulls":5},"Товар","25.73.30.650.001.01.0796.000000000000","Шуруповерт","Шуруповерт","электрлі, қолмен жасалатын, аккумуляторлық","электрический, ручной, аккумуляторный","ШуруповертПпитание БатареяММаксимальный патронның диаметрі 10.0 (мм)Ммаксимальный айналу моменті 26.0 (H*m)АртықшылықтарыЕң жоғары деңгейі, жайлылық.Болуы реверсивті механизміРеверс - завинчивания және отвинчивания бекітпе батырмасын басу арқылы және айналу бағытын өзгерту саптама қарама-қарсы жағына.Болуы:1. Патрон2. Муфта реттеу сәттен3. Жұмыс аймағының жарықтандыру4. Пернесі ажыратқыш5. Қосалқы Батарея 6. Пернесі алу үшін батарея7. Ауыстырып қосқыш айналу бағыты (реверс)8. Переклю","ШуруповертПпитание АккумуляторММаксимальный диаметр патрона 10.0 (мм)Ммаксимальный крутящий момент 26.0 (H*m)ПреимуществаМаксимальный уровень комфорта.Наличие реверсивного механизмаРеверс - для завинчивания и отвинчивания крепежа путем нажатия кнопки и изменения направления вращения насадки в противоположную сторону.Наличие:1.Патрон2.Муфта регулировки момента3.Подсветка рабочей зоны4.Клавиша выключателя5.Запасной Аккумулятор 6.Клавиша для снятия аккумулятора7.Переключатель направления вращения (реверс)8.Переключатель передачи (для модели D 350-10)9.Индикатор заряда аккумулятора10.Комплект насадок -10шт.11 зарядчик11. Гарантия  - 1 год","Запрос ценовых предложений",null,"Запрос ценовых предложений","Штука",1,10000,10000,10000,null,null,"Май","31 желтоқсан 2018 жыл","31 декабя 2018 год","751210000;","Алматы қ., Алатау ауданы Алматы қ. Алатау ауданы.Дархан ы-ауданы. Халифа Алтая 24/1;","г.Алматы, Алатауский район г Алматы. Алатауский р. мкр Дархан.ул. Халифа Алтая 24/1;",null,null,"Исполнен"]
[19669043,19669043,"Закупки, не превышающие финансовый год",{"$nulls":5},"Услуга","85.59.13.335.001.00.0777.000000000000","Услуги по обучению (кроме в области начального, среднего, высшего образования)","Услуги по обучению (кроме в области начального, среднего, высшего образования)","Оқыту бойынша қызметтер (оқыту, даярлау, қайта даярлау, біліктілікті көтеру)","Услуги по обучению (обучению/подготовке/переподготовке/повышению квалификации)","Өрт-техникалық минимумы бағдарламасы бойынша оқыту. 11 адам","Обучение по программе Пожарно -технического минимума. в количестве 11 слушателей","Из одного источника путем прямого заключения договора","пп.45 п.3 ст.39 приобретения материалов выставок, семинаров, конференций, совещаний, форумов, симпозиумов, тренингов, а также оплаты за участие в указанных мероприятиях;","Из одного источника путем прямого заключения договора","Одна услуга",1,187000,187000,187000,null,null,"Май","31 желтоқсан 2018 жалдың","до 31 декабря 2018 года.","751210000;","Алматы қ., Алатау ауданы Алматы қ. Дархан ы-ауд. Халифа Алтая 24/1;","г.Алматы, Алатауский район г.Алматы,мкр Дархан , ул Халифа Алтая 24/1;",null,null,"Исполнен"]
[19669073,19669073,"Закупки, не превышающие финансовый год",{"$nulls":5},"Товар","32.30.15.900.029.00.0796.000000000002","Тор","Сетка","волейболға арналған","для волейбола","1.Сетка волейбольнаяСипаттамаларыМатериал НейлонНысаны ұяшықты КвадратнаяДиаметрі 3.0 (мм)Ұзындығы ұяшық тор 20.0 (мм)Сипаттамасықалыңдығы жіп, мм -- 4,0 материал,жіптер торының – полиэтилен,параметрлері, тростың, мм -- 4х13500,материал тростың -- болат пластик қапталған,өлшемі, үстіңгі және лента (ені мен қалыңдығы),мм -- 0,3х80 мөлшері, төменгі таспа (қалыңдығы мен ені), мм -- 0,3х80, ұзындығы, см – 950, ені,см – 100, мөлшері, ұяшықтар,мм -- 100х100, салмағы,кг -- 2,35, түсі – қара2. Волейбол добыСипаттамасы: синтетикалық терінің негізінде микрофибра с углублениями. 8 панельдер,","1.Сетка волейбольнаяХарактеристикиМатериалНейлонФорма ячейкиКвадратнаяДиаметр3.0 (мм)Длина ячейки сетки20.0 (мм)Описаниетолщина нити, мм -- 4,0,материал нити сетки – полиэтилен,параметры троса, мм -- 4х13500,материал троса -- стальной в пластиковой оболочке,размеры, верхней ленты (толщина и ширина),мм -- 0,3х80, размеры нижней ленты, (толщина и ширина), мм -- 0,3х80, длина, см – 950, ширина,см – 100, размер, ячейки,мм -- 100х100, вес,кг -- 2,35, цвет – черный2. Мяч волейбольныйОписание:  из синтетической кожи на основе микрофибры с углублениями. из 8-ми панелей, склеенных между собой. Камера изготовлена из бутила.","Запрос ценовых предложений",null,"Запрос ценовых предложений","Штука",1,10000,10000,10000,null,null,"Май","31 желтоқсан 2018 жыл","31 декабя 2018 год","751210000;","Алматы қ., Алатау ауданы Алматы қ. Алатау ауданы.Дархан ы-ауданы. Халифа Алтая 24/1;","г.Алматы, Алатауский район г Алматы. Алатауский р. мкр Дархан.ул. Халифа Алтая 24/1;",null,null,"Исполнен"]
[19669118,19669118,"Закупки, не превышающие финансовый год",{"$nulls":5},"Товар","26.30.30.900.053.00.0796.000000000001","Коннектор","Коннектор","компьютерный, на 8 контактов","компьютерный, на 8 контактов","Сатып алу коннектор RJ 45","Приобретение коннектор RJ 45","Запрос ценовых предложений",null,"Запрос ценовых предложений","Штука",1000,10,10000,10000,null,null,"Май","31 желтоқсан 2018 жыл","31 декабя 2018 год","751210000;","Алматы қ., Алатау ауданы Алматы қ. Алатау ауданы.Дархан ы-ауданы. Халифа Алтая 24/1;","г.Алматы, Алатауский район г Алматы. Алатауский р. мкр Дархан.ул. Халифа Алтая 24/1;",null,null,"Исполнен"]
[19669162,19669162,"Закупки, не превышающие финансовый год",{"$nulls":5},"Товар","25.73.30.650.003.00.0796.000000000002","Құрал","Инструмент","коннекторларды сығуға арналған","для обжима коннекторов","қысу үшін коннекторларды","обжим  для коннекторов","Запрос ценовых предложений",null,"Запрос ценовых предложений","Штука",1,2000,2000,2000,null,null,"Май","31 желтоқсан 2018 жыл","31 декабя 2018 год","751210000;","Алматы қ., Алатау ауданы Алматы қ. Алатау ауданы.Дархан ы-ауданы. Халифа Алтая 24/1;","г.Алматы, Алатауский район г Алматы. Алатауский р. мкр Дархан.ул. Халифа Алтая 24/1;",null,null,"Исполнен"]
[19843739,19843739,"Закупки, не превышающие финансовый год",{"$nulls":5},"Услуга","71.20.19.000.011.00.0777.000000000000","Услуги по проведению лабораторных/лабораторно-инструментальных исследований/анализов","Услуги по проведению лабораторных/лабораторно-инструментальных исследований/анализов","Лабораториялық/лабараториялық жабдықтық зерттеулер/талдаулар жүргізу бойынша қызметтер","Услуги по проведению лабораторных/лабораторно-инструментальных исследований/анализов","1Мазок на степень чистоты2Общий анализ крови 3Проба по Нечипоренко4Скорость оседания эритроцитов (СОЭ)5Подсчет тромбоцитов в крови ручным методом6Общий билирубин7Креатинин  крови8Глюкоза крови9Общий белок10Мочевина11АлаТ12АсаТ","1 тазалық дәрежесі сүртіндісі 2 Жалпы талдау қан 3 Нечипоренко бойынша Сынама 4 шөгу Жылдамдығы эритроциттердің (СОЭ) 5 қандағы тромбоциттерді Санау қол әдісімен 6 Жалпы билирубин 7 Креатинин қан 8 Глюкоза 9 Жалпы ақуыз 10 Несепнәр 11 АлаТ 12 АсаТ","Из одного источника путем прямого заключения договора","пп.42 п.3 ст.39 приобретения однородных товаров, работ, услуг, если годовой объем таких однородных товаров, работ, услуг в стоимостном выражении не превышает стократного размера месячного расчетного показателя, установленного на соответствующий финансовый год законом о республиканском бюджете;","Из одного источника путем прямого заключения договора","Одна услуга",1,69800,69800,69800,null,null,"Июнь","31  желтоқсан 2018 жыл","до 31 декабря 2018 года","751210000;","Алматы қ., Алатау ауданы Алматы қ, Алатау а-ңы, Дархан ы-а, Халифа Алтая 24/1.;","г.Алматы, Алатауский район г. Алматы ,Алатауский р-н,мкр Дархан, ул. Халифа Алтая 24/1;",null,null,"Договор действует"]
[19843740,19843740,"Закупки, не превышающие финансовый год",{"$nulls":5},"Товар","32.91.19.500.002.00.0796.000000000000","Валик","Валик","для лакокрасочных работ, малярный, тип ВМП, ГОСТ 10831-87","для лакокрасочных работ, малярный, тип ВМП, ГОСТ 10831-87",". Біліктер үшін сырлау - 20 дана, өлшемі ені 10см","Валики  для покраски  -    20 шт.   размер ширина 10см","Запрос ценовых предложений",null,"Запрос ценовых предложений","Штука",20,700,14000,14000,null,null,"Июнь","31  желтоқсан 2018 жыл","до 31 декабря 2018 года","751210000;","Алматы қ., Алатау ауданы Алматы қ, Алатау а-ңы, Дархан ы-а, Халифа Алтая 24/1.;","г.Алматы, Алатауский район г. Алматы ,Алатауский р-н,мкр Дархан, ул. Халифа Алтая 24/1;",null,null,"Исполнен"]
[19843741,19843741,"Закупки, не превышающие финансовый год",{"$nulls":5},"Товар","32.91.19.300.000.00.0796.000000000000","Кисть малярная","Кисть малярная","ручник","ручник","Сырлауға арналған қылқалам 20шт. мөлшері орташа","Кисти для покраски         20шт. размер средний","Запрос ценовых предложений",null,"Запрос ценовых предложений","Штука",20,500,10000,10000,null,null,"Июнь","31  желтоқсан 2018 жыл","до 31 декабря 2018 года","751210000;","Алматы қ., Алатау ауданы Алматы қ, Алатау а-ңы, Дархан ы-а, Халифа Алтая 24/1.;","г.Алматы, Алатауский район г. Алматы ,Алатауский р-н,мкр Дархан, ул. Халифа Алтая 24/1;",null,null,"Исполнен"]
[19843742,19843742,"Закупки, не превышающие финансовый год",{"$nulls":5},"Товар","32.99.59.900.084.00.0796.000000000007","Скотч","Скотч","двухсторонний, ширина свыше 3 см, широкий","двухсторонний, ширина свыше 3 см, широкий","скотч екі жақты, қызыл түсті, орамада 10-нан астам метр .ені 45 мм, саны 10 дана скотч төсеніші үшін линолеум мөлдір, орамда кемінде 10 метр, ені-50 мм, саны 10 дана","скотч двухсторонний красного цвета, в рулоне свыше 10 метров , .ширины 45 мм, в количестве 10 штук скотч для  настила линолеума прозрачный, в рулоне не мене 10 метров ширина 50 мм,  в количестве 10 штук","Запрос ценовых предложений",null,"Запрос ценовых предложений","Штука",20,1000,20000,20000,null,null,"Июнь","31  желтоқсан 2018 жыл","до 31 декабря 2018 года","751210000;","Алматы қ., Алатау ауданы Алматы қ, Алатау а-ңы, Дархан ы-а, Халифа Алтая 24/1.;","г.Алматы, Алатауский район г. Алматы ,Алатауский р-н,мкр Дархан, ул. Халифа Алтая 24/1;",null,null,"Исполнен"]
[19843745,19843745,"Закупки, не превышающие финансовый год",{"$nulls":5},"Услуга","85.59.13.335.001.00.0777.000000000000","Услуги по обучению (кроме в области начального, среднего, высшего образования)","Услуги по обучению (кроме в области начального, среднего, высшего образования)","Оқыту бойынша қызметтер (оқыту, даярлау, қайта даярлау, біліктілікті көтеру)","Услуги по обучению (обучению/подготовке/переподготовке/повышению квалификации)","Семинар-тренинг на тему Маркетинг медициналық қызмет","Семинар -тренинг на тему Маркетинг медицинских услуг","Из одного источника путем прямого заключения договора","пп.45 п.3 ст.39 приобретения материалов выставок, семинаров, конференций, совещаний, форумов, симпозиумов, тренингов, а также оплаты за участие в указанных мероприятиях;","Из одного источника путем прямого заключения договора","Одна услуга",1,15000,15000,15000,null,null,"Июнь","31  желтоқсан 2018 жыл","до 31 декабря 2018 года","751210000;","Алматы қ., Алатау ауданы Алматы қ, Алатау а-ңы, Дархан ы-а, Халифа Алтая 24/1.;","г.Алматы, Алатауский район г. Алматы ,Алатауский р-н,мкр Дархан, ул. Халифа Алтая 24/1;",null,null,"Исполнен"]
[19843746,19843746,"Закупки, не превышающие финансовый год",{"$nulls":5},"Товар","17.29.19.900.002.01.0736.000000000000","Лента","Лента","чековая, бумажная, термолента","чековая, бумажная, термолента","чек жаңалықтар өлшемі 55 мм. орамда кемінде 30 метр алдында жеткізумен нақтылайды тапсырыс берушінің маркасын кассалық аппарат","чековая лента размер 55 мм. в рулоне не менее 30 метров  перед поставкой уточнит у заказчика марку кассового аппарата","Запрос ценовых предложений",null,"Запрос ценовых предложений","Рулон",50,110,5500,5500,null,null,"Июнь","31  желтоқсан 2018 жыл","до 31 декабря 2018 года","751210000;","Алматы қ., Алатау ауданы Алматы қ, Алатау а-ңы, Дархан ы-а, Халифа Алтая 24/1.;","г.Алматы, Алатауский район г. Алматы ,Алатауский р-н,мкр Дархан, ул. Халифа Алтая 24/1;",null,null,"Исполнен"]
[19843747,19843747,"Закупки, не превышающие финансовый год",{"$nulls":5},"Товар","20.30.22.100.000.00.0166.000000000006","Краска","Краска","на основе акрилата, светоотражающая","на основе акрилата, светоотражающая","2.Бояу әмбебап эмаль қызыл түсті: 2 банктер бойынша 3кг3.Бояу әмбебап эмаль күміс түстес : 2 банктер бойынша 3кг.4.Бояу әмбебап эмаль қара түсті: 1 банктің 3кг.Салу тәсілі: жағу валиком және бояу жаққышпенҚасиеттері: Тез кебеді, жоғары құрғақ қалдық, жақсы шлифуется.Құрғақ қалдығы: 45%Қатырушы: С25 - 50%Еріткіш: S50 - 20-25%жоғары сапалы алкидный лак, пигменттер нысаналы қоспалар, еріткіштер, жылдамдатқыш кептіру. Қалың констинтенциНазар аударыңыз, бұл ТЖҚЖ сәйкес келмесе, тауар1. Краска эмаль по дереву ақ түстіҚолдану облысы: тек қана әрлеуге арналған бұйымдар түрлі ағаштың ішіндегі үй-жайлар. Салу тәсілі: жағу валиком және бояу жаққышпенҚасиеттері: Тез кебеді, жоғары құрғақ қалдық, жақсы шлифуется.Құрғақ қалдығы: 45%Қатырушы: С25 - 50%Еріткіш: S50 - 20-25%жоғары сапалы алкидный лак, пигменттер нысаналы қоспалар, еріткіштер, жылдамдатқыш кептіру. консистенциясы қою ,маркасы ПФ-115 эмаль, белоснежного түсті жабу үшін ағаш Саны: 3 банктер бойынша 24кг.Назар аударыңыз ТЖҚЖ сәйкес келмесе, осы тауар","2.Краска  универсальная  эмаль   красного цвета:     2 банки  по 3кг3.Краска  универсальная эмаль      серебристого цвета :  2 банки  по 3кг.4.Краска универсальная эмаль    черного  цвета:               1 банка по 3кг.      Способ нанесения: нанесение валиком и кистьюСвойства: Быстро сохнет, высокий сухой остаток, хорошо шлифуется.Сухой остаток: 45%Отвердитель: С25 - 50%Разбавитель: S50 - 20-25%высококачественный  алкидный лак, пигменты целевые добавки, растворители, ускоритель сушки. Густой констинтенциОбратите внимание данное КТРУ не соответствует товару 1.Краска эмаль по дереву  белого цветаОбласть применения: Исключительно только для отделки изделий из различных пород дерева внутри помещений. Способ нанесения: нанесение валиком и кистьюСвойства: Быстро сохнет, высокий сухой остаток, хорошо шлифуется.Сухой остаток: 45%Отвердитель: С25 - 50%Разбавитель: S50 - 20-25%высококачественный  алкидный лак, пигменты целевые добавки, растворители, ускоритель сушки. густой  консистенции ,марка ПФ-115 эмаль, белоснежного цвета ,для покрытия дерева  Количество:                      3 банки  по 24кг. Обратите внимание КТРУ не соответствует данному товару","Запрос ценовых предложений",null,"Запрос ценовых предложений","Килограмм",81,792,64152,64152,null,null,"Июнь","31  желтоқсан 2018 жыл","до 31 декабря 2018 года","751210000;","Алматы қ., Алатау ауданы Алматы қ, Алатау а-ңы, Дархан ы-а, Халифа Алтая 24/1.;","г.Алматы, Алатауский район г. Алматы ,Алатауский р-н,мкр Дархан, ул. Халифа Алтая 24/1;",null,null,"Исполнен"]
[19843748,19843748,"Закупки, не превышающие финансовый год",{"$nulls":5},"Товар","22.29.29.900.075.00.0796.000000000000","Табличка","Табличка","информационная, пластиковая","информационная, пластиковая","1. Жапсырмалар-бабына шрифтпен Браля үшін лифт түймелерін қабаттар мен панельдер бұйрықтың лифтіде.Қабаттар саны : 4 цокольным қабатСаны: 3 жиынтығыМөлшері кемінде 1 мм.Кепілдік пайдалану 1 жыл","1.Наклейки со шрифтом  Браля  для  лифтовых кнопок этажей и панели приказа   в лифте.Количество этажей : 4   с цокольным этажомКоличество:    3 комплектаРазмер не менее 1 мм.Гарантия эксплуатации 1 год","Запрос ценовых предложений",null,"Запрос ценовых предложений","Штука",3,5000,15000,15000,null,null,"Июнь","31  желтоқсан 2018 жыл","до 31 декабря 2018 года","751210000;","Алматы қ., Алатау ауданы Алматы қ, Алатау а-ңы, Дархан ы-а, Халифа Алтая 24/1.;","г.Алматы, Алатауский район г. Алматы ,Алатауский р-н,мкр Дархан, ул. Халифа Алтая 24/1;",null,null,"Исполнен"]
[19843749,19843749,"Закупки, не превышающие финансовый год",{"$nulls":5},"Товар","22.19.40.990.000.04.0796.000000000005","Ремень","Ремень","поликлиновый, приводный, с сечением 6РК-2100","поликлиновый, приводный, с сечением 6РК-2100","қосалқы бөлшектер үшін флюра аппараты \"белбеу жетек детектор \"\"ПроСкан -2000\" назар Аударыңыз, бұл ТЖҚЖ сәйкес келмесе, тауар","запчасти для флюра  аппарата  \"ремень привода детектора \"\"ПроСкан -2000\" Обратите внимание данное КТРУ не соответствует товару","Запрос ценовых предложений",null,"Из одного источника по несостоявшимся закупкам","Штука",1,51000,51000,51000,null,null,"Июнь","31  желтоқсан 2018 жыл","до 31 декабря 2018 года","751210000;","Алматы қ., Алатау ауданы Алматы қ, Алатау а-ңы, Дархан ы-а, Халифа Алтая 24/1.;","г.Алматы, Алатауский район г. Алматы ,Алатауский р-н,мкр Дархан, ул. Халифа Алтая 24/1;",null,null,"Исполнен"]
[19843750,19843750,"Закупки, не превышающие финансовый год",{"$nulls":5},"Товар","26.20.40.000.040.00.0796.000000000000","Индет-ленталар механизмінің шестеренкасы","Шестеренка механизма подачи индет-ленты","пластикалық карталарды басу құрылғысына арналған","для устройства печатания пластиковых карт","қосалқы бөлшектер үшін флюра аппаратының шестеренкам мотор ауыстыру детектор \"ПроСкан-2000\" . Назар аударыңыз, бұл ТЖҚЖ сәйкес келмесе, тауар","запчасти для флюра аппарата шестеренкам мотора перемещения детектора  \"ПроСкан-2000\" . Обратите внимание данное КТРУ не соответствует товару","Запрос ценовых предложений",null,"Из одного источника по несостоявшимся закупкам","Штука",1,40000,40000,40000,null,null,"Июнь","31  желтоқсан 2018 жыл","до 31 декабря 2018 года","751210000;","Алматы қ., Алатау ауданы Алматы қ, Алатау а-ңы, Дархан ы-а, Халифа Алтая 24/1.;","г.Алматы, Алатауский район г. Алматы ,Алатауский р-н,мкр Дархан, ул. Халифа Алтая 24/1;",null,null,"Исполнен"]
[19986834,19986834,"Закупки, не превышающие финансовый год",{"$nulls":5},"Товар","22.29.29.900.114.00.0796.000000000000","Фоторамка","Фоторамка","пластиктен жасалған","из пластика","шеңбері үшін суреттер А-3 форматы, түсі қоңыр, саны 60 дана бірлік үшін бағасы 890,00 теңге жалпы сомасы теңге 53400,00","рамки для картин формат А-3 цвет коричневый в количестве 60 штук цена за единицу 890,00 тенге на общую сумму 53400,00 тенге","Из одного источника путем прямого заключения договора","пп.42 п.3 ст.39 приобретения однородных товаров, работ, услуг, если годовой объем таких однородных товаров, работ, услуг в стоимостном выражении не превышает стократного размера месячного расчетного показателя, установленного на соответствующий финансовый год законом о республиканском бюджете;","Из одного источника путем прямого заключения договора","Штука",60,890,53400,53400,null,null,"Июнь","31 желтоқсан 2018 жыл","до 31 декабря 2018 года","751210000;","Алматы қ., Алатау ауданы Алматы қ, Алатау ауданы, Дархан ы- а, Халифа А 24/1;","г.Алматы, Алатауский район г Алмата, Алатауский р-н, мкр Дархан , ул Халифа А24/1;",null,null,"Исполнен"]
[19986835,19986835,"Закупки, не превышающие финансовый год",{"$nulls":5},"Товар","22.29.29.900.114.00.0796.000000000000","Фоторамка","Фоторамка","пластиктен жасалған","из пластика","шеңбері үшін картиналар, мақтау қағазы формат А-4 түсі қоңыр және сарғыш түсті, саны 30 дана, бірлік бағасы 550,00 теңге, жалпы сомасы 16 5000,00 теңге","рамки для картин, грамот  формат А-4 цвет коричневый и бежевый  в количестве 30  штук цена за единицу 550,00 тенге на общую сумму 16 5000,00 тенге","Из одного источника путем прямого заключения договора","пп.42 п.3 ст.39 приобретения однородных товаров, работ, услуг, если годовой объем таких однородных товаров, работ, услуг в стоимостном выражении не превышает стократного размера месячного расчетного показателя, установленного на соответствующий финансовый год законом о республиканском бюджете;","Из одного источника путем прямого заключения договора","Штука",30,550,16500,16500,null,null,"Июнь","31 желтоқсан 2018 жыл","до 31 декабря 2018 года","751210000;","Алматы қ., Алатау ауданы Алматы қ, Алатау ауданы, Дархан ы- а, Халифа А 24/1;","г.Алматы, Алатауский район г Алмата, Алатауский р-н, мкр Дархан , ул Халифа А24/1;",null,null,"Исполнен"]
[19986836,19986836,"Закупки, не превышающие финансовый год",{"$nulls":5},"Товар","17.23.13.190.001.00.0796.000000000000","Грамота","Грамота","матовая, формат А-4, полноцветная печать","матовая, формат А-4, полноцветная печать","бланк грамотасы күңгірт екі тілде Қазақ және Орыс","бланк грамота матовая на двух языках Казахском и Русском","Из одного источника путем прямого заключения договора","пп.42 п.3 ст.39 приобретения однородных товаров, работ, услуг, если годовой объем таких однородных товаров, работ, услуг в стоимостном выражении не превышает стократного размера месячного расчетного показателя, установленного на соответствующий финансовый год законом о республиканском бюджете;","Из одного источника путем прямого заключения договора","Штука",30,55,1650,1650,null,null,"Июнь","31 желтоқсан 2018 жыл","до 31 декабря 2018 года","751210000;","Алматы қ., Алатау ауданы Алматы қ, Алатау ауданы, Дархан ы- а, Халифа А 24/1;","г.Алматы, Алатауский район г Алмата, Алатауский р-н, мкр Дархан , ул Халифа А24/1;",null,null,"Исполнен"]
[19986837,19986837,"Закупки, не превышающие финансовый год",{"$nulls":5},"Товар","17.23.13.190.002.00.0796.000000000000","Благодарственное письмо","Благодарственное письмо","матовое, формат А-4, полноцветная печать","матовое, формат А-4, полноцветная печать","бланк алғыс хатының екі тілде Қазақ және Орыс","бланк благодарственного письма на двух языках Казахском и Русском","Из одного источника путем прямого заключения договора","пп.42 п.3 ст.39 приобретения однородных товаров, работ, услуг, если годовой объем таких однородных товаров, работ, услуг в стоимостном выражении не превышает стократного размера месячного расчетного показателя, установленного на соответствующий финансовый год законом о республиканском бюджете;","Из одного источника путем прямого заключения договора","Штука",20,55,1100,1100,null,null,"Июнь","31 желтоқсан 2018 жыл","до 31 декабря 2018 года","751210000;","Алматы қ., Алатау ауданы Алматы қ, Алатау ауданы, Дархан ы- а, Халифа А 24/1;","г.Алматы, Алатауский район г Алмата, Алатауский р-н, мкр Дархан , ул Халифа А24/1;",null,null,"Исполнен"]
[19986838,19986838,"Закупки, не превышающие финансовый год",{"$nulls":5},"Товар","17.23.12.700.003.00.0796.000000000000","Диплом","Диплом","Бумага каллатекс 250 А4х0, фольгирование","Бумага каллатекс 250 А4х0, фольгирование","бланк диплом формат А-4 жылтыр екі тілде Қазақ және Орыс","бланк диплом формат А-4 глянцевый  на двух языках Казахском и Русском","Из одного источника путем прямого заключения договора","пп.42 п.3 ст.39 приобретения однородных товаров, работ, услуг, если годовой объем таких однородных товаров, работ, услуг в стоимостном выражении не превышает стократного размера месячного расчетного показателя, установленного на соответствующий финансовый год законом о республиканском бюджете;","Из одного источника путем прямого заключения договора","Штука",20,55,1100,1100,null,null,"Июнь","31 желтоқсан 2018 жыл","до 31 декабря 2018 года","751210000;","Алматы қ., Алатау ауданы Алматы қ, Алатау ауданы, Дархан ы- а, Халифа А 24/1;","г.Алматы, Алатауский район г Алмата, Алатауский р-н, мкр Дархан , ул Халифа А24/1;",null,null,"Исполнен"]
[19986839,19986839,"Закупки, не превышающие финансовый год",{"$nulls":5},"Услуга","71.20.19.000.000.00.0777.000000000000","Услуги по поверке средств измерений","Услуги по поверке средств измерений","Өлшеу құралдарын тексеру бойынша қызметтер.","Услуги по поверке средств измерений","тексеру медициналық техникасы","поверка медицинской техники","Запрос ценовых предложений",null,"Запрос ценовых предложений","Одна услуга",1,150000,150000,150000,null,null,"Июнь","31 желтоқсан 2018 жыл","до 31 декабря 2018 года","751210000;","Алматы қ., Алатау ауданы Алматы қ, Алатау ауданы, Дархан ы- а, Халифа А 24/1;","г.Алматы, Алатауский район г Алмата, Алатауский р-н, мкр Дархан , ул Халифа А24/1;",null,null,"Исполнен"]
[19986840,19986840,"Закупки, не превышающие финансовый год",{"$nulls":5},"Услуга","74.90.20.000.073.00.0777.000000000000","Услуги по освидетельствованию противопожарного инвентаря","Услуги по освидетельствованию противопожарного инвентаря","Өртке қарсы керек-жарақты куәландыру бойынша қызметттер","Услуги по освидетельствованию противопожарного инвентаря","Техникалық ерекшелігіКезеңдік куәландыру огнетушителей1. Қайта зарядтау және кезеңдік куәландыру огнетушителейӨрт қауіпсіздік талаптарына сәйкес Кол-во огнетушителей ОП -5 22 дана.2. Ұсыну сертификаттар және хаттамалар куәландыру.Инженер ТБ және ГО: Асаубаев Ж. К.","Техническая спецификация  На Периодическое освидетельствование огнетушителей1.Перезарядка и периодическое освидетельствование огнетушителейСогласно требованиям Пожарной безопасности Кол-во огнетушителей:     ОП -5    22 шт.2. Предоставление сертификатов и протоколов освидетельствования.Инженер ТБ и ГО:                                       Асаубаев Ж.К.","Запрос ценовых предложений",null,"Запрос ценовых предложений","Одна услуга",1,35000,35000,35000,null,null,"Июнь","31 желтоқсан 2018 жыл","до 31 декабря 2018 года","751210000;","Алматы қ., Алатау ауданы Алматы қ, Алатау ауданы, Дархан ы- а, Халифа А 24/1;","г.Алматы, Алатауский район г Алмата, Алатауский р-н, мкр Дархан , ул Халифа А24/1;",null,null,"Исполнен"]
[20114058,20114058,"Закупки, не превышающие финансовый год",{"$nulls":5},"Услуга","53.20.11.110.000.00.0777.000000000000","Услуги по курьерской доставке почты","Услуги по курьерской доставке почты","Поштаны курьерлік жеткізу бойынша қызметтер","Услуги по курьерской доставке почты","Курьер арқылы жеткізу бойынша қызмет пошта (хаттар, бандерольдер)","Услуги по курьерской доставке почты (письма, бандероли)","Запрос ценовых предложений",null,"Запрос ценовых предложений","Одна услуга",1,20000,20000,20000,null,null,"Июнь","31 желтоқсан 2018 жыл","до 31 декабря 2018 год","751210000;","Алматы қ., Алатау ауданы Алматы қ., Алатау ауданы ,Дархан ы-м а-ы,Халифа Алтая 24/1;","г.Алматы, Алатауский район г. Алматы, Алатауский район,мкр. Дархан,Халифа Алтая 24/1;",null,null,"Договор действует"]
[20114059,20114059,"Закупки, не превышающие финансовый год",{"$nulls":5},"Товар","20.15.39.900.000.00.0778.000000000001","Удобрение","Удобрение","для стимуляции роста растений, универсальное, порошок","для стимуляции роста растений, универсальное, порошок","тыңайтқыш үшін гүлзар жылғы сарғаю және өсу үшін өлшеп-орау, қаптамада 5 кг","удобрение для газона от пожелтение и для роста ,фасовка в упаковке 5 килограмм","Запрос ценовых предложений",null,"Запрос ценовых предложений","Упаковка",1,5000,5000,5000,null,null,"Июнь","31 желтоқсан 2018 жыл","до 31 декабря 2018 год","751210000;","Алматы қ., Алатау ауданы Алматы қ., Алатау ауданы ,Дархан ы-м а-ы,Халифа Алтая 24/1;","г.Алматы, Алатауский район г. Алматы, Алатауский район,мкр. Дархан,Халифа Алтая 24/1;",null,null,"Исполнен"]
[20114060,20114060,"Закупки, не превышающие финансовый год",{"$nulls":5},"Услуга","58.29.50.000.001.00.0777.000000000000","Услуги по предоставлению лицензий на право использования программного обеспечения","Услуги по предоставлению лицензий на право использования программного обеспечения","Бағдарламалық қамтамасыз етуді пайдалану құқығына лицензия беру бойынша қызметтер","Услуги по предоставлению лицензий на право использования программного обеспечения","Ақпараттық жүйесіне қолжетімділігін Параграф","Доступ к информационной системе Параграф","Из одного источника путем прямого заключения договора","пп.3 п.3 ст.39 приобретение товаров, услуг, являющихся объектами интеллектуальной собственности, у лица, обладающего исключительными правами в отношении приобретаемых товаров, услуг","Из одного источника путем прямого заключения договора","Одна услуга",1,159600,159600,159600,null,null,"Июнь","31 желтоқсан 2018 жыл","до 31 декабря 2018 год","751210000;","Алматы қ., Алатау ауданы Алматы қ., Алатау ауданы ,Дархан ы-м а-ы,Халифа Алтая 24/1;","г.Алматы, Алатауский район г. Алматы, Алатауский район,мкр. Дархан,Халифа Алтая 24/1;",null,null,"Исполнен"]
[20114061,20114061,"Закупки, не превышающие финансовый год",{"$nulls":5},"Услуга","85.59.13.335.001.00.0777.000000000000","Услуги по обучению (кроме в области начального, среднего, высшего образования)","Услуги по обучению (кроме в области начального, среднего, высшего образования)","Оқыту бойынша қызметтер (оқыту, даярлау, қайта даярлау, біліктілікті көтеру)","Услуги по обучению (обучению/подготовке/переподготовке/повышению квалификации)","Курстар Рөлі \"тақырыбында медбике АІИ алдын алуда\"","Курсы на тему \"Роль медсестры в профилактике ВБИ\"","Из одного источника путем прямого заключения договора","пп.45 п.3 ст.39 приобретения материалов выставок, семинаров, конференций, совещаний, форумов, симпозиумов, тренингов, а также оплаты за участие в указанных мероприятиях;","Из одного источника путем прямого заключения договора","Одна услуга",1,12000,12000,12000,null,null,"Июнь","31 желтоқсан 2018 жыл","до 31 декабря 2018 год","751210000;","Алматы қ., Алатау ауданы Алматы қ., Алатау ауданы ,Дархан ы-м а-ы,Халифа Алтая 24/1;","г.Алматы, Алатауский район г. Алматы, Алатауский район,мкр. Дархан,Халифа Алтая 24/1;",null,null,"Исполнен"]
[20114062,20114062,"Закупки, не превышающие финансовый год",{"$nulls":5},"Услуга","95.11.10.000.003.00.0777.000000000000","Услуги по техническому обслуживанию компьютерной/периферийной оргтехники/оборудования и их частей","Услуги по техническому обслуживанию компьютерной/периферийной оргтехники/оборудования и их частей","Компьютерлік/перифериялық оргтехникаға/жабдықтарға және олардың бөлшектеріне техникалық қызмет көрсету бойынша қызметтер","Услуги по техническому обслуживанию компьютерной/периферийной оргтехники/оборудования и их частей","техникалық қызмет көрсету және оргтехниканы жөндеу және тұрмыстық.","услуга по обслуживанию и ремонта оргтехники и бытовой.","Из одного источника путем прямого заключения договора","пп.42 п.3 ст.39 приобретения однородных товаров, работ, услуг, если годовой объем таких однородных товаров, работ, услуг в стоимостном выражении не превышает стократного размера месячного расчетного показателя, установленного на соответствующий финансовый год законом о республиканском бюджете;","Из одного источника путем прямого заключения договора","Одна услуга",1,150000,150000,150000,null,null,"Июнь","31 желтоқсан 2018 жыл","до 31 декабря 2018 год","751210000;","Алматы қ., Алатау ауданы Алматы қ., Алатау ауданы ,Дархан ы-м а-ы,Халифа Алтая 24/1;","г.Алматы, Алатауский район г. Алматы, Алатауский район,мкр. Дархан,Халифа Алтая 24/1;",null,null,"Исполнен"]
[20416069,20416069,"Закупки, не превышающие финансовый год",{"$nulls":5},"Услуга","82.30.11.000.000.00.0777.000000000000","Услуги по организации/проведению конференций/семинаров/форумов/конкурсов/корпоративных/спортивных/культурных/праздничных и аналогичных мероприятий","Услуги по организации/проведению конференций/семинаров/форумов/конкурсов/корпоративных/спортивных/культурных/праздничных и аналогичных мероприятий","Конференциялар, форумдар, семинарлар, конурстар, корпоративтік, спорттық, мәдени, мерекелік және балама іс-шараларды ұйымдастыру/өткізу бойынша қызметтер","Услуги по организации/проведению конференций/семинаров/форумов/конкурсов/корпоративных/спортивных/культурных/праздничных и аналогичных мероприятий","Атауы цикл: Қазіргі заманғы көзқарастар \"диагностикалау және емдеу\" қанайналым жүйесі ауруларының Өткізу күні: 09 шілде 04 тамыз 2018 ж. Ұзақтығы цикл: 216 сағат/4 аптаОқу құны: 73 007,0 1-ші дәрігерТыңдаушылардың саны – 1Тыңдаушылар контингенті: дәрігер Бугыбаева.Өткізу орны: Алматы қ.","Название цикла:  «Современные подходы к диагностике и лечению болезней системы кровообращения»  Дата проведения: с 09 июля по 04 августа  2018 г. Продолжительность цикла: 216 часов/4 неделиСтоимость обучения: 73 007,0 на 1-го врачаКоличество слушателей – 1Контингент слушателей: врач Бугыбаева Г.Место проведения: г.Алматы","Из одного источника путем прямого заключения договора","пп.45 п.3 ст.39 приобретения материалов выставок, семинаров, конференций, совещаний, форумов, симпозиумов, тренингов, а также оплаты за участие в указанных мероприятиях;","Из одного источника путем прямого заключения договора","Одна услуга",1,73007,73007,73007,null,null,"Июль","31 желтоқсан 2018 жыл","до 31 декабря 2018 года","751210000;","Алматы қ., Алатау ауданы Алматы қ.Дархан ы-ы. Халифа Алтая 24/1;","г.Алматы, Алатауский район г.Алматы. мкр. Дархан. ул. Халифа Алтая 24/1;",null,null,"Исполнен"]
[20416070,20416070,"Закупки, не превышающие финансовый год",{"$nulls":5},"Услуга","62.02.20.000.000.00.0777.000000000000","Услуги консультационные в области информационных технологий","Услуги консультационные в области информационных технологий","Ақпараттық технология саласындағы консултациялық қызметтер","Услуги консультационные в области информационных технологий","• Бекітілген халық Тіркелімі порталы","Портал Регистр прикрепленного населения","Из одного источника путем прямого заключения договора","пп.42 п.3 ст.39 приобретения однородных товаров, работ, услуг, если годовой объем таких однородных товаров, работ, услуг в стоимостном выражении не превышает стократного размера месячного расчетного показателя, установленного на соответствующий финансовый год законом о республиканском бюджете;","Из одного источника путем прямого заключения договора","Одна услуга",1,25188.09,25188.09,25188.09,null,null,"Июль","31 желтоқсан 2018 жыл","до 31 декабря 2018 года","751210000;","Алматы қ., Алатау ауданы Алматы қ.Дархан ы-ы. Халифа Алтая 24/1;","г.Алматы, Алатауский район г.Алматы. мкр. Дархан. ул. Халифа Алтая 24/1;",null,null,"Договор действует"]
[20416071,20416071,"Закупки, не превышающие финансовый год",{"$nulls":5},"Услуга","62.02.20.000.000.00.0777.000000000000","Услуги консультационные в области информационных технологий","Услуги консультационные в области информационных технологий","Ақпараттық технология саласындағы консултациялық қызметтер","Услуги консультационные в области информационных технологий","Портал Амбулаториялық-емханалық көмек","Портал Амбулаторно-поликлиническая помощь","Из одного источника путем прямого заключения договора","пп.42 п.3 ст.39 приобретения однородных товаров, работ, услуг, если годовой объем таких однородных товаров, работ, услуг в стоимостном выражении не превышает стократного размера месячного расчетного показателя, установленного на соответствующий финансовый год законом о республиканском бюджете;","Из одного источника путем прямого заключения договора","Одна услуга",1,25188.09,25188.09,25188.09,null,null,"Июль","31 желтоқсан 2018 жыл","до 31 декабря 2018 года","751210000;","Алматы қ., Алатау ауданы Алматы қ.Дархан ы-ы. Халифа Алтая 24/1;","г.Алматы, Алатауский район г.Алматы. мкр. Дархан. ул. Халифа Алтая 24/1;",null,null,"Договор действует"]
[20416072,20416072,"Закупки, не превышающие финансовый год",{"$nulls":5},"Услуга","62.02.20.000.000.00.0777.000000000000","Услуги консультационные в области информационных технологий","Услуги консультационные в области информационных технологий","Ақпараттық технология саласындағы консултациялық қызметтер","Услуги консультационные в области информационных технологий","Портал ресурстарды басқару Жүйесі","Портал Система управления ресурсами","Из одного источника путем прямого заключения договора","пп.42 п.3 ст.39 приобретения однородных товаров, работ, услуг, если годовой объем таких однородных товаров, работ, услуг в стоимостном выражении не превышает стократного размера месячного расчетного показателя, установленного на соответствующий финансовый год законом о республиканском бюджете;","Из одного источника путем прямого заключения договора","Одна услуга",1,25188.09,25188.09,25188.09,null,null,"Июль","31 желтоқсан 2018 жыл","до 31 декабря 2018 года","751210000;","Алматы қ., Алатау ауданы Алматы қ.Дархан ы-ы. Халифа Алтая 24/1;","г.Алматы, Алатауский район г.Алматы. мкр. Дархан. ул. Халифа Алтая 24/1;",null,null,"Договор действует"]
[20416073,20416073,"Закупки, не превышающие финансовый год",{"$nulls":5},"Услуга","62.02.20.000.000.00.0777.000000000000","Услуги консультационные в области информационных технологий","Услуги консультационные в области информационных технологий","Ақпараттық технология саласындағы консултациялық қызметтер","Услуги консультационные в области информационных технологий","• Портал Қосымша коэффициент жан басына шаққандағы нормативтің","Портал Дополнительный коэффициент подушевого норматива","Из одного источника путем прямого заключения договора","пп.42 п.3 ст.39 приобретения однородных товаров, работ, услуг, если годовой объем таких однородных товаров, работ, услуг в стоимостном выражении не превышает стократного размера месячного расчетного показателя, установленного на соответствующий финансовый год законом о республиканском бюджете;","Из одного источника путем прямого заключения договора","Одна услуга",1,25188.09,25188.09,25188.09,null,null,"Июль","31 желтоқсан 2018 жыл","до 31 декабря 2018 года","751210000;","Алматы қ., Алатау ауданы Алматы қ.Дархан ы-ы. Халифа Алтая 24/1;","г.Алматы, Алатауский район г.Алматы. мкр. Дархан. ул. Халифа Алтая 24/1;",null,null,"Договор действует"]
[20416074,20416074,"Закупки, не превышающие финансовый год",{"$nulls":5},"Услуга","62.02.20.000.000.00.0777.000000000000","Услуги консультационные в области информационных технологий","Услуги консультационные в области информационных технологий","Ақпараттық технология саласындағы консултациялық қызметтер","Услуги консультационные в области информационных технологий","Порталы Ақпараттық жүйесі дәрі-дәрмекпен оқыту","Портал Информационная система лекарственного обучения","Из одного источника путем прямого заключения договора","пп.42 п.3 ст.39 приобретения однородных товаров, работ, услуг, если годовой объем таких однородных товаров, работ, услуг в стоимостном выражении не превышает стократного размера месячного расчетного показателя, установленного на соответствующий финансовый год законом о республиканском бюджете;","Из одного источника путем прямого заключения договора","Одна услуга",1,25188.09,25188.09,25188.09,null,null,"Июль","31 желтоқсан 2018 жыл","до 31 декабря 2018 года","751210000;","Алматы қ., Алатау ауданы Алматы қ.Дархан ы-ы. Халифа Алтая 24/1;","г.Алматы, Алатауский район г.Алматы. мкр. Дархан. ул. Халифа Алтая 24/1;",null,null,"Договор действует"]
[20416075,20416075,"Закупки, не превышающие финансовый год",{"$nulls":5},"Услуга","62.02.20.000.000.00.0777.000000000000","Услуги консультационные в области информационных технологий","Услуги консультационные в области информационных технологий","Ақпараттық технология саласындағы консултациялық қызметтер","Услуги консультационные в области информационных технологий","• Портал Тіркелімі жүкті және фертильді жастағы әйелдер","Портал Регистр беременных и женщин фертильного возраста","Из одного источника путем прямого заключения договора","пп.42 п.3 ст.39 приобретения однородных товаров, работ, услуг, если годовой объем таких однородных товаров, работ, услуг в стоимостном выражении не превышает стократного размера месячного расчетного показателя, установленного на соответствующий финансовый год законом о республиканском бюджете;","Из одного источника путем прямого заключения договора","Одна услуга",1,25188.09,25188.09,25188.09,null,null,"Июль","31 желтоқсан 2018 жыл","до 31 декабря 2018 года","751210000;","Алматы қ., Алатау ауданы Алматы қ.Дархан ы-ы. Халифа Алтая 24/1;","г.Алматы, Алатауский район г.Алматы. мкр. Дархан. ул. Халифа Алтая 24/1;",null,null,"Договор действует"]
[20416076,20416076,"Закупки, не превышающие финансовый год",{"$nulls":5},"Услуга","62.02.20.000.000.00.0777.000000000000","Услуги консультационные в области информационных технологий","Услуги консультационные в области информационных технологий","Ақпараттық технология саласындағы консултациялық қызметтер","Услуги консультационные в области информационных технологий","• Портал диспансерлік науқастардың Электрондық тіркелімі","•Портал Электронный регистр диспансерных больных","Из одного источника путем прямого заключения договора","пп.42 п.3 ст.39 приобретения однородных товаров, работ, услуг, если годовой объем таких однородных товаров, работ, услуг в стоимостном выражении не превышает стократного размера месячного расчетного показателя, установленного на соответствующий финансовый год законом о республиканском бюджете;","Из одного источника путем прямого заключения договора","Одна услуга",1,25188.09,25188.09,25188.09,null,null,"Июль","31 желтоқсан 2018 жыл","до 31 декабря 2018 года","751210000;","Алматы қ., Алатау ауданы Алматы қ.Дархан ы-ы. Халифа Алтая 24/1;","г.Алматы, Алатауский район г.Алматы. мкр. Дархан. ул. Халифа Алтая 24/1;",null,null,"Договор действует"]
[20416077,20416077,"Закупки, не превышающие финансовый год",{"$nulls":5},"Услуга","62.02.20.000.000.00.0777.000000000000","Услуги консультационные в области информационных технологий","Услуги консультационные в области информационных технологий","Ақпараттық технология саласындағы консултациялық қызметтер","Услуги консультационные в области информационных технологий","• Портал Есепке науқастардың созылмалы бүйрек жеткіліксіздігі","Портал Учет больных с хронической почечной недостаточностью","Из одного источника путем прямого заключения договора","пп.42 п.3 ст.39 приобретения однородных товаров, работ, услуг, если годовой объем таких однородных товаров, работ, услуг в стоимостном выражении не превышает стократного размера месячного расчетного показателя, установленного на соответствующий финансовый год законом о республиканском бюджете;","Из одного источника путем прямого заключения договора","Одна услуга",1,25188.09,25188.09,25188.09,null,null,"Июль","31 желтоқсан 2018 жыл","до 31 декабря 2018 года","751210000;","Алматы қ., Алатау ауданы Алматы қ.Дархан ы-ы. Халифа Алтая 24/1;","г.Алматы, Алатауский район г.Алматы. мкр. Дархан. ул. Халифа Алтая 24/1;",null,null,"Договор действует"]
[20416078,20416078,"Закупки, не превышающие финансовый год",{"$nulls":5},"Услуга","62.02.20.000.000.00.0777.000000000000","Услуги консультационные в области информационных технологий","Услуги консультационные в области информационных технологий","Ақпараттық технология саласындағы консултациялық қызметтер","Услуги консультационные в области информационных технологий","• Портал Жүйесі басқармасының медициналық техникамен","•Портал Система управления медицинской техникой","Из одного источника путем прямого заключения договора","пп.42 п.3 ст.39 приобретения однородных товаров, работ, услуг, если годовой объем таких однородных товаров, работ, услуг в стоимостном выражении не превышает стократного размера месячного расчетного показателя, установленного на соответствующий финансовый год законом о республиканском бюджете;","Из одного источника путем прямого заключения договора","Одна услуга",1,25188.09,25188.09,25188.09,null,null,"Июль","31 желтоқсан 2018 жыл","до 31 декабря 2018 года","751210000;","Алматы қ., Алатау ауданы Алматы қ.Дархан ы-ы. Халифа Алтая 24/1;","г.Алматы, Алатауский район г.Алматы. мкр. Дархан. ул. Халифа Алтая 24/1;",null,null,"Договор действует"]
[20416079,20416079,"Закупки, не превышающие финансовый год",{"$nulls":5},"Услуга","62.02.20.000.000.00.0777.000000000000","Услуги консультационные в области информационных технологий","Услуги консультационные в области информационных технологий","Ақпараттық технология саласындағы консултациялық қызметтер","Услуги консультационные в области информационных технологий","• Портал қан айналымы жүйесінің Аурулары","Портал  Болезни системы кровообращения","Из одного источника путем прямого заключения договора","пп.42 п.3 ст.39 приобретения однородных товаров, работ, услуг, если годовой объем таких однородных товаров, работ, услуг в стоимостном выражении не превышает стократного размера месячного расчетного показателя, установленного на соответствующий финансовый год законом о республиканском бюджете;","Из одного источника путем прямого заключения договора","Одна услуга",1,25188.09,25188.09,25188.09,null,null,"Июль","31 желтоқсан 2018 жыл","до 31 декабря 2018 года","751210000;","Алматы қ., Алатау ауданы Алматы қ.Дархан ы-ы. Халифа Алтая 24/1;","г.Алматы, Алатауский район г.Алматы. мкр. Дархан. ул. Халифа Алтая 24/1;",null,null,"Договор действует"]
[20416080,20416080,"Закупки, не превышающие финансовый год",{"$nulls":5},"Услуга","62.02.20.000.000.00.0777.000000000000","Услуги консультационные в области информационных технологий","Услуги консультационные в области информационных технологий","Ақпараттық технология саласындағы консултациялық қызметтер","Услуги консультационные в области информационных технологий","• Портал Тіркелімі психикалық науқастар","•Портал Регистр психических больных","Из одного источника путем прямого заключения договора","пп.42 п.3 ст.39 приобретения однородных товаров, работ, услуг, если годовой объем таких однородных товаров, работ, услуг в стоимостном выражении не превышает стократного размера месячного расчетного показателя, установленного на соответствующий финансовый год законом о республиканском бюджете;","Из одного источника путем прямого заключения договора","Одна услуга",1,25188.09,25188.09,25188.09,null,null,"Июль","31 желтоқсан 2018 жыл","до 31 декабря 2018 года","751210000;","Алматы қ., Алатау ауданы Алматы қ.Дархан ы-ы. Халифа Алтая 24/1;","г.Алматы, Алатауский район г.Алматы. мкр. Дархан. ул. Халифа Алтая 24/1;",null,null,"Договор действует"]
[20416081,20416081,"Закупки, не превышающие финансовый год",{"$nulls":5},"Услуга","62.02.20.000.000.00.0777.000000000000","Услуги консультационные в области информационных технологий","Услуги консультационные в области информационных технологий","Ақпараттық технология саласындағы консултациялық қызметтер","Услуги консультационные в области информационных технологий","• Портал наркологиялық науқастардың Тіркелімі","Портал Регистр наркологических больных","Из одного источника путем прямого заключения договора","пп.42 п.3 ст.39 приобретения однородных товаров, работ, услуг, если годовой объем таких однородных товаров, работ, услуг в стоимостном выражении не превышает стократного размера месячного расчетного показателя, установленного на соответствующий финансовый год законом о республиканском бюджете;","Из одного источника путем прямого заключения договора","Одна услуга",1,25188.09,25188.09,25188.09,null,null,"Июль","31 желтоқсан 2018 жыл","до 31 декабря 2018 года","751210000;","Алматы қ., Алатау ауданы Алматы қ.Дархан ы-ы. Халифа Алтая 24/1;","г.Алматы, Алатауский район г.Алматы. мкр. Дархан. ул. Халифа Алтая 24/1;",null,null,"Договор действует"]
[20416082,20416082,"Закупки, не превышающие финансовый год",{"$nulls":5},"Услуга","62.02.20.000.000.00.0777.000000000000","Услуги консультационные в области информационных технологий","Услуги консультационные в области информационных технологий","Ақпараттық технология саласындағы консултациялық қызметтер","Услуги консультационные в области информационных технологий","• Портал қант диабетінің Ұлттық регистрі","Портал Национальный регистр сахарного диабета","Из одного источника путем прямого заключения договора","пп.42 п.3 ст.39 приобретения однородных товаров, работ, услуг, если годовой объем таких однородных товаров, работ, услуг в стоимостном выражении не превышает стократного размера месячного расчетного показателя, установленного на соответствующий финансовый год законом о республиканском бюджете;","Из одного источника путем прямого заключения договора","Одна услуга",1,25188.09,25188.09,25188.09,null,null,"Июль","31 желтоқсан 2018 жыл","до 31 декабря 2018 года","751210000;","Алматы қ., Алатау ауданы Алматы қ.Дархан ы-ы. Халифа Алтая 24/1;","г.Алматы, Алатауский район г.Алматы. мкр. Дархан. ул. Халифа Алтая 24/1;",null,null,"Договор действует"]
[20416083,20416083,"Закупки, не превышающие финансовый год",{"$nulls":5},"Услуга","62.02.20.000.000.00.0777.000000000000","Услуги консультационные в области информационных технологий","Услуги консультационные в области информационных технологий","Ақпараттық технология саласындағы консултациялық қызметтер","Услуги консультационные в области информационных технологий","• Емдеуге жатқызу Бюросы порталы","Портал Бюро госпитализации","Из одного источника путем прямого заключения договора","пп.42 п.3 ст.39 приобретения однородных товаров, работ, услуг, если годовой объем таких однородных товаров, работ, услуг в стоимостном выражении не превышает стократного размера месячного расчетного показателя, установленного на соответствующий финансовый год законом о республиканском бюджете;","Из одного источника путем прямого заключения договора","Одна услуга",1,25188.09,25188.09,25188.09,null,null,"Июль","31 желтоқсан 2018 жыл","до 31 декабря 2018 года","751210000;","Алматы қ., Алатау ауданы Алматы қ.Дархан ы-ы. Халифа Алтая 24/1;","г.Алматы, Алатауский район г.Алматы. мкр. Дархан. ул. Халифа Алтая 24/1;",null,null,"Договор действует"]
[20416084,20416084,"Закупки, не превышающие финансовый год",{"$nulls":5},"Услуга","62.02.20.000.000.00.0777.000000000000","Услуги консультационные в области информационных технологий","Услуги консультационные в области информационных технологий","Ақпараттық технология саласындағы консултациялық қызметтер","Услуги консультационные в области информационных технологий","• Порталы \"Автоматтандырылған ақпараттық жүйесі Емханасы\"","Портал Автоматизированная информационная система «Поликлиника»","Из одного источника путем прямого заключения договора","пп.42 п.3 ст.39 приобретения однородных товаров, работ, услуг, если годовой объем таких однородных товаров, работ, услуг в стоимостном выражении не превышает стократного размера месячного расчетного показателя, установленного на соответствующий финансовый год законом о республиканском бюджете;","Из одного источника путем прямого заключения договора","Одна услуга",1,25188.09,25188.09,25188.09,null,null,"Июль","31 желтоқсан 2018 жыл","до 31 декабря 2018 года","751210000;","Алматы қ., Алатау ауданы Алматы қ.Дархан ы-ы. Халифа Алтая 24/1;","г.Алматы, Алатауский район г.Алматы. мкр. Дархан. ул. Халифа Алтая 24/1;",null,null,"Договор действует"]
[20416085,20416085,"Закупки, не превышающие финансовый год",{"$nulls":5},"Услуга","62.02.20.000.000.00.0777.000000000000","Услуги консультационные в области информационных технологий","Услуги консультационные в области информационных технологий","Ақпараттық технология саласындағы консултациялық қызметтер","Услуги консультационные в области информационных технологий","• Портал стационарлық науқастардың Электрондық тіркелімі","•Портал Электронный регистр стационарных больных","Из одного источника путем прямого заключения договора","пп.42 п.3 ст.39 приобретения однородных товаров, работ, услуг, если годовой объем таких однородных товаров, работ, услуг в стоимостном выражении не превышает стократного размера месячного расчетного показателя, установленного на соответствующий финансовый год законом о республиканском бюджете;","Из одного источника путем прямого заключения договора","Одна услуга",1,25188.09,25188.09,25188.09,null,null,"Июль","31 желтоқсан 2018 жыл","до 31 декабря 2018 года","751210000;","Алматы қ., Алатау ауданы Алматы қ.Дархан ы-ы. Халифа Алтая 24/1;","г.Алматы, Алатауский район г.Алматы. мкр. Дархан. ул. Халифа Алтая 24/1;",null,null,"Договор действует"]
[20416086,20416086,"Закупки, не превышающие финансовый год",{"$nulls":5},"Услуга","62.02.20.000.000.00.0777.000000000000","Услуги консультационные в области информационных технологий","Услуги консультационные в области информационных технологий","Ақпараттық технология саласындағы консултациялық қызметтер","Услуги консультационные в области информационных технологий","Портал туберкулезбен ауыратын науқастардың Ұлттық тіркелімі","Портал Национальный регистр больных туберкулезом","Из одного источника путем прямого заключения договора","пп.42 п.3 ст.39 приобретения однородных товаров, работ, услуг, если годовой объем таких однородных товаров, работ, услуг в стоимостном выражении не превышает стократного размера месячного расчетного показателя, установленного на соответствующий финансовый год законом о республиканском бюджете;","Из одного источника путем прямого заключения договора","Одна услуга",1,25188.09,25188.09,25188.09,null,null,"Июль","31 желтоқсан 2018 жыл","до 31 декабря 2018 года","751210000;","Алматы қ., Алатау ауданы Алматы қ.Дархан ы-ы. Халифа Алтая 24/1;","г.Алматы, Алатауский район г.Алматы. мкр. Дархан. ул. Халифа Алтая 24/1;",null,null,"Договор действует"]
[20416087,20416087,"Закупки, не превышающие финансовый год",{"$nulls":5},"Услуга","62.02.20.000.000.00.0777.000000000000","Услуги консультационные в области информационных технологий","Услуги консультационные в области информационных технологий","Ақпараттық технология саласындағы консултациялық қызметтер","Услуги консультационные в области информационных технологий","• Портал онкологиялық науқастардың Электрондық тіркелімі","Портал Электронный регистр онкологических больных","Из одного источника путем прямого заключения договора","пп.42 п.3 ст.39 приобретения однородных товаров, работ, услуг, если годовой объем таких однородных товаров, работ, услуг в стоимостном выражении не превышает стократного размера месячного расчетного показателя, установленного на соответствующий финансовый год законом о республиканском бюджете;","Из одного источника путем прямого заключения договора","Одна услуга",1,25188.09,25188.09,25188.09,null,null,"Июль","31 желтоқсан 2018 жыл","до 31 декабря 2018 года","751210000;","Алматы қ., Алатау ауданы Алматы қ.Дархан ы-ы. Халифа Алтая 24/1;","г.Алматы, Алатауский район г.Алматы. мкр. Дархан. ул. Халифа Алтая 24/1;",null,null,"Договор действует"]
[20416088,20416088,"Закупки, не превышающие финансовый год",{"$nulls":5},"Товар","23.49.11.000.001.00.0796.000000000000","Горшок","Горшок","для цветов","для цветов","горошки керамикалық ішіп отырып үй түсті : мөлшері шеңбері 85-90 см ,биіктігі 30-35 см ,10 литрлік : түсі ашық өрнекпен ұсынатын тауардың шығу тегі туралы Сертификат.","горошки керамические с чашкой для домашних цветов : размер окружность 85-90 см ,высота 30-35 см ,10 литровый : цвет светлый с узорами , предоставит  Сертификат о происхождении товара.","Запрос ценовых предложений",null,"Запрос ценовых предложений","Штука",4,3000,12000,12000,null,null,"Июль","31 желтоқсан 2018 жыл","до 31 декабря 2018 года","751210000;","Алматы қ., Алатау ауданы Алматы қ.Дархан ы-ы. Халифа Алтая 24/1;","г.Алматы, Алатауский район г.Алматы. мкр. Дархан. ул. Халифа Алтая 24/1;",null,null,"Закупка не состоялась"]
[20416089,20416089,"Закупки, не превышающие финансовый год",{"$nulls":5},"Товар","23.49.11.000.001.00.0796.000000000000","Горшок","Горшок","для цветов","для цветов","горошки керамикалық ішіп отырып үй түсті : мөлшері шеңбері 70-75 см ,биіктігі 20-25 см ,5 литрлік : түсі ашық өрнекпен ұсынатын тауардың шығу тегі туралы Сертификат.","горошки керамические с чашкой для домашних цветов : размер окружность 70-75 см ,высота 20-25 см ,5 литровый : цвет светлый с узорами , предоставит  Сертификат о происхождении товара.","Запрос ценовых предложений",null,"Запрос ценовых предложений","Штука",6,2000,12000,12000,null,null,"Июль","31 желтоқсан 2018 жыл","до 31 декабря 2018 года","751210000;","Алматы қ., Алатау ауданы Алматы қ.Дархан ы-ы. Халифа Алтая 24/1;","г.Алматы, Алатауский район г.Алматы. мкр. Дархан. ул. Халифа Алтая 24/1;",null,null,"Закупка не состоялась"]
[20416090,20416090,"Закупки, не превышающие финансовый год",{"$nulls":5},"Товар","08.92.10.000.000.00.0778.000000000000","Торф","Торф","земляной, почвенная смесь, для растений","земляной, почвенная смесь, для растений","жер отырғызу үшін үй-түсті гүлдер орам қапта 50 литр ,ұсынатын тауардың шығу тегі туралы Сертификат.","земля для посадки домашних цветов  цветов упаковка в мешке 50 литров ,предоставит  Сертификат о происхождении товара.","Запрос ценовых предложений",null,"Запрос ценовых предложений","Упаковка",1,1500,1500,1500,null,null,"Июль","31 желтоқсан 2018 жыл","до 31 декабря 2018 года","751210000;","Алматы қ., Алатау ауданы Алматы қ.Дархан ы-ы. Халифа Алтая 24/1;","г.Алматы, Алатауский район г.Алматы. мкр. Дархан. ул. Халифа Алтая 24/1;",null,null,"Закупка не состоялась"]
[20416091,20416091,"Закупки, не превышающие финансовый год",{"$nulls":5},"Товар","32.99.59.500.002.00.0796.000000000000","Дренаж","Дренаж","бөлме өсімдіктерін отырғызу үшін","для посадки комнатных растений","дренаж отырғызу үшін үй-түсті орау қапта 20 литр ,ұсынатын тауардың шығу тегі туралы Сертификат.\"КРТУ саны сәйкес келмесе, тауар","дренаж  для посадки домашних цветов   упаковка в мешке 20 литров ,предоставит  Сертификат о происхождении товара.В КРТУ количество не соответствует товару","Запрос ценовых предложений",null,"Запрос ценовых предложений","Штука",1,2000,2000,2000,null,null,"Июль","31 желтоқсан 2018 жыл","до 31 декабря 2018 года","751210000;","Алматы қ., Алатау ауданы Алматы қ.Дархан ы-ы. Халифа Алтая 24/1;","г.Алматы, Алатауский район г.Алматы. мкр. Дархан. ул. Халифа Алтая 24/1;",null,null,"Закупка не состоялась"]
[20416092,20416092,"Закупки, не превышающие финансовый год",{"$nulls":5},"Услуга","68.31.16.200.000.00.0777.000000000000","Услуги по оценке имущества","Услуги по оценке имущества","Мүлікті бағалау қызметтерінің кешені","Комплекс услуг по оценке имущества","Мүлікті бағалау дәріханалық жиһаз өнім беруші ұсынуы тиіс лицензия , шығу бағалаушының жеткізушінің есебінен орындау , қызмет 15 күнтізбелік күн ішінде шартқа қол қойылған күннен бастап","Оценка имущества мебель аптечная поставщик должен предоставить  лицензию , выезд оценщика за счет поставщика , исполнение услуги в течении 15 календарных дней со дня подписания договора","Из одного источника путем прямого заключения договора","пп.42 п.3 ст.39 приобретения однородных товаров, работ, услуг, если годовой объем таких однородных товаров, работ, услуг в стоимостном выражении не превышает стократного размера месячного расчетного показателя, установленного на соответствующий финансовый год законом о республиканском бюджете;","Из одного источника путем прямого заключения договора","Одна услуга",1,32000,32000,32000,null,null,"Июль","31 желтоқсан 2018 жыл","до 31 декабря 2018 года","751210000;","Алматы қ., Алатау ауданы Алматы қ.Дархан ы-ы. Халифа Алтая 24/1;","г.Алматы, Алатауский район г.Алматы. мкр. Дархан. ул. Халифа Алтая 24/1;",null,null,"Исполнен"]
[20416093,20416093,"Закупки, не превышающие финансовый год",{"$nulls":5},"Услуга","35.13.10.100.000.00.0777.000000000000","Услуги по передаче/распределению электроэнергии","Услуги по передаче/распределению электроэнергии","Электр қуатын тасымалдау және тарату қызметтері","Услуги по передаче/распределению электроэнергии","Қызмет ша қарсылықтың және электр проводов оқшауының техникалық замеру","Услуга по техническому замеру сопротивления и изоляции электрических проводов","Запрос ценовых предложений",null,"Запрос ценовых предложений","Одна услуга",1,80000,80000,80000,null,null,"Июль","31 желтоқсан 2018 жыл","до 31 декабря 2018 года","751210000;","Алматы қ., Алатау ауданы Алматы қ.Дархан ы-ы. Халифа Алтая 24/1;","г.Алматы, Алатауский район г.Алматы. мкр. Дархан. ул. Халифа Алтая 24/1;",null,null,"Исполнен"]
[20114057,20416124,"Закупки, не превышающие финансовый год",{"$nulls":5},"Товар","32.99.16.300.002.00.0796.000000000003","Мөр","Печать","құжаттар үшін","для документов","басып шығару үшін кассасы болуға тиіс ұйымның атауы және төлеуге екі тілде Мемлекеттік және Орыс тілдерінде , көлемі-57х21 мм. нобай алдын-ала тапсырыс берушімен келісу .","печать для кассы должна содержать наименование организации и оплату на двух языках Государственный  и Русский ,  размер  57х21 мм. эскиз предварительно  согласовать с заказчиком .","Из одного источника путем прямого заключения договора","пп.42 п.3 ст.39 приобретения однородных товаров, работ, услуг, если годовой объем таких однородных товаров, работ, услуг в стоимостном выражении не превышает стократного размера месячного расчетного показателя, установленного на соответствующий финансовый год законом о республиканском бюджете;","Из одного источника путем прямого заключения договора","Штука",1,5000,5000,5000,null,null,"Июль","31 желтоқсан 2018 жыл","до 31 декабря 2018 год","751210000;","Алматы қ., Алатау ауданы Алматы қ., Алатау ауданы ,Дархан ы-м а-ы,Халифа Алтая 24/1;","г.Алматы, Алатауский район г. Алматы, Алатауский район,мкр. Дархан,Халифа Алтая 24/1;",null,null,"Исполнен"]
[19843744,20416156,"Закупки, не превышающие финансовый год",{"$nulls":5},"Товар","20.52.10.900.005.00.0778.000000000003","Клей","Клей","жалпы мақсаттағы каучук негізіндегі резеңкені әртүрлі материалдарға жабыстыру үшін","для приклеивания холодным способом резин на основе каучуков общего назначения к различным материалам","суық пісіру үшін линолеум \" тубике 100 грамм шығыны 50 метр жік, жапсар линолеум Назар осы ТЖҚЖ сәйкес келмесе, тауар","холодная сварка для линолеума  в тубике по 100 граммрасход на 50 метров шва, для стыков линолеума   Внимание данное КТРУ не соответствует товару","Из одного источника путем прямого заключения договора","пп.42 п.3 ст.39 приобретения однородных товаров, работ, услуг, если годовой объем таких однородных товаров, работ, услуг в стоимостном выражении не превышает стократного размера месячного расчетного показателя, установленного на соответствующий финансовый год законом о республиканском бюджете;","Из одного источника путем прямого заключения договора","Упаковка",10,1200,12000,12000,null,null,"Июль","31  желтоқсан 2018 жыл","до 31 декабря 2018 года","751210000;","Алматы қ., Алатау ауданы Алматы қ, Алатау а-ңы, Дархан ы-а, Халифа Алтая 24/1.;","г.Алматы, Алатауский район г. Алматы ,Алатауский р-н,мкр Дархан, ул. Халифа Алтая 24/1;",null,null,"Исполнен"]
[19843743,20416184,"Закупки, не превышающие финансовый год",{"$nulls":5},"Товар","27.20.22.900.000.00.0796.000000000005","Аккумулятор","Аккумулятор","кернеуі 12 В, сыйымдылығы 50-100 А/сағ","напряжение 12 В, емкость 50-100 А/ч","1.батарейкалар мизинчиков многозарядные -20 дана орамада 2 дана 2.шағын батарейка арналған пульттер маркасы А-23 ,мөлшері (ұзындығы 25 мм ,диаметрі 10мм) -20 дана назар аударыңыз, бұл ТЖҚЖ сәйкес келмесе, осы тауар алдында жеткізумен нақтылайды тапсырыс берушінің","1.батарейки мизинчиков  многозарядные  -20 шт в упаковке по 2 штуки 2.мини батарейка для пультов  марка  А-23 ,размер  (длина 25 мм ,диаметра  10мм) -20 штук внимание данное КТРУ не соответствует данному товару перед поставкой уточнит у заказчика","Из одного источника путем прямого заключения договора","пп.42 п.3 ст.39 приобретения однородных товаров, работ, услуг, если годовой объем таких однородных товаров, работ, услуг в стоимостном выражении не превышает стократного размера месячного расчетного показателя, установленного на соответствующий финансовый год законом о республиканском бюджете;","Из одного источника путем прямого заключения договора","Штука",40,200,8000,8000,null,null,"Июль","31  желтоқсан 2018 жыл","до 31 декабря 2018 года","751210000;","Алматы қ., Алатау ауданы Алматы қ, Алатау а-ңы, Дархан ы-а, Халифа Алтая 24/1.;","г.Алматы, Алатауский район г. Алматы ,Алатауский р-н,мкр Дархан, ул. Халифа Алтая 24/1;",null,null,"Исполнен"]
[19669215,20416201,"Закупки, не превышающие финансовый год",{"$nulls":5},"Товар","26.30.30.900.007.03.0796.000000000000","Модуль","Модуль","бағдарлауышқа арналған","для маршрутизатора","Техникалық сипаттамаларыПорттары: 48 портты 10/100/1000 автоматты түрде анықтауға жылдамдығы (IEEE 802.3 түрі 10BASE-T, IEEE 802.3 u түрі 100BASE-TX, IEEE 802.3 ab түрі 1000BASE-T) тасымалдаушының түрі: Auto-MDIX, дуплексті режимі: 10BASE-T/100BASE-TX: жартылай немесе полнодуплексный; 1000BASE-T: тек полнодуплексный; 4 порт SFP 100/1000 Мб/с; Қолдау максимум 48 портты 10/100/1000 автоматты түрде анықтауға жылдамдығын плюс 4 порт SFPМонтаждау: Орнатылды 19-дюймовую тіреуге Telco стандарт EIA (бекітуші бөлшектер, жинаққа жеткізу); монтаждау мүмкіндігі қабырғаға, үстелге және үстелЖады және процессор: 8 МБ флэш-жады, мөлшері пакеттік буфер: 1,5 МБ, 64 МБ SDRAMКешігу уақыты: 100 Мб күту Уақыты: < 8,4 мсм (пакетінің көлемі 64 байта); 1000 Мб күту Уақыты: < 3,2 мкс (пакетінің мөлшері 64 байт)Өткізу қабілеті: дейін 77,4 млн. пакет секундына (пакетінің мөлшері 64 байт)Басқару функциялары: HP PCM; Веб-браузерӨнімділік коммутация: 104 Гб/сТамақтану және пайдалану шарттарыТұтынылатын қуаты: 60 Вт (максимум)Кернеу кіре берісте: 100-127/200-240 В ауыспалы тоқКіру жиілігі: 50/60 ГцҚауіпсіздік: CSA 22.2 № 60950; EN 60950/IEC 60950; UL 60950Электромагнитті үйлесімділік: FCC ережелері, бөлім 15, подчасть B, класс A; EN 55022; VCCI; ICES-003 (Канада)Диапазоны температура кезінде пайдалану: 0° - 45 °CЫлғалдылығы пайдалану кезінде: 15-тен 95% кезінде 40 ?C без конденсацияПайдалану теңіз деңгейінен биіктігі: 3 кмАкустикалық қысым шулық эмиссия:Қуаты: 22 дБ, бір желдеткіш  Бөлінетін жылу бөліну, вт:204 БТЕ/ч (215.22 kJ/сағ)Өлшемдері мен салмағыӨлшемдері (Ш x Г x В): 25,1 x 44,2 x 4,39 смСалмағы: 2,83 кг","Описание: Коммутатор HP 1810-48G (J9660A)Технические характеристики Порты: 48 портов 10/100/1000 с автоматическим определением скорости (IEEE 802.3 тип 10BASE-T, IEEE 802.3u тип 100BASE-TX, IEEE 802.3ab тип 1000BASE-T), тип носителя: Auto-MDIX, дуплексный режим: 10BASE-T/100BASE-TX: полу- или полнодуплексный; 1000BASE-T: только полнодуплексный; 4 порта SFP 100/1000 Мб/с; Поддерживается максимум 48 портов 10/100/1000 с автоматическим определением скорости плюс 4 порта SFP Монтаж:            Монтируется в 19-дюймовую стойку Telco стандарта EIA (крепежные детали включены в комплект поставки); возможность монтажа на стене, столе и под столом Память и процессор:  8 МБ флэш-памяти, размер пакетного буфера: 1,5 МБ, 64 МБ SDRAMВремя задержки:         100 Мбит Время ожидания: < 8,4 мкс (размер пакета 64 байта); 1000 Мбит Время ожидания: < 3,2 мкс (размер пакета 64 байта)Пропускная способность:         до 77,4 млн. пакетов в секунду (размер пакета 64 байта)Функции управления: HP PCM; Веб-браузер Производительность коммутации: 104 Гб/с Питание и условия эксплуатации Потребляемая мощность: 60 Вт (максимум)Напряжение на входе: 100–127/200–240 В переменного тока Входная частота: 50/60 Гц Безопасность: CSA 22.2 № 60950; EN 60950/IEC 60950; UL 60950Электромагнитная совместимость:              Правила FCC, часть 15, подчасть B, класс A; EN 55022; VCCI; ICES-003 (Канада)Диапазон температур при эксплуатации: 0° - 45 °C Влажность при эксплуатации: от 15 до 95% при 40 ?C без конденсации Эксплуатационная высота над уровнем моря: до 3 км Акустическое давление шумовой эмиссии:Мощность: 22 дБ, один вентилятор Тепловыделение:204 БТЕ/ч (215.22 kJ/ч)Размеры и весРазмеры (Ш x Г x В):     25,1 x 44,2 x 4,39 см Вес:       2,83 кг Описание: Коммутатор HP 1810-48G (J9660A)","Из одного источника путем прямого заключения договора","пп.42 п.3 ст.39 приобретения однородных товаров, работ, услуг, если годовой объем таких однородных товаров, работ, услуг в стоимостном выражении не превышает стократного размера месячного расчетного показателя, установленного на соответствующий финансовый год законом о республиканском бюджете;","Из одного источника путем прямого заключения договора","Штука",1,120000,120000,120000,null,null,"Июль","31 желтоқсан 2018 жыл","31 декабя 2018 год","751210000;","Алматы қ., Алатау ауданы Алматы қ. Алатау ауданы.Дархан ы-ауданы. Халифа Алтая 24/1;","г.Алматы, Алатауский район г Алматы. Алатауский р. мкр Дархан.ул. Халифа Алтая 24/1;",null,null,"Исполнен"]
[20585149,20585149,"Закупки, не превышающие финансовый год",{"$nulls":5},"Услуга","74.90.20.000.059.00.0777.000000000000","Услуги по заправке картриджей","Услуги по заправке картриджей","Картридждерді толтыру бойынша қызметттер","Услуги по заправке картриджей","Картридждерді толтыру, саны-250 дана . қатаң түрде техникалық ерекшелікке .","Заправка картриджей в количестве 250 штук . строго по технической спецификации .","Запрос ценовых предложений",null,"Запрос ценовых предложений","Одна услуга",1,150000,150000,150000,null,null,"Август","31 желтоқсан 2018 жыл","до 31 декабря 2018 года","751210000;","Алматы қ., Алатау ауданы Алматы қ, Алатау а-ы, Дархан ы-ы, Халифа А 24/1;","г.Алматы, Алатауский район г Алматы , алатауский р-н, мкр Дархан , ул Халифа А 24/1;",null,null,"Договор действует"]
[20585150,20585150,"Закупки, не превышающие финансовый год",{"$nulls":5},"Услуга","82.30.11.000.000.00.0777.000000000000","Услуги по организации/проведению конференций/семинаров/форумов/конкурсов/корпоративных/спортивных/культурных/праздничных и аналогичных мероприятий","Услуги по организации/проведению конференций/семинаров/форумов/конкурсов/корпоративных/спортивных/культурных/праздничных и аналогичных мероприятий","Конференциялар, форумдар, семинарлар, конурстар, корпоративтік, спорттық, мәдени, мерекелік және балама іс-шараларды ұйымдастыру/өткізу бойынша қызметтер","Услуги по организации/проведению конференций/семинаров/форумов/конкурсов/корпоративных/спортивных/культурных/праздничных и аналогичных мероприятий","Семинар-тренинг \"алгоритмдер практикалық дағдыларды мейірбике ісіндегі симуляциялық технологияларды пайдалана отырып\" тыңдаушы Адахам Аружан","Семинар -тренинг \" алгоритмы практических навыков в сестринском деле с использованием симуляционных технологий\" слушатель Адахам Аружан","Из одного источника путем прямого заключения договора","пп.45 п.3 ст.39 приобретения материалов выставок, семинаров, конференций, совещаний, форумов, симпозиумов, тренингов, а также оплаты за участие в указанных мероприятиях;","Из одного источника путем прямого заключения договора","Одна услуга",1,28000,28000,28000,null,null,"Август","31 желтоқсан 2018 жыл","до 31 декабря 2018 года","751210000;","Алматы қ., Алатау ауданы Алматы қ, Алатау а-ы, Дархан ы-ы, Халифа А 24/1;","г.Алматы, Алатауский район г Алматы , алатауский р-н, мкр Дархан , ул Халифа А 24/1;",null,null,"Исполнен"]
[20585151,20585151,"Закупки, не превышающие финансовый год",{"$nulls":5},"Товар","32.91.11.300.000.00.0839.000000000001","Швабра","Швабра","жинау үшін, жиынтықта флаундер, моп, алюминий тұтқа","для уборки, в комплекте флаундер, моп, алюминиевая ручка","Ылғалды тазалауға арналаған МОП швабрасының сипаттамасы:Сабы алюминді және моп мақта матадан 50*13см мопты рамалыұстағыш тұтқасы бар жинақталған швабра. Жиынтықта болуытиіс: Ұстағыш сабы- 1 дана, тұтқыш- 1 дана, шүбек- 2 дана.Ұстағыш сабының ұзындығы 50*13см, Тұтқыш-50*13см, Қалталы50см х13 см, мақта матадан жасалған шүберек. Шүбекектің тазалаушысыртқы бетінің шашағы, мақта матадан жасалған, кір менылғалды жақсы сіңіріп алу қасиеті бар. Еденді жуып тазалауғатиімділігімен қатар үнемді жағы да бар.Тапсырыс берушініңөтінімі бойынша 15 күнтізбелік күн ішінде.","Характеристика швабры МОП для влажной уборки: Швабра всборе укомплектована рамкой-держателем для мопов 50*13см схлопковым мопом и алюминиевой рукояткой. В комплектдолжны входить: рукоятка-1шт, держатель -1шт, тряпка-3 шт.Длина рукоятки не менее 1м 35см, Держатель 50*13см, ТряпкаМОП ткань- хлопок, 50см х 13 см .с карманчиками. Чистящаяповерхность тряпки состоит из бахромы, изготовлена из хлопка,благодаря чему хорошо впитывает влагу и грязь. Представляетсобой экономичный вариант для эффективной влажной уборкиполов.","Запрос ценовых предложений",null,"Запрос ценовых предложений","Комплект",10,3000,30000,30000,null,null,"Август","31 желтоқсан 2018 жыл","до 31 декабря 2018 года","751210000;","Алматы қ., Алатау ауданы Алматы қ, Алатау а-ы, Дархан ы-ы, Халифа А 24/1;","г.Алматы, Алатауский район г Алматы , алатауский р-н, мкр Дархан , ул Халифа А 24/1;",null,null,"Исполнен"]
[21081850,21081850,"Закупки, не превышающие финансовый год",{"$nulls":5},"Услуга","823011.000.000000","Конференцияларды/семинарларды/форумдарды/конкурстарды/корпоративтік/спорттық/мәдени/мерекелік және ұқсас іс-шараларды ұйымдастыру/өткізу бойынша қызметтер","Услуги по организации/проведению конференций/семинаров/форумов/конкурсов/корпоративных/спортивных/культурных/праздничных и аналогичных мероприятий","Конференциялар, форумдар, семинарлар, конурстар, корпоративтік, спорттық, мәдени, мерекелік және балама іс-шараларды ұйымдастыру/өткізу бойынша қызметтер","Услуги по организации/проведению конференций/семинаров/форумов/конкурсов/корпоративных/спортивных/культурных/праздничных и аналогичных мероприятий","Оқыту Жүргізу \"тақырыбына өткен жүкті әйелдердің экстрагенитальды патологиясы\" БМСК деңгейінде Саны тыңдаушы 2. Дәрігер : Накпбекова Г. Н. ,Калдарбекова Ж. Ж.","Обучение на тему : \"Ведение беременных с экстрагенитальной патологий на уровне ПМСП\" Количество слушателе 2. Врач : Накпбекова Г.Н. ,Калдарбекова Ж.Г.","Из одного источника путем прямого заключения договора","пп.45 п.3 ст.39 приобретения материалов выставок, семинаров, конференций, совещаний, форумов, симпозиумов, тренингов, а также оплаты за участие в указанных мероприятиях;","Из одного источника путем прямого заключения договора","Одна услуга",1,197600,197600,197600,null,null,"Сентябрь","до 31 декабрь 2018 год","31 желтоқсан 2018 жыл","751210000;","Алматы қ., Алатау ауданы дархан ықшам ауданы, халифа Алтая 24/1;","г.Алматы, Алатауский район мкр Дархан , ул Халифа Алтая 24/1;",null,null,"Исполнен"]
[21081920,21081920,"Закупки, не превышающие финансовый год",{"$nulls":5},"Услуга","823011.000.000000","Конференцияларды/семинарларды/форумдарды/конкурстарды/корпоративтік/спорттық/мәдени/мерекелік және ұқсас іс-шараларды ұйымдастыру/өткізу бойынша қызметтер","Услуги по организации/проведению конференций/семинаров/форумов/конкурсов/корпоративных/спортивных/культурных/праздничных и аналогичных мероприятий","Конференциялар, форумдар, семинарлар, конурстар, корпоративтік, спорттық, мәдени, мерекелік және балама іс-шараларды ұйымдастыру/өткізу бойынша қызметтер","Услуги по организации/проведению конференций/семинаров/форумов/конкурсов/корпоративных/спортивных/культурных/праздничных и аналогичных мероприятий","Семинар ;Автоматтандыру есептеулер штаттық кестесін ,тарифтеу кестелер, тамақтану және жұмсақ мүкәммал көмегімен MS Excel 2.0 дайын шаблондарды есептеу үшін экономист 108 сағат ұзақтығы тыңдаушылар саны 1, баға-55 000,00 (елу бес мың )теңге","Семинар на тему ;Автоматизация расчетов штатного расписания ,тарификационных таблиц, питания и мягкого инвентаря с помощью  MS Excel 2.0 с  готовым шаблонами расчетов для экономистов 108 часов  продолжительность количество слушателей 1, цена 55 000,00 (пятьдесят пять тысяча )тенге","Из одного источника путем прямого заключения договора","пп.45 п.3 ст.39 приобретения материалов выставок, семинаров, конференций, совещаний, форумов, симпозиумов, тренингов, а также оплаты за участие в указанных мероприятиях;","Из одного источника путем прямого заключения договора","Одна услуга",1,55000,55000,55000,null,null,"Сентябрь","до 31 декабрь 2018 год","31 желтоқсан 2018 жыл","751210000;","Алматы қ., Алатау ауданы Дархан ықшам ауданы , Халифа Алтая 24/1;","г.Алматы, Алатауский район мкр Дархан , ул Халифа алтая 24/1;",null,null,"Исполнен"]
[21082003,21082003,"Закупки, не превышающие финансовый год",{"$nulls":5},"Услуга","639910.000.000006","Ақпараттық материалдарды дайындау және басып шығару бойынша/бұқаралық ақпарат құралдарында орналастыру бойынша қызмет көрсетулер","Услуги по подготовке информационных материалов и публикации/размещению в средствах массовой информации","Ақпараттық материалдарды және басылымдарды дайындау/ақпарат жүйелеріне шығару бойынша қызметтер.","Услуги по подготовке информационных материалов и публикации/размещению в средствах массовой информации","Мақала мен фото \"журналында Бас дәрігер\" , саны 1000 дана ,құны 100 000,00 (жүз мың )теңге 00 тиын ,","Публикация статьи  и фото   в журнале \" Бас  дәрігер \" , тираж -1000 экземпляров ,стоимость 100 000,00 (сто тысяча )тенге 00 тиын ,","Из одного источника путем прямого заключения договора","пп.42 п.3 ст.39 приобретения однородных товаров, работ, услуг, если годовой объем таких однородных товаров, работ, услуг в стоимостном выражении не превышает стократного размера месячного расчетного показателя, установленного на соответствующий финансовый год законом о республиканском бюджете;","Из одного источника путем прямого заключения договора","Одна услуга",1,100000,100000,100000,null,null,"Сентябрь","до 31 декабрь 2018 год","31 желтоқсан 2018 жыл","751210000;","Алматы қ., Алатау ауданы Дархан ықшам ауданы, Халифа Алтая 24/1;","г.Алматы, Алатауский район мкр Дархан , ул Халифа Алтая 24/1;",null,null,"Исполнен"]
[21173037,21173037,"Закупки, не превышающие финансовый год",{"$nulls":5},"Услуга","823011.000.000000","Конференцияларды/семинарларды/форумдарды/конкурстарды/корпоративтік/спорттық/мәдени/мерекелік және ұқсас іс-шараларды ұйымдастыру/өткізу бойынша қызметтер","Услуги по организации/проведению конференций/семинаров/форумов/конкурсов/корпоративных/спортивных/культурных/праздничных и аналогичных мероприятий","Конференциялар, форумдар, семинарлар, конурстар, корпоративтік, спорттық, мәдени, мерекелік және балама іс-шараларды ұйымдастыру/өткізу бойынша қызметтер","Услуги по организации/проведению конференций/семинаров/форумов/конкурсов/корпоративных/спортивных/культурных/праздничных и аналогичных мероприятий","Тақырыбында оқу \"өнеркәсіптік қауіпсіздік\" тыңдаушылар Саны 5, оқыту құны бір тыңдаушыға 6000 ,00 теңге","Обучение на тему \"промышленная безопасность \" Количество слушателей 5, стоимость обучение на одного слушателя 6000 ,00 тенге","Из одного источника путем прямого заключения договора","пп.45 п.3 ст.39 приобретения материалов выставок, семинаров, конференций, совещаний, форумов, симпозиумов, тренингов, а также оплаты за участие в указанных мероприятиях;","Из одного источника путем прямого заключения договора","Одна услуга",1,30000,30000,30000,null,null,"Октябрь","31 желтоқсан 2018 жыл","до 31 декабря 2018 года","751210000;","Алматы қ., Алатау ауданы ықшам ауданы Дархан , Халифа алтая 24/1;","г.Алматы, Алатауский район мкр дархан, ул Халифа Алтая 24/1;",null,null,"Исполнен"]
[21173200,21173200,"Закупки, не превышающие финансовый год",{"$nulls":5},"Услуга","823011.000.000000","Конференцияларды/семинарларды/форумдарды/конкурстарды/корпоративтік/спорттық/мәдени/мерекелік және ұқсас іс-шараларды ұйымдастыру/өткізу бойынша қызметтер","Услуги по организации/проведению конференций/семинаров/форумов/конкурсов/корпоративных/спортивных/культурных/праздничных и аналогичных мероприятий","Конференциялар, форумдар, семинарлар, конурстар, корпоративтік, спорттық, мәдени, мерекелік және балама іс-шараларды ұйымдастыру/өткізу бойынша қызметтер","Услуги по организации/проведению конференций/семинаров/форумов/конкурсов/корпоративных/спортивных/культурных/праздничных и аналогичных мероприятий","\"Тақырыбында оқу Стандарттары қазіргі заманғы вакцинация Ұлттық егу күнтізбесі\" тыңдаушылар Саны 4, оқыту құны бір тыңдаушыға 12 000 ,00 теңге","Обучение на тему \"Стандарты современной вакцинации,Национальный прививочный календарь  \" Количество слушателей 4, стоимость обучение на одного слушателя 12 000 ,00 тенге","Из одного источника путем прямого заключения договора","пп.45 п.3 ст.39 приобретения материалов выставок, семинаров, конференций, совещаний, форумов, симпозиумов, тренингов, а также оплаты за участие в указанных мероприятиях;","Из одного источника путем прямого заключения договора","Одна услуга",1,48000,48000,48000,null,null,"Октябрь","31 желтоқсан 2018 жыл","до 31 декабря 2018 года","751210000;","Алматы қ., Алатау ауданы Дархан ықшам ауданы, Халифа Алтая 24/1;","г.Алматы, Алатауский район мкр Дархан , ул Халифа Алтая 24/1;",null,null,"Исполнен"]
[21340326,21340326,"Закупки, не превышающие финансовый год",{"$nulls":5},"Услуга","823011.000.000000","Конференцияларды/семинарларды/форумдарды/конкурстарды/корпоративтік/спорттық/мәдени/мерекелік және ұқсас іс-шараларды ұйымдастыру/өткізу бойынша қызметтер","Услуги по организации/проведению конференций/семинаров/форумов/конкурсов/корпоративных/спортивных/культурных/праздничных и аналогичных мероприятий","Конференциялар, форумдар, семинарлар, конурстар, корпоративтік, спорттық, мәдени, мерекелік және балама іс-шараларды ұйымдастыру/өткізу бойынша қызметтер","Услуги по организации/проведению конференций/семинаров/форумов/конкурсов/корпоративных/спортивных/культурных/праздничных и аналогичных мероприятий","Семинар -тренинг \" Стандарты современной вакцинации.Национальный  прививочный календарь\"слушатели Нұрым Г.Х., Сагиндикова М.Ч",".Семинар -тренинг \" Стандарты современной вакцинации.Национальный  прививочный календарь\"слушатели Нұрым Г.Х., Сагиндикова М.Ч","Из одного источника путем прямого заключения договора","пп.45 п.3 ст.39 приобретения материалов выставок, семинаров, конференций, совещаний, форумов, симпозиумов, тренингов, а также оплаты за участие в указанных мероприятиях;","Из одного источника путем прямого заключения договора","Одна услуга",1,24000,24000,24000,null,null,"Октябрь","31 желтоқсан 2018 жыл","до 31 декабря 2018 года","751210000;","Алматы қ., Алатау ауданы Дархан ықшам ауданы, Халифа Алтая 24/1;","г.Алматы, Алатауский район мкр Дархан , ул Халифа Алтая 24/1;",null,null,"Договор действует"]
[21340464,21340464,"Закупки, не превышающие финансовый год",{"$nulls":5},"Услуга","823011.000.000000","Конференцияларды/семинарларды/форумдарды/конкурстарды/корпоративтік/спорттық/мәдени/мерекелік және ұқсас іс-шараларды ұйымдастыру/өткізу бойынша қызметтер","Услуги по организации/проведению конференций/семинаров/форумов/конкурсов/корпоративных/спортивных/культурных/праздничных и аналогичных мероприятий","Конференциялар, форумдар, семинарлар, конурстар, корпоративтік, спорттық, мәдени, мерекелік және балама іс-шараларды ұйымдастыру/өткізу бойынша қызметтер","Услуги по организации/проведению конференций/семинаров/форумов/конкурсов/корпоративных/спортивных/культурных/праздничных и аналогичных мероприятий","\"Біліктілікті арттыру Кольпоскопия . Жатыр мойнының патологиясы,қынаптың және вульвы. Радио толқынды хирургия Тыңдаушылар\" Карабалаева Ш. А., Т. У. Джандавлетова","Повышения квалификации \" Кольпоскопия . Патология шейки матки,влагалища и вульвы. Радио волновая хирургия\" Слушатели Карабалаева Ш.А.,Джандавлетова Т.У.","Из одного источника путем прямого заключения договора","пп.45 п.3 ст.39 приобретения материалов выставок, семинаров, конференций, совещаний, форумов, симпозиумов, тренингов, а также оплаты за участие в указанных мероприятиях;","Из одного источника путем прямого заключения договора","Одна услуга",1,179200,179200,179200,null,null,"Октябрь","31 желтоқсан 2018 жыл","до 31 декабря 2018 года","751210000;","Алматы қ., Алатау ауданы Дархан ықшам ауданы, Халифа Алтая 24/1;","г.Алматы, Алатауский район мкр Дархан , ул Халифа Алтая 24/1;",null,null,"Исполнен"]
[21340541,21340541,"Закупки, не превышающие финансовый год",{"$nulls":5},"Услуга","823011.000.000000","Конференцияларды/семинарларды/форумдарды/конкурстарды/корпоративтік/спорттық/мәдени/мерекелік және ұқсас іс-шараларды ұйымдастыру/өткізу бойынша қызметтер","Услуги по организации/проведению конференций/семинаров/форумов/конкурсов/корпоративных/спортивных/культурных/праздничных и аналогичных мероприятий","Конференциялар, форумдар, семинарлар, конурстар, корпоративтік, спорттық, мәдени, мерекелік және балама іс-шараларды ұйымдастыру/өткізу бойынша қызметтер","Услуги по организации/проведению конференций/семинаров/форумов/конкурсов/корпоративных/спортивных/культурных/праздничных и аналогичных мероприятий","Біліктілікті арттырудың Өзекті мәселелері \"педиатрия\" тыңдаушы Мусаева Ж.","Повышения квалификации «Актуальные вопросы педиатрия» слушатель Мусаева Г.К","Из одного источника путем прямого заключения договора","пп.45 п.3 ст.39 приобретения материалов выставок, семинаров, конференций, совещаний, форумов, симпозиумов, тренингов, а также оплаты за участие в указанных мероприятиях;","Из одного источника путем прямого заключения договора","Одна услуга",1,42000,42000,42000,null,null,"Октябрь","31 желтоқсан 2018 жыл","до 31 декабря 2018 года","751210000;","Алматы қ., Алатау ауданы Дархан ықшам ауданы, Халифа Алтая 24/1;","г.Алматы, Алатауский район мкр Дархан , ул Халифа Алтая 24/1;",null,null,"Исполнен"]
[21341088,21341088,"Закупки, не превышающие финансовый год",{"$nulls":5},"Товар","293230.250.000104","Тежегіш жүйесінің энергия аккумуляторы","Энергоаккумулятор тормозной системы","жүк автомобилі үшін","для грузового автомобиля","• Түрі: автомобиль, қорғасын-қышқыл • Кернеуі: 12 В • Сыйымдылығы: 105 А/ч • Габариттік өлшемдері: ұзындығы 402 мм, ені 170 мм, биіктігі 225 мм • Салмағы: 27 кг Аккумулятор автомобильный қорғасын-қышқылды кернеуі 12 вольт және сыйымдылығы 105 А*сағ.   Аккумулятор автомобильный 6-QA-105, саны 2 дана . Назар аударыңыз, бұл ТЖҚЖ сәйкес келмейді сипаттамаға тауар. Жеткізу тауарды 15 күнтізбелік күн ішінде шартқа қол қойылған күннен бастап","• Тип: автомобильный, свинцово-кислотный • Напряжение: 12 В • Емкость: 105 А/ч • Габаритные размеры: длина 402 мм, ширина 170 мм, высота 225 мм • Вес: 27 кг Аккумулятор автомобильный свинцово-кислотный напряжением 12 вольт и емкостью 105 А*ч   Аккумулятор автомобильный 6-QA-105,  в количестве 2 штуки . Обратите внимание данное КТРУ не соответствует  описанию товара. Доставка товара в течении 15 календарных дней со дня подписания договора","Запрос ценовых предложений",null,"Запрос ценовых предложений","Штука",2,50000,100000,100000,null,null,"Октябрь","31 желтоқсан 2018 жыл","до 31 декабря 2018 года","751210000;","Алматы қ., Алатау ауданы Дархан ықшам ауданы , Халифа Алтая 24/1;","г.Алматы, Алатауский район мкр. Дархан , ул. Халифа Алтая 24/1;",null,null,"Исполнен"]
[21341458,21341458,"Закупки, не превышающие финансовый год",{"$nulls":5},"Услуга","382229.000.000000","Қауіпті қалдықтар/мүлік/материалдар шығару бойынша қызмет көрсетулер","Услуги по удалению опасных отходов/имущества/материалов","Қауіпті қалдықтарды/мүлікті/материалдарды жою бойынша қызметтер (көму/жағу/жою және ұқсас қызметтер)","Услуги по удалению опасных отходов/имущества/материалов (захоронение/сжигание/утилизация и аналогичные услуги)","Кәдеге жарату бойынша қызметтер сынап бар шамдар мен аспаптарды көліктік шығыстарды ескере отырып,  1. Кәдеге жарату бойынша қызметтер сынап бар шамдарды қолданылған (есептен шығарылған)картриджей для печати қарай жинақтау. Тиеу және тасымалдау, кәдеге жарату орнына дейін құнына кіреді. (фирманың тиіс лицензия кәдеге құрамында сынап бар шамдар мен құралдарды беруге акт және анықтама. 2. Шамдардың саны -160 3. Саны картриджей для печати қағаздар : жай -25 дана, түрлі түсті -20 дана (5 жинақтама)","Услуги по утилизации ртуть-содержащих ламп и приборов с учетом транспортных расходов  1. Услуги по утилизации ртуть-содержащих ламп, использованных (списанных)картриджей для печати, по мере накопления. Погрузка и транспортировка до места утилизации входит в стоимость. (у фирмы должна быть лицензия на утилизацию ртутьсодержащих ламп и приборов  предоставить акт и справку. 2. Количество ламп –160 3. Количество картриджей для печати бумаги : простых  -25шт, цветных -20шт (5  комплектов)","Из одного источника путем прямого заключения договора","пп.42 п.3 ст.39 приобретения однородных товаров, работ, услуг, если годовой объем таких однородных товаров, работ, услуг в стоимостном выражении не превышает стократного размера месячного расчетного показателя, установленного на соответствующий финансовый год законом о республиканском бюджете;","Из одного источника путем прямого заключения договора","Одна услуга",1,30000,30000,30000,null,null,"Октябрь","2018 жыл 31 желтоқсан","до 31 декабря 2018 года","751210000;","Алматы қ., Алатау ауданы Дархан ауданы Халифа Алтай қошесы 24/1ұй;","г.Алматы, Алатауский район мкр Дархан ул.Халифа Алтая  д.24/1;",null,null,"Договор действует"]
[21344252,21344252,"Закупки, не превышающие финансовый год",{"$nulls":5},"Товар","281314.900.000054","Сорғы","Насос","су және басқа да таза, химиялық бейтарап сұйықтықтарға арналған, конденсаттық тік, жіберу 200-1600 м3/сағ","для воды и других чистых, химически нейтральных жидкостей, конденсатный вертикальный, подача 200-1600 м3/ч","1. Циркуляциялық сорғыш сериясы BPH180/280/50 (жылыту үшін)  саны 1 дана Моделі BPH 180/280.50 T ;Ду, мм -50:  Ең жоғары сипаттамалары Н(М)-18,2: Q (м3/сағ) -35: Атаулы сипаттамалары Н (м)-14: Q (м3/сағ) -20.  Әзірленген арнайы үшін жеке жылыту жүйелерін және ауа баптау. Жұмыс диапазоны. Өнімділігі: 1-ден 12 м. куб./сағ., қысымы - ден 11 м су бағанасының. Барынша жұмыс қысымы: 10 бар.Перекачиваемая сұйықтық. Құрамы: таза, қатты қосындылардың және минералдық майлар, тұтқыр, химиялық бейтарап, сипаттамалары бойынша ұқсас суда (макс. мазмұны гликоль - 30%). Температура: -10-ден +110 С. Негізгі материалдар. Гидравликалық корпусы шойын, жұмыс дөңгелегі -технополимер, ротор - тот баспайтын болат, тығыздау - EPDM.Қозғалтқыштар сорғылар болуы тиіс мыс оралатын.Монтаждау, орнату ,қосу өнім берушінің есебінен . Кепілдік-бір жыл болуы, техникалық паспорты . Назар аударыңыз берушілер осы ТЖҚЖ сәйкес емес тауар. Поставка в течении 15 күнтізбелік күн шарт жасасқан күннен бастап","1. Насос циркуляционный    серии   BPH180/280/50 (для отопления)  кол-во 1 шт.   Модель  BPH 180/280.50 T ;Ду, мм  -50:  Максимальные характеристики   Н(М)-18,2: Q (м3/ч) -35: Номинальные характеристики  Н (м)-14: Q (м3/ч)  -20.                       Разработано специально для индивидуальных систем отопления и кондиционирования. Рабочий диапазон. Производительность: от 1 до 12 куб.м./ч, напор - до 11 м водяного столба. Максимальное рабочее давление: 10 бар. Перекачиваемая жидкость. Состав: чистая, без твердых включений и минеральных масел, не вязкая, химически нейтральная, по характеристикам аналогичная воде (макс. содержание гликоля - 30%). Температура: от -10 до +110\"С. Основные материалы. Гидравлический корпус - чугун, рабочее колесо -технополимер, ротор - нержавеющая сталь, уплотнение - EPDM. Особенности. Подшипники двигателя смазываются перекачиваемой жидкостью. Двигатели однофазных моделей не требует дополнительной защиты от перегрузки, имеют три скорости вращения двигателя. Для двигателей трехфазных моделей необходимо предусмотреть внешнюю защиту от перегрузки. Трехфазные двигатели имеют две скорости вращения. Сдвоенные модели имеют встроенный обратный клапан. Монтаж. Вал двигателя строго в горизонтальном положении. Стандартное электропитание: 1x230 В, 3x400 В. Степень защиты: IP 44. Класс изоляции: F Двигатели насосов должны быть с медной обмоткой Монтаж, установка ,подключение за счет поставщика . Гарантия один год  наличие технического паспорт . Обратите внимание поставщики данное КТРУ не соответствует   товару. Поставка в течении 15 календарных дней со дня заключения договора","Запрос ценовых предложений",null,"Запрос ценовых предложений","Штука",1,300000,300000,300000,null,null,"Октябрь","31 желтоқсан 2018 жыл","до 31 декабря 2018 года","751210000;","Алматы қ., Алатау ауданы Дархан ықшам ауданы ,;","г.Алматы, Алатауский район мкр Дархан , ул Халифа Алтая 24/1;",null,null,"Договор действует"]
[21346087,21346087,"Закупки, не превышающие финансовый год",{"$nulls":5},"Товар","281314.900.000054","Сорғы","Насос","су және басқа да таза, химиялық бейтарап сұйықтықтарға арналған, конденсаттық тік, жіберу 200-1600 м3/сағ","для воды и других чистых, химически нейтральных жидкостей, конденсатный вертикальный, подача 200-1600 м3/ч","A 50/18О ХМ сериялы циркуляциялық сорғы (ыстық сумен жабдықтау үшін). Модель - A 50/180 XM: Ду, мм-40: максималды сипаттамалар ;н (м)-5,2 :Q (м3/сағ)- 8; номиналды сипаттамалар: н (м)-4: Q (м3/сағ)-4. Циркуляциялық сорғы A 50/18О ХМ (ыстық сумен қамтамасыз ету үшін). саны 1 дана Сипаттамасы: 1.Сорғының қозғалтқышы мыс орамымен болуы тиіс. 2. Габариттік өлшемі 200ммх 170мм 3. Диаметрі-40мм 4.Су арынының биіктігі (Н) - 5,2 м 6.Қуаты / өнімділігі Q-8м3 / сағ 7.Қуат параметрлері А50 / 180ХМ 8.Максималды жұмыс қысымы: 10 бар. 9.Айдау сұйықтығы. Құрамы: таза, қатты қосындыларсыз және минералды майларсыз, тұтқыр емес, химиялық бейтарап, сипаттамасы ұқсас суда (гликолдың ең көп мөлшері - 30%). Температура: -10 ден + 110 \" С.негізгі материалдар. Гидравликалық корпус - шойын, жұмыс дөңгелегі-технополимер, ротор - тот баспайтын болат, тығыздау - EPDM 10.Ерекшеліктері. Қозғалтқыш мойынтіректері айдалатын сұйықтықпен майланады. Бір фазалы модельдердің қозғалтқыштары артық тиеуден қосымша қорғауды талап етпейді, қозғалтқыштың үш айналу жылдамдығы болады. 11 .Кірістірілген кері клапан. Монтаждау. Қозғалтқыш білігі қатаң көлденең жағдайда. 12.Стандартты қуат: 1x230 В, 3x400 в. 13.Қорғау дәрежесі: IP 44. Оқшаулау сыныбы: F. 14. Сертификаттың бар болуы, Кепілдік 1 жыл. 15. Монтаж, орнату , жеткізуші есебінен . Сорғылардың қозғалтқыштары мыс орамасы бар болуы тиіс.Бұл ТЖҚЖ осы тауарға сәйкес келмейді .Шартқа қол қойылған күннен бастап 15 күнтізбелік күн ішінде тауарды жеткізу.","Насос циркуляционный  серии   A 50/18О ХМ (для горячего водоснабжения). кол-во    1  шт.    Модель -  A 50/180 XM: Ду, мм-40: Максимальные характеристики ;Н (м)-5,2 :Q (м3/ч)- 8; Номинальные характеристики: Н (м)-4: Q (м3/ч)-4.                   Насос циркуляционный    A 50/18О ХМ (для горячего водоснабжения). Обратите внимание данное КТРУ не соответствует данному   товару. Доставка товара в течении 15 календарных дней со дня подписания договора . кол-во    1  шт.                                                 Характеристика:    1.Двигатель насоса должен быть с медной обмоткой. 2. Габаритный размер 200ммх 170мм 3. Диаметр                     -40мм 4.Высота водяного напора  (Н)       -           5,2м 6.Мощность/производительность Q       - 8м3/ч     7.Параметры мощности  А50/180ХМ  8.Максимальное рабочее давление: 10 бар.  9.Перекачиваемая жидкость. Состав: чистая, без твердых включений   и минеральных масел, не вязкая, химически нейтральная, по характеристикам аналогичная воде (макс. содержание гликоля - 30%). Температура: от -10 до +110\"С. Основные материалы. Гидравлический корпус - чугун, рабочее колесо -технополимер, ротор - нержавеющая сталь, уплотнение - EPDM.         10.Особенности. Подшипники двигателя смазываются перекачиваемой жидкостью. Двигатели однофазных моделей не требует дополнительной защиты от перегрузки, имеют три скорости вращения двигателя.       11 .Встроенный обратный клапан. Монтаж. Вал двигателя строго в горизонтальном положении.       12.Стандартное электропитание: 1x230 В, 3x400 В.       13.Степень защиты: IP 44. Класс изоляции: F. 14. Наличие сертификата, гарантия 1 год. 15. Монтаж, установка , за счет поставщика . Двигатели насосов должны быть с медной обмоткой.","Запрос ценовых предложений",null,"Запрос ценовых предложений","Штука",1,50000,50000,50000,null,null,"Октябрь","31 желтоқсан 2018 жыл","до 31 декабря 2018 года","751210000;","Алматы қ., Алатау ауданы Дархан ықшам ауданы ,;","г.Алматы, Алатауский район мкр Дархан , ул Халифа Алтая 24/1;",null,null,"Договор действует"]
[17849808,21346691,"Закупки, не превышающие финансовый год",{"$nulls":5},"Работа","62.09.20.000.017.00.0999.000000000000","Комплексные работы в сфере информационных технологий «под ключ»","Комплексные работы в сфере информационных технологий «под ключ»","Жабдықтау (қажеттілігі бойынша) мен ақпараттық жүйені енгізуге байланысты консалтингтік қызметтер мен бағдарламалық қамтаманы жеткізуді қамтитын, \"кілт бойынша\" ақпараттық технологиялар аясындағы жұмыстар кешені","Комплексные работы в сфере информационных технологий «под ключ», включающая: поставку программного обеспечения, консалтинговые услуги по внедрению информационной системы и поставку оборудования (при необходимости)","Медициналық ақпараттық жүйе қызметін автоматтандыру үшін Медициналық Ұйым.","Медицинская информационная система, предназначенная для автоматизации деятельности Медицинских Организации.","Из одного источника путем прямого заключения договора","пп.3 п.3 ст.39 приобретение товаров, услуг, являющихся объектами интеллектуальной собственности, у лица, обладающего исключительными правами в отношении приобретаемых товаров, услуг","Из одного источника путем прямого заключения договора","Работа",1,880000,880000,880000,null,null,"Февраль","31 желтоқсан 2018 жылғадейын","до 31 декабря 2018 года","751210000;","Алматы қ., Алатау ауданы Алматы қ, Дархан ыкшам ауданы, Халифа А24/1;","г.Алматы, Алатауский район г.Алматы  мкр Дархан ул Халифа Алтая 24/1;",null,null,"Исполнен"]
[21343249,21401868,"Закупки, не превышающие финансовый год",{"$nulls":5},"Услуга","091012.900.000030","Ертіндіні әзірлеу бойынша қызметтер","Услуги по изготовлению раствора","Ерітіндіні даярлау бойынша қызметтер","Услуги по изготовлению раствора","Қызмет бойынша өсіру 90 % спирт мөлшерін 25 литр .","Услуга по разведению 90 %  спирта в количеств 25 литров .","Из одного источника путем прямого заключения договора","пп.42 п.3 ст.39 приобретения однородных товаров, работ, услуг, если годовой объем таких однородных товаров, работ, услуг в стоимостном выражении не превышает стократного размера месячного расчетного показателя, установленного на соответствующий финансовый год законом о республиканском бюджете;","Из одного источника путем прямого заключения договора","Одна услуга",1,9072,9072,9072,null,null,"Октябрь","31 желтоқсан 2018 жыл","до 31 декабря 2018 года","751210000;","Алматы қ., Алатау ауданы Дархан ықшам ауданы, Халифа Алтая 24/1;","г.Алматы, Алатауский район мкр Дархан, ул халифа Алтая 24/1;",null,null,"Договор действует"]
[21081227,21401902,"Закупки, не превышающие финансовый год",{"$nulls":5},"Услуга","823011.000.000000","Конференцияларды/семинарларды/форумдарды/конкурстарды/корпоративтік/спорттық/мәдени/мерекелік және ұқсас іс-шараларды ұйымдастыру/өткізу бойынша қызметтер","Услуги по организации/проведению конференций/семинаров/форумов/конкурсов/корпоративных/спортивных/культурных/праздничных и аналогичных мероприятий","Конференциялар, форумдар, семинарлар, конурстар, корпоративтік, спорттық, мәдени, мерекелік және балама іс-шараларды ұйымдастыру/өткізу бойынша қызметтер","Услуги по организации/проведению конференций/семинаров/форумов/конкурсов/корпоративных/спортивных/культурных/праздничных и аналогичных мероприятий","\"балалардағы оногематологиялық ауруларды ерте диагностикалау\" тақырыбында семинар \"","семинар на тему \"Ранняя диагностика оногематологических  заболеваний у детей \"","Из одного источника путем прямого заключения договора","пп.45 п.3 ст.39 приобретения материалов выставок, семинаров, конференций, совещаний, форумов, симпозиумов, тренингов, а также оплаты за участие в указанных мероприятиях;","Из одного источника путем прямого заключения договора","Одна услуга",1,35786,35786,35786,null,null,"Октябрь","до 31 декабрь 2018 год","31 желтоқсан 2018 жыл","751210000;","Алматы қ., Алатау ауданы мкр Дархан ул Халифа Алтая 24/1;","г.Алматы, Алатауский район мкр Дархан ул Халифа Алтая 24/1;",null,null,"Исполнен"]
[18266479,21402666,"Закупки, не превышающие финансовый год",{"$nulls":5},"Товар","10.86.10.731.000.00.0778.000000000000","Қоспа","Смесь","сүттен, балаларға арналған, құрғақ","молочная, для детей, сухая","Бейімделген емшек сүтін алмастырушы гипоаллергенді балаларға арналған 6-12 ай Құрамы: мальтодекстрин; өсімдік майы: пальмовый олеин, рапс, жүгері, кокос жаңғағы; лактоза; жартылай гидролизат қан сарысуы белоктар; пребиотиктер: олигогалактоза (ГОС), олигофруктоза (ФОҚ); майы бар докозагексаеновую қышқылы (DHA) (тазартылған балық майы қоспасы токоферолдар, аскорбил пальмитат); майы бар арахидоновую қышқылы (ARА); минералды заттар: калий фосфорнокислый, кальция лактат, натрий цитраты, кальций фосфорнокислый, магний хлориді; витаминді-аминокислотный премикс: инозит, L–карнитин, холин, таурин; дәруменді премикс: С (L-аскорбат натрия), РР (никотинамид), D-пантотенат кальций, А (ретинол ацетаты), В1 (тиамин мононитрат), В2 (рибофлавин), В6 (пиридоксин гидрохлориді), (фитоменадион), Вс (фолий қышқылы) және Д3 (холекальциферол), Е (D-альфа-токоферол), В12 (цианкобаламин), D-биотин; минералды премикс: мыс сульфаты, калий йодиді, темір сульфаты, марганец хлориді, селенит, натрий, мырыш сульфаты; нуклеотидный премикс: цитидин-5'-монофосфат, уридин-5'-монофосфат, гуанозин-5'-монофосфат, аденозин-5'-монофосфат, инозин-5'-монофосфат Қорабында 350 грамм.","Адаптированный заменитель грудного молока гипоаллергенный  для детей от 6-12 месяцев  Состав: мальтодекстрин; масла растительные: пальмовый олеин, рапсовое, кукурузное, кокосовое; лактоза; частичный гидролизат сывороточных белков; пребиотики: олигогалактоза (ГОС), олигофруктоза (ФОС); масло, содержащее докозагексаеновую кислоту (DHA) (рафинированный рыбий жир,  смесь токоферолов, аскорбил пальмитат); масло, содержащее арахидоновую кислоту (ARА); минеральные вещества: калий фосфорнокислый, кальция лактат, натрия цитрат, кальций фосфорнокислый, магния хлорид; витаминно-аминокислотный премикс: инозит, L–карнитин, холин, таурин; витаминный премикс: С (L-аскорбат натрия), РР (никотинамид), D-пантотенат кальция, А (ретинола ацетат), В1 (тиамина мононитрат), В2 (рибофлавин), В6 (пиридоксин гидрохлорид), К (фитоменадион), Вс (фолиевая кислота), Д3 (холекальциферол), Е (D-альфа-токоферол), В12 (цианкобаламин), D-биотин; минеральный премикс: меди сульфат, йодид калия, железа сульфат, марганца хлорид, селенит натрия, цинка сульфат; нуклеотидный премикс:  цитидин-5'-монофосфат, уридин-5'-монофосфат, гуанозин-5'-монофосфат, аденозин-5'-монофосфат, инозин-5'-монофосфат. В пачке 350 грамм.","Запрос ценовых предложений",null,"Запрос ценовых предложений","Упаковка",120,2757,330840,330840,null,null,"Февраль","2018 жылдын 31 желтоқсан","до 31 декабря 2018 года","751210000;","Алматы қ., Алатау ауданы Алматы қ.Дархан ы-ауданы, Халифа Алтай қ 24/1 ;","г.Алматы, Алатауский район г. Алматы ,мкр Дархан,ул Халифа Алтая 24/1;",null,null,"Исполнен"]
[18266478,21402707,"Закупки, не превышающие финансовый год",{"$nulls":5},"Товар","10.86.10.731.000.00.0778.000000000000","Қоспа","Смесь","сүттен, балаларға арналған, құрғақ","молочная, для детей, сухая","Бейімделген емшек сүтін алмастырушы гипоаллергенді балаларға арналған 0-6 ай Құрамы: мальтодекстрин; өсімдік майы: пальмовый олеин, рапс, жүгері, кокос жаңғағы; лактоза; жартылай гидролизат қан сарысуы белоктар; пребиотиктер: олигогалактоза (ГОС), олигофруктоза (ФОҚ); майы бар докозагексаеновую қышқылы (DHA) (тазартылған балық майы қоспасы токоферолдар, аскорбил пальмитат); майы бар арахидоновую қышқылы (ARА); минералды заттар: калий фосфорнокислый, кальция лактат, натрий цитраты, кальций фосфорнокислый, магний хлориді; витаминді-аминокислотный премикс: инозит, L–карнитин, холин, таурин; дәруменді премикс: С (L-аскорбат натрия), РР (никотинамид), D-пантотенат кальций, А (ретинол ацетаты), В1 (тиамин мононитрат), В2 (рибофлавин), В6 (пиридоксин гидрохлориді), (фитоменадион), Вс (фолий қышқылы) және Д3 (холекальциферол), Е (D-альфа-токоферол), В12 (цианкобаламин), D-биотин; минералды премикс: мыс сульфаты, калий йодиді, темір сульфаты, марганец хлориді, селенит, натрий, мырыш сульфаты; нуклеотидный премикс: цитидин-5'-монофосфат, уридин-5'-монофосфат, гуанозин-5'-монофосфат, аденозин-5'-монофосфат, инозин-5'-монофосфат. Қорабында 350 грамм.","Адаптированный заменитель грудного молока гипоаллергенный  для детей от 0-6 месяцев  Состав: мальтодекстрин; масла растительные: пальмовый олеин, рапсовое, кукурузное, кокосовое; лактоза; частичный гидролизат сывороточных белков; пребиотики: олигогалактоза (ГОС), олигофруктоза (ФОС); масло, содержащее докозагексаеновую кислоту (DHA) (рафинированный рыбий жир,  смесь токоферолов, аскорбил пальмитат); масло, содержащее арахидоновую кислоту (ARА); минеральные вещества: калий фосфорнокислый, кальция лактат, натрия цитрат, кальций фосфорнокислый, магния хлорид; витаминно-аминокислотный премикс: инозит, L–карнитин, холин, таурин; витаминный премикс: С (L-аскорбат натрия), РР (никотинамид), D-пантотенат кальция, А (ретинола ацетат), В1 (тиамина мононитрат), В2 (рибофлавин), В6 (пиридоксин гидрохлорид), К (фитоменадион), Вс (фолиевая кислота), Д3 (холекальциферол), Е (D-альфа-токоферол), В12 (цианкобаламин), D-биотин; минеральный премикс: меди сульфат, йодид калия, железа сульфат, марганца хлорид, селенит натрия, цинка сульфат; нуклеотидный премикс: цитидин-5'-монофосфат, уридин-5'-монофосфат, гуанозин-5'-монофосфат, аденозин-5'-монофосфат, инозин-5'-монофосфат. В пачке 350 грамм.","Запрос ценовых предложений",null,"Запрос ценовых предложений","Упаковка",100,2757,275700,275700,null,null,"Февраль","2018 жылдын 31 желтоқсан","до 31 декабря 2018 года","751210000;","Алматы қ., Алатау ауданы Алматы қ.Дархан ы-ауданы, Халифа Алтай қ 24/1 ;","г.Алматы, Алатауский район г. Алматы ,мкр Дархан,ул Халифа Алтая 24/1;",null,null,"Исполнен"]
[21467678,21467678,"Закупки, не превышающие финансовый год",{"$nulls":5},"Услуга","823011.000.000000","Конференцияларды/семинарларды/форумдарды/конкурстарды/корпоративтік/спорттық/мәдени/мерекелік және ұқсас іс-шараларды ұйымдастыру/өткізу бойынша қызметтер","Услуги по организации/проведению конференций/семинаров/форумов/конкурсов/корпоративных/спортивных/культурных/праздничных и аналогичных мероприятий","Конференциялар, форумдар, семинарлар, конурстар, корпоративтік, спорттық, мәдени, мерекелік және балама іс-шараларды ұйымдастыру/өткізу бойынша қызметтер","Услуги по организации/проведению конференций/семинаров/форумов/конкурсов/корпоративных/спортивных/культурных/праздничных и аналогичных мероприятий","біліктілікті арттыру кәсіби патологияның өзекті мәселелері","повышение квалификации актуальные вопросы профессиональной патологии","Из одного источника путем прямого заключения договора","пп.45 п.3 ст.39 приобретения материалов выставок, семинаров, конференций, совещаний, форумов, симпозиумов, тренингов, а также оплаты за участие в указанных мероприятиях;","Из одного источника путем прямого заключения договора","Одна услуга",1,150000,150000,150000,null,null,"Октябрь","31 желтоқсан 2018 жыл","до 31 декабря 2018 года","751210000;","Алматы қ., Алатау ауданы Дархан ықшам ауданы, Халифа Алтая 24/1;","г.Алматы, Алатауский район мкр Дархан , ул Халифа Алтая 24/1;",null,null,"Договор действует"]
[21480812,21480812,"Закупки, не превышающие финансовый год",{"$nulls":5},"Услуга","823011.000.000000","Конференцияларды/семинарларды/форумдарды/конкурстарды/корпоративтік/спорттық/мәдени/мерекелік және ұқсас іс-шараларды ұйымдастыру/өткізу бойынша қызметтер","Услуги по организации/проведению конференций/семинаров/форумов/конкурсов/корпоративных/спортивных/культурных/праздничных и аналогичных мероприятий","Конференциялар, форумдар, семинарлар, конурстар, корпоративтік, спорттық, мәдени, мерекелік және балама іс-шараларды ұйымдастыру/өткізу бойынша қызметтер","Услуги по организации/проведению конференций/семинаров/форумов/конкурсов/корпоративных/спортивных/культурных/праздничных и аналогичных мероприятий","\"Кәсіптік патология\" кадрларды оқыту тыңдаушылар саны 2 Қалиева Б. М., Жалгасбаева А. Т.","Обучение кадров \"профессиональная патология\" количество слушателей 2  Калиева Б.М.,Жалгасбаева А.Т.","Из одного источника путем прямого заключения договора","пп.45 п.3 ст.39 приобретения материалов выставок, семинаров, конференций, совещаний, форумов, симпозиумов, тренингов, а также оплаты за участие в указанных мероприятиях;","Из одного источника путем прямого заключения договора","Одна услуга",1,480000,480000,480000,null,null,"Октябрь","31 желтоқсан 2018 жыл","до 31 декабря 2018 года","751210000;","Алматы қ., Алатау ауданы Дархан ықшам ауданы, Халифа Алтая 24/1;","г.Алматы, Алатауский район мкр Дархан , ул Халифа Алтая 24/1;",null,null,"Договор действует"]
[21697944,21697944,"Закупки, не превышающие финансовый год",{"$nulls":5},"Услуга","823011.000.000000","Конференцияларды/семинарларды/форумдарды/конкурстарды/корпоративтік/спорттық/мәдени/мерекелік және ұқсас іс-шараларды ұйымдастыру/өткізу бойынша қызметтер","Услуги по организации/проведению конференций/семинаров/форумов/конкурсов/корпоративных/спортивных/культурных/праздничных и аналогичных мероприятий","Конференциялар, форумдар, семинарлар, конурстар, корпоративтік, спорттық, мәдени, мерекелік және балама іс-шараларды ұйымдастыру/өткізу бойынша қызметтер","Услуги по организации/проведению конференций/семинаров/форумов/конкурсов/корпоративных/спортивных/культурных/праздничных и аналогичных мероприятий","\"циклі бойынша біліктілігін арттыру Делегирлеу дәрігерлік өкілеттігін медбикелердің БМСК деңгейінде өтетін\" 12.11 бойынша 16.11.2018. 54 сағ/ 1нед. бойынша 003 бағдарламасы (ақылы негізде ) көшпелі цикл. Келесі қызметкерлерін:  № Аты-ЖӨНІ Лауазымы 1 Маликова Жұлдыз Әділханқызы акушерка 2 Садуова Ақмарал Оралбековна акушерка 3 Құрманбаева Райхан Тургунбаевна акушерка 4 Нұрым Гүлбану Хизбуллақызы Учаскелік медбикесі  5 Қалиасқарова Лаура Жанатқызы Учаскелік медбикесі 6 Шерипова Юлтузай Иминжановна Учаскелік медбикесі7 Ораз калимат Учаскелік медбикесі 8 Кебирова Гулинур Акимжанқызы Учаскелік медбикесі 9 Касенова Гульшат Рахимгельдиевна Учаскелік медбикесі 10 Сайлауова Нұргүл Бахытқызы Учаскелік медбикесі 11 Аллаярова Гүлшат Танатаровна Учаскелік медбикесі 12 Гаппар Шахидам Абдурасулована Учаскелік медбикесі 13 Нурдыхан Амангуль Учаскелік медбикесі 14 Тулкибаева Гулбаршын Болатовна Учаскелік медбикесі 15 Сағындықова Меруерт Чарыпкановна егу кабинетінің Медбикесі","повышения квалификации по циклу  «Делегирование врачебных полномочий для медицинских сестер  на уровне  ПМСП», который состоится   с 12.11  по 16.11.2018 года.  54 ч/ 1нед. по 003 программе  (на платной основе ) выездной  цикл. Следующих сотрудников:  №  ФИО Должность 1 Маликова Жулдыз Адилхановна  акушерка 2 Садуова Ақмарал Оралбековна    акушерка 3 Курманбаева  Райхан Тургунбаевна  акушерка 4 Нұрым Гүлбану Хизбуллақызы Участковая медсестра  5 Қалиасқарова Лаура Жанатқызы Участковая медсестра 6 Шерипова  Юлтузай  Иминжановна Участковая медсестра 7 Ораз калимат  Участковая медсестра 8 Кебирова Гулинур Акимжанқызы Участковая медсестра 9 Касенова Гульшат Рахимгельдиевна Участковая медсестра 10 Сайлауова  Нургул Бахытқызы Участковая медсестра 11 Аллаярова Гулшат Танатаровна Участковая медсестра 12 Гаппар Шахидам Абдурасулована Участковая медсестра 13 Нурдыхан Амангуль Участковая медсестра 14 Тулкибаева Гулбаршын Болатовна Участковая медсестра 15 Сагиндикова  Меруерт Чарыпкановна  Медсестра прививочного кабинета","Из одного источника путем прямого заключения договора","пп.45 п.3 ст.39 приобретения материалов выставок, семинаров, конференций, совещаний, форумов, симпозиумов, тренингов, а также оплаты за участие в указанных мероприятиях;","Из одного источника путем прямого заключения договора","Одна услуга",1,315000,315000,315000,null,null,"Ноябрь","31 желтоқсан 2018 жыл","до 31 декабря 2018 года","751210000;","Алматы қ., Алатау ауданы Дархан ықшам ауданы, Халифа Алтая 24/1;","г.Алматы, Алатауский район мкр Дархан , ул Халифа Алтая 24/1;",null,null,"Договор действует"]
[21796626,21796626,"Закупки, не превышающие финансовый год",{"$nulls":5},"Услуга","823011.000.000000","Конференцияларды/семинарларды/форумдарды/конкурстарды/корпоративтік/спорттық/мәдени/мерекелік және ұқсас іс-шараларды ұйымдастыру/өткізу бойынша қызметтер","Услуги по организации/проведению конференций/семинаров/форумов/конкурсов/корпоративных/спортивных/культурных/праздничных и аналогичных мероприятий","Конференциялар, форумдар, семинарлар, конурстар, корпоративтік, спорттық, мәдени, мерекелік және балама іс-шараларды ұйымдастыру/өткізу бойынша қызметтер","Услуги по организации/проведению конференций/семинаров/форумов/конкурсов/корпоративных/спортивных/культурных/праздничных и аналогичных мероприятий","\"МСАК деңгейінде экстрагениталды патологиясы бар жүкті әйелдерді жүргізу\" тақырыбы бойынша Акушерлік және гинекология саласындағы шетелдік мастер-класқа, 24/ЗЕ/4 күн , тыңдаушылар Карабалаева Ш. А.,Калдарбекова Ж. Г., Ибдулла Ж. О:, Жүсіпов Д.","Зарубежному  мастер-классу в области акушерства и гинекологии по теме: \"Ведение беременных с экстрагенитальной  патологией на уровне ПМСП\", 24/ЗЕ/4 дня , слушатели  Карабалаева Ш.А.,Калдарбекова Ж.Г., Ибдулла Ж.О:,Жүсіпов Д.","Из одного источника путем прямого заключения договора","пп.45 п.3 ст.39 приобретения материалов выставок, семинаров, конференций, совещаний, форумов, симпозиумов, тренингов, а также оплаты за участие в указанных мероприятиях;","Из одного источника путем прямого заключения договора","Одна услуга",1,392000,392000,392000,null,null,"Ноябрь","31 желтоқсан 2018 жыл","до 31 декабря 2018 года","751210000;","Алматы қ., Алатау ауданы Дархан ықшам ауданы, Халифа Алтая 24/1;","г.Алматы, Алатауский район мкр Дархан , ул Халифа Алтая 24/1;",null,null,"Договор действует"]
[21796683,21796683,"Закупки, не превышающие финансовый год",{"$nulls":5},"Услуга","823011.000.000000","Конференцияларды/семинарларды/форумдарды/конкурстарды/корпоративтік/спорттық/мәдени/мерекелік және ұқсас іс-шараларды ұйымдастыру/өткізу бойынша қызметтер","Услуги по организации/проведению конференций/семинаров/форумов/конкурсов/корпоративных/спортивных/культурных/праздничных и аналогичных мероприятий","Конференциялар, форумдар, семинарлар, конурстар, корпоративтік, спорттық, мәдени, мерекелік және балама іс-шараларды ұйымдастыру/өткізу бойынша қызметтер","Услуги по организации/проведению конференций/семинаров/форумов/конкурсов/корпоративных/спортивных/культурных/праздничных и аналогичных мероприятий","\"жұқпалы аурулар\" тақырыбындағы семинар тыңдаушы Нұрбаев А","семинару на тему: «Инфекционные заболевания »  слушатель Нурбаев А","Из одного источника путем прямого заключения договора","пп.45 п.3 ст.39 приобретения материалов выставок, семинаров, конференций, совещаний, форумов, симпозиумов, тренингов, а также оплаты за участие в указанных мероприятиях;","Из одного источника путем прямого заключения договора","Одна услуга",1,15000,15000,15000,null,null,"Ноябрь","31 желтоқсан 2018 жыл","до 31 декабря 2018 года","751210000;","Алматы қ., Алатау ауданы Дархан ықшам ауданы, Халифа Алтая 24/1;","г.Алматы, Алатауский район мкр Дархан , ул Халифа Алтая 24/1;",null,null,"Проект договора"]
[21796981,21796981,"Закупки, не превышающие финансовый год",{"$nulls":5},"Услуга","381230.000.000000","Қауіпті қалдықтарды/мүлікті/материалдарды шығару (жинау) бойынша қызметтер","Услуги по вывозу (сбору) опасных отходов/имущества/материалов","Зиянды қалдықтарды/мүліктерді/материалдарды шығару (жинау) қызметтері","Услуги по вывозу (сбору) опасных отходов/имущества/материалов","Тоқыма (дәке, бинттер, тампондар), пластмассалар (қоқыс қаптары, пластикалық контейнерлер, препараттарды ішкі енгізуге арналған жүйе элементтері, шприцтер), биологиялық операциядан кейінгі қалдықтар, биологиялық емес суқұрамды қалдықтар биологиялық қалдықтар (қан) Қалдықтарды кәдеге жарату апта сайын.500 кг","Утилизация текстиля (марля, бинты, тампоны), пластмассы (мусорные мешки, пластиковые контейнеры, элементы систем для внутреннего введения препаратов, шприцы), биологические послеоперационные отходы, не биологические водосодержащие отходы Биологические отходы (кровь) Утилизация отхода еженедельно.500 кг","Из одного источника путем прямого заключения договора","пп.42 п.3 ст.39 приобретения однородных товаров, работ, услуг, если годовой объем таких однородных товаров, работ, услуг в стоимостном выражении не превышает стократного размера месячного расчетного показателя, установленного на соответствующий финансовый год законом о республиканском бюджете;","Из одного источника путем прямого заключения договора","Одна услуга",1,60000,60000,60000,null,null,"Ноябрь","31 желтоқсан 2018 жыл","до 31 декабря 2018 года","751210000;","Алматы қ., Алатау ауданы Дархан ықшам ауданы, Халифа Алтая 24/1;","г.Алматы, Алатауский район мкр Дархан , ул Халифа Алтая 24/1;",null,null,"Договор действует"]
[21935309,21935309,"Закупки, не превышающие финансовый год",{"$nulls":5},"Товар","262040.000.000281","Картридж","Картридж","тонерлік, қара","тонерный, черный","Тонер 435А,436А,285А,388А , RICON SP 150 series (1,5 литр банка пластик ) картридждерге арналған бояу әмбебап түсі қара. 30шт (2500тнг) осы ТЖҚЖ тауарға сәйкес келмейді, тауарды жеткізу шарт жасалған күннен бастап 15 күнтізбелік күн ішінде","Тонер краска для картриджей 435А,436А,285А,388А ,  Ricon  SP 150 series  (1,5литра в   банка пластик )  универсальная цвет черный.  30шт    (2500тнг) обратите внимание данное КТРУ не соответствует товару, доставка товара в течении 15 календарных дней со дня заключения договора","Запрос ценовых предложений",null,"Запрос ценовых предложений","Банка условная",30,2500,75000,75000,null,null,"Ноябрь","до 31 декабря 2018 года","31 желтоқсас 2018 жыл","751210000;","Алматы қ., Алатау ауданы Дархан ықшам ауданы ,Халифа Алтая 24/1;","г.Алматы, Алатауский район мкр Дархан, ул Халифа Алтая 24/1;",null,null,"Опубликован"]
[21935496,21935496,"Закупки, не превышающие финансовый год",{"$nulls":5},"Товар","222929.900.000180","Саптама","Насадка","пластик","пластиковая","Картридждерді толтыру үшін құтыға арналған саптама КСРУ тауарға сәйкес емес, тауарды жеткізу шарт жасалған күннен бастап 15 күнтізбелік күн ішінде","Насадка для флакона для заправки картриджей , данное КТРУ не соответствует товару , доставка товара в течении 15 календарных дней со дня заключения договора","Запрос ценовых предложений",null,"Запрос ценовых предложений","Штука",5,100,500,500,null,null,"Ноябрь","до 31 декабря 2018 года","31 желтоқсас 2018 жыл","751210000;","Алматы қ., Алатау ауданы Дархан ықшам ауданы ,Халифа Алтая 24/1;","г.Алматы, Алатауский район мкр Дархан, ул Халифа Алтая 24/1;",null,null,"Опубликован"]
[21935761,21935761,"Закупки, не превышающие финансовый год",{"$nulls":5},"Товар","262016.300.000007","Магниттік білік","Вал магнитный","принтерге арналған","для принтера","КТРУ 435А,436А,285А,388А картридждерге арналған магнитті білік тауарға сәйкес келмейді, шарт жасалған күннен бастап 15 күнтізбелік күн ішінде тауарды жеткізу","Магнитный вал для картриджей 435А,436А,285А,388А  , данное КТРУ не соответствует товару , доставка товара в течении 15 календарных дней со дня заключения договора","Запрос ценовых предложений",null,"Запрос ценовых предложений","Штука",15,1000,15000,15000,null,null,"Ноябрь","до 31 декабря 2018 года","31 желтоқсас 2018 жыл","751210000;","Алматы қ., Алатау ауданы Дархан ықшам ауданы ,Халифа Алтая 24/1;","г.Алматы, Алатауский район мкр Дархан, ул Халифа Алтая 24/1;",null,null,"Опубликован"]
[21935830,21935830,"Закупки, не превышающие финансовый год",{"$nulls":5},"Товар","262016.300.000007","Магниттік білік","Вал магнитный","принтерге арналған","для принтера","Ricoh SP 150 картридждерге арналған магнитті КТРУ  білік тауарға сәйкес келмейді, шарт жасалған күннен бастап 15 күнтізбелік күн ішінде тауарды жеткізу","Магнитный вал для картриджей Ricoh SP 150  , данное КТРУ не соответствует товару , доставка товара в течении 15 календарных дней со дня заключения договора","Запрос ценовых предложений",null,"Запрос ценовых предложений","Штука",5,1000,5000,5000,null,null,"Ноябрь","до 31 декабря 2018 года","31 желтоқсас 2018 жыл","751210000;","Алматы қ., Алатау ауданы Дархан ықшам ауданы ,Халифа Алтая 24/1;","г.Алматы, Алатауский район мкр Дархан, ул Халифа Алтая 24/1;",null,null,"Опубликован"]
[21935915,21935915,"Закупки, не превышающие финансовый год",{"$nulls":5},"Товар","262040.000.000152","Фотобарабан коронаторы","Коронатор фотобарабана","принтерге арналған","для принтера","барабаны для картриджей 435А,436А,285А,388А  , данное КТРУ не соответствует товару , доставка товара в течении 15 календарных дней со дня заключения договора","435А,436А,285А,388А картридждерге арналған барабандар КСРУ тауарға сәйкес келмейді, шарт жасалған күннен бастап 15 күнтізбелік күн ішінде тауарды жеткізу","Запрос ценовых предложений",null,"Запрос ценовых предложений","Штука",15,1000,15000,15000,null,null,"Ноябрь","до 31 декабря 2018 года","31 желтоқсас 2018 жыл","751210000;","Алматы қ., Алатау ауданы Дархан ықшам ауданы ,Халифа Алтая 24/1;","г.Алматы, Алатауский район мкр Дархан, ул Халифа Алтая 24/1;",null,null,"Опубликован"]
[21935966,21935966,"Закупки, не превышающие финансовый год",{"$nulls":5},"Товар","262040.000.000152","Фотобарабан коронаторы","Коронатор фотобарабана","принтерге арналған","для принтера","барабаны для картриджей Ricoh SP 150 series  , данное КТРУ не соответствует товару , доставка товара в течении 15 календарных дней со дня заключения договора","Ricoh SP 150 series картридждерге арналған барабандар КСРУ тауарға сәйкес келмейді, шарт жасалған күннен бастап 15 күнтізбелік күн ішінде тауарды жеткізу","Запрос ценовых предложений",null,"Запрос ценовых предложений","Штука",5,1000,5000,5000,null,null,"Ноябрь","до 31 декабря 2018 года","31 желтоқсас 2018 жыл","751210000;","Алматы қ., Алатау ауданы Дархан ықшам ауданы ,Халифа Алтая 24/1;","г.Алматы, Алатауский район мкр Дархан, ул Халифа Алтая 24/1;",null,null,"Опубликован"]
[21936189,21936189,"Закупки, не превышающие финансовый год",{"$nulls":5},"Товар","282323.900.000009","Сервистік шаңсорғыш","Пылесос сервисный","кеңсе техникасын жұқа дисперсті шаңнан тазалауға арналған","для очистки офисной техники от мелкодисперсной пыли","пылесос специальный  для тонера с фильтром для чистки картриджей  , данное КТРУ не соответствует товару , доставка товара в течении 15 календарных дней со дня заключения договора ,гарантия на товар 12 месяцев","картридждерді тазалауға арналған сүзгісі бар тонерге арналған арнайы шаңсорғыш, аталған КТРУ тауарға сәйкес келмейді, тауарды жеткізу шарт жасалған күннен бастап 15 күнтізбелік күн ішінде, тауарға кепілдік 12 ай","Запрос ценовых предложений",null,"Запрос ценовых предложений","Штука",1,50000,50000,50000,null,null,"Ноябрь","до 31 декабря 2018 года","31 желтоқсас 2018 жыл","751210000;","Алматы қ., Алатау ауданы Дархан ықшам ауданы ,Халифа Алтая 24/1;","г.Алматы, Алатауский район мкр Дархан, ул Халифа Алтая 24/1;",null,null,"Опубликован"]
[21939066,21939066,"Закупки, не превышающие финансовый год",{"$nulls":5},"Товар","262040.000.000087","Чип","Чип","микропроцессорға арналған","для микропроцессора","Ricoh SP 150 картриджіне арналған чиптер, аталған ТЖҚЖ тауарға сәйкес келмейді, шарт жасалған күннен бастап 15 күнтізбелік күн ішінде тауарды жеткізу, 12 ай тауарға кепілдік","Чипы для картриджей Ricoh SP 150  , обратите внимание  данное  КТРУ не соответствует товару , доставка товара в течении 15 календарных дней со дня заключения договора ,гарантия на товар 12 месяцев","Запрос ценовых предложений",null,"Запрос ценовых предложений","Штука",200,500,100000,100000,null,null,"Ноябрь","до 31 декабря 2018 года","31 желтоқсас 2018 жыл","751210000;","Алматы қ., Алатау ауданы Дархан ықшам ауданы ,Халифа Алтая 24/1;","г.Алматы, Алатауский район мкр Дархан, ул Халифа Алтая 24/1;",null,null,"Опубликован"]
[21939167,21939167,"Закупки, не превышающие финансовый год",{"$nulls":5},"Работа","432110.130.000000","Суды есепке алу жабдықтарын / аспаптарын орнату (монтаждау) бойынша жұмыстар","Работы по установке (монтажу) оборудования/приборов учета воды","Суды есептеуге арналған құрылғылар/жабдықтарды орнату (монтаж жасау) жұмыстары","Работы по установке (монтажу) оборудования/приборов учета воды","Суды есептеуге арналған құрылғылар/жабдықтарды орнату (монтаж жасау) жұмыстары","Работы по установке (монтажу) оборудования/приборов учета воды","Из одного источника путем прямого заключения договора","пп.42 п.3 ст.39 приобретения однородных товаров, работ, услуг, если годовой объем таких однородных товаров, работ, услуг в стоимостном выражении не превышает стократного размера месячного расчетного показателя, установленного на соответствующий финансовый год законом о республиканском бюджете;","Из одного источника путем прямого заключения договора","Работа",1,95000,95000,95000,null,null,"Ноябрь","до 31 декабря 2018 года","31 желтоқсас 2018 жыл","751210000;","Алматы қ., Алатау ауданы Дархан ықшам ауданы ,Халифа Алтая 24/1;","г.Алматы, Алатауский район мкр Дархан, ул Халифа Алтая 24/1;",null,null,"Договор действует"]
[21939514,21939514,"Закупки, не превышающие финансовый год",{"$nulls":5},"Товар","323015.900.000041","Телескопиялық таяқ","Палка телескопическая","альпинизм үшін","для альпинизма","скандинавская жаяу үшін таяқтар . Осы ТЖҚЖ тауарға сәйкес келмейді, будың өлшем бірлігі, саны 30 жұп","палки для скандинавской ходьбы . Данное КТРУ не соответствует товару ,единица измерения пара  ,в количестве 30 пар","Из одного источника путем прямого заключения договора","пп.42 п.3 ст.39 приобретения однородных товаров, работ, услуг, если годовой объем таких однородных товаров, работ, услуг в стоимостном выражении не превышает стократного размера месячного расчетного показателя, установленного на соответствующий финансовый год законом о республиканском бюджете;","Из одного источника путем прямого заключения договора","Пара",30,7000,210000,210000,null,null,"Ноябрь","до 31 декабря 2018 года","31 желтоқсас 2018 жыл","751210000;","Алматы қ., Алатау ауданы Дархан ықшам ауданы ,Халифа Алтая 24/1;","г.Алматы, Алатауский район мкр Дархан, ул Халифа Алтая 24/1;",null,null,"Договор действует"]
[21939647,21939647,"Закупки, не превышающие финансовый год",{"$nulls":5},"Товар","274032.000.000000","Гирлянда","Гирлянда","жарықдиодты","светодиодная","Жарықдиодты Гирлянда, түс динамикасымен. шторка, шторканың ұзындығы 5м. 10м+160диодов System 24, диод – шарик өлшемі-0,5 см., шторканың жарқырайтын бөліктерінің ұзындығы кемінде 60 см.сымдардың Түсі Ақ. Түс динамикасы-ақ көк. Жиынтығы : қосымша (қосалқы) контроллерлер (арт. 124-031) түрлі жарық динамикалық әсерлерді жасау үшін .","Гирлянда светодиодная, с цветовой динамикой. шторка,  длина шторки 5м. 10м+160диодов System 24 , размер диодов – шарики – 0,5см. ,  длина свисающих  частей  шторки не  менее 60 см. Цвет проводов белый. Цветовая динамика - бело синий.  В комплекте : дополнительне  (запасные) контроллеры (арт. 124-031)для создания различных светодинамических эффектов .","Запрос ценовых предложений",null,"Запрос ценовых предложений","Штука",4,3500,14000,14000,null,null,"Ноябрь","до 31 декабря 2018 года","31 желтоқсас 2018 жыл","751210000;","Алматы қ., Алатау ауданы Дархан ықшам ауданы ,Халифа Алтая 24/1;","г.Алматы, Алатауский район мкр Дархан, ул Халифа Алтая 24/1;",null,null,"Опубликован"]
[21950572,21950572,"Закупки, не превышающие финансовый год",{"$nulls":5},"Услуга","823011.000.000000","Конференцияларды/семинарларды/форумдарды/конкурстарды/корпоративтік/спорттық/мәдени/мерекелік және ұқсас іс-шараларды ұйымдастыру/өткізу бойынша қызметтер","Услуги по организации/проведению конференций/семинаров/форумов/конкурсов/корпоративных/спортивных/культурных/праздничных и аналогичных мероприятий","Конференциялар, форумдар, семинарлар, конурстар, корпоративтік, спорттық, мәдени, мерекелік және балама іс-шараларды ұйымдастыру/өткізу бойынша қызметтер","Услуги по организации/проведению конференций/семинаров/форумов/конкурсов/корпоративных/спортивных/культурных/праздничных и аналогичных мероприятий","\"патронаждық қызметтің әмбебап прогрессивті моделінің жаңа модульдері\" бойынша дәрігер мен мейірбикенің біліктілігін арттыру. Сағат саны 54 ,тыңдаушылар 2 медбике, 1 дәрігер .","Повышение квалификации врача  и медицинской сестры по «Новым модулям универсальной прогрессивной модели патронажной службы» Количество часов 54 , слушатели 2 медсестры  ,1 врач .","Из одного источника путем прямого заключения договора","пп.45 п.3 ст.39 приобретения материалов выставок, семинаров, конференций, совещаний, форумов, симпозиумов, тренингов, а также оплаты за участие в указанных мероприятиях;","Из одного источника путем прямого заключения договора","Одна услуга",1,82000,82000,82000,null,null,"Ноябрь","31 желтоқсан 2018 жыл","до 31 декабря 2018 года","751210000;","Алматы қ., Алатау ауданы Дархан ықшам ауданы, Халифа Алтая 24/1;","г.Алматы, Алатауский район мкр Дархан , ул Халифа Алтая 24/1;",null,null,"Договор действует"]